{"text_format":"3","workbook":"xlsx","n_sheets":6,"sheets":["汇总","清单","汇总表","磨矿连廊","浮选平台","浮选钢格栅"],"not_rendered":{"defined_names":1},"read":"whole","date_system":"1900"}

{"sheet":"汇总","index":0,"n_rows":10,"n_cols":14,"rows_kept":10,"hidden":true,"merged":[[0,2,0,12],[5,7,8,7],[5,8,8,8],[5,9,8,9],[5,10,8,10]]}
[null,null,"出口厄瓜多尔物资清单"]
["序号","英文名称","中文名称","规格型号","单位","数量","净重（吨）","毛重（吨）","件数","长×宽×高（m）","体积（m3)","单价","金额"]
[1,null,"钢构件",null,"吨",173.667,173.667,173.667,null,"见明细清单",401.863,8010,1391072.67,{"$f":"L3*F3","v":1391072.67}]
[2,"steel structure type C","镀锌C型钢","C100*50*15*2mm","吨",14.202,14.202,14.202,7,"见明细清单",13.742,8010,113758.02,113758.02]
[3,"Color Steel plate","彩钢瓦","0.4mm海蓝色","吨",32.363,32.363,36.063,4,"1.10*1.4*11",67.76,11925,{"v":385893,"d":"385893.00"},385928.775]
[4,null,"栓钉","φ16×90","支",{"v":13548.0477777777,"d":"13548"},1.92,2.86,1,"1*1*2",2,1.4,18967.27,18967.26688888878]
[5,null,"自攻钉","φ5.5×40，带橡胶防水垫圈","支",{"v":30435.0285714286,"d":"30435"},0.3,{"$nulls":4},0.1,{"v":3043.5,"d":"3043.50"},3043.50285714286]
[6,null,"拉铆钉","φ5×16","支",{"v":11572.8602666667,"d":"11573"},0.03,{"$nulls":4},0.1,1157.29,1157.28602666667]
[null,null,"宿舍及食堂清单图纸","宿舍及食堂清单图纸","盒",1,5]
[null,null,"合计",null,"元",{"$nulls":7},1913891.75,{"$f":"SUM(N3:N8)","v":1913927.520772698}]

{"sheet":"清单","index":1,"n_rows":87,"n_cols":18,"rows_kept":87,"hidden":true,"merged":[[0,3,0,15],[24,0,25,0],[24,2,25,2],[24,3,25,3],[31,0,32,0],[31,2,32,2],[37,0,38,0],[37,2,38,2],[66,0,67,0],[66,2,67,2],[66,3,67,3]]}
[{"$nulls":3},"第 批出口厄瓜多尔物资清单"]
["序号","英文名称","中文名称","规格型号","单位","数量","单价","总金额","箱号","件数","发货状态","单重（kg)","净重（kg）","毛重\n（kg）","长×宽×高（m）","体积（m3)","HS编码"]
[1,null,"3.6m平台梁-1","口250*150*4","根",28,{"$nulls":5},41.8,1170.4,null,"1.9*0.25*0.15",{"v":1.995,"d":"2.00"},null,"0:品牌类型;1:出口享惠情况;2:织造方法：机制;3:种类：工作服;4:类别：男式;5:成分含量:全棉防静电;6:品牌：无;7:无;8:GTIN;9:CAS;"]
[2,null,"3.6m平台梁-2","口250*150*4","根",54,{"$nulls":5},100.9,5448.6,null,"4.1*0.25*0.15",{"v":8.3025,"d":"8.30"},null,"0:品牌类型;1:出口享惠情况;2:织造方法：针织;3:成分含量;100%棉4:品牌：无品牌;5:货号：无;6:GTIN;7:CAS;"]
[3,null,"3.6m平台梁-3","口100*100*3","根",2,{"$nulls":5},27.4,54.8,null,"3*0.1*0.1",0.06,null,"0:品牌类型|1:出口享惠情况|2:结构类型：深沟球轴承|3:品牌：哈轴|4:型号:6206|5:GTIN|6:CAS|7:其他"]
[4,null,"3.6m平台梁-4","口250*150*4","根",6,{"$nulls":5},71.4,428.4,null,"2.9*0.25*0.15",{"v":0.6525,"d":"0.65"}]
[5,null,"3.6m平台梁-5","口100*100*3","根",28,{"$nulls":5},17.8,498.4,null,"1.95*0.1*0.1",{"v":0.546,"d":"0.55"}]
[6,null,"3.6m平台梁-6","口250*150*4","根",24,{"$nulls":5},38.2,916.8,null,"1.55*0.25*0.15",{"v":1.395,"d":"1.40"}]
[7,null,"3.6m平台梁-7","口250*150*4","根",80,{"$nulls":5},104.6,8368,null,"4.25*0.25*0.15",12.75]
[8,null,"3.6m平台梁-8","口250*150*4","根",20,{"$nulls":5},44.3,886,null,"1.8*0.15*0.25",1.35]
[9,null,"3.6m平台梁-9","口100*100*3","根",144,{"$nulls":5},20.1,2894.4,null,"2.2*0.1*0.1",{"v":3.168,"d":"3.17"}]
[10,null,"3.6m平台梁-10","口200*100*3","根",40,{"$nulls":5},29.8,1192,null,"2.15*0.2*0.1",1.72]
[11,null,"3.6m平台梁-11","口100*100*3","根",112,{"$nulls":5},18.3,2049.6,null,"2*0.1*0.1",2.24]
[12,null,"3.6m平台梁-12","口100*100*3","根",36,{"$nulls":5},19.6,705.6,null,"2.15*0.1*0.1",{"v":0.774,"d":"0.77"}]
[13,null,"3.6m平台梁-13","口250*150*4","根",8,{"$nulls":5},75.1,600.8,null,"3.05*0.25*0.15",{"v":0.915,"d":"0.92"}]
[14,null,"3.6m平台梁-14","口125*100*3","根",8,{"$nulls":5},33.5,268,null,"3.25*0.125*0.1",{"v":0.325,"d":"0.33"}]
[15,null,"3.6m平台梁-15","口200*100*3","根",2,{"$nulls":5},40.8,81.6,null,"2.95*0.2*0.1",{"v":0.118,"d":"0.12"}]
[16,null,"3.6m平台梁-16","口250*150*4","根",4,{"$nulls":5},72.6,290.4,null,"2.95*0.25*0.15",{"v":0.4425,"d":"0.44"}]
[17,null,"3.6m平台梁-17","口100*100*3","根",8,{"$nulls":5},27.9,223.2,null,"3.05*0.1*0.1",{"v":0.244,"d":"0.24"}]
[18,null,"3.6m平台梁-18","口250*150*4","根",40,{"$nulls":5},40.6,1624,null,"1.65*0.25*0.15",{"v":2.475,"d":"2.48"}]
[19,null,"3.6m平台梁-19","口250*150*4","根",40,{"$nulls":5},102.2,4088,null,"4.15*0.25*0.15",{"v":6.225,"d":"6.23"}]
[20,null,"6.66m平台梁-1","口200*150*6","根",56,{"$nulls":5},54.1,3029.6,null,"1.7*0.2*0.15",{"v":2.856,"d":"2.86"}]
[21,null,"6.66m平台梁-2","口200*150*6","根",32,{"$nulls":5},140.1,4483.2,null,"4.4*0.2*0.15",{"v":4.224,"d":"4.22"}]
[22,null,"6.66m平台梁-3","口200*150*6","根",6,{"$nulls":5},95.5,573,null,"3*0.2*0.15",0.54]
[23,null,"6.66m平台梁-4","口200*150*6","根",4,{"$nulls":5},{"$f":"455.3-L26","v":264.5},{"$f":"1821.2-M26","v":1058},null,"8.3*0.2*0.15",{"v":1,"d":"1.00"}]
[{"$nulls":4},"根",4,{"$nulls":5},{"$f":"31.8*6","v":190.8},{"$f":"F26*L26","v":763.2},null,"6*0.2*0.15",{"$f":"6*0.2*0.15*4","v":0.7200000000000001}]
[24,null,"6.66m平台梁-5","口200*150*6","根",48,{"$nulls":5},138.5,6648,null,"4.35*0.2*0.15",{"v":6.264,"d":"6.26"}]
[25,null,"6.66m平台梁-6","口200*150*6","根",16,{"$nulls":5},97.1,1553.6,null,"3.05*0.2*0.15",{"v":1.464,"d":"1.46"}]
[26,null,"窗梁-1","口150*2    ","根",4,{"$nulls":5},27,108,null,"2.9*0.15*0.15",{"v":0.261,"d":"0.26"}]
[27,null,"窗梁-2","口150*2    ","根",80,{"$nulls":5},17.2,1376,null,"1.85*0.15*0.15",3.33]
[28,null,"窗梁-3","口150*2    ","根",8,{"$nulls":5},28.3,226.4,null,"3.05*0.15*0.15",{"v":0.549,"d":"0.55"}]
[29,null,"钢架-1",null,"榀",12,{"$nulls":5},556.51,6678.12,null,"11.3*2.207*0.1",{"$f":"50.4877734-P33","v":{"v":50.1517734,"d":"50.15"}}]
[{"$nulls":4},"榀",24,{"$nulls":5},{"$f":"13.85*0.7","v":9.694999999999999},{"$f":"L33*F33","v":232.67999999999995},null,"0.7*0.2*0.1",{"$f":"1.4*0.2*0.1*12","v":0.33599999999999997}]
[30,null,"钢架-2",null,"榀",16,{"$nulls":5},191,3056,null,"6.864*1.553*0.1",{"v":17.0556672,"d":"17.06"}]
[31,null,"钢架-3",null,"榀",8,{"$nulls":5},550.9,4407.2,null,"10.984*2.16*0.1",{"v":28.470528,"d":"28.47"},null,{"$f":"Q35*F35","v":0}]
[32,null,"钢架-4",null,"榀",2,{"$nulls":5},374.3,748.6,null,"8.459*2.21*0.1",{"v":5.608317,"d":"5.61"}]
[33,null,"钢架-5",null,"榀",4,{"$nulls":5},303.2,1212.8,null,"10.166*2.213*0.1",{"v":13.4984148,"d":"13.50"}]
[34,null,"钢架-6",null,"榀",2,{"$nulls":5},{"$f":"575.9-L39","v":556.51},{"$f":"L38*F38","v":1113.02},null,"11.3*2.210*0.1",{"$f":"8.426067-P39","v":{"v":8.370067,"d":"8.37"}}]
[{"$nulls":4},"榀",2,{"$nulls":5},{"$f":"13.85*1.4","v":19.389999999999997},{"$f":"L39*F39","v":38.779999999999994},null,"1.4*0.2*0.1",{"$f":"1.4*0.2*0.1*2","v":0.055999999999999994}]
[35,null,"钢梯-1",null,"副",4,{"$nulls":5},289.1,1156.4,null,"2.617*1.425*0.25",{"v":3.087975,"d":"3.09"}]
[36,null,"钢梯-2",null,"副",4,{"$nulls":5},370.9,1483.6,null,"3.203*1.425*0.25",{"v":4.564275,"d":"4.56"}]
[37,null,"钢梯-3",null,"副",2,{"$nulls":5},370.8,741.6,null,"3.203*1.425*0.25",{"v":2.2821375,"d":"2.28"}]
[38,null,"钢梯-4",null,"副",2,{"$nulls":5},287.9,575.8,null,"2.617*1.425*0.25",{"v":1.8646125,"d":"1.86"}]
[39,null,"钢梯-5",null,"副",2,{"$nulls":5},293.7,587.4,null,"2.278*1.910*0.25",{"v":2.17549,"d":"2.18"}]
[40,null,"钢梯平台梁-1","口200*100*3","根",12,{"$nulls":5},19.4,232.8,null,"1.4*0.2*0.1",{"v":0.336,"d":"0.34"}]
[41,null,"钢梯平台梁-2","口250*150*4","根",4,{"$nulls":5},72.6,290.4,null,"2.95*0.25*0.15",{"v":0.4425,"d":"0.44"}]
[42,null,"钢梯平台梁-3","口200*100*3","根",2,{"$nulls":5},20.8,41.6,null,"1.5*0.2*0.1",0.06]
[43,null,"钢梯平台梁-4","口250*150*4","根",2,{"$nulls":5},71.4,142.8,null,"2.9*0.25*0.15",{"v":0.2175,"d":"0.22"}]
[44,null,"钢梯平台梁-5","口250*150*4","根",2,{"$nulls":5},75.1,150.2,null,"3.05*0.25*0.15",{"v":0.22875,"d":"0.23"}]
[45,null,"钢梯平台梁-6","口200*100*3","根",2,{"$nulls":5},20.5,41,null,"1.479*0.2*0.1",{"v":0.05916,"d":"0.06"}]
[46,null,"钢梯平台梁-7","口250*150*4","根",2,{"$nulls":5},76.3,152.6,null,"3.1*0.25*0.15",{"v":0.2325,"d":"0.23"}]
[47,null,"钢梯平台梁-8","口200*100*3","根",2,{"$nulls":5},21.5,43,null,"1.55*0.2*0.1",{"v":0.062,"d":"0.06"}]
[48,null,"钢梯平台梁-9","口250*150*4","根",2,{"$nulls":5},73.9,147.8,null,"3*0.25*0.15",{"v":0.225,"d":"0.23"}]
[49,null,"钢柱-1",null,"根",12,{"$nulls":5},60.1,721.2,null,"1.514*0.35*0.35",{"v":2.22558,"d":"2.23"}]
[50,null,"钢柱-2",null,"根",174,{"$nulls":5},380.4,{"$f":"L55*F55","v":66189.59999999999},null,"6.1*0.4*0.4",{"v":169.8,"d":"169.80"}]
[51,null,"屋面梁-1","口200*100*3","根",2,{"$nulls":5},42.2,84.4,null,"3.05*0.2*0.1",{"v":0.122,"d":"0.12"}]
[52,null,"屋面梁-2","口200*100*3","根",4,{"$nulls":5},56.7,226.8,null,"4.091*0.2*0.1",{"v":0.32728,"d":"0.33"}]
[53,null,"屋面梁-3","口200*100*3","根",16,{"$nulls":5},10.5,168,null,"0.771*0.2*0.1",{"v":0.24672,"d":"0.25"}]
[54,null,"屋面梁-4","口200*100*3","根",16,{"$nulls":5},10.5,168,null,"0.771*0.2*0.1",{"v":0.24672,"d":"0.25"}]
[55,null,"屋面梁-5","口200*100*3","根",2,{"$nulls":5},56.1,112.2,null,"4.405*0.2*0.1",{"v":0.1762,"d":"0.18"}]
[56,null,"屋面梁-6","口200*100*3","根",32,{"$nulls":5},86.6,2771.2,null,"6.268*0.2*0.1",{"v":4.01152,"d":"4.01"}]
[57,null,"屋面梁-7","口200*100*3","根",16,{"$nulls":5},82.3,1316.8,null,"6.016*0.2*0.1",{"v":1.92512,"d":"1.93"}]
[58,null,"屋面梁-8","口200*100*3","根",16,{"$nulls":5},82.3,1316.8,null,"6.016*0.2*0.1",{"v":1.92512,"d":"1.93"}]
[59,null,"屋面梁-9","口200*100*3","根",2,{"$nulls":5},12.5,25,null,"0.895*0.2*0.1",{"v":0.0358,"d":"0.04"}]
[60,null,"屋面梁-10","口200*100*3","根",2,{"$nulls":5},22,44,null,"1.631*0.2*0.1",{"v":0.06524,"d":"0.07"}]
[61,null,"屋面梁-11","口200*100*3","根",4,{"$nulls":5},120.1,480.4,null,"8.745*0.2*0.1",{"v":0.6996,"d":"0.70"}]
[62,null,"屋面梁-12","口200*100*3","根",2,{"$nulls":5},{"$f":"198-L68","v":115.19999999999999},{"$f":"396-M68","v":230.39999999999998},null,"8.3*0.2*0.1",0.45]
[{"$nulls":4},"根",2,{"$nulls":5},{"$f":"13.8*6","v":82.80000000000001},{"$f":"L68*F68","v":165.60000000000002},null,"6*0.2*0.1",{"$f":"6*0.2*0.1","v":0.12000000000000002}]
[63,null,"屋面梁-13","口200*100*3","根",8,{"$nulls":5},20.9,167.2,null,"1.59*0.2*0.1",{"v":0.2544,"d":"0.25"}]
[64,null,"屋面梁-14","口200*100*3","根",6,{"$nulls":5},23.3,139.8,null,"1.763*0.2*0.1",{"v":0.21156,"d":"0.21"}]
[65,null,"屋面梁-15","口200*100*3","根",4,{"$nulls":5},7.9,31.6,null,"0.583*0.2*0.1",{"v":0.04664,"d":"0.05"}]
[66,null,"屋面梁-16","口200*100*3","根",4,{"$nulls":5},7.9,31.6,null,"0.583*0.2*0.1",{"v":0.04664,"d":"0.05"}]
[67,null,"屋面梁-17","口200*100*3","根",8,{"$nulls":5},123.8,990.4,null,"8.963*0.2*0.1",{"v":1.43408,"d":"1.43"}]
[68,null,"屋面梁-18","口200*100*3","根",4,{"$nulls":5},120.1,480.4,null,"8.745*0.2*0.1",{"v":0.6996,"d":"0.70"}]
[69,null,"圆管","φ50*3，L=1167","根",52,{"$nulls":5},3.95,205.4,null,"1.167*0.05*0.05",0.52]
[70,null,"圆管","φ50*3，L=6000","根",9,{"$nulls":5},20.2,181.8,null,"6*0.05*0.05",0.18]
[71,null,"圆管","φ30*3，L=6000","根",13,{"$nulls":5},11.4,148.2,null,"6*0.03*0.03",{"v":0.013,"d":"0.01"}]
[72,null,"扁铁","3*100,L=6000","根",8,{"$nulls":5},14.1,112.8,null,"6*0.1*0.003",{"v":0.008,"d":"0.01"}]
[73,null,"天沟-1",null,"件",4,{"$nulls":5},18.3,73.2,null,"8.8*0.2*0.12",{"v":0.8448,"d":"0.84"}]
[74,null,"天沟-2",null,"件",4,{"$nulls":5},18.3,73.2,null,"8.8*0.2*0.12",{"v":0.8448,"d":"0.84"}]
[75,null,"天沟-3",null,"件",32,{"$nulls":5},12.7,406.4,null,"6.1*0.2*0.12",{"v":4.6848,"d":"4.68"}]
[76,null,"  楼层板-1  ","L=1850","件",48,{"$nulls":5},{"v":14.1594375,"d":"14.16"},{"$f":"L82*F82","v":{"v":679.653,"d":"679.7"}},null,"1.85*1.025*0.051",0.26]
[77,null,"  楼层板-2  ","L=2050","件",12,{"$nulls":5},{"v":15.6901875,"d":"15.69"},{"v":188.28225,"d":"188.3"},null,"2.05*1.025*0.051",0.24]
[78,null,"  楼层板-3  ","L=5350","件",160,{"$nulls":5},{"v":40.9475625,"d":"40.95"},{"v":6551.61,"d":"6551.6"},null,"5.35*1.025*0.051",1.24]
[79,null,"  楼层板-4  ","L=7150","件",230,{"$nulls":5},{"v":54.7243125,"d":"54.72"},{"v":12586.591875,"d":"12586.6"},null,"7.15*1.025*0.051",1.03]
[80,null,"  楼层板-5  ","L=6400","件",28,{"$nulls":5},{"v":48.984,"d":"48.98"},{"v":1371.5520000000001,"d":"1371.6"},null,"6.40*1.025*0.051",0.41]
[81,null,"  楼层板-6  ","L=1875","件",24,{"$nulls":5},{"v":14.35078125,"d":"14.35"},{"v":344.41875000000005,"d":"344.4"},null,"1.87*1.025*0.051",0.23]

{"sheet":"汇总表","index":2,"n_rows":6,"n_cols":11,"rows_kept":6,"merged":[[0,2,0,10]]}
[null,null,"出口厄瓜多尔物资清单"]
["序号","英文名称","中文名称","规格型号","单位","构件数量（件）","净重（公斤）","毛重（公斤）","件数","长×宽×高（m）","体积（m3)"]
[1,null,"钢构件",null,"公斤",2148,170811,170811,"按实际打包","见明细清单",514.78]
[2,null,"钢构件",null,"公斤",5859,73730,737309,"按实际打包","见明细清单",2051.6]
[3,null,"钢构件",null,"公斤",1958,75300,75300,"按实际打包","见明细清单",{"v":102.33499764,"d":"102.3"}]
[null,null,"合计",{"$nulls":4},{"$f":"SUM(H3:H5)","v":983420},null,null,{"$f":"SUM(K3:K5)","v":{"v":2668.71499764,"d":"2668.71"}}]

{"sheet":"磨矿连廊","index":3,"n_rows":252,"n_cols":20,"rows_kept":252,"merged":[[0,3,0,18],[188,0,189,0],[188,1,189,1],[188,2,189,2],[188,3,189,3],[190,0,191,0],[190,1,191,1],[190,2,191,2],[190,3,191,3],[192,0,193,0],[192,1,193,1],[192,2,193,2],[192,3,193,3],[211,0,212,0],[211,1,212,1],[211,2,212,2],[211,3,212,3],[213,0,214,0],[213,1,214,1],[213,2,214,2],[213,3,214,3],[215,0,216,0],[215,1,216,1],[215,2,216,2],[215,3,216,3],[217,0,218,0],[217,1,218,1],[217,2,218,2],[217,3,218,3],[219,0,220,0],[219,1,220,1],[219,2,220,2],[219,3,220,3],[221,0,222,0],[221,1,222,1],[221,2,222,2],[221,3,222,3],[223,0,224,0],[223,1,224,1],[223,2,224,2],[223,3,224,3],[225,0,226,0],[225,1,226,1],[225,2,226,2],[225,3,226,3],[227,0,228,0],[227,1,228,1],[227,2,228,2],[227,3,228,3],[229,0,230,0],[229,1,230,1],[229,2,230,2],[229,3,230,3],[231,0,232,0],[231,1,232,1],[231,2,232,2],[231,3,232,3],[233,0,234,0],[233,1,234,1],[233,2,234,2],[233,3,234,3]]}
[{"$nulls":3},"第 批出口厄瓜多尔磨矿车间钢平台物资清单"]
["序号","英文名称","中文名称","规格型号","单位","单价","总金额","箱号","件数","发货状态","数量","单重（kg)","净重（kg）","毛重\n（kg）","长（mm）","宽（mm）","高（mm）","长×宽×高（m）","体积（m3)","HS编码"]
[1,"  332  ","垫片","PL20*60",{"$nulls":6},144,{"v":0.57,"d":"0.57 "},{"$f":"L3*K3","v":82.08},null,60,60,20,"0.06*0.06*0.02",{"$f":"O3*P3*Q3/1000000000*K3","v":{"v":0.010368,"d":"0.010"}}]
[2,"  341  ","连廊焊板1","PL14*144",{"$nulls":6},4,{"v":8.63,"d":"8.63 "},{"$f":"L4*K4","v":34.52},null,548,144,{"$f":"MID(D4,3,2)","v":"14"},"0.548*0.144*0.014",{"$f":"O4*P4*Q4/1000000000*K4","v":{"v":0.004419072,"d":"0.004"}}]
[3,"  342  ","连廊焊板2","PL16*144",{"$nulls":6},4,{"v":9.86,"d":"9.86 "},39.44,null,548,144,{"$f":"MID(D5,3,2)","v":"16"},"0.548*0.144*0.016",{"v":0.005050368,"d":"0.005"}]
[4,"  343  ","连廊焊板3","PL26*144",{"$nulls":6},8,{"v":16.02,"d":"16.02 "},128.16,null,548,144,"26","0.548*0.144*0.026",{"v":0.016413696,"d":"0.016"}]
[5,"  344  ","连廊焊板4","PL4*300",{"$nulls":6},130,{"v":0.38,"d":"0.38 "},49.4,null,40,300,{"$f":"MID(D7,3,1)","v":"4"},"0.04*0.3*0.04",{"v":0.00624,"d":"0.006"}]
[6,"  345  ","连廊焊板5","PL4*400",{"$nulls":6},16,{"v":0.5,"d":"0.50 "},8,null,40,400,{"$f":"MID(D8,3,1)","v":"4"},"0.04*0.4*0.04",{"v":1.024E-3,"d":"0.001"}]
[7,"  346  ","连廊焊板6","PL4*200",{"$nulls":6},14,{"v":0.25,"d":"0.25 "},3.5,null,40,200,{"$f":"MID(D9,3,1)","v":"4"},"0.04*0.2*0.04",{"v":0.000448,"d":"0.000"}]
[8,"  347  ","连廊柱板1","PL20*645",{"$nulls":6},16,{"v":29.16,"d":"29.16 "},466.56,null,288,645,"20","0.288*0.645*0.02",{"v":0.0594432,"d":"0.059"}]
[9,"  348  ","连廊柱板2","PL20*645",{"$nulls":6},64,{"v":9.11,"d":"9.11 "},583.04,null,90,645,"20","0.09*0.645*0.02",{"v":0.074304,"d":"0.074"}]
[10,"  349  ","连廊柱板3","PL20*144",{"$nulls":6},24,{"v":12.33,"d":"12.33 "},295.92,null,548,144,"20","0.548*0.144*0.02",{"v":0.03787776,"d":"0.038"}]
[11,"  350  ","连廊柱板4","PL12*259",{"$nulls":6},2,{"v":17.55,"d":"17.55 "},35.1,null,768,259,"12","0.768*0.259*0.012",{"v":0.004773888,"d":"0.005"}]
[12,"  351  ","连廊柱板5","PL12*259",{"$nulls":6},4,{"v":8.39,"d":"8.39 "},33.56,null,358,259,"12","0.358*0.259*0.012",{"v":0.004450656,"d":"0.004"}]
[13,"  352  ","连廊柱板6","PL12*259",{"$nulls":6},2,{"v":9.63,"d":"9.63 "},19.26,null,422,259,"12","0.422*0.259*0.012",{"v":0.002623152,"d":"0.003"}]
[14,"  353  ","连廊柱板7","PL12*259",{"$nulls":6},2,{"v":9.87,"d":"9.87 "},19.74,null,453,259,"12","0.453*0.259*0.012",{"v":0.002815848,"d":"0.003"}]
[15,"  354  ","连廊柱板8","PL12*259",{"$nulls":6},6,{"v":17.58,"d":"17.58 "},105.47999999999999,null,748,259,"12","0.748*0.259*0.012",{"v":0.013948704,"d":"0.014"}]
[16,"  355  ","连廊柱板9","PL14*144",{"$nulls":6},2,{"v":8.63,"d":"8.63 "},17.26,null,548,144,"14","0.548*0.144*0.014",{"v":0.002209536,"d":"0.002"}]
[17,"  356  ","连廊柱板10","PL16*144",{"$nulls":6},2,{"v":9.86,"d":"9.86 "},19.72,null,548,144,"16","0.548*0.144*0.016",{"v":0.002525184,"d":"0.003"}]
[18,"  357  ","连廊柱板11","PL26*144",{"$nulls":6},4,{"v":16.02,"d":"16.02 "},64.08,null,548,144,"26","0.548*0.144*0.026",{"v":0.008206848,"d":"0.008"}]
[19,"  358  ","连廊柱板-1","PL12*510",{"$nulls":6},16,{"v":5.52,"d":"5.52 "},88.32,null,115,510,"12","0.115*0.510*0.12",{"v":0.0112608,"d":"0.011"}]
[20,"  359  ","连梁柱板1","PL12*115",{"$nulls":6},2,{"v":4.77,"d":"4.77 "},9.54,null,454,115,"12","0.454*0.115*0.012",{"v":1.25304E-3,"d":"0.001"}]
[21,"  360  ","一期平台板2","PL40*400",{"$nulls":6},2,{"v":37.68,"d":"37.68 "},75.36,null,300,400,"40","0.3*0.4*0.04",{"v":0.0096,"d":"0.010"}]
[22,"  361  ","一期平台板3","PL40*150",{"$nulls":6},4,{"v":7.07,"d":"7.07 "},28.28,null,150,150,"40","0.15*0.15*0.04",{"v":0.0036,"d":"0.004"}]
[23,"  362  ","一期平台板4","PL12*250",{"$nulls":6},1,{"v":10.39,"d":"10.39 "},10.39,null,452,250,"12","0.452*0.250*0.012",{"v":1.356E-3,"d":"0.001"}]
[24,"  363  ","一期平台板5","PL12*430",{"$nulls":6},1,{"v":4.25,"d":"4.25 "},4.25,null,105,430,"12","0.105*0.430*0.012",{"v":0.0005418,"d":"0.001"}]
[25,"  364  ","一期平台板6","PL10*145",{"$nulls":6},12,{"v":4.04,"d":"4.04 "},48.480000000000004,null,358,145,"10","0.358*0.145*0.01",{"v":0.0062292,"d":"0.006"}]
[26,"  365  ","一期平台板7","PL10*145",{"$nulls":6},4,{"v":5.1,"d":"5.10 "},20.4,null,452,145,"10","0.452*0.145*0.01",{"v":2.6216E-3,"d":"0.003"}]
[27,"  366  ","一期平台板8","PL10*197",{"$nulls":6},4,{"v":3.64,"d":"3.64 "},14.56,null,339,197,"10","0.339*0.197*0.01",{"v":2.67132E-3,"d":"0.003"}]
[28,"  367  ","一期平台板9","PL10*250",{"$nulls":6},8,{"v":7.65,"d":"7.65 "},61.2,null,452,250,"10","0.452*0.25*0.01",{"v":0.00904,"d":"0.009"}]
[29,"  368  ","一期平台板10","PL8*145",{"$nulls":6},2,{"v":3.22,"d":"3.22 "},6.44,null,358,145,{"$f":"MID(D31,3,1)","v":"8"},"0.358*0.145*0.08",{"v":0.00083056,"d":"0.001"}]
[30,"  369  ","一期平台板11","PL8*145",{"$nulls":6},1,{"v":4.95,"d":"4.95 "},4.95,null,548,145,"8","0.548*0.145*0.08",{"v":0.00063568,"d":"0.001"}]
[31,"  370  ","一期平台板12","PL8*250",{"$nulls":6},2,{"v":5.21,"d":"5.21 "},10.42,null,358,250,"8","0.358*0.025*0.08",{"v":0.001432,"d":"0.001"}]
[32,"  371  ","一期平台板13","PL8*249",{"$nulls":6},1,{"v":6.91,"d":"6.91 "},6.91,null,548,249,"8","0.548*0.249*0.08",{"v":0.001091616,"d":"0.001"}]
[33,"  372  ","一期平台板14","L75*6",{"$nulls":6},3,{"v":0.55,"d":"0.55 "},1.6500000000000001,null,80,75,"5","0.08*0.075*0.005",{"v":9e-05,"d":"0.000"}]
[34,"  L9.5MPTL-1  ","连廊9.5m平台梁-1","HM390*300*10*16",{"$nulls":6},1,{"v":398.38,"d":"398.38 "},{"v":398.38,"d":"398.38 "},null,2470,405,430,"2.47*0.405*0.43",{"$f":"O36*P36*Q36/1000000000*K36","v":{"v":0.4301505,"d":"0.430"}}]
[35,"  L9.5MPTL-2  ","连廊9.5m平台梁-2","HM390*300*10*16",{"$nulls":6},1,{"v":395.4,"d":"395.40 "},{"v":395.4,"d":"395.40 "},null,2470,405,430,"2.47*0.405*0.43",{"v":0.4301505,"d":"0.430"}]
[36,"  L9.5MPTL-3  ","连廊9.5m平台梁-3","HM488*300*11*18",{"$nulls":6},1,{"v":608.88,"d":"608.88 "},{"v":608.88,"d":"608.88 "},null,4465,405,488,"4.465*0.405*0.488",{"v":0.8824626,"d":"0.882"}]
[37,"  L9.5MPTL-4  ","连廊9.5m平台梁-4","HM390*300*10*16",{"$nulls":6},1,{"v":173.68,"d":"173.68 "},{"v":173.68,"d":"173.68 "},null,1020,300,430,"1.02*0.3*0.43",{"v":0.13158,"d":"0.132"}]
[38,"  L9.5MPTL-5  ","连廊9.5m平台梁-5","HM390*300*10*16",{"$nulls":6},1,{"v":182.14,"d":"182.14 "},{"v":182.14,"d":"182.14 "},null,1020,300,430,"1.02*0.3*0.43",{"v":0.13158,"d":"0.132"}]
[39,"  L9.5MPTL-6  ","连廊9.5m平台梁-6","HN350*175*7*11",{"$nulls":6},1,{"v":76.84,"d":"76.84 "},{"v":76.84,"d":"76.84 "},null,1556,175,350,"1.556*0.175*0.35",{"v":0.095305,"d":"0.095"}]
[40,"  L9.5MPTL-7  ","连廊9.5m平台梁-7","HN350*175*7*11",{"$nulls":6},1,{"v":15.58,"d":"15.58 "},{"v":15.58,"d":"15.58 "},null,316,175,350,"0.316*0.175*0.35",{"v":0.019355,"d":"0.019"}]
[41,"  L9.5MPTL-8  ","连廊9.5m平台梁-8","HN350*175*7*11",{"$nulls":6},1,{"v":65.19,"d":"65.19 "},{"v":65.19,"d":"65.19 "},null,1320,175,350,"1.320*0.175*0.350",{"v":0.08085,"d":"0.081"}]
[42,"  L9.5MPTL-9  ","连廊9.5m平台梁-9","HM390*300*10*16",{"$nulls":6},1,{"v":363.42,"d":"363.42 "},{"v":363.42,"d":"363.42 "},null,2470,300,430,"2.470*0.3*0.43",{"v":0.31863,"d":"0.319"}]
[43,"  L9.5MPTL-10  ","连廊9.5m平台梁-10","HM390*300*10*16",{"$nulls":6},1,{"v":362.32,"d":"362.32 "},{"v":362.32,"d":"362.32 "},null,2470,300,430,"2.470*0.3*0.43",{"v":0.31863,"d":"0.319"}]
[44,"  LL折边-1  ","连廊折边-1","PL1.5*3500",{"$nulls":6},28,{"v":9.89,"d":"9.89 "},{"v":276.81,"d":"276.81 "},null,240,3500,1.5,"0.24*3.5*0.0015",{"v":0.03528,"d":"0.035"}]
[45,"  LL折边-2  ","连廊折边-2","PL1.5*7800",{"$nulls":6},2,{"v":22.03,"d":"22.03 "},{"v":44.06,"d":"44.06 "},null,240,7800,1.5,"0.24*7.8*0.0015",{"v":0.005616,"d":"0.006"}]
[46,"  LL折边-3  ","连廊折边-3","PL1.5*6300",{"$nulls":6},2,{"v":17.79,"d":"17.79 "},{"v":35.59,"d":"35.59 "},null,240,6300,1.5,"0.24*6.3*0.0015",{"v":0.004536,"d":"0.005"}]
[47,"  LL-花纹板-1  ","连廊花纹板-1  ","PL6*2428",{"$nulls":6},1,{"v":808.35,"d":"808.35 "},{"v":808.35,"d":"808.35 "},null,6280,2428,66,"6.28*2.428*0.066",{"v":1.00635744,"d":"1.006"}]
[48,"  LL-花纹板-2  ","连廊花纹板-2  ","PL6*2058",{"$nulls":6},1,{"v":684.08,"d":"684.08 "},{"v":684.08,"d":"684.08 "},null,6280,{"$f":"MID(D50,5,4)","v":"2058"},66,"6.28*2.058*0.066",{"v":0.85299984,"d":"0.853"}]
[49,"  LL-花纹板-3  ","连廊花纹板-3  ","PL6*1490",{"$nulls":6},1,{"v":491.52,"d":"491.52 "},{"v":491.52,"d":"491.52 "},null,6280,{"$f":"MID(D51,5,4)","v":"1490"},66,"6.28*1.49*0.066",{"v":0.6175752,"d":"0.618"}]
[50,"  LL-花纹板-4  ","连廊花纹板-4  ","PL6*1490",{"$nulls":6},7,{"v":582.03,"d":"582.03 "},{"v":4074.18,"d":"4074.18 "},null,7370,"1490",66,"7.370*1.49*0.066",{"v":5.0733606,"d":"5.073"}]
[51,"  LL-花纹板-5  ","连廊花纹板-5  ","PL6*1190",{"$nulls":6},1,{"v":462.85,"d":"462.85 "},{"v":462.85,"d":"462.85 "},null,7370,"1190",66,"7.370*1.19*0.066",{"v":0.5788398,"d":"0.579"}]
[52,"  LL-花纹板-6  ","连廊花纹板-6  ","PL6*1216",{"$nulls":6},1,{"v":471.1,"d":"471.10 "},{"v":471.1,"d":"471.10 "},null,7370,"1216",66,"7.370*1.216*0.066",{"v":0.59148672,"d":"0.591"}]
[53,"  LL-花纹板-7  ","连廊花纹板-7  ","PL6*1003",{"$nulls":6},1,{"v":386.99,"d":"386.99 "},{"v":386.99,"d":"386.99 "},null,7370,"1003",66,"7.370*1.003*0.066",{"v":0.48787926,"d":"0.488"}]
[54,"  LL-花纹板-8  ","连廊花纹板-8  ","PL6*1170",{"$nulls":6},1,{"v":452.85,"d":"452.85 "},{"v":452.85,"d":"452.85 "},null,7370,"1170",66,"7.370*1.17*0.066",{"v":0.5691114,"d":"0.569"}]
[55,"  LL-花纹板-9  ","连廊花纹板-9  ","PL6*1190",{"$nulls":6},1,{"v":248.91,"d":"248.91 "},{"v":248.91,"d":"248.91 "},null,4005,"1190",66,"4.005*1.190*0.066",{"v":0.3145527,"d":"0.315"}]
[56,"  LL-花纹板-10  ","连廊花纹板-10  ","PL6*1190",{"$nulls":6},1,{"v":118.15,"d":"118.15 "},{"v":118.15,"d":"118.15 "},null,1915,"1190",66,"1.915*1.190*0.066",{"v":0.1504041,"d":"0.150"}]
[57,"  LL-花纹板-11  ","连廊花纹板-11  ","PL6*1190",{"$nulls":6},1,{"v":87.62,"d":"87.62 "},{"v":87.62,"d":"87.62 "},null,1430,"1190",66,"1.430*1.190*0.066",{"v":0.1123122,"d":"0.112"}]
[58,"  LL-花纹板-12  ","连廊花纹板-12  ","PL6*1804",{"$nulls":6},1,{"v":391.68,"d":"391.68 "},{"v":391.68,"d":"391.68 "},null,4146,"1804",66,"4.146*1.804*0.066",{"v":0.493639344,"d":"0.494"}]
[59,"  LL-花纹板-13  ","连廊花纹板-13  ","PL6*1804",{"$nulls":6},2,{"v":247.18,"d":"247.18 "},{"v":494.35,"d":"494.35 "},null,2636,"1804",66,"2.636*1.804*0.066",{"v":0.627705408,"d":"0.628"}]
[60,"  LL-花纹板-14  ","连廊花纹板-14  ","PL6*1804",{"$nulls":6},1,{"v":179.96,"d":"179.96 "},{"v":179.96,"d":"179.96 "},null,1915,"1804",66,"1.915*1.804*0.066",{"v":0.22800756,"d":"0.228"}]
[61,"  LL-花纹板-15  ","连廊花纹板-15  ","PL6*1430",{"$nulls":6},1,{"v":133.39,"d":"133.39 "},{"v":133.39,"d":"133.39 "},null,1804,"1430",66,"1.804*1.430*0.066",{"v":0.17026152,"d":"0.170"}]
[62,"  LL-花纹板-16  ","连廊花纹板-16  ","PL6*1425",{"$nulls":6},1,{"v":184.65,"d":"184.65 "},{"v":184.65,"d":"184.65 "},null,2458,"1425",66,"2.458*1.425*0.066",{"v":0.2311749,"d":"0.231"}]
[63,"  LL-花纹板-17  ","连廊花纹板-17  ","PL6*1425",{"$nulls":6},1,{"v":150.38,"d":"150.38 "},{"v":150.38,"d":"150.38 "},null,2005,"1425",66,"2.005*1.425*0.066",{"v":0.18857025,"d":"0.189"}]
[64,"  LL-花纹板-18  ","连廊花纹板-18  ","PL6*1280",{"$nulls":6},2,{"v":168.85,"d":"168.85 "},{"v":337.7,"d":"337.70 "},null,2458,"1280",66,"2.458*1.280*0.066",{"v":0.41530368,"d":"0.415"}]
[65,"  LL-花纹板-19  ","连廊花纹板-19  ","PL6*1280",{"$nulls":6},1,{"v":137.47,"d":"137.47 "},{"v":137.47,"d":"137.47 "},null,2005,"1280",66,"2.005*1.280*0.666",{"v":0.1693824,"d":"0.169"}]
[66,"  LL-花纹板-20  ","连廊花纹板-20  ","PL6*1430",{"$nulls":6},1,{"v":188.87,"d":"188.87 "},{"v":188.87,"d":"188.87 "},null,2458,"1430",66,"2.458*1.430*0.066",{"v":0.23198604,"d":"0.232"}]
[67,"  LL-花纹板-21  ","连廊花纹板-21  ","PL6*1915",{"$nulls":6},1,{"v":250.04,"d":"250.04 "},{"v":250.04,"d":"250.04 "},null,2458,"1915",66,"2.458*1.915*0.066",{"v":0.31066662,"d":"0.311"}]
[68,"  LL-花纹板-22  ","连廊花纹板-22  ","PL6*1915",{"$nulls":6},1,{"v":203.6,"d":"203.60 "},{"v":203.6,"d":"203.60 "},null,2005,"1915",66,"2.005*1.915*0.066",{"v":0.25341195,"d":"0.253"}]
[69,"  LL-花纹板-23  ","连廊花纹板-23  ","PL6*1390",{"$nulls":6},1,{"v":442.67,"d":"442.67 "},{"v":442.67,"d":"442.67 "},null,6025,"1390",66,"6.025*1.390*0.066",{"v":0.5527335,"d":"0.553"}]
[70,"  LL-花纹板-24  ","连廊花纹板-24  ","PL6*884",{"$nulls":6},1,{"v":277.01,"d":"277.01 "},{"v":277.01,"d":"277.01 "},null,6025,{"$f":"MID(D72,5,4)","v":"884"},66,"6.025*0.884*0.066",{"v":0.3515226,"d":"0.352"}]
[71,"  LL-花纹板-25  ","连廊花纹板-25  ","PL6*781",{"$nulls":6},1,{"v":72.45,"d":"72.45 "},{"v":72.45,"d":"72.45 "},null,1804,"781",66,"1.804*0.781*0.066",{"v":0.092988984,"d":"0.093"}]
[72,"  LL-花纹板-26  ","连廊花纹板-26  ","PL6*748",{"$nulls":6},1,{"v":154.28,"d":"154.28 "},{"v":154.28,"d":"154.28 "},null,4005,"748",66,"4.005*0.748*0.066",{"v":0.19771884,"d":"0.198"}]
[73,"  LL-花纹板-27  ","连廊花纹板-27  ","PL6*748",{"$nulls":6},1,{"v":73.33,"d":"73.33 "},{"v":73.33,"d":"73.33 "},null,1915,"748",66,"1.915*0.748*0.066",{"v":0.09453972,"d":"0.095"}]
[74,"  LL-花纹板-28  ","连廊花纹板-28  ","PL6*748",{"$nulls":6},1,{"v":54.45,"d":"54.45 "},{"v":54.45,"d":"54.45 "},null,1430,"748",66,"1.430*0.748*0.066",{"v":0.07059624,"d":"0.071"}]
[75,"  LL-花纹板-29  ","连廊花纹板-29  ","PL6*780",{"$nulls":6},1,{"v":82.53,"d":"82.53 "},{"v":82.53,"d":"82.53 "},null,2005,"780",66,"2.005*0.780*0.066",{"v":0.1032174,"d":"0.103"}]
[76,"  LL-花纹板-30  ","连廊花纹板-30  ","PL6*490",{"$nulls":6},1,{"v":50.4,"d":"50.40 "},{"v":50.4,"d":"50.40 "},null,2005,"490",66,"2.005*0.490*0.066",{"v":0.0648417,"d":"0.065"}]
[77,"  LL-花纹板-31  ","连廊花纹板-31  ","PL6*1430",{"$nulls":6},1,{"v":153.13,"d":"153.13 "},{"v":153.13,"d":"153.13 "},null,2005,"1430",66,"2.005*1.430*0.066",{"v":0.1892319,"d":"0.189"}]
[78,"  LL-花纹板-32  ","连廊花纹板-32  ","PL6*1340",{"$nulls":6},1,{"v":443.08,"d":"443.08 "},{"v":443.08,"d":"443.08 "},null,6280,"1340",66,"6.280*1.340*0.066",{"v":0.5554032,"d":"0.555"}]
[79,"  LL-花纹板-33  ","连廊花纹板-33  ","PL6*1490",{"$nulls":6},9,{"v":493.47,"d":"493.47 "},{"v":4441.2,"d":"4441.20 "},null,6280,"1490",66,"6.280*1.490*0.066",{"v":5.5581768,"d":"5.558"}]
[80,"  LL-花纹板-34  ","连廊花纹板-34  ","PL6*2010",{"$nulls":6},1,{"v":666.18,"d":"666.18 "},{"v":666.18,"d":"666.18 "},null,6280,"2010",66,"6.280*2.010*0.066",{"v":0.8331048,"d":"0.833"}]
[81,"  LL-花纹板-35  ","连廊花纹板-35  ","PL6*970",{"$nulls":6},1,{"v":316.87,"d":"316.87 "},{"v":316.87,"d":"316.87 "},null,6280,"970",66,"6.280*0.97*0.066",{"v":0.4020456,"d":"0.402"}]
[82,"  LL-花纹板-36  ","连廊花纹板-36  ","PL6*970",{"$nulls":6},1,{"v":316.87,"d":"316.87 "},{"v":316.87,"d":"316.87 "},null,6280,"970",66,"6.280*0.97*0.066",{"v":0.4020456,"d":"0.402"}]
[83,"  LL-花纹板-37  ","连廊花纹板-37  ","PL6*1573",{"$nulls":6},1,{"v":499.15,"d":"499.15 "},{"v":499.15,"d":"499.15 "},null,6025,"1573",66,"6.025*1.573*0.066",{"v":0.62550345,"d":"0.626"}]
[84,"  LL-花纹板-38  ","连廊花纹板-38  ","PL6*1490",{"$nulls":6},3,{"v":475.03,"d":"475.03 "},{"v":1425.08,"d":"1425.08 "},null,6025,"1490",66,"6.025*1.490*0.066",{"v":1.7774955000000001,"d":"1.777"}]
[85,"  LL-CG-1  ","连廊套管-1","PD33.5*2.5",{"$nulls":6},20,{"v":2.54,"d":"2.54 "},{"v":50.75,"d":"50.75 "},null,1390,33.5,33.5,"1.390*0.0335*0.0335",{"v":0.03119855,"d":"0.031"}]
[86,"  LL-CG-2  ","连廊套管-2","PD33.5*2.5",{"$nulls":6},20,{"v":2.65,"d":"2.65 "},{"v":52.93,"d":"52.93 "},null,1450,33.5,33.5,"1.450*0.0335*0.0335",{"v":0.03254525,"d":"0.033"}]
[87,"  LL-CG-3  ","连廊套管-3","PD33.5*2.5",{"$nulls":6},16,{"v":2.64,"d":"2.64 "},{"v":42.27,"d":"42.27 "},null,1448,33.5,33.5,"1.448*0.0335*0.0335",{"v":0.026000288,"d":"0.026"}]
[88,"  LL-CG-4  ","连廊套管-4","PD33.5*2.5",{"$nulls":6},16,{"v":2.52,"d":"2.52 "},{"v":40.25,"d":"40.25 "},null,1378,33.5,33.5,"1.378*0.0335*0.0335",{"v":0.024743368,"d":"0.025"}]
[89,"  LL-CG-5  ","连廊套管-5","PD33.5*2.5",{"$nulls":6},20,{"v":2.15,"d":"2.15 "},{"v":43.07,"d":"43.07 "},null,1180,33.5,33.5,"1.180*0.0335*0.0335",{"v":0.0264851,"d":"0.026"}]
[90,"  LL-CG-6  ","连廊套管-6","PD33.5*2.5",{"$nulls":6},20,{"v":2.19,"d":"2.19 "},{"v":43.71,"d":"43.71 "},null,1197,33.5,33.5,"1.197*0.0335*0.0335",{"v":0.026866665,"d":"0.027"}]
[91,"  LL-CG-7  ","连廊套管-7","PD33.5*2.5",{"$nulls":6},20,{"v":2,"d":"2.00 "},{"v":40.06,"d":"40.06 "},null,1097,33.5,33.5,"1.097*0.0335*0.0335",{"v":0.024622164999999998,"d":"0.025"}]
[92,"  LL-CG-8  ","连廊套管-8","PD33.5*2.5",{"$nulls":6},20,{"v":2.14,"d":"2.14 "},{"v":42.87,"d":"42.87 "},null,1174,33.5,33.5,"1.174*0.0335*0.0335",{"v":0.02635043,"d":"0.026"}]
[93,"  LL-GL-1  ","连廊钢梁-1","PL20*300",{"$nulls":6},1,{"v":1112.66,"d":"1112.66 "},{"v":1112.66,"d":"1112.66 "},null,6882,528,639,"6.882*0.528*0.639",{"v":2.321931744,"d":"2.322"}]
[94,"  LL-GL-2  ","连廊钢梁-2","PL20*300",{"$nulls":6},1,{"v":1094.7,"d":"1094.70 "},{"v":1094.7,"d":"1094.70 "},null,6882,528,618,"6.882*0.528*0.618",{"v":2.245624128,"d":"2.246"}]
[95,"  LL-GL-3  ","连廊钢梁-3","PL20*300",{"$nulls":6},1,{"v":1091.79,"d":"1091.79 "},{"v":1091.79,"d":"1091.79 "},null,6882,528,618,"6.882*0.528*0.618",{"v":2.245624128,"d":"2.246"}]
[96,"  LL-GL-4  ","连廊钢梁-4","PL20*300",{"$nulls":6},1,{"v":1105.89,"d":"1105.89 "},{"v":1105.89,"d":"1105.89 "},null,6882,528,618,"6.882*0.528*0.618",{"v":2.245624128,"d":"2.246"}]
[97,"  LL-GL-5  ","连廊钢梁-5","PL20*300",{"$nulls":6},1,{"v":1087.63,"d":"1087.63 "},{"v":1087.63,"d":"1087.63 "},null,6882,414,618,"6.882*0.414*0.618",{"v":1.760773464,"d":"1.761"}]
[98,"  LL-GL-6  ","连廊钢梁-6","PL20*300",{"$nulls":6},1,{"v":1087.63,"d":"1087.63 "},{"v":1087.63,"d":"1087.63 "},null,6882,414,618,"6.882*0.414*0.618",{"$f":"O100*P100*Q100/1000000000*K100","v":{"v":1.760773464,"d":"1.761"}}]
[99,"  LL-GL-7  ","连廊钢梁-7","PL20*300",{"$nulls":6},1,{"v":1090.69,"d":"1090.69 "},{"v":1090.69,"d":"1090.69 "},null,6882,528,618,"6.882*0.528*0.618",{"v":2.245624128,"d":"2.246"}]
[100,"  LL-GL-8  ","连廊钢梁-8","PL20*300",{"$nulls":6},1,{"v":1090.69,"d":"1090.69 "},{"v":1090.69,"d":"1090.69 "},null,6882,528,618,"6.882*0.528*0.618",{"v":2.245624128,"d":"2.246"}]
[101,"  LL-GL-9  ","连廊钢梁-9","HN450*200*9*14",{"$nulls":6},1,{"v":525.77,"d":"525.77 "},{"v":525.77,"d":"525.77 "},null,6760,305,450,"6.760*0.305*0.450",{"v":0.92781,"d":"0.928"}]
[102,"  LL-GL-10  ","连廊钢梁-10","HN450*200*9*14",{"$nulls":6},1,{"v":524.67,"d":"524.67 "},{"v":524.67,"d":"524.67 "},null,6760,305,450,"6.760*0.305*0.450",{"v":0.92781,"d":"0.928"}]
[103,"  LL-GL-11  ","连廊钢梁-11","HM390*300*10*16",{"$nulls":6},1,{"v":719.84,"d":"719.84 "},{"v":719.84,"d":"719.84 "},null,6728,300,390,"6.728*0.300*0.390",{"v":0.787176,"d":"0.787"}]
[104,"  LL-GL-12  ","连廊钢梁-12","HM390*300*10*16",{"$nulls":6},1,{"v":704.86,"d":"704.86 "},{"v":704.86,"d":"704.86 "},null,6728,300,390,"6.728*0.300*0.390",{"v":0.787176,"d":"0.787"}]
[105,"  LL-GL-13  ","连廊钢梁-13","HN450*200*9*14",{"$nulls":6},1,{"v":507.51,"d":"507.51 "},{"v":507.51,"d":"507.51 "},null,6760,200,450,"6.760*0.200*0.450",{"v":0.6084,"d":"0.608"}]
[106,"  LL-GL-15  ","连廊钢梁-15","HN300*150*6.5*9",{"$nulls":6},6,{"v":279.87,"d":"279.87 "},{"v":1679.21,"d":"1679.21 "},null,5760,407,694,"5.760*0.407*0.694",{"v":9.761748480000001,"d":"9.762"}]
[107,"  LL-GL-16  ","连廊钢梁-16","HN300*150*6.5*9",{"$nulls":6},6,{"v":348.38,"d":"348.38 "},{"v":2090.27,"d":"2090.27 "},null,7210,407,694,"7.210*0.407*0.694",{"v":12.219133079999999,"d":"12.219"}]
[108,"  LL-GL-17  ","连廊钢梁-17","HN300*150*6.5*9",{"$nulls":6},6,{"v":334.59,"d":"334.59 "},{"v":2007.57,"d":"2007.57 "},null,6850,407,694,"6.850*0.407*0.694",{"v":11.609023800000001,"d":"11.609"}]
[109,"  LL-GL-19  ","连廊钢梁-19","HN800*300*14*26",{"$nulls":6},1,{"v":3090.06,"d":"3090.06 "},{"v":3090.06,"d":"3090.06 "},null,13836,405,800,"13.836*0.405*0.8",{"v":4.482864,"d":"4.483"}]
[110,"  LL-GL-20  ","连廊钢梁-20","HN800*300*14*26",{"$nulls":6},1,{"v":3090.06,"d":"3090.06 "},{"v":3090.06,"d":"3090.06 "},null,13836,405,800,"13.836*0.405*0.8",{"v":4.482864,"d":"4.483"}]
[111,"  LL-GL-21  ","连廊钢梁-21","HN800*300*14*26",{"$nulls":6},1,{"v":3019.38,"d":"3019.38 "},{"v":3019.38,"d":"3019.38 "},null,13589,405,800,"13.589*0.405*0.8",{"v":4.402836,"d":"4.403"}]
[112,"  LL-GL-22  ","连廊钢梁-22","HN800*300*14*26",{"$nulls":6},1,{"v":3019.38,"d":"3019.38 "},{"v":3019.38,"d":"3019.38 "},null,13589,405,800,"13.589*0.405*0.8",{"v":4.402836,"d":"4.403"}]
[113,"  LL-GL-23  ","连廊钢梁-23","HN800*300*14*26",{"$nulls":6},1,{"v":410.2,"d":"410.20 "},{"v":410.2,"d":"410.20 "},null,1828,405,800,"1.828*0.405*0.8",{"v":0.592272,"d":"0.592"}]
[114,"  LL-GL-24  ","连廊钢梁-24","HN800*300*14*26",{"$nulls":6},1,{"v":410.2,"d":"410.20 "},{"v":410.2,"d":"410.20 "},null,1828,405,800,"1.828*0.405*0.8",{"v":0.592272,"d":"0.592"}]
[115,"  LL-GL-25  ","连廊钢梁-25","HN800*300*14*26",{"$nulls":6},1,{"v":1078.07,"d":"1078.07 "},{"v":1078.07,"d":"1078.07 "},null,4828,405,800,"4.828*0.405*0.8",{"v":1.564272,"d":"1.564"}]
[116,"  LL-GL-26  ","连廊钢梁-26","HN800*300*14*26",{"$nulls":6},1,{"v":1078.07,"d":"1078.07 "},{"v":1078.07,"d":"1078.07 "},null,4828,405,800,"4.828*0.405*0.8",{"v":1.564272,"d":"1.564"}]
[117,"  LL-GL-27  ","连廊钢梁-27","HN800*300*14*26",{"$nulls":6},1,{"v":397.95,"d":"397.95 "},{"v":397.95,"d":"397.95 "},null,1828,405,800,"1.828*0.405*0.8",{"v":0.592272,"d":"0.592"}]
[118,"  LL-GL-28  ","连廊钢梁-28","HN800*300*14*26",{"$nulls":6},1,{"v":397.95,"d":"397.95 "},{"v":397.95,"d":"397.95 "},null,1828,405,800,"1.828*0.405*0.8",{"v":0.592272,"d":"0.592"}]
[119,"  LL-GL-29  ","连廊钢梁-29","HN800*300*14*26",{"$nulls":6},1,{"v":1058.06,"d":"1058.06 "},{"v":1058.06,"d":"1058.06 "},null,4828,405,800,"4.828*0.405*0.8",{"v":1.564272,"d":"1.564"}]
[120,"  LL-GL-30  ","连廊钢梁-30","HN800*300*14*26",{"$nulls":6},1,{"v":1058.06,"d":"1058.06 "},{"v":1058.06,"d":"1058.06 "},null,4828,405,800,"4.828*0.405*0.8",{"v":1.564272,"d":"1.564"}]
[121,"  LL-GL-31  ","连廊钢梁-31","HN800*300*14*26",{"$nulls":6},1,{"v":2998.81,"d":"2998.81 "},{"v":2998.81,"d":"2998.81 "},null,13589,405,800,"13.589*0.405*0.8",{"v":4.402836,"d":"4.403"}]
[122,"  LL-GL-32  ","连廊钢梁-32","HN800*300*14*26",{"$nulls":6},1,{"v":2998.81,"d":"2998.81 "},{"v":2998.81,"d":"2998.81 "},null,13589,405,800,"13.589*0.405*0.8",{"v":4.402836,"d":"4.403"}]
[123,"  LL-GL-33  ","连廊钢梁-33","HN800*300*14*26",{"$nulls":6},1,{"v":2969.19,"d":"2969.19 "},{"v":2969.19,"d":"2969.19 "},null,13589,405,800,"13.589*0.405*0.8",{"v":4.402836,"d":"4.403"}]
[124,"  LL-GL-34  ","连廊钢梁-34","HN800*300*14*26",{"$nulls":6},1,{"v":2969.19,"d":"2969.19 "},{"v":2969.19,"d":"2969.19 "},null,13589,405,800,"13.589*0.405*0.8",{"v":4.402836,"d":"4.403"}]
[125,"  LL-GL-35  ","连廊钢梁-35","HM488*300*11*18",{"$nulls":6},1,{"v":1178.75,"d":"1178.75 "},{"v":1178.75,"d":"1178.75 "},null,8947,405,488,"8.947*0.405*0.488",{"v":1.76828508,"d":"1.768"}]
[126,"  LL-GL-36  ","连廊钢梁-36","HM488*300*11*18",{"$nulls":6},1,{"v":1178.75,"d":"1178.75 "},{"v":1178.75,"d":"1178.75 "},null,8947,405,488,"8.947*0.405*0.488",{"v":1.76828508,"d":"1.768"}]
[127,"  LL-GL-37  ","连廊钢梁-37","HM390*300*10*16",{"$nulls":6},1,{"v":522.96,"d":"522.96 "},{"v":522.96,"d":"522.96 "},null,4828,346,643,"4.828*0.346*0.643",{"v":1.074123784,"d":"1.074"}]
[128,"  LL-GL-38  ","连廊钢梁-38","HM390*300*10*16",{"$nulls":6},1,{"v":522.96,"d":"522.96 "},{"v":522.96,"d":"522.96 "},null,4828,405,643,"4.828*0.405*0.643",{"v":1.25728362,"d":"1.257"}]
[129,"  LL-GL-39  ","连廊钢梁-39","HM390*300*10*16",{"$nulls":6},1,{"v":209.15,"d":"209.15 "},{"v":209.15,"d":"209.15 "},null,1828,405,643,"1.828*0.405*0.643",{"v":0.47603862,"d":"0.476"}]
[130,"  LL-GL-40  ","连廊钢梁-40","HM390*300*10*16",{"$nulls":6},1,{"v":209.15,"d":"209.15 "},{"v":209.15,"d":"209.15 "},null,1828,405,643,"1.828*0.405*0.643",{"v":0.47603862,"d":"0.476"}]
[131,"  LL-GL-41  ","连廊钢梁-41","HM390*300*10*16",{"$nulls":6},2,{"v":612.15,"d":"612.15 "},{"v":1224.3,"d":"1224.30 "},null,5588,300,784,"5.588*0.300*0.784",{"v":2.6285952,"d":"2.629"}]
[132,"  LL-GL-42  ","连廊钢梁-42","HM390*300*10*16",{"$nulls":6},1,{"v":703.76,"d":"703.76 "},{"v":703.76,"d":"703.76 "},null,6728,300,390,"6.728*0.300*0.390",{"v":0.787176,"d":"0.787"}]
[133,"  LL-GL-43  ","连廊钢梁-43","HM390*300*10*16",{"$nulls":6},6,{"v":741.41,"d":"741.41 "},{"v":4448.48,"d":"4448.48 "},null,7088,300,390,"7.088*0.300*0.390",{"v":4.975776,"d":"4.976"}]
[134,"  LL-GL-44  ","连廊钢梁-44","HM390*300*10*16",{"$nulls":6},6,{"v":584.51,"d":"584.51 "},{"v":3507.07,"d":"3507.07 "},null,5588,300,390,"5.588*0.300*0.390",{"v":3.9227760000000003,"d":"3.923"}]
[135,"  LL-GL-45  ","连廊钢梁-45","HM390*300*10*16",{"$nulls":6},1,{"v":227.99,"d":"227.99 "},{"v":227.99,"d":"227.99 "},null,1916,405,450,"1.916*0.405*0.450",{"v":0.349191,"d":"0.349"}]
[136,"  LL-GL-46  ","连廊钢梁-46","HM390*300*10*16",{"$nulls":6},1,{"v":227.99,"d":"227.99 "},{"v":227.99,"d":"227.99 "},null,1916,405,450,"1.916*0.405*0.450",{"v":0.349191,"d":"0.349"}]
[137,"  LL-GL-47  ","连廊钢梁-47","HM390*300*10*16",{"$nulls":6},1,{"v":563.47,"d":"563.47 "},{"v":563.47,"d":"563.47 "},null,4937,405,450,"4.937*0.405*0.450",{"v":0.89976825,"d":"0.900"}]
[138,"  LL-GL-48  ","连廊钢梁-48","HM390*300*10*16",{"$nulls":6},1,{"v":563.47,"d":"563.47 "},{"v":563.47,"d":"563.47 "},null,4937,405,450,"4.937*0.405*0.450",{"v":0.89976825,"d":"0.900"}]
[139,"  LL-GL-49  ","连廊钢梁-49","HM390*300*10*16",{"$nulls":6},4,{"v":159.92,"d":"159.92 "},{"v":639.7,"d":"639.70 "},null,1529,300,390,"1.529*0.300*0.390",{"v":0.715572,"d":"0.716"}]
[140,"  LL-GL-50  ","连廊钢梁-50","HN350*175*7*11",{"$nulls":6},2,{"v":312.59,"d":"312.59 "},{"v":625.17,"d":"625.17 "},null,5770,175,744,"5.770*0.175*0.744",{"v":1.502508,"d":"1.503"}]
[141,"  LL-GL-51  ","连廊钢梁-51","HN350*175*7*11",{"$nulls":6},6,{"v":280.01,"d":"280.01 "},{"v":1680.06,"d":"1680.06 "},null,5670,175,350,"5.670*0.175*0.350",{"v":2.0837250000000003,"d":"2.084"}]
[142,"  LL-GL-52  ","连廊钢梁-52","HN350*175*7*11",{"$nulls":6},2,{"v":307.65,"d":"307.65 "},{"v":615.29,"d":"615.29 "},null,5670,175,744,"5.670*0.175*0.744",{"v":1.476468,"d":"1.476"}]
[143,"  LL-GL-53  ","连廊钢梁-53","HN350*175*7*11",{"$nulls":6},7,{"v":290.36,"d":"290.36 "},{"v":2032.54,"d":"2032.54 "},null,5670,175,360,"5.670*0.175*0.360",{"v":2.50047,"d":"2.500"}]
[144,"  LL-GL-54  ","连廊钢梁-54","HN350*175*7*11",{"$nulls":6},3,{"v":267.42,"d":"267.42 "},{"v":802.25,"d":"802.25 "},null,5415,175,350,"5.415*0.175*0.350",{"v":0.9950062500000001,"d":"0.995"}]
[145,"  LL-GL-55  ","连廊钢梁-55","HN350*175*7*11",{"$nulls":6},3,{"v":277.77,"d":"277.77 "},{"v":833.31,"d":"833.31 "},null,5415,175,350,"5.415*0.175*0.350",{"v":0.9950062500000001,"d":"0.995"}]
[146,"  LL-GL-56  ","连廊钢梁-56","HN600*200*11*17",{"$nulls":6},1,{"v":1440.33,"d":"1440.33 "},{"v":1440.33,"d":"1440.33 "},null,13589,305,853,"13.589*0.305*0.853",{"v":3.535382185,"d":"3.535"}]
[147,"  LL-GL-57  ","连廊钢梁-57","HN600*200*11*17",{"$nulls":6},1,{"v":1440.33,"d":"1440.33 "},{"v":1440.33,"d":"1440.33 "},null,13589,305,853,"13.589*0.305*0.853",{"v":3.535382185,"d":"3.535"}]
[148,"  LL-GL-58  ","连廊钢梁-58","HN450*200*9*14",{"$nulls":6},1,{"v":146.28,"d":"146.28 "},{"v":146.28,"d":"146.28 "},null,1828,305,450,"1.828*0.305*0.450",{"v":0.250893,"d":"0.251"}]
[149,"  LL-GL-59  ","连廊钢梁-59","HN450*200*9*14",{"$nulls":6},1,{"v":152.56,"d":"152.56 "},{"v":152.56,"d":"152.56 "},null,1828,305,450,"1.828*0.305*0.450",{"v":0.250893,"d":"0.251"}]
[150,"  LL-GL-60  ","连廊钢梁-60","HN450*200*9*14",{"$nulls":6},1,{"v":402.21,"d":"402.21 "},{"v":402.21,"d":"402.21 "},null,4828,200,450,"4.828*0.200*0.450",{"v":0.43452,"d":"0.435"}]
[151,"  LL-GL-61  ","连廊钢梁-61","HN450*200*9*14",{"$nulls":6},1,{"v":402.21,"d":"402.21 "},{"v":402.21,"d":"402.21 "},null,4828,305,450,"4.828*0.305*0.450",{"v":0.662643,"d":"0.663"}]
[152,"  LL-GL-62  ","连廊钢梁-62","HN450*200*9*14",{"$nulls":6},12,{"v":424.75,"d":"424.75 "},{"v":5097.05,"d":"5097.05 "},null,5670,200,450,"5.670*0.200*0.450",{"v":6.1236,"d":"6.124"}]
[153,"  LL-GL-63  ","连廊钢梁-63","HN450*200*9*14",{"$nulls":6},4,{"v":544.61,"d":"544.61 "},{"v":2178.46,"d":"2178.46 "},null,7270,200,450,"7.270*0.200*0.450",{"v":2.6172,"d":"2.617"}]
[154,"  LL-GL-64  ","连廊钢梁-64","HN450*200*9*14",{"$nulls":6},8,{"v":537.12,"d":"537.12 "},{"v":4296.98,"d":"4296.98 "},null,7170,200,450,"7.170*0.200*0.450",{"v":5.1624,"d":"5.162"}]
[155,"  LL-GL-65  ","连廊钢梁-65","HN450*200*9*14",{"$nulls":6},2,{"v":133.72,"d":"133.72 "},{"v":267.44,"d":"267.44 "},null,1785,200,450,"1.785*0.200*0.450",{"v":0.3213,"d":"0.321"}]
[156,"  LL-GL-66  ","连廊钢梁-66","HN450*200*9*14",{"$nulls":6},5,{"v":506.41,"d":"506.41 "},{"v":2532.04,"d":"2532.04 "},null,6760,200,450,"6.76*0.200*0.450",{"v":3.0420000000000003,"d":"3.042"}]
[157,"  LL-GL-67  ","连廊钢梁-67","HN450*200*9*14",{"$nulls":6},4,{"v":519.96,"d":"519.96 "},{"v":2079.86,"d":"2079.86 "},null,6760,200,450,"6.76*0.200*0.450",{"v":2.4336,"d":"2.434"}]
[158,"  LL-GL-68  ","连廊钢梁-68","I16",{"$nulls":6},4,{"v":36.82,"d":"36.82 "},{"v":147.3,"d":"147.30 "},null,1795,88,160,"1.795*0.088*0.16",{"v":0.1010944,"d":"0.101"}]
[159,"  LL-GL-69  ","连廊钢梁-69","I16",{"$nulls":6},2,{"v":39.26,"d":"39.26 "},{"v":78.53,"d":"78.53 "},null,1795,150,170,"1.795*0.15*0.17",{"v":0.091545,"d":"0.092"}]
[160,"  LL-GL-70  ","连廊钢梁-70","I16",{"$nulls":6},2,{"v":15.94,"d":"15.94 "},{"v":31.87,"d":"31.87 "},null,744,88,160,"0.744*0.088*0.16",{"v":0.02095104,"d":"0.021"}]
[161,"  LL-GL-71  ","连廊钢梁-71","I16",{"$nulls":6},3,{"v":40.74,"d":"40.74 "},{"v":122.22,"d":"122.22 "},null,1986,88,160,"1.986*0.088*0.16",{"v":0.08388864,"d":"0.084"}]
[162,"  LL-GL-72  ","连廊钢梁-72","I16",{"$nulls":6},2,{"v":50.03,"d":"50.03 "},{"v":100.06,"d":"100.06 "},null,2439,88,160,"2.439*0.088*0.16",{"$f":"O164*P164*Q164/1000000000*K164","v":{"v":0.06868224,"d":"0.069"}}]
[163,"  LL-GL-73  ","连廊钢梁-73","I16",{"$nulls":6},2,{"v":26.45,"d":"26.45 "},{"v":52.91,"d":"52.91 "},null,1171,150,170,"1.171*0.15*0.17",{"v":0.059721,"d":"0.060"}]
[164,"  LL-GL-74  ","连廊钢梁-74","I16",{"$nulls":6},3,{"v":33.72,"d":"33.72 "},{"v":101.17,"d":"101.17 "},null,1644,88,160,"1.644*0.088*0.16",{"v":0.06944256,"d":"0.069"}]
[165,"  LL-GL-75  ","连廊钢梁-75","I16",{"$nulls":6},2,{"v":8.74,"d":"8.74 "},{"v":17.48,"d":"17.48 "},null,426,88,160,"0.426*0.088*0.16",{"v":0.01199616,"d":"0.012"}]
[166,"  LL-GL-76  ","连廊钢梁-76","I16",{"$nulls":6},2,{"v":11.28,"d":"11.28 "},{"v":22.56,"d":"22.56 "},null,550,88,160,"0.55*0.088*0.16",{"v":0.015488,"d":"0.015"}]
[167,"  LL-GL-77  ","连廊钢梁-77","I16",{"$nulls":6},2,{"v":52.47,"d":"52.47 "},{"v":104.94,"d":"104.94 "},null,2439,150,170,"2.439*0.015*0.17",{"v":0.124389,"d":"0.124"}]
[168,"  LL-GZ-1  ","连廊钢柱-1","HW200*200*8*12",{"$nulls":6},4,{"v":155.73,"d":"155.73 "},{"v":622.91,"d":"622.91 "},null,2570,290,2753,"2.57*0.29*2.753",{"v":8.2072436,"d":"8.207"}]
[169,"  LL-GZ-2  ","连廊钢柱-2","HW200*200*8*12",{"$nulls":6},4,{"v":155.73,"d":"155.73 "},{"v":622.91,"d":"622.91 "},null,2570,290,2753,"2.57*\n0.29*\n2.753",{"v":8.2072436,"d":"8.207"}]
[170,"  LL-GZ-3  ","连廊钢柱-3","HW200*200*8*12",{"$nulls":6},8,{"v":158.07,"d":"158.07 "},{"v":1264.55,"d":"1264.55 "},null,2570,380,2753,"2.57*\n0.38*\n2.753",{"v":21.5086384,"d":"21.509"}]
[171,"  LL-GZ-4  ","连廊钢柱-4","HW200*200*8*12",{"$nulls":6},4,{"v":171.23,"d":"171.23 "},{"v":684.91,"d":"684.91 "},null,2570,556,2753,"2.57*0.556*2.753",{"v":15.73526704,"d":"15.735"}]
[172,"  LL-GZ-5  ","连廊钢柱-5","HW200*200*8*12",{"$nulls":6},4,{"v":171.23,"d":"171.23 "},{"v":684.91,"d":"684.91 "},null,2570,556,2753,"2.57*0.556*2.753",{"v":15.73526704,"d":"15.735"}]
[173,"  LL-GZ-6  ","连廊钢柱-6","HW250*250*9*14",{"$nulls":6},2,{"v":367.01,"d":"367.01 "},{"v":734.02,"d":"734.02 "},null,4620,340,4803,"4.62*0.34*4.803",{"v":15.0891048,"d":"15.089"}]
[174,"  LL-GZ-7  ","连廊钢柱-7","HW250*250*9*14",{"$nulls":6},2,{"v":367.01,"d":"367.01 "},{"v":734.02,"d":"734.02 "},null,4620,340,4803,"4.62*0.34*4.803",{"v":15.0891048,"d":"15.089"}]
[175,"  LL-GZ-8  ","连廊钢柱-8","HW250*250*9*14",{"$nulls":6},2,{"v":385.74,"d":"385.74 "},{"v":771.47,"d":"771.47 "},null,4620,598,4803,"4.62*0.598*4.803",{"v":26.53907256,"d":"26.539"}]
[176,"  LL-GZ-9  ","连廊钢柱-9","HW250*250*9*14",{"$nulls":6},2,{"v":385.74,"d":"385.74 "},{"v":771.47,"d":"771.47 "},null,4620,598,4803,"4.62*0.598*4.803",{"v":26.53907256,"d":"26.539"}]
[177,"  LL-GZ-10  ","连廊钢柱-10","HW250*250*9*14",{"$nulls":6},4,{"v":369.35,"d":"369.35 "},{"v":1477.39,"d":"1477.39 "},null,4620,430,4803,"4.62*0.43*4.803",{"v":38.1665592,"d":"38.167"}]
[178,"  LL-LG-1  ","连廊栏杆-1","PIP50*3",{"$nulls":6},37,{"v":82.87,"d":"82.87 "},{"v":3066.22,"d":"3066.22 "},null,6000,1100,50,"6*1.1*0.05",{"v":12.21,"d":"12.210"}]
[179,"  LL-LT-1  ","连廊拉条-1","D12",{"$nulls":6},36,{"v":1.22,"d":"1.22 "},{"v":44.1,"d":"44.10 "},null,1532,12,12,"1.532*0.012*0.012",{"v":0.007941888000000001,"d":"0.008"}]
[180,"  LL-LT-2  ","连廊拉条-2","D12",{"$nulls":6},20,{"v":1.18,"d":"1.18 "},{"v":23.58,"d":"23.58 "},null,1475,12,12,"1.475*0.012*0.012",{"v":4.248E-3,"d":"0.004"}]
[181,"  LL-LT-3  ","连廊拉条-3","D12",{"$nulls":6},36,{"v":0.37,"d":"0.37 "},{"v":13.38,"d":"13.38 "},null,465,12,12,"0.465*0.012*0.012",{"v":2.41056E-3,"d":"0.002"}]
[182,"  LL-LT-4  ","连廊拉条-4","D12",{"$nulls":6},16,{"v":1.17,"d":"1.17 "},{"v":18.72,"d":"18.72 "},null,1463,12,12,"1.463*0.012*0.012",{"v":0.003370752,"d":"0.003"}]
[183,"  LL-LT-5  ","连廊拉条-5","D12",{"$nulls":6},20,{"v":1.01,"d":"1.01 "},{"v":20.13,"d":"20.13 "},null,1259,12,12,"1.259*0.012*0.012",{"v":3.6259200000000004E-3,"d":"0.004"}]
[184,"  LL-LT-6  ","连廊拉条-6","D12",{"$nulls":6},40,{"v":0.94,"d":"0.94 "},{"v":37.73,"d":"37.73 "},null,1180,12,12,"1.180*0.012*0.012",{"v":0.0067968,"d":"0.007"}]
[185,"  LL-LT-7  ","连廊拉条-7","D12",{"$nulls":6},20,{"v":1.03,"d":"1.03 "},{"v":20.5,"d":"20.50 "},null,1283,12,12,"1.283*0.012*0.012",{"v":0.00369504,"d":"0.004"}]
[186,"  LL-LT-8  ","连廊拉条-8","D12",{"$nulls":6},40,{"v":1.01,"d":"1.01 "},{"v":40.44,"d":"40.44 "},null,1265,12,12,"1.265*0.012*0.012",{"v":0.0072864,"d":"0.007"}]
[187,"  LL-SC-1  ","连廊水平支撑-1","PD120*5",{"$nulls":6},3,{"$f":"189.08-L190","v":{"v":146.88,"d":"146.88 "}},{"$f":"567.25-M190","v":{"v":313.75,"d":"313.75 "}},null,6334,150,648,"6.334*0.015*0.648",{"v":1.8469944,"d":"1.847"}]
[{"$nulls":10},6,{"v":42.2,"d":"42.20 "},{"v":253.5,"d":"253.50 "},null,3051,150,150,"3.051*0.015*0.015",{"v":0.411885,"d":"0.412"}]
[188,"  LL-SC-2  ","连廊水平支撑-2","PD120*5",{"$nulls":6},3,{"$f":"224.08-L192","v":{"v":173.48000000000002,"d":"173.48 "}},{"$f":"672.25-M192","v":{"v":368.65,"d":"368.65 "}},null,7583,150,706,"7.583*0.15*0.706",{"v":2.4091191,"d":"2.409"}]
[{"$nulls":10},6,{"v":50.6,"d":"50.60 "},{"v":303.6,"d":"303.60 "},null,2646,150,150,"2.646*0.15*0.15",{"v":0.35720999999999997,"d":"0.357"}]
[189,"  LL-SC-3  ","连廊水平支撑-3","PD120*5",{"$nulls":6},3,{"$f":"214.09-L194","v":{"v":165.89,"d":"165.89 "}},{"$f":"642.26-M194","v":{"v":352.76,"d":"352.76 "}},null,7226,150,681,"7.226*0.15*0.681",{"v":2.2144076999999998,"d":"2.214"}]
[{"$nulls":10},6,{"v":48.2,"d":"48.20 "},{"v":289.5,"d":"289.50 "},null,3481,150,150,"3.481*0.15*0.15",{"v":0.469935,"d":"0.470"}]
[200,"  LL-XG-1  ","连廊系杆-1","PD120*5",{"$nulls":6},20,{"v":56.21,"d":"56.21 "},{"v":1124.3,"d":"1124.30 "},null,3780,160,160,"3.78*0.16*0.16",{"v":1.9353600000000002,"d":"1.935"}]
[201,"  LL-XG-2  ","连廊系杆-2","PD120*5",{"$nulls":6},10,{"v":55.52,"d":"55.52 "},{"v":555.17,"d":"555.17 "},null,3730,160,160,"3.73*0.16*0.16",{"v":0.9548800000000001,"d":"0.955"}]
[202,"  LL-XLT-1  ","连廊斜拉条-1","D12",{"$nulls":6},40,{"v":1.91,"d":"1.91 "},{"v":76.47,"d":"76.47 "},null,2392,12,12,"2.392*0.012*0.012",{"v":0.01377792,"d":"0.014"}]
[203,"  LL-XLT-2  ","连廊斜拉条-2","D12",{"$nulls":6},40,{"v":1.85,"d":"1.85 "},{"v":73.84,"d":"73.84 "},null,2309,12,12,"2.309*0.012*0.012",{"v":0.01329984,"d":"0.013"}]
[204,"  LL-XLT-3  ","连廊斜拉条-3","D12",{"$nulls":6},4,{"v":1.93,"d":"1.93 "},{"v":7.7,"d":"7.70 "},null,2409,12,12,"2.409*0.012*0.012",{"v":0.001387584,"d":"0.001"}]
[205,"  LL-XLT-4  ","连廊斜拉条-4","D12",{"$nulls":6},4,{"v":1.92,"d":"1.92 "},{"v":7.69,"d":"7.69 "},null,2404,12,12,"2.404*0.012*0.012",{"v":0.001384704,"d":"0.001"}]
[206,"  LL-XLT-5  ","连廊斜拉条-5","D12",{"$nulls":6},4,{"v":1.92,"d":"1.92 "},{"v":7.69,"d":"7.69 "},null,2407,12,12,"2.407*0.012*0.012",{"v":0.001386432,"d":"0.001"}]
[207,"  LL-XLT-6  ","连廊斜拉条-6","D12",{"$nulls":6},4,{"v":2.15,"d":"2.15 "},{"v":8.6,"d":"8.60 "},null,2690,12,12,"2.690*0.012*0.012",{"v":1.54944E-3,"d":"0.002"}]
[208,"  LL-XLT-7  ","连廊斜拉条-7","D12",{"$nulls":6},8,{"v":2.09,"d":"2.09 "},{"v":16.74,"d":"16.74 "},null,2617,12,12,"2.617*0.012*0.012",{"v":3.014784E-3,"d":"0.003"}]
[209,"  LL-XLT-8  ","连廊斜拉条-8","D12",{"$nulls":6},16,{"v":2.08,"d":"2.08 "},{"v":33.33,"d":"33.33 "},null,2606,12,12,"2.606*0.012*0.012",{"v":0.006004224,"d":"0.006"}]
[210,"  LL-XLT-9  ","连廊斜拉条-9","D12",{"$nulls":6},8,{"v":1.86,"d":"1.86 "},{"v":14.87,"d":"14.87 "},null,2326,12,12,"2.326*0.012*0.012",{"v":2.679552E-3,"d":"0.003"}]
[211,"  LL-XLT-10  ","连廊斜拉条-10","D12",{"$nulls":6},8,{"v":2.11,"d":"2.11 "},{"v":16.87,"d":"16.87 "},null,2639,12,12,"2.629*0.012*0.012",{"v":3.040128E-3,"d":"0.003"}]
[212,"  LL-XLT-11  ","连廊斜拉条-11","D12",{"$nulls":6},8,{"v":2.1,"d":"2.10 "},{"v":16.8,"d":"16.80 "},null,2627,12,12,"2.627*0.012*0.012",{"v":0.003026304,"d":"0.003"}]
[213,"  LL-XLT-12  ","连廊斜拉条-12","D12",{"$nulls":6},40,{"v":1.79,"d":"1.79 "},{"v":71.47,"d":"71.47 "},null,2235,12,12,"2.235*0.012*0.012",{"v":0.012873599999999999,"d":"0.013"}]
[214,"  LL-XLT-13  ","连廊斜拉条-13","D12",{"$nulls":6},40,{"v":1.75,"d":"1.75 "},{"v":70.15,"d":"70.15 "},null,2194,12,12,"2.194*0.012*0.012",{"v":0.01263744,"d":"0.013"}]
[215,"  LL-XLT-14  ","连廊斜拉条-14","D12",{"$nulls":6},40,{"v":1.8,"d":"1.80 "},{"v":71.86,"d":"71.86 "},null,2247,12,12,"2.247*0.012*0.012",{"v":0.01294272,"d":"0.013"}]
[216,"  LL-XLT-15  ","连廊斜拉条-15","D12",{"$nulls":6},40,{"v":1.79,"d":"1.79 "},{"v":71.56,"d":"71.56 "},null,2238,12,12,"2.238*0.012*0.012",{"v":0.01289088,"d":"0.013"}]
[217,"  LL-ZC-1  ","连廊支撑-1","PD95*3",{"$nulls":6},4,{"$f":"70.11-L213","v":{"v":57.51,"d":"57.51 "}},{"$f":"280.46-M213","v":{"v":179.35999999999999,"d":"179.36 "}},null,4114,150,700,"4.114*0.15*0.7",{"v":1.72788,"d":"1.728"}]
[{"$nulls":10},8,{"v":12.6,"d":"12.60 "},{"v":101.1,"d":"101.10 "},null,1915,150,150,"1.915*0.15*0.15",{"v":0.3447,"d":"0.345"}]
[218,"  LL-ZC-2  ","连廊支撑-2","PD95*3",{"$nulls":6},2,{"$f":"82.86-L215","v":{"v":66.36,"d":"66.36 "}},{"$f":"165.71-M215","v":{"v":99.51,"d":"99.51 "}},null,5156,150,577,"5.156*0.15*0.577",{"v":0.8925036,"d":"0.893"}]
[{"$nulls":10},4,{"v":16.5,"d":"16.50 "},{"v":66.2,"d":"66.20 "},null,2500,150,150,"2.5*0.15*0.15",0.225]
[219,"  LL-ZC-3  ","连廊支撑-3","PD180*5",{"$nulls":6},1,{"$f":"330.3-L217","v":{"v":257.1,"d":"257.10 "}},{"$f":"330.3-M217","v":{"v":183.9,"d":"183.90 "}},null,7321,200,846,"7.321*0.2*0.846",{"v":1.2387132,"d":"1.239"}]
[{"$nulls":10},2,{"v":73.2,"d":"73.20 "},{"v":146.4,"d":"146.40 "},null,3448,200,200,"3.448*0.2*0.2",{"v":0.27584,"d":"0.276"}]
[220,"  LL-ZC-4  ","连廊支撑-4","PD180*5",{"$nulls":6},1,{"$f":"328.94-L219","v":{"v":256.14,"d":"256.14 "}},{"$f":"328.94-M219","v":{"v":183.44,"d":"183.44 "}},null,7275,200,858,"7.275*0.2*0.858",{"v":1.24839,"d":"1.248"}]
[{"$nulls":10},2,{"v":72.8,"d":"72.80 "},{"v":145.5,"d":"145.50 "},null,3419,200,200,"3.419*0.2*0.2",{"v":0.27352,"d":"0.274"}]
[221,"  LL-ZC-5  ","连廊支撑-5","PD180*5",{"$nulls":6},1,{"$f":"383.8-L221","v":{"v":295.6,"d":"295.60 "}},{"$f":"383.8-M221","v":{"v":207.4,"d":"207.40 "}},null,8573,200,699,"8.573*0.2*0.699",{"v":1.1985054,"d":"1.199"}]
[{"$nulls":10},2,{"v":88.2,"d":"88.20 "},{"v":176.4,"d":"176.40 "},null,4149,200,200,"4.149*0.2*0.2",{"v":0.33192,"d":"0.332"}]
[222,"  LL-ZC-6  ","连廊支撑-6","PD180*5",{"$nulls":6},2,{"$f":"356.16-L223","v":{"v":276.16,"d":"276.16 "}},{"$f":"712.33-M223","v":{"v":392.33000000000004,"d":"392.33 "}},null,7928,200,817,"7.928*0.2*0.817",{"v":2.5908704,"d":"2.591"}]
[{"$nulls":10},4,{"v":80,"d":"80.00 "},{"v":320,"d":"320.00 "},null,3766,200,200,"3.766*0.2*0.2",{"v":0.60256,"d":"0.603"}]
[223,"  LL-ZC-7  ","连廊支撑-7","PD180*5",{"$nulls":6},1,{"$f":"358.85-L225","v":{"v":278.05,"d":"278.05 "}},{"$f":"358.85-M225","v":{"v":197.25000000000003,"d":"197.25 "}},null,7990,200,807,"7.99*0.2*0.807",{"v":1.289586,"d":"1.290"}]
[{"$nulls":10},2,{"v":80.8,"d":"80.80 "},{"v":161.6,"d":"161.60 "},null,3802,200,200,"3.802*0.2*0.2",{"v":0.30416,"d":"0.304"}]
[224,"  LL-ZC-8  ","连廊支撑-8","PD180*5",{"$nulls":6},1,{"$f":"358.85-L227","v":{"v":278.25,"d":"278.25 "}},{"$f":"358.85-M227","v":{"v":197.65000000000003,"d":"197.65 "}},null,7990,200,826,"7.99*0.2*0.826",{"v":1.319948,"d":"1.320"}]
[{"$nulls":10},2,{"v":80.6,"d":"80.60 "},{"v":161.2,"d":"161.20 "},null,3792,200,200,"3.792*0.2*0.2",{"v":0.30336,"d":"0.303"}]
[225,"  LL-ZC-9  ","连廊支撑-9","PD180*5",{"$nulls":6},2,{"$f":"363.18-L229","v":{"v":281.18,"d":"281.18 "}},{"$f":"726.36-M229","v":{"v":398.16,"d":"398.16 "}},null,8091,200,792,"8.091*0.2*0.792",{"$f":"O228*P228*Q228/1000000000*K228","v":{"v":2.5632288,"d":"2.563"}}]
[{"$nulls":10},4,{"v":82,"d":"82.00 "},{"v":328.2,"d":"328.20 "},null,3860,200,200,"3.96*0.2.0.2",{"v":0.6176,"d":"0.618"}]
[226,"  LL-ZC-10  ","连廊支撑-10","PD180*5",{"$nulls":6},2,{"$f":"291.83-L231","v":{"v":163.02999999999997,"d":"163.03 "}},{"$f":"583.66-M231","v":{"v":326.26,"d":"326.26 "}},null,6419,200,779,"6.419*0.2*0.779",{"v":2.0001604,"d":"2.000"}]
[{"$nulls":10},4,{"v":128.8,"d":"128.80 "},{"v":257.4,"d":"257.40 "},null,3032,200,200,"3.032*0.2*0.2",{"v":0.48512,"d":"0.485"}]
[227,"  LL-ZC-11  ","连廊支撑-11","PD180*5",{"$nulls":6},2,{"$f":"299.11-L233","v":{"v":176.11,"d":"176.11 "}},{"$f":"598.22-M233","v":{"v":352.22,"d":"352.22 "}},null,6589,200,739,"6.589*0.2*0.739",{"v":1.9477084,"d":"1.948"}]
[{"$nulls":10},4,{"v":123,"d":"123.00 "},{"v":246,"d":"246.00 "},null,3141,200,200,"3.141*0.2*0.2",{"v":0.50256,"d":"0.503"}]
[228,"  LL-ZC-12  ","连廊支撑-12","PD180*5",{"$nulls":6},2,{"$f":"310.29-L235","v":{"v":240.59000000000003,"d":"240.59 "}},{"$f":"620.58-M235","v":{"v":341.78000000000003,"d":"341.78 "}},null,6851,200,710,"6.851*0.2*0.71",{"v":1.945684,"d":"1.946"}]
[{"$nulls":10},4,{"v":69.7,"d":"69.70 "},{"v":278.8,"d":"278.80 "},null,3283,200,200,"3.283*0.2*0.2",{"v":0.52528,"d":"0.525"}]
[229,"  LL-ZJ-1  ","连廊支架-1","HW400*400*13*21",{"$nulls":6},2,{"v":1386.1,"d":"1386.10 "},{"v":2772.2,"d":"2772.20 "},null,6868,790,730,"6.868*0.79*0.73",{"v":7.9215512,"d":"7.922"}]
[230,"  LL-ZJ-2  ","连廊支架-2","HW400*400*13*21",{"$nulls":6},2,{"v":1386.1,"d":"1386.10 "},{"v":2772.2,"d":"2772.20 "},null,6868,790,848,"6.868*0.79*0.848",{"v":9.20202112,"d":"9.202"}]
[231,"  LL-ZJ-3  ","连廊支架-3","HW400*400*13*21",{"$nulls":6},2,{"v":2173.9,"d":"2173.90 "},{"v":4347.8,"d":"4347.80 "},null,10587,790,835,"10.587*0.79*0.835",{"v":13.9674291,"d":"13.967"}]
[232,"  LL-ZJ-4  ","连廊支架-4","HW400*400*13*21",{"$nulls":6},2,{"v":2173.9,"d":"2173.90 "},{"v":4347.8,"d":"4347.80 "},null,10587,790,835,"10.587*0.79*0.835",{"v":13.9674291,"d":"13.967"}]
[233,"  LL-ZJ-7  ","连廊支架-7","HW400*400*13*21",{"$nulls":6},1,{"v":1614.21,"d":"1614.21 "},{"v":1614.21,"d":"1614.21 "},null,8587,440,846,"8.587*0.44*0.846",{"v":3.19642488,"d":"3.196"}]
[234,"  LL-ZJ-8  ","连廊支架-8","HW400*400*13*21",{"$nulls":6},1,{"v":1614.21,"d":"1614.21 "},{"v":1614.21,"d":"1614.21 "},null,8587,440,846,"8.587*0.44*0.846",{"v":3.19642488,"d":"3.196"}]
[235,"  LL-ZJ-9  ","连廊支架-9","HW400*400*13*21",{"$nulls":6},1,{"v":1614.21,"d":"1614.21 "},{"v":1614.21,"d":"1614.21 "},null,8587,440,846,"8.587*0.44*0.846",{"v":3.19642488,"d":"3.196"}]
[236,"  LL-ZJ-10  ","连廊支架-10","HW400*400*13*21",{"$nulls":6},1,{"v":1614.21,"d":"1614.21 "},{"v":1614.21,"d":"1614.21 "},null,8587,440,846,"8.587*0.44*0.846",{"v":3.19642488,"d":"3.196"}]
[237,"  LL-ZJ-11  ","连廊支架-11","HW400*400*13*21",{"$nulls":6},1,{"v":1614.7,"d":"1614.70 "},{"v":1614.7,"d":"1614.70 "},null,8587,440,846,"8.587*0.44*0.846",{"v":3.19642488,"d":"3.196"}]
[238,"  LL-ZJ-12  ","连廊支架-12","HW400*400*13*21",{"$nulls":6},1,{"v":1614.7,"d":"1614.70 "},{"v":1614.7,"d":"1614.70 "},null,8587,440,848,"8.587*0.44*0.848",{"v":3.20398144,"d":"3.204"}]
[239,"  LL-ZJ-13  ","连廊支架-13","HW400*400*13*21",{"$nulls":6},1,{"v":1614.7,"d":"1614.70 "},{"v":1614.7,"d":"1614.70 "},null,8587,440,848,"8.587*0.44*0.848",{"v":3.20398144,"d":"3.204"}]
[240,"  LL-ZJ-14  ","连廊支架-14","HW400*400*13*21",{"$nulls":6},1,{"v":1614.7,"d":"1614.70 "},{"v":1614.7,"d":"1614.70 "},null,8587,440,848,"8.587*0.44*0.848",{"v":3.20398144,"d":"3.204"}]
[241,"  LL-ZJ-15  ","连廊支架-15","HW350*350*12*19",{"$nulls":6},1,{"v":1388.88,"d":"1388.88 "},{"v":1388.88,"d":"1388.88 "},null,9000,737,709,"9*0.737*0.709",{"v":4.702797,"d":"4.703"}]
[242,"  LL-ZJ-16  ","连廊支架-16","HW350*350*12*19",{"$nulls":6},1,{"v":1388.88,"d":"1388.88 "},{"v":1388.88,"d":"1388.88 "},null,9000,737,709,"9*0.737*0.709",{"v":4.702797,"d":"4.703"}]
[243,"  LL-ZJ-17  ","连廊支架-17","HW350*350*12*19",{"$nulls":6},1,{"v":1097.74,"d":"1097.74 "},{"v":1097.74,"d":"1097.74 "},null,7281,737,709,"7.281*0.737*0.709",{"v":3.804562773,"d":"3.805"}]
[244,"  LL-ZJ-18  ","连廊支架-18","HW350*350*12*19",{"$nulls":6},1,{"v":1097.74,"d":"1097.74 "},{"v":1097.74,"d":"1097.74 "},null,7281,737,709,"7.281*0.737*0.709",{"v":3.804562773,"d":"3.805"}]
["合计",{"$nulls":9},{"$f":"SUM(K3:K251)","v":1670},null,{"$f":"SUM(M3:M251)","v":{"v":170810.88999999998,"d":"170811"}},{"$nulls":5},{"$f":"SUM(S3:S251)","v":{"v":514.775000494,"d":"514.78"}}]

{"sheet":"浮选平台","index":4,"n_rows":1023,"n_cols":17,"rows_kept":1023,"merged":[[0,3,0,15],[1022,6,1022,10]]}
[{"$nulls":3},"出口厄瓜多尔浮选厂房物资清单"]
["序号","英文名称","中文名称","规格型号","单位","数量","单价","总金额","箱号","件数","发货状态","单重（kg)","净重（kg）","毛重\n（kg）","长×宽×高（m）","体积（m3)","HS编码"]
[1,"600踏步-1","600踏步","PL4.5*600                      ","件",100,{"$nulls":5},7.2,{"$f":"L3*F3","v":720},null,"0.6*0.23*0.11",{"v":1.518,"d":"1.5180"}]
[2,"800踏步-1","800踏步","PL4.5*800                      ","件",100,{"$nulls":5},9.6,960,null,"0.8*0.23*0.11",{"v":2.024,"d":"2.0240"}]
[3,"1000踏步-1","1000踏步","PL4.5*1000                     ","件",20,{"$nulls":5},12.7,254,null,"1.0*0.23*0.13",{"v":0.598,"d":"0.5980"}]
[4,"    B-1                     ","板-1","PL8*60                         ","件",8,{"$nulls":5},0.2,1.6,null,"0.06*0.06*0.008",{"v":0.0002304,"d":"0.0002"}]
[5,"    CC-1                    ","竖支撑-1","L75*6                          ","件",272,{"$nulls":5},12.3,3345.6000000000004,null,"0.85*0.16*0.15",5.5488]
[6,"    CC-2                    ","竖支撑-2","L75*6                          ","件",24,{"$nulls":5},12.3,295.20000000000005,null,"0.85*0.16*0.15",0.4896]
[7,"    CC-3                    ","竖支撑-3","L75*6                          ","件",22,{"$nulls":5},12.3,270.6,null,"0.85*0.16*0.15",0.4488]
[8,"    CC-4                    ","竖支撑-4","L75*6                          ","件",28,{"$nulls":5},12.3,344.40000000000003,null,"0.85*0.16*0.15",0.5712]
[9,"    CC-5                    ","竖支撑-5","L75*6                          ","件",28,{"$nulls":5},12.3,344.40000000000003,null,"0.85*0.16*0.15",0.5712]
[10,"    CG-1                    ","撑杆-1","PIP32*2.5                      ","件",16,{"$nulls":5},2.1,33.6,null,"1.2*0.035*0.035",{"v":0.02352,"d":"0.0235"}]
[11,"    DB-1                    ","垫板-1","PL28*250                       ","件",4,{"$nulls":5},20.9,83.6,null,"0.38*0.25*0.03",0.0114]
[12,"    DB-2                    ","垫板-2","PL40*150                       ","件",8,{"$nulls":5},7.1,56.8,null,"0.15*0.15*0.04",0.0072]
[13,"    DGD-1                   ","单轨吊-1","I45A                           ","件",2,{"$nulls":5},748.9,1497.8,null,"9.42*0.22*0.6",{"v":2.48688,"d":"2.4869"}]
[14,"    DP-1                    ","垫片-1","PL20*80                        ","件",64,{"$nulls":5},1,64,null,"0.08*0.08*0.02",{"v":0.008192,"d":"0.0082"}]
[15,"    DP-2                    ","垫片-2","PL22*75                        ","件",10,{"$nulls":5},1,10,null,"0.08*0.08*0.022",{"v":1.408E-3,"d":"0.0014"}]
[16,"    DP-3                    ","垫片-3","PL16*70                        ","件",408,{"$nulls":5},0.6,244.79999999999998,null,"0.07*0.07*0.016",{"v":0.0319872,"d":"0.0320"}]
[17,"    DP-4                    ","垫片-4","PL28*70                        ","件",48,{"$nulls":5},1.1,52.800000000000004,null,"0.07*0.07*0.028",{"v":0.0065856,"d":"0.0066"}]
[18,"    DP-5                    ","垫片-5","PL20*100                       ","件",112,{"$nulls":5},1.6,179.20000000000002,null,"0.1*0.1*0.02",0.0224]
[19,"    DP-6                    ","垫片-6","PL18*70                        ","件",160,{"$nulls":5},0.7,112,null,"0.07*0.07*0.018",{"v":0.014112,"d":"0.0141"}]
[20,"    DP-7                    ","垫片-7","PL22*75                        ","件",90,{"$nulls":5},1,90,null,"0.08*0.08*0.022",{"v":0.012672,"d":"0.0127"}]
[21,"    DWJG-1                  ","打瓦角钢-1","L50*5                          ","件",25,{"$nulls":5},275.9,551.8,null,"0.05*0.05*6",{"v":0.375,"d":"0.3750"}]
[22,"    DWJG-2                  ","打瓦角钢-2","L50*5                          ","件",5,{"$nulls":5},29.1,116.4,null,"0.05*0.05*6",{"v":0.075,"d":"0.0750"}]
[23,"    GT-1                    ","钢梯-1","C18A                           ","件",2,{"$nulls":5},644.8,{"$f":"L25*F25","v":1289.6},null,"6.6*0.9*0.18",2.1384]
[24,"    GT-2                    ","钢梯-2","HM294*200*8*12                 ","件",2,{"$nulls":5},1472.7,2945.4,null,"8.3*1.1*0.3",{"v":5.478,"d":"5.4780"}]
[25,"    GT-3                    ","钢梯-3","HM294*200*8*12                 ","件",2,{"$nulls":5},1423.2,2846.4,null,"8.1*1.1*0.3",{"v":5.346,"d":"5.3460"}]
[26,"    HW-1                    ","花纹板-1","PL10*1400                      ","件",1,{"$nulls":5},424.2,424.2,null,"3.84*1.4*0.1",0.5376]
[27,"    HW-2                    ","花纹板-2","PL10*1400                      ","件",1,{"$nulls":5},424.2,424.2,null,"3.84*1.4*0.1",0.5376]
[28,"    HW-3                    ","花纹板-3","PL10*2430                      ","件",2,{"$nulls":5},688.4,1376.8,null,"3.84*2.43*0.01",{"v":0.186624,"d":"0.1866"}]
[29,"    HW-4                    ","花纹板-4","PL10*1785                      ","件",2,{"$nulls":5},177.6,355.2,null,"3.2*1.8*0.01",0.1152]
[30,"    HW-5                    ","花纹板-5","PL10*1035                      ","件",2,{"$nulls":5},190.9,381.8,null,"2.16*1.04*0.1",{"v":0.44928,"d":"0.4493"}]
[31,"    HW-6                    ","花纹板-6","PL10*1035                      ","件",2,{"$nulls":5},190.9,381.8,null,"2.16*1.04*0.1",{"v":0.44928,"d":"0.4493"}]
[32,"    HW-7                    ","花纹板-7","PL10*915                       ","件",1,{"$nulls":5},166.8,166.8,null,"2.16*0.92*0.1",{"v":0.19872,"d":"0.1987"}]
[33,"    HW-8                    ","花纹板-8","PL10*915                       ","件",1,{"$nulls":5},166.8,166.8,null,"2.16*0.92*0.1",{"v":0.19872,"d":"0.1987"}]
[34,"    HW-9                    ","花纹板-9","PL10*915                       ","件",3,{"$nulls":5},170.4,511.20000000000005,null,"2.16*0.92*0.1",{"v":0.59616,"d":"0.5962"}]
[35,"    HW-10                   ","花纹板-10","PL10*915                       ","件",3,{"$nulls":5},170.4,511.20000000000005,null,"2.16*0.92*0.1",{"v":0.59616,"d":"0.5962"}]
[36,"    HW-11                   ","花纹板-11","PL10*990                       ","件",2,{"$nulls":5},185.5,371,null,"2.16*0.99*0.1",{"v":0.42768,"d":"0.4277"}]
[37,"    HW-12                   ","花纹板-12","PL10*990                       ","件",2,{"$nulls":5},185.5,371,null,"2.16*0.99*0.1",{"v":0.42768,"d":"0.4277"}]
[38,"    HW-13                   ","花纹板-13","PL10*1035                      ","件",4,{"$nulls":5},170.4,681.6,null,"1.92*1.04*0.1",{"v":0.79872,"d":"0.7987"}]
[39,"    HW-14                   ","花纹板-14","PL10*1035                      ","件",2,{"$nulls":5},170.4,340.8,null,"1.92*1.04*0.1",{"v":0.39936,"d":"0.3994"}]
[40,"    HW-15                   ","花纹板-15","PL10*1035                      ","件",2,{"$nulls":5},170.4,340.8,null,"1.92*1.04*0.1",{"v":0.39936,"d":"0.3994"}]
[41,"    HW-16                   ","花纹板-16","PL10*915                       ","件",4,{"$nulls":5},152.3,609.2,null,"1.92*0.92*0.1",{"v":0.70656,"d":"0.7066"}]
[42,"    HW-17                   ","花纹板-17","PL10*915                       ","件",2,{"$nulls":5},152.3,304.6,null,"1.92*0.92*0.1",{"v":0.35328,"d":"0.3533"}]
[43,"    HW-18                   ","花纹板-18","PL10*915                       ","件",2,{"$nulls":5},152.3,304.6,null,"1.92*0.92*0.1",{"v":0.35328,"d":"0.3533"}]
[44,"    HW-19                   ","花纹板-19","PL10*1035                      ","件",2,{"$nulls":5},113.4,226.8,null,"1.32*1.04*0.1",{"v":0.27456,"d":"0.2746"}]
[45,"    HW-20                   ","花纹板-20","PL10*1035                      ","件",2,{"$nulls":5},112.5,225,null,"1.32*1.04*0.1",{"v":0.27456,"d":"0.2746"}]
[46,"    HW-21                   ","花纹板-21","PL10*915                       ","件",8,{"$nulls":5},100.8,806.4,null,"1.32*0.92*0.1",{"v":0.97152,"d":"0.9715"}]
[47,"    HW-22                   ","花纹板-22","PL10*990                       ","件",4,{"$nulls":5},109.4,437.6,null,"1.32*0.99*0.1",{"v":0.52272,"d":"0.5227"}]
[48,"    HW-23                   ","花纹板-23","PL10*1035                      ","件",2,{"$nulls":5},111.3,222.6,null,"1.29*1.04*0.1",{"v":0.26832,"d":"0.2683"}]
[49,"    HW-24                   ","花纹板-24","PL10*1035                      ","件",2,{"$nulls":5},110.4,220.8,null,"1.29*1.04*0.1",{"v":0.26832,"d":"0.2683"}]
[50,"    HW-25                   ","花纹板-25","PL10*915                       ","件",8,{"$nulls":5},98.9,791.2,null,"1.29*0.92*0.1",{"v":0.94944,"d":"0.9494"}]
[51,"    HW-26                   ","花纹板-26","PL10*990                       ","件",4,{"$nulls":5},107.4,429.6,null,"1.29*0.99*0.1",{"v":0.51084,"d":"0.5108"}]
[52,"    HW-27                   ","花纹板-27","PL10*1035                      ","件",2,{"$nulls":5},156.1,312.2,null,"1.8*1.04*0.1",0.3744]
[53,"    HW-28                   ","花纹板-28","PL10*1035                      ","件",2,{"$nulls":5},156.1,312.2,null,"1.8*1.04*0.1",0.3744]
[54,"    HW-29                   ","花纹板-29","PL10*915                       ","件",2,{"$nulls":5},139.6,279.2,null,"1.8*0.92*0.1",0.3312]
[55,"    HW-30                   ","花纹板-30","PL10*915                       ","件",2,{"$nulls":5},139.6,279.2,null,"1.8*0.92*0.1",0.3312]
[56,"    HW-31                   ","花纹板-31","PL10*725                       ","件",1,{"$nulls":5},109.8,109.8,null,"1.8*0.73*0.1",0.1314]
[57,"    HW-32                   ","花纹板-32","PL10*725                       ","件",1,{"$nulls":5},109.8,109.8,null,"1.8*0.73*0.1",0.1314]
[58,"    HW-33                   ","花纹板-33","PL10*1695                      ","件",2,{"$nulls":5},424.6,849.2,null,"3.1*1.7*0.01",0.1054]
[59,"    HW-34                   ","花纹板-34","PL10*2010                      ","件",2,{"$nulls":5},532,1064,null,"3.3*2.01*0.01",{"v":0.13266,"d":"0.1327"}]
[60,"    HW-35                   ","花纹板-35","PL8*1355                       ","件",6,{"$nulls":5},368.7,2212.2,null,"3.9*1.36*0.1",3.1824]
[61,"    HW-36                   ","花纹板-36","PL8*1355                       ","件",6,{"$nulls":5},368.7,2212.2,null,"3.9*1.36*0.1",3.1824]
[62,"    HW-37                   ","花纹板-37","PL8*1170                       ","件",8,{"$nulls":5},318.6,2548.8,null,"3.9*1.17*0.1",3.6504]
[63,"    HW-38                   ","花纹板-38","PL8*1170                       ","件",2,{"$nulls":5},296.5,593,null,"3.9*1.17*0.1",0.9126]
[64,"    HW-39                   ","花纹板-39","PL8*1170                       ","件",2,{"$nulls":5},296.5,593,null,"3.9*1.17*0.1",0.9126]
[65,"    HW-40                   ","花纹板-40","PL8*920                        ","件",4,{"$nulls":5},249.3,997.2,null,"3.9*0.92*0.1",1.4352]
[66,"    HW-41                   ","花纹板-41","PL8*920                        ","件",8,{"$nulls":5},236,1888,null,"3.9*0.92*0.1",2.8704]
[67,"    HW-42                   ","花纹板-42","PL8*1340                       ","件",12,{"$nulls":5},365.8,4389.6,null,"3.9*1.34*0.1",6.2712]
[68,"    HW-43                   ","花纹板-43","PL8*1360                       ","件",12,{"$nulls":5},371.3,4455.6,null,"3.9*1.36*0.1",6.3648]
[69,"    HW-44                   ","花纹板-44","PL8*1240                       ","件",6,{"$nulls":5},333.1,1998.6000000000001,null,"3.9*1.24*0.1",2.9016]
[70,"    HW-45                   ","花纹板-45","PL8*1240                       ","件",6,{"$nulls":5},333.1,1998.6000000000001,null,"3.9*1.24*0.1",2.9016]
[71,"    HW-46                   ","花纹板-46","PL8*1190                       ","件",12,{"$nulls":5},324.2,3890.3999999999996,null,"3.9*1.19*0.1",5.5692]
[72,"    HW-47                   ","花纹板-47","PL8*1795                       ","件",4,{"$nulls":5},875.3,3501.2,null,"7*1.8*0.1",{"v":5.04,"d":"5.0400"}]
[73,"    HW-48                   ","花纹板-48","PL8*1795                       ","件",1,{"$nulls":5},633.1,633.1,null,"7*1.8*0.1",{"v":1.26,"d":"1.2600"}]
[74,"    HW-49                   ","花纹板-49","PL8*1795                       ","件",1,{"$nulls":5},633.1,633.1,null,"7*1.8*0.1",{"v":1.26,"d":"1.2600"}]
[75,"    HW-50                   ","花纹板-50","PL6*540                        ","件",6,{"$nulls":5},89.9,539.4000000000001,null,"3.09*0.54*0.1",{"v":1.00116,"d":"1.0012"}]
[76,"    HW-51                   ","花纹板-51","PL6*540                        ","件",6,{"$nulls":5},89.9,539.4000000000001,null,"3.09*0.54*0.1",{"v":1.00116,"d":"1.0012"}]
[77,"    HW-52                   ","花纹板-52","PL6*540                        ","件",1,{"$nulls":5},92.5,92.5,null,"3.19*0.54*0.1",{"v":0.17226,"d":"0.1723"}]
[78,"    HW-53                   ","花纹板-53","PL6*540                        ","件",1,{"$nulls":5},92.5,92.5,null,"3.19*0.54*0.1",{"v":0.17226,"d":"0.1723"}]
[79,"    HW-54                   ","花纹板-54","PL6*540                        ","件",1,{"$nulls":5},93.8,93.8,null,"3.24*0.54*0.1",{"v":0.17496,"d":"0.1750"}]
[80,"    HW-55                   ","花纹板-55","PL6*540                        ","件",1,{"$nulls":5},93.8,93.8,null,"3.24*0.54*0.1",{"v":0.17496,"d":"0.1750"}]
[81,"    HW-56                   ","花纹板-56","PL6*540                        ","件",1,{"$nulls":5},67.9,67.9,null,"2.4*0.54*0.1",0.1296]
[82,"    HW-57                   ","花纹板-57","PL6*540                        ","件",1,{"$nulls":5},67.9,67.9,null,"2.4*0.54*0.1",0.1296]
[83,"    HW-58                   ","花纹板-58","PL6*540                        ","件",1,{"$nulls":5},66.7,66.7,null,"2.34*0.54*0.1",{"v":0.12636,"d":"0.1264"}]
[84,"    HW-59                   ","花纹板-59","PL6*540                        ","件",1,{"$nulls":5},66.7,66.7,null,"2.34*0.54*0.1",{"v":0.12636,"d":"0.1264"}]
[85,"    HW-60                   ","花纹板-60","PL6*1380                       ","件",3,{"$nulls":5},150.1,450.29999999999995,null,"2.53*1.38*0.1",{"v":1.04742,"d":"1.0474"}]
[86,"    HW-61                   ","花纹板-61","PL6*1380                       ","件",3,{"$nulls":5},150.1,450.29999999999995,null,"2.53*1.38*0.1",{"v":1.04742,"d":"1.0474"}]
[87,"    HW-62                   ","花纹板-62","PL6*1380                       ","件",1,{"$nulls":5},160.2,{"$f":"L89*F89","v":160.2},null,"2.73*1.38*0.1",{"v":0.37674,"d":"0.3767"}]
[88,"    HW-63                   ","花纹板-63","PL6*1380                       ","件",2,{"$nulls":5},160.2,320.4,null,"2.73*1.38*0.1",{"v":0.75348,"d":"0.7535"}]
[89,"    HW-64                   ","花纹板-64","PL6*1230                       ","件",1,{"$nulls":5},80.4,80.4,null,"1.27*1.23*0.1",{"v":0.15621,"d":"0.1562"}]
[90,"    HW-65                   ","花纹板-65","PL8*630                        ","件",2,{"$nulls":5},314,628,null,"7.68*0.63*0.01",{"v":0.096768,"d":"0.0968"}]
[91,"    JB-1                    ","夹板-1","PL12*145                       ","件",280,{"$nulls":5},6.1,1708,null,"0.46*0.15*0.012",{"v":0.23184,"d":"0.2318"}]
[92,"    LCC-1                   ","单轨吊斜撑-1","L75*6                          ","件",2,{"$nulls":5},18.1,36.2,null,"2.75*0.1*0.1",{"v":0.055,"d":"0.0550"}]
[93,"    LCC-2                   ","单轨吊斜撑-2","L75*6                          ","件",2,{"$nulls":5},18.1,36.2,null,"2.75*0.1*0.1",{"v":0.055,"d":"0.0550"}]
[94,"    LG-1                    ","栏杆-1","PIP50*3                        ","件",300,{"$nulls":5},76.8,23040,null,"6*1.1*0.05",{"v":99,"d":"99.0000"}]
[95,"    LG-2                    ","栏杆-2","PIP50*3                        ","件",233,{"$nulls":5},75.8,17661.399999999998,null,"6*1.05*0.05",{"v":73.395,"d":"73.3950"}]
[96,"    LG-3                    ","栏杆-3","PIP50*3                        ","件",30,{"$nulls":5},78.9,2367,null,"6*1.2*0.05",{"v":10.8,"d":"10.8000"}]
[97,"    LJB-1                   ","连接板-1","PL12*145                       ","件",6,{"$nulls":5},5.6,33.599999999999994,null,"0.42*0.15*0.012",{"v":0.004536,"d":"0.0045"}]
[98,"    LJB-2                   ","连接板-2","PL12*115                       ","件",4,{"$nulls":5},3.2,12.8,null,"0.3*0.12*0.012",{"v":0.001728,"d":"0.0017"}]
[99,"    LJB-3                   ","连接板-3","PL12*115                       ","件",8,{"$nulls":5},2.5,20,null,"0.23*0.12*0.012",{"v":0.0026496,"d":"0.0026"}]
[100,"    LJB-4                   ","连接板-4","PL12*115                       ","件",4,{"$nulls":5},4.9,19.6,null,"0.45*0.12*0.012",{"v":0.002592,"d":"0.0026"}]
[101,"    LJB-5                   ","连接板-5","PL12*145                       ","件",4,{"$nulls":5},4.3,17.2,null,"0.32*0.15*0.012",{"v":0.002304,"d":"0.0023"}]
[102,"    LJB-6                   ","连接板-6","PL12*145                       ","件",31,{"$nulls":5},3.7,114.7,null,"0.27*0.15*0.012",{"v":0.015066,"d":"0.0151"}]
[103,"    LJB-7                   ","连接板-7","PL12*145                       ","件",2,{"$nulls":5},3,6,null,"0.22*0.15*0.012",{"v":0.000792,"d":"0.0008"}]
[104,"    LT-1                    ","拉条-1","D12                            ","件",16,{"$nulls":5},2.1,33.6,null,"2.6*0.1*0.1",{"v":0.416,"d":"0.4160"}]
[105,"    LT-2                    ","拉条-2","D12                            ","件",32,{"$nulls":5},1,32,null,"1.35*0.012*0.012",{"v":0.0062208,"d":"0.0062"}]
[106,"    LT-3                    ","拉条-3","D14                            ","件",16,{"$nulls":5},1.4,22.4,null,"1.35*0.014*0.014",{"v":0.0042336,"d":"0.0042"}]
[107,"    PCC-1                   ","平台竖撑-1","HW125*125*6.5*9                ","件",24,{"$nulls":5},38.2,916.8000000000001,null,"1.8*0.125*0.125",{"v":0.675,"d":"0.6750"}]
[108,"    PCC-2                   ","平台竖撑-2","HW125*125*6.5*9                ","件",12,{"$nulls":5},45.8,549.5999999999999,null,"2.15*0.125*0.125",{"v":0.403125,"d":"0.4031"}]
[109,"    PCC-3                   ","平台竖撑-3","HW125*125*6.5*9                ","件",4,{"$nulls":5},18.4,73.6,null,"0.92*0.125*0.125",0.0575]
[110,"    PCC-4                   ","平台竖撑-4","HW125*125*6.5*9                ","件",26,{"$nulls":5},16.8,436.8,null,"0.85*0.125*0.125",{"v":0.3453125,"d":"0.3453"}]
[111,"    PCC-5                   ","平台竖撑-5","HW125*125*6.5*9                ","件",26,{"$nulls":5},19.6,509.6,null,"0.98*0.125*0.125",{"v":0.398125,"d":"0.3981"}]
[112,"    PCC-6                   ","平台竖撑-6","HW125*125*6.5*9                ","件",2,{"$nulls":5},14.9,29.8,null,"0.78*0.125*0.125",{"v":0.024375,"d":"0.0244"}]
[113,"    PCC-7                   ","平台竖撑-7","HW125*125*6.5*9                ","件",6,{"$nulls":5},16.5,99,null,"0.85*0.125*0.125",{"v":0.0796875,"d":"0.0797"}]
[114,"    PCC-8                   ","平台竖撑-8","HW125*125*6.5*9                ","件",2,{"$nulls":5},15.1,30.2,null,"0.79*0.125*0.125",{"v":0.0246875,"d":"0.0247"}]
[115,"    PCC-9                   ","平台竖撑-9","HW125*125*6.5*9                ","件",2,{"$nulls":5},14.9,29.8,null,"0.78*0.125*0.125",{"v":0.024375,"d":"0.0244"}]
[116,"    PCC-10                  ","平台竖撑-10","HW125*125*6.5*9                ","件",28,{"$nulls":5},19.8,554.4,null,"0.99*0.125*0.125",{"v":0.433125,"d":"0.4331"}]
[117,"    PCC-11                  ","平台竖撑-11","HW125*125*6.5*9                ","件",2,{"$nulls":5},40.7,81.4,null,"1.89*0.125*0.125",{"v":0.0590625,"d":"0.0591"}]
[118,"    PCC-12                  ","平台竖撑-12","HW125*125*6.5*9                ","件",2,{"$nulls":5},46,92,null,"2.12*0.125*0.125",{"v":0.06625,"d":"0.0663"}]
[119,"    PCC-13                  ","平台竖撑-13","HW125*125*6.5*9                ","件",2,{"$nulls":5},57,114,null,"2.6*0.125*0.125",{"v":0.08125,"d":"0.0813"}]
[120,"    PCC-14","平台竖撑-14","HW125*125*6.5*9                ","件",1,{"$nulls":5},31,31,null,"1.47*0.125*0.125",{"v":0.02296875,"d":"0.0230"}]
[121,"    PCC-15","平台竖撑-15","HW125*125*6.5*9                ","件",9,{"$nulls":5},28,252,null,"1.34*0.125*0.125",{"v":0.1884375,"d":"0.1884"}]
[122,"    PCC-16","平台竖撑-16","HW125*125*6.5*9                ","件",2,{"$nulls":5},18.2,36.4,null,"0.92*0.125*0.125",{"v":0.02875,"d":"0.0288"}]
[123,"    PCC-17","平台竖撑-17","HW125*125*6.5*9                ","件",4,{"$nulls":5},15.1,60.4,null,"0.78*0.125*0.125",{"v":0.04875,"d":"0.0488"}]
[124,"    PCC-18","平台竖撑-18","HW125*125*6.5*9                ","件",2,{"$nulls":5},25.9,51.8,null,"1.25*0.125*0.125",{"v":0.0390625,"d":"0.0391"}]
[125,"    PCC-19","平台竖撑-19","HW125*125*6.5*9                ","件",2,{"$nulls":5},29.2,58.4,null,"1.39*0.125*0.125",{"v":0.0434375,"d":"0.0434"}]
[126,"PTL-1","平台梁-1","HM244*175*7*11                 ","件",2,{"$nulls":5},215.8,431.6,null,"4.39*0.28*0.29",{"v":0.712936,"d":"0.7129"}]
[127,"PTL-2","平台梁-2","HM244*175*7*11                 ","件",2,{"$nulls":5},215.8,431.6,null,"4.39*0.28*0.29",{"v":0.712936,"d":"0.7129"}]
[128,"PTL-3","平台梁-3","HM244*175*7*11                 ","件",2,{"$nulls":5},208.4,416.8,null,"4.45*0.28*0.29",{"v":0.72268,"d":"0.7227"}]
[129,"PTL-4","平台梁-4","HM244*175*7*11                 ","件",2,{"$nulls":5},208.4,416.8,null,"4.45*0.28*0.29",{"v":0.72268,"d":"0.7227"}]
[130,"PTL-5","平台梁-5","HM244*175*7*11                 ","件",2,{"$nulls":5},263.1,526.2,null,"5.74*0.28*0.29",{"v":0.932176,"d":"0.9322"}]
[131,"PTL-6","平台梁-6","HM244*175*7*11                 ","件",2,{"$nulls":5},263.1,526.2,null,"5.74*0.28*0.29",{"v":0.932176,"d":"0.9322"}]
[132,"PTL-7","平台梁-7","HM244*175*7*11                 ","件",4,{"$nulls":5},170.1,680.4,null,"3.65*0.18*0.29",{"v":0.76212,"d":"0.7621"}]
[133,"PTL-8","平台梁-8","HM244*175*7*11                 ","件",4,{"$nulls":5},116.4,465.6,null,"2.39*0.18*0.29",{"v":0.499032,"d":"0.4990"}]
[134,"PTL-9","平台梁-9","HM244*175*7*11                 ","件",4,{"$nulls":5},114.2,456.8,null,"2.34*0.18*0.29",{"v":0.488592,"d":"0.4886"}]
[135,"PTL-10","平台梁-10","HM550*300*11*18                ","件",1,{"$nulls":5},1257.3,1257.3,null,"8.66*0.45*0.57",{"v":2.22129,"d":"2.2213"}]
[136,"PTL-11","平台梁-11","HM244*175*7*11                 ","件",2,{"$nulls":5},313,626,null,"7.28*0.27*0.25",0.9828]
[137,"PTL-12","平台梁-12","HM244*175*7*11                 ","件",1,{"$nulls":5},315.9,315.9,null,"7.28*0.27*0.25",0.4914]
[138,"PTL-13","平台梁-13","HM244*175*7*11                 ","件",1,{"$nulls":5},315.9,315.9,null,"7.28*0.27*0.25",0.4914]
[139,"PTL-14","平台梁-14","HM244*175*7*11                 ","件",1,{"$nulls":5},315.9,315.9,null,"7.28*0.27*0.25",0.4914]
[140,"PTL-15","平台梁-15","HM244*175*7*11                 ","件",1,{"$nulls":5},315.9,315.9,null,"7.28*0.27*0.25",0.4914]
[141,"PTL-16","平台梁-16","HM244*175*7*11                 ","件",1,{"$nulls":5},320.4,320.4,null,"7.18*0.27*0.25",{"v":0.48465,"d":"0.4847"}]
[142,"PTL-17","平台梁-17","HM244*175*7*11                 ","件",1,{"$nulls":5},320.4,320.4,null,"7.18*0.27*0.25",{"v":0.48465,"d":"0.4847"}]
[143,"PTL-18","平台梁-18","HM244*175*7*11                 ","件",1,{"$nulls":5},320.4,320.4,null,"7.18*0.27*0.25",{"v":0.48465,"d":"0.4847"}]
[144,"PTL-19","平台梁-19","HM244*175*7*11                 ","件",1,{"$nulls":5},320.4,320.4,null,"7.18*0.27*0.25",{"v":0.48465,"d":"0.4847"}]
[145,"PTL-20","平台梁-20","HM244*175*7*11                 ","件",1,{"$nulls":5},317.5,317.5,null,"7.18*0.27*0.25",{"v":0.48465,"d":"0.4847"}]
[146,"PTL-21","平台梁-21","HM244*175*7*11                 ","件",1,{"$nulls":5},317.5,317.5,null,"7.18*0.27*0.25",{"v":0.48465,"d":"0.4847"}]
[147,"PTL-22","平台梁-22","HM244*175*7*11                 ","件",1,{"$nulls":5},318.2,318.2,null,"7.28*0.22*0.25",0.4004]
[148,"PTL-23","平台梁-23","HM244*175*7*11                 ","件",1,{"$nulls":5},318.2,318.2,null,"7.28*0.22*0.25",0.4004]
[149,"PTL-24","平台梁-24","HM244*175*7*11                 ","件",1,{"$nulls":5},318.2,318.2,null,"7.28*0.22*0.25",0.4004]
[150,"PTL-25","平台梁-25","HM244*175*7*11                 ","件",1,{"$nulls":5},318.2,318.2,null,"7.28*0.22*0.25",0.4004]
[151,"PTL-26","平台梁-26","HM244*175*7*11                 ","件",1,{"$nulls":5},315.3,{"$f":"L153*F153","v":315.3},null,"7.28*0.22*0.25",0.4004]
[152,"PTL-27","平台梁-27","HM244*175*7*11                 ","件",1,{"$nulls":5},315.3,315.3,null,"7.28*0.22*0.25",0.4004]
[153,"PTL-28","平台梁-28","HM244*175*7*11                 ","件",1,{"$nulls":5},321.6,321.6,null,"7.43*0.22*0.25",{"v":0.40865,"d":"0.4087"}]
[154,"PTL-29","平台梁-29","HM244*175*7*11                 ","件",1,{"$nulls":5},321.6,321.6,null,"7.43*0.22*0.25",{"v":0.40865,"d":"0.4087"}]
[155,"PTL-30","平台梁-30","HM244*175*7*11                 ","件",2,{"$nulls":5},198.4,396.8,null,"4.45*0.28*0.25",{"v":0.623,"d":"0.6230"}]
[156,"PTL-31","平台梁-31","HM244*175*7*11                 ","件",2,{"$nulls":5},198.4,396.8,null,"4.45*0.28*0.25",{"v":0.623,"d":"0.6230"}]
[157,"PTL-32","平台梁-32","HM390*300*10*16                ","件",8,{"$nulls":5},878.4,7027.2,null,"8.14*0.43*0.34",{"v":9.520544,"d":"9.5205"}]
[158,"PTL-33","平台梁-33","HM550*300*11*18                ","件",1,{"$nulls":5},1257.3,1257.3,null,"8.66*0.45*0.57",{"v":2.22129,"d":"2.2213"}]
[159,"PTL-34","平台梁-34","HM390*300*10*16                ","件",1,{"$nulls":5},460.6,460.6,null,"3.53*0.52*0.41",{"v":0.752596,"d":"0.7526"}]
[160,"PTL-35","平台梁-35","HM390*300*10*16                ","件",1,{"$nulls":5},460.6,460.6,null,"3.53*0.52*0.41",{"v":0.752596,"d":"0.7526"}]
[161,"PTL-36","平台梁-36","HM390*300*10*16                ","件",1,{"$nulls":5},452.9,452.9,null,"3.53*0.52*0.41",{"v":0.752596,"d":"0.7526"}]
[162,"PTL-37","平台梁-37","HM390*300*10*16                ","件",1,{"$nulls":5},452.9,452.9,null,"3.53*0.52*0.41",{"v":0.752596,"d":"0.7526"}]
[163,"PTL-38","平台梁-38","HM390*300*10*16                ","件",1,{"$nulls":5},425.3,425.3,null,"3.53*0.52*0.39",{"v":0.715884,"d":"0.7159"}]
[164,"PTL-39","平台梁-39","HM390*300*10*16                ","件",1,{"$nulls":5},425.3,425.3,null,"3.53*0.52*0.39",{"v":0.715884,"d":"0.7159"}]
[165,"PTL-40","平台梁-40","HM390*300*10*16                ","件",3,{"$nulls":5},708.8,2126.3999999999996,null,"6.79*0.3*0.39",{"v":2.38329,"d":"2.3833"}]
[166,"PTL-41","平台梁-41","HM390*300*10*16                ","件",3,{"$nulls":5},708.8,2126.3999999999996,null,"6.79*0.3*0.39",{"v":2.38329,"d":"2.3833"}]
[167,"PTL-42","平台梁-42","HM390*300*10*16                ","件",2,{"$nulls":5},779.5,1559,null,"7.01*0.3*0.39",{"v":1.64034,"d":"1.6403"}]
[168,"PTL-43","平台梁-43","HM390*300*10*16                ","件",2,{"$nulls":5},779.5,1559,null,"7.01*0.3*0.39",{"v":1.64034,"d":"1.6403"}]
[169,"PTL-44","平台梁-44","HM390*300*10*16                ","件",1,{"$nulls":5},781.9,781.9,null,"7.01*0.4*0.39",{"v":1.09356,"d":"1.0936"}]
[170,"PTL-45","平台梁-45","HM390*300*10*16                ","件",1,{"$nulls":5},781.9,781.9,null,"7.01*0.4*0.39",{"v":1.09356,"d":"1.0936"}]
[171,"PTL-46","平台梁-46","HM390*300*10*16                ","件",1,{"$nulls":5},772.1,772.1,null,"6.65*0.3*1.07",{"v":2.13465,"d":"2.1347"}]
[172,"PTL-47","平台梁-47","HM390*300*10*16                ","件",1,{"$nulls":5},772.1,772.1,null,"6.65*0.3*1.07",{"v":2.13465,"d":"2.1347"}]
[173,"PTL-48","平台梁-48","HM390*300*10*16                ","件",1,{"$nulls":5},752.6,752.6,null,"6.65*0.3*1.07",{"v":2.13465,"d":"2.1347"}]
[174,"PTL-49","平台梁-49","HM390*300*10*16                ","件",1,{"$nulls":5},752.6,752.6,null,"6.65*0.3*1.07",{"v":2.13465,"d":"2.1347"}]
[175,"PTL-50","平台梁-50","HM550*300*11*18                ","件",1,{"$nulls":5},1207.2,1207.2,null,"8.66*0.41*0.55",{"v":1.95283,"d":"1.9528"}]
[176,"PTL-51","平台梁-51","HM550*300*11*18                ","件",1,{"$nulls":5},1207.2,1207.2,null,"8.66*0.41*0.55",{"v":1.95283,"d":"1.9528"}]
[177,"PTL-52","平台梁-52","HM390*300*10*16                ","件",6,{"$nulls":5},148.7,892.1999999999999,null,"1.25*0.51*0.39",{"v":1.49175,"d":"1.4918"}]
[178,"PTL-53","平台梁-53","HM390*300*10*16                ","件",6,{"$nulls":5},148.7,892.1999999999999,null,"1.25*0.51*0.39",{"v":1.49175,"d":"1.4918"}]
[179,"PTL-54","平台梁-54","HM390*300*10*16                ","件",8,{"$nulls":5},140.6,1124.8,null,"1.26*0.41*0.39",{"v":1.611792,"d":"1.6118"}]
[180,"PTL-55","平台梁-55","HM390*300*10*16                ","件",2,{"$nulls":5},139.8,279.6,null,"1.26*0.41*0.39",{"v":0.402948,"d":"0.4029"}]
[181,"PTL-56","平台梁-56","HM390*300*10*16                ","件",2,{"$nulls":5},139.8,279.6,null,"1.26*0.41*0.39",{"v":0.402948,"d":"0.4029"}]
[182,"PTL-57","平台梁-57","HM390*300*10*16                ","件",1,{"$nulls":5},749.3,749.3,null,"7.01*0.4*0.39",{"v":1.09356,"d":"1.0936"}]
[183,"PTL-58","平台梁-58","HM390*300*10*16                ","件",1,{"$nulls":5},749.3,749.3,null,"7.01*0.4*0.39",{"v":1.09356,"d":"1.0936"}]
[184,"PTL-59","平台梁-59","HM390*300*10*16                ","件",1,{"$nulls":5},749.3,749.3,null,"7.01*0.4*0.39",{"v":1.09356,"d":"1.0936"}]
[185,"PTL-60","平台梁-60","HM390*300*10*16                ","件",1,{"$nulls":5},749.3,749.3,null,"7.01*0.4*0.39",{"v":1.09356,"d":"1.0936"}]
[186,"PTL-61","平台梁-61","HM390*300*10*16                ","件",1,{"$nulls":5},749.3,749.3,null,"7.01*0.4*0.39",{"v":1.09356,"d":"1.0936"}]
[187,"PTL-62","平台梁-62","HM390*300*10*16                ","件",1,{"$nulls":5},749.3,749.3,null,"7.01*0.4*0.39",{"v":1.09356,"d":"1.0936"}]
[188,"PTL-63","平台梁-63","HM390*300*10*16                ","件",1,{"$nulls":5},749.3,749.3,null,"7.01*0.4*0.39",{"v":1.09356,"d":"1.0936"}]
[189,"PTL-64","平台梁-64","HM390*300*10*16                ","件",1,{"$nulls":5},749.3,749.3,null,"7.01*0.4*0.39",{"v":1.09356,"d":"1.0936"}]
[190,"PTL-65","平台梁-65","HM390*300*10*16                ","件",1,{"$nulls":5},750.8,750.8,null,"7.01*0.4*0.39",{"v":1.09356,"d":"1.0936"}]
[191,"PTL-66","平台梁-66","HM390*300*10*16                ","件",1,{"$nulls":5},750.8,750.8,null,"7.01*0.4*0.39",{"v":1.09356,"d":"1.0936"}]
[192,"PTL-67","平台梁-67","HM390*300*10*16                ","件",1,{"$nulls":5},750.8,750.8,null,"7.01*0.4*0.39",{"v":1.09356,"d":"1.0936"}]
[193,"PTL-68","平台梁-68","HM390*300*10*16                ","件",1,{"$nulls":5},750.8,750.8,null,"7.01*0.4*0.39",{"v":1.09356,"d":"1.0936"}]
[194,"PTL-69","平台梁-69","HM390*300*10*16                ","件",1,{"$nulls":5},750.8,750.8,null,"7.01*0.4*0.39",{"v":1.09356,"d":"1.0936"}]
[195,"PTL-70","平台梁-70","HM390*300*10*16                ","件",1,{"$nulls":5},750.8,750.8,null,"7.01*0.4*0.39",{"v":1.09356,"d":"1.0936"}]
[196,"PTL-71","平台梁-71","HM390*300*10*16                ","件",1,{"$nulls":5},750.8,750.8,null,"7.01*0.4*0.39",{"v":1.09356,"d":"1.0936"}]
[197,"PTL-72","平台梁-72","HM390*300*10*16                ","件",1,{"$nulls":5},750.8,750.8,null,"7.01*0.4*0.39",{"v":1.09356,"d":"1.0936"}]
[198,"PTL-73","平台梁-73","HM390*300*10*16                ","件",1,{"$nulls":5},811.5,811.5,null,"7.01*0.4*0.39",{"v":1.09356,"d":"1.0936"}]
[199,"PTL-74","平台梁-74","HM390*300*10*16                ","件",1,{"$nulls":5},811.5,811.5,null,"7.01*0.4*0.39",{"v":1.09356,"d":"1.0936"}]
[200,"PTL-75","平台梁-75","HM390*300*10*16                ","件",1,{"$nulls":5},811.5,811.5,null,"7.01*0.4*0.39",{"v":1.09356,"d":"1.0936"}]
[201,"PTL-76","平台梁-76","HM390*300*10*16                ","件",1,{"$nulls":5},811.5,811.5,null,"7.01*0.4*0.39",{"v":1.09356,"d":"1.0936"}]
[202,"PTL-77","平台梁-77","HM390*300*10*16                ","件",1,{"$nulls":5},799.8,799.8,null,"7.01*0.4*0.39",{"v":1.09356,"d":"1.0936"}]
[203,"PTL-78","平台梁-78","HM390*300*10*16                ","件",1,{"$nulls":5},799.8,799.8,null,"7.01*0.4*0.39",{"v":1.09356,"d":"1.0936"}]
[204,"PTL-79","平台梁-79","HM390*300*10*16                ","件",1,{"$nulls":5},788.1,788.1,null,"7.01*0.4*0.39",{"v":1.09356,"d":"1.0936"}]
[205,"PTL-80","平台梁-80","HM390*300*10*16                ","件",1,{"$nulls":5},788.1,788.1,null,"7.01*0.4*0.39",{"v":1.09356,"d":"1.0936"}]
[206,"PTL-81","平台梁-81","HM390*300*10*16                ","件",6,{"$nulls":5},742.9,4457.4,null,"7.18*0.3*0.39",{"v":5.04036,"d":"5.0404"}]
[207,"PTL-82","平台梁-82","HM390*300*10*16                ","件",4,{"$nulls":5},629.1,2516.4,null,"6.08*0.3*0.39",{"v":2.84544,"d":"2.8454"}]
[208,"PTL-83","平台梁-83","HM390*300*10*16                ","件",1,{"$nulls":5},688.7,688.7,null,"6.08*0.41*0.69",{"v":1.720032,"d":"1.7200"}]
[209,"PTL-84","平台梁-84","HM390*300*10*16                ","件",1,{"$nulls":5},688.7,688.7,null,"6.08*0.41*0.69",{"v":1.720032,"d":"1.7200"}]
[210,"PTL-85","平台梁-85","HM390*300*10*16                ","件",1,{"$nulls":5},679.7,679.7,null,"6.08*0.52*0.39",{"v":1.233024,"d":"1.2330"}]
[211,"PTL-86","平台梁-86","HM390*300*10*16                ","件",1,{"$nulls":5},679.7,679.7,null,"6.08*0.52*0.39",{"v":1.233024,"d":"1.2330"}]
[212,"PTL-87","平台梁-87","HM390*300*10*16                ","件",1,{"$nulls":5},802.7,802.7,null,"7.02*0.51*0.39",{"v":1.396278,"d":"1.3963"}]
[213,"PTL-88","平台梁-88","HM390*300*10*16                ","件",1,{"$nulls":5},802.7,802.7,null,"7.02*0.51*0.39",{"v":1.396278,"d":"1.3963"}]
[214,"PTL-89","平台梁-89","HM390*300*10*16                ","件",6,{"$nulls":5},722.8,4336.799999999999,null,"7*0.3*0.39",{"v":4.914,"d":"4.9140"}]
[215,"PTL-90","平台梁-90","HM390*300*10*16                ","件",1,{"$nulls":5},753.4,{"$f":"L217*F217","v":753.4},null,"7.02*0.3*0.39",{"v":0.82134,"d":"0.8213"}]
[216,"PTL-91","平台梁-91","HM390*300*10*16                ","件",1,{"$nulls":5},753.4,753.4,null,"7.02*0.3*0.39",{"v":0.82134,"d":"0.8213"}]
[217,"PTL-92","平台梁-92","HM390*300*10*16                ","件",1,{"$nulls":5},774.7,774.7,null,"7.02*0.51*0.39",{"v":1.396278,"d":"1.3963"}]
[218,"PTL-93","平台梁-93","HM390*300*10*16                ","件",1,{"$nulls":5},760.8,760.8,null,"7.02*0.51*0.39",{"v":1.396278,"d":"1.3963"}]
[219,"PTL-94","平台梁-94","HM390*300*10*16                ","件",1,{"$nulls":5},760.8,760.8,null,"7.02*0.51*0.39",{"v":1.396278,"d":"1.3963"}]
[220,"PTL-95","平台梁-95","HM390*300*10*16                ","件",1,{"$nulls":5},776.5,776.5,null,"7.02*0.51*0.39",{"v":1.396278,"d":"1.3963"}]
[221,"PTL-96","平台梁-96","HM390*300*10*16                ","件",1,{"$nulls":5},750.3,750.3,null,"7.02*0.51*0.39",{"v":1.396278,"d":"1.3963"}]
[222,"PTL-97","平台梁-97","HM390*300*10*16                ","件",1,{"$nulls":5},750.3,750.3,null,"7.02*0.51*0.39",{"v":1.396278,"d":"1.3963"}]
[223,"PTL-98","平台梁-98","HM390*300*10*16                ","件",1,{"$nulls":5},765.8,765.8,null,"7.02*0.4*0.39",{"v":1.09512,"d":"1.0951"}]
[224,"PTL-99","平台梁-99","HM390*300*10*16                ","件",1,{"$nulls":5},765.8,765.8,null,"7.02*0.4*0.39",{"v":1.09512,"d":"1.0951"}]
[225,"PTL-100","平台梁-100","HM390*300*10*16                ","件",1,{"$nulls":5},811.4,811.4,null,"7.02*0.4*0.43",{"v":1.20744,"d":"1.2074"}]
[226,"PTL-101","平台梁-101","HM390*300*10*16                ","件",1,{"$nulls":5},811.4,811.4,null,"7.02*0.4*0.43",{"v":1.20744,"d":"1.2074"}]
[227,"PTL-102","平台梁-102","HM390*300*10*16                ","件",2,{"$nulls":5},741.5,1483,null,"7.02*0.4*0.39",{"v":2.19024,"d":"2.1902"}]
[228,"PTL-103","平台梁-103","HM390*300*10*16                ","件",2,{"$nulls":5},741.5,1483,null,"7.02*0.4*0.39",{"v":2.19024,"d":"2.1902"}]
[229,"PTL-104","平台梁-104","HM390*300*10*16                ","件",1,{"$nulls":5},732.1,732.1,null,"7.02*0.4*0.39",{"v":1.09512,"d":"1.0951"}]
[230,"PTL-105","平台梁-105","HM390*300*10*16                ","件",1,{"$nulls":5},732.1,732.1,null,"7.02*0.4*0.39",{"v":1.09512,"d":"1.0951"}]
[231,"PTL-106","平台梁-106","HM390*300*10*16                ","件",1,{"$nulls":5},732.1,732.1,null,"7.02*0.4*0.39",{"v":1.09512,"d":"1.0951"}]
[232,"PTL-107","平台梁-107","HM390*300*10*16                ","件",1,{"$nulls":5},732.1,732.1,null,"7.02*0.4*0.39",{"v":1.09512,"d":"1.0951"}]
[233,"PTL-108","平台梁-108","HM390*300*10*16                ","件",1,{"$nulls":5},1043.9,1043.9,null,"9.63*0.51*0.39",{"v":1.915407,"d":"1.9154"}]
[234,"PTL-109","平台梁-109","HM390*300*10*16                ","件",1,{"$nulls":5},1043.9,1043.9,null,"9.63*0.51*0.39",{"v":1.915407,"d":"1.9154"}]
[235,"PTL-110","平台梁-110","HM390*300*10*16                ","件",1,{"$nulls":5},1040.7,1040.7,null,"9.63*0.4*0.39",{"v":1.50228,"d":"1.5023"}]
[236,"PTL-111","平台梁-111","HM390*300*10*16                ","件",1,{"$nulls":5},1040.7,1040.7,null,"9.63*0.4*0.39",{"v":1.50228,"d":"1.5023"}]
[237,"PTL-112","平台梁-112","HM390*300*10*16                ","件",1,{"$nulls":5},1024.5,1024.5,null,"9.63*0.4*0.39",{"v":1.50228,"d":"1.5023"}]
[238,"PTL-113","平台梁-113","HM294*200*8*12                 ","件",2,{"$nulls":5},176.9,353.8,null,"2.38*0.6*0.31",{"v":0.88536,"d":"0.8854"}]
[239,"PTL-114","平台梁-114","HM294*200*8*12                 ","件",1,{"$nulls":5},160.1,160.1,null,"2.38*0.4*0.31",{"v":0.29512,"d":"0.2951"}]
[240,"PTL-115","平台梁-115","HM294*200*8*12                 ","件",1,{"$nulls":5},160.1,160.1,null,"2.38*0.4*0.31",{"v":0.29512,"d":"0.2951"}]
[241,"PTL-116","平台梁-116","HM244*175*7*11                 ","件",2,{"$nulls":5},319.4,638.8,null,"7.43*0.27*0.25",{"v":1.00305,"d":"1.0031"}]
[242,"PTL-117","平台梁-117","HM390*300*10*16                ","件",1,{"$nulls":5},1024.5,1024.5,null,"9.63*0.4*0.39",{"v":1.50228,"d":"1.5023"}]
[243,"PTL-118","平台梁-118","HM390*300*10*16                ","件",2,{"$nulls":5},1024.5,2049,null,"9.63*0.4*0.39",{"v":3.00456,"d":"3.0046"}]
[244,"PTL-119","平台梁-119","HM390*300*10*16                ","件",2,{"$nulls":5},1024.5,2049,null,"9.63*0.4*0.39",{"v":3.00456,"d":"3.0046"}]
[245,"PTL-120","平台梁-120","HM390*300*10*16                ","件",1,{"$nulls":5},1024.5,1024.5,null,"9.63*0.4*0.39",{"v":1.50228,"d":"1.5023"}]
[246,"PTL-121","平台梁-121","HM390*300*10*16                ","件",1,{"$nulls":5},1024.5,1024.5,null,"9.63*0.4*0.39",{"v":1.50228,"d":"1.5023"}]
[247,"PTL-122","平台梁-122","HM440*300*11*18                ","件",2,{"$nulls":5},1067.8,2135.6,null,"8.14*0.43*0.48",{"v":3.360192,"d":"3.3602"}]
[248,"PTL-123","平台梁-123","HM440*300*11*18                ","件",2,{"$nulls":5},1067.8,2135.6,null,"8.14*0.43*0.48",{"v":3.360192,"d":"3.3602"}]
[249,"PTL-124","平台梁-124","HM440*300*11*18                ","件",2,{"$nulls":5},1090.6,2181.2,null,"8.14*0.43*0.48",{"v":3.360192,"d":"3.3602"}]
[250,"PTL-125","平台梁-125","HM440*300*11*18                ","件",2,{"$nulls":5},1090.6,2181.2,null,"8.14*0.43*0.48",{"v":3.360192,"d":"3.3602"}]
[251,"PTL-126","平台梁-126","HM440*300*11*18                ","件",2,{"$nulls":5},1081.5,2163,null,"8.14*0.43*0.48",{"v":3.360192,"d":"3.3602"}]
[252,"PTL-127","平台梁-127","HM440*300*11*18                ","件",2,{"$nulls":5},1081.5,2163,null,"8.14*0.43*0.48",{"v":3.360192,"d":"3.3602"}]
[253,"PTL-128","平台梁-128","HM440*300*11*18                ","件",1,{"$nulls":5},1246.7,1246.7,null,"9.64*0.51*0.44",{"v":2.163216,"d":"2.1632"}]
[254,"PTL-129","平台梁-129","HM440*300*11*18                ","件",1,{"$nulls":5},1246.7,1246.7,null,"9.64*0.51*0.44",{"v":2.163216,"d":"2.1632"}]
[255,"PTL-130","平台梁-130","HM440*300*11*18                ","件",2,{"$nulls":5},1224.7,2449.4,null,"9.64*0.51*0.44",{"v":4.326432,"d":"4.3264"}]
[256,"PTL-131","平台梁-131","HM440*300*11*18                ","件",2,{"$nulls":5},1224.7,2449.4,null,"9.64*0.51*0.44",{"v":4.326432,"d":"4.3264"}]
[257,"PTL-132","平台梁-132","HM440*300*11*18                ","件",1,{"$nulls":5},1224.7,1224.7,null,"9.64*0.51*0.44",{"v":2.163216,"d":"2.1632"}]
[258,"PTL-133","平台梁-133","HM440*300*11*18                ","件",1,{"$nulls":5},1224.7,1224.7,null,"9.64*0.51*0.44",{"v":2.163216,"d":"2.1632"}]
[259,"PTL-134","平台梁-134","HM440*300*11*18                ","件",2,{"$nulls":5},1213.9,2427.8,null,"9.64*0.52*0.44",{"v":4.411264,"d":"4.4113"}]
[260,"PTL-135","平台梁-135","HM440*300*11*18                ","件",2,{"$nulls":5},1213.9,2427.8,null,"9.64*0.52*0.44",{"v":4.411264,"d":"4.4113"}]
[261,"PTL-136","平台梁-136","HM440*300*11*18                ","件",2,{"$nulls":5},1189.5,2379,null,"9.64*0.52*0.44",{"v":4.411264,"d":"4.4113"}]
[262,"PTL-137","平台梁-137","HM440*300*11*18                ","件",2,{"$nulls":5},1189.5,2379,null,"9.64*0.52*0.44",{"v":4.411264,"d":"4.4113"}]
[263,"PTL-138","平台梁-138","HM440*300*11*18                ","件",2,{"$nulls":5},1203.6,2407.2,null,"9.64*0.52*0.44",{"v":4.411264,"d":"4.4113"}]
[264,"PTL-139","平台梁-139","HM440*300*11*18                ","件",2,{"$nulls":5},1203.6,2407.2,null,"9.64*0.52*0.44",{"v":4.411264,"d":"4.4113"}]
[265,"PTL-140","平台梁-140","HM440*300*11*18                ","件",1,{"$nulls":5},1050.8,1050.8,null,"8.6*0.41*0.44",{"v":1.55144,"d":"1.5514"}]
[266,"PTL-141","平台梁-141","HM440*300*11*18                ","件",1,{"$nulls":5},1050.8,1050.8,null,"8.6*0.41*0.44",{"v":1.55144,"d":"1.5514"}]
[267,"PTL-142","平台梁-142","HM440*300*11*18                ","件",1,{"$nulls":5},1071.9,1071.9,null,"8.6*0.41*0.44",{"v":1.55144,"d":"1.5514"}]
[268,"PTL-143","平台梁-143","HM440*300*11*18                ","件",1,{"$nulls":5},1071.9,1071.9,null,"8.6*0.41*0.44",{"v":1.55144,"d":"1.5514"}]
[269,"PTL-144","平台梁-144","HM440*300*11*18                ","件",1,{"$nulls":5},854.8,854.8,null,"7.02*0.41*0.44",{"v":1.266408,"d":"1.2664"}]
[270,"PTL-145","平台梁-145","HM440*300*11*18                ","件",1,{"$nulls":5},854.8,854.8,null,"7.02*0.41*0.44",{"v":1.266408,"d":"1.2664"}]
[271,"PTL-146","平台梁-146","HM440*300*11*18                ","件",1,{"$nulls":5},1099.3,1099.3,null,"8.6*0.41*0.44",{"v":1.55144,"d":"1.5514"}]
[272,"PTL-147","平台梁-147","HM440*300*11*18                ","件",1,{"$nulls":5},1099.3,1099.3,null,"8.6*0.41*0.44",{"v":1.55144,"d":"1.5514"}]
[273,"PTL-148","平台梁-148","HM440*300*11*18                ","件",1,{"$nulls":5},992,992,null,"8.09*0.3*0.44",{"v":1.06788,"d":"1.0679"}]
[274,"PTL-149","平台梁-149","HM440*300*11*18                ","件",1,{"$nulls":5},992,992,null,"8.09*0.3*0.44",{"v":1.06788,"d":"1.0679"}]
[275,"PTL-150","平台梁-150","HM440*300*11*18                ","件",2,{"$nulls":5},1223.8,2447.6,null,"9.64*0.51*0.44",{"v":4.326432,"d":"4.3264"}]
[276,"PTL-151","平台梁-151","HM440*300*11*18                ","件",2,{"$nulls":5},1223.8,2447.6,null,"9.64*0.51*0.44",{"v":4.326432,"d":"4.3264"}]
[277,"PTL-152","平台梁-152","HM440*300*11*18                ","件",2,{"$nulls":5},1188.6,2377.2,null,"9.64*0.52*0.44",{"v":4.411264,"d":"4.4113"}]
[278,"PTL-153","平台梁-153","HM440*300*11*18                ","件",2,{"$nulls":5},1202.7,2405.4,null,"9.64*0.52*0.44",{"v":4.411264,"d":"4.4113"}]
[279,"PTL-154","平台梁-154","HM440*300*11*18                ","件",2,{"$nulls":5},1202.7,{"$f":"L281*F281","v":2405.4},null,"9.64*0.52*0.44",{"v":4.411264,"d":"4.4113"}]
[280,"PTL-155","平台梁-155","HM440*300*11*18                ","件",1,{"$nulls":5},1074.1,1074.1,null,"8.49*0.41*0.44",{"v":1.531596,"d":"1.5316"}]
[281,"PTL-156","平台梁-156","HM440*300*11*18                ","件",1,{"$nulls":5},1074.1,1074.1,null,"8.49*0.41*0.44",{"v":1.531596,"d":"1.5316"}]
[282,"PTL-157","平台梁-157","HM244*175*7*11                 ","件",2,{"$nulls":5},71.5,143,null,"1.71*0.18*0.25",0.1539]
[283,"PTL-158","平台梁-158","HM244*175*7*11                 ","件",2,{"$nulls":5},24.9,49.8,null,"0.61*0.18*0.25",0.0549]
[284,"PTL-159","平台梁-159","HM244*175*7*11                 ","件",2,{"$nulls":5},44,88,null,"1.06*0.18*0.25",0.0954]
[285,"PTL-160","平台梁-160","HM244*175*7*11                 ","件",6,{"$nulls":5},67.2,403.20000000000005,null,"1.51*0.2*0.25",{"v":0.453,"d":"0.4530"}]
[286,"PTL-161","平台梁-161","HM244*175*7*11                 ","件",4,{"$nulls":5},67.2,268.8,null,"1.51*0.2*0.25",{"v":0.302,"d":"0.3020"}]
[287,"PTL-162","平台梁-162","HM244*175*7*11                 ","件",1,{"$nulls":5},71.3,71.3,null,"1.51*0.29*0.25",{"v":0.109475,"d":"0.1095"}]
[288,"PTL-163","平台梁-163","HM244*175*7*11                 ","件",1,{"$nulls":5},71.3,71.3,null,"1.51*0.29*0.25",{"v":0.109475,"d":"0.1095"}]
[289,"PTL-164","平台梁-164","HM244*175*7*11                 ","件",4,{"$nulls":5},25.7,102.8,null,"0.61*0.18*0.25",0.1098]
[290,"PTL-165","平台梁-165","HM244*175*7*11                 ","件",2,{"$nulls":5},46.2,92.4,null,"1.09*0.18*0.25",0.0981]
[291,"PTL-166","平台梁-166","HM244*175*7*11                 ","件",1,{"$nulls":5},49.3,49.3,null,"1.09*0.19*0.25",{"v":0.051775,"d":"0.0518"}]
[292,"PTL-167","平台梁-167","HM244*175*7*11                 ","件",1,{"$nulls":5},49.3,49.3,null,"1.09*0.19*0.25",{"v":0.051775,"d":"0.0518"}]
[293,"PTL-168","平台梁-168","HM244*175*7*11                 ","件",1,{"$nulls":5},56.6,56.6,null,"1.2*0.26*0.25",{"v":0.078,"d":"0.0780"}]
[294,"PTL-169","平台梁-169","HM244*175*7*11                 ","件",1,{"$nulls":5},56.6,56.6,null,"1.2*0.26*0.25",{"v":0.078,"d":"0.0780"}]
[295,"PTL-170","平台梁-170","HM244*175*7*11                 ","件",2,{"$nulls":5},43.7,87.4,null,"1.03*0.18*0.25",0.0927]
[296,"PTL-171","平台梁-171","HM244*175*7*11                 ","件",2,{"$nulls":5},16.4,32.8,null,"0.35*0.26*0.25",0.0455]
[297,"PTL-172","平台梁-172","HM244*175*7*11                 ","件",2,{"$nulls":5},16.4,32.8,null,"0.35*0.26*0.25",0.0455]
[298,"PTL-173","平台梁-173","HM244*175*7*11                 ","件",4,{"$nulls":5},38.6,154.4,null,"1.08*0.18*0.25",0.1944]
[299,"PTL-174","平台梁-174","HM244*175*7*11                 ","件",1,{"$nulls":5},63,63,null,"1.14*0.4*0.25",{"v":0.114,"d":"0.1140"}]
[300,"PTL-175","平台梁-175","HM244*175*7*11                 ","件",1,{"$nulls":5},63,63,null,"1.14*0.4*0.25",{"v":0.114,"d":"0.1140"}]
[301,"PTL-176","平台梁-176","HM244*175*7*11                 ","件",1,{"$nulls":5},63,63,null,"1.14*0.4*0.25",{"v":0.114,"d":"0.1140"}]
[302,"PTL-177","平台梁-177","HM244*175*7*11                 ","件",1,{"$nulls":5},63,63,null,"1.14*0.4*0.25",{"v":0.114,"d":"0.1140"}]
[303,"PTL-178","平台梁-178","HM244*175*7*11                 ","件",8,{"$nulls":5},34.6,276.8,null,"0.98*0.18*0.25",0.3528]
[304,"PTL-179","平台梁-179","HM244*175*7*11                 ","件",2,{"$nulls":5},98.3,196.6,null,"2.17*0.19*0.25",{"v":0.20615,"d":"0.2062"}]
[305,"PTL-180","平台梁-180","HM244*175*7*11                 ","件",2,{"$nulls":5},85.5,171,null,"2.03*0.18*0.25",0.1827]
[306,"PTL-181","平台梁-181","HM244*175*7*11                 ","件",1,{"$nulls":5},91.8,91.8,null,"2.03*0.18*0.25",{"v":0.09135,"d":"0.0914"}]
[307,"PTL-182","平台梁-182","HM244*175*7*11                 ","件",1,{"$nulls":5},91.8,91.8,null,"2.03*0.18*0.25",{"v":0.09135,"d":"0.0914"}]
[308,"PTL-183","平台梁-183","HM244*175*7*11                 ","件",1,{"$nulls":5},195.4,195.4,null,"4.38*0.29*0.25",{"v":0.31755,"d":"0.3176"}]
[309,"PTL-184","平台梁-184","HM244*175*7*11                 ","件",1,{"$nulls":5},195.4,195.4,null,"4.38*0.29*0.25",{"v":0.31755,"d":"0.3176"}]
[310,"PTL-185","平台梁-185","HM244*175*7*11                 ","件",2,{"$nulls":5},39.1,78.2,null,"0.93*0.18*0.25",0.0837]
[311,"PTL-186","平台梁-186","HM244*175*7*11                 ","件",2,{"$nulls":5},42.3,84.6,null,"1.08*0.18*0.25",0.0972]
[312,"PTL-187","平台梁-187","HM244*175*7*11                 ","件",6,{"$nulls":5},55.5,333,null,"1.31*0.18*0.25",0.3537]
[313,"PTL-188","平台梁-188","HM244*175*7*11                 ","件",2,{"$nulls":5},43.1,86.2,null,"1.02*0.18*0.25",0.0918]
[314,"PTL-189","平台梁-189","HM244*175*7*11                 ","件",10,{"$nulls":5},67.5,675,null,"1.59*0.18*0.25",0.7155]
[315,"PTL-190","平台梁-190","HM244*175*7*11                 ","件",4,{"$nulls":5},98.8,395.2,null,"2.33*0.18*0.25",0.4194]
[316,"PTL-191","平台梁-191","HM244*175*7*11                 ","件",4,{"$nulls":5},108.8,435.2,null,"2.33*0.18*0.25",0.4194]
[317,"PTL-192","平台梁-192","HM244*175*7*11                 ","件",2,{"$nulls":5},99.8,199.6,null,"2.21*0.19*0.25",{"v":0.20995,"d":"0.2100"}]
[318,"PTL-193","平台梁-193","HM244*175*7*11                 ","件",2,{"$nulls":5},99.8,199.6,null,"2.21*0.19*0.25",{"v":0.20995,"d":"0.2100"}]
[319,"PTL-194","平台梁-194","HM244*175*7*11                 ","件",4,{"$nulls":5},181.6,726.4,null,"4.28*0.18*0.25",0.7704]
[320,"PTL-195","平台梁-195","HM244*175*7*11                 ","件",2,{"$nulls":5},98.3,196.6,null,"2.17*0.19*0.25",{"v":0.20615,"d":"0.2062"}]
[321,"PTL-196","平台梁-196","HM244*175*7*11                 ","件",2,{"$nulls":5},191.8,383.6,null,"4.28*0.29*0.25",0.6206]
[322,"PTL-197","平台梁-197","HM244*175*7*11                 ","件",2,{"$nulls":5},191.8,383.6,null,"4.28*0.29*0.25",0.6206]
[323,"PTL-198","平台梁-198","HM244*175*7*11                 ","件",6,{"$nulls":5},86.1,516.5999999999999,null,"2.03*0.18*0.25",0.5481]
[324,"PTL-199","平台梁-199","HM244*175*7*11                 ","件",2,{"$nulls":5},92.4,184.8,null,"2.03*0.19*0.25",{"v":0.19285,"d":"0.1929"}]
[325,"PTL-200","平台梁-200","HM244*175*7*11                 ","件",2,{"$nulls":5},92.4,184.8,null,"2.03*0.19*0.25",{"v":0.19285,"d":"0.1929"}]
[326,"PTL-201","平台梁-201","HM244*175*7*11                 ","件",1,{"$nulls":5},92.4,92.4,null,"2.03*0.19*0.25",{"v":0.096425,"d":"0.0964"}]
[327,"PTL-202","平台梁-202","HM244*175*7*11                 ","件",1,{"$nulls":5},92.4,92.4,null,"2.03*0.19*0.25",{"v":0.096425,"d":"0.0964"}]
[328,"PTL-203","平台梁-203","HM244*175*7*11                 ","件",2,{"$nulls":5},203.2,406.4,null,"4.38*0.28*0.25",0.6132]
[329,"PTL-204","平台梁-204","HM244*175*7*11                 ","件",2,{"$nulls":5},203.2,406.4,null,"4.38*0.28*0.25",0.6132]
[330,"PTL-205","平台梁-205","HM244*175*7*11                 ","件",2,{"$nulls":5},197.6,395.2,null,"4.38*0.4*0.25",{"v":0.876,"d":"0.8760"}]
[331,"PTL-206","平台梁-206","HM244*175*7*11                 ","件",4,{"$nulls":5},196,784,null,"4.38*0.29*0.25",1.2702]
[332,"PTL-207","平台梁-207","HM244*175*7*11                 ","件",2,{"$nulls":5},96.8,193.6,null,"2.46*0.18*0.25",0.2214]
[333,"PTL-208","平台梁-208","HM244*175*7*11                 ","件",1,{"$nulls":5},24.6,24.6,null,"0.58*0.18*0.25",0.0261]
[334,"PTL-209","平台梁-209","HM244*175*7*11                 ","件",2,{"$nulls":5},20.4,40.8,null,"0.48*0.18*0.25",0.0432]
[335,"PTL-210","平台梁-210","HM244*175*7*11                 ","件",2,{"$nulls":5},197.4,394.8,null,"4.46*0.18*0.25",0.4014]
[336,"PTL-211","平台梁-211","HM244*175*7*11                 ","件",1,{"$nulls":5},154.5,154.5,null,"3.5*0.19*0.25",{"v":0.16625,"d":"0.1663"}]
[337,"PTL-212","平台梁-212","HM244*175*7*11                 ","件",1,{"$nulls":5},154.5,154.5,null,"3.5*0.19*0.25",{"v":0.16625,"d":"0.1663"}]
[338,"PTL-213","平台梁-213","HM244*175*7*11                 ","件",1,{"$nulls":5},151.8,151.8,null,"3.43*0.19*0.25",{"v":0.162925,"d":"0.1629"}]
[339,"PTL-214","平台梁-214","HM244*175*7*11                 ","件",1,{"$nulls":5},151.8,151.8,null,"3.43*0.19*0.25",{"v":0.162925,"d":"0.1629"}]
[340,"PTL-215","平台梁-215","HM244*175*7*11                 ","件",1,{"$nulls":5},9.8,9.8,null,"0.23*0.18*0.25",{"v":0.01035,"d":"0.0104"}]
[341,"PTL-216","平台梁-216","HM244*175*7*11                 ","件",9,{"$nulls":5},42.6,383.40000000000003,null,"1.01*0.18*0.25",{"v":0.40905,"d":"0.4091"}]
[342,"PTL-217","平台梁-217","HM244*175*7*11                 ","件",6,{"$nulls":5},54.3,325.79999999999995,null,"1.28*0.18*0.25",0.3456]
[343,"PTL-218","平台梁-218","HM244*175*7*11                 ","件",2,{"$nulls":5},60.1,{"$f":"L345*F345","v":120.2},null,"1.28*0.18*0.25",0.1152]
[344,"PTL-219","平台梁-219","HM244*175*7*11                 ","件",1,{"$nulls":5},35.2,35.2,null,"0.83*0.18*0.25",{"v":0.03735,"d":"0.0374"}]
[345,"PTL-220","平台梁-220","HM244*175*7*11                 ","件",3,{"$nulls":5},62.8,188.39999999999998,null,"1.48*0.18*0.25",0.1998]
[346,"PTL-221","平台梁-221","HM244*175*7*11                 ","件",16,{"$nulls":5},33.1,529.6,null,"0.78*0.18*0.25",0.5616]
[347,"PTL-222","平台梁-222","HM244*175*7*11                 ","件",2,{"$nulls":5},330.6,661.2,null,"7.21*0.18*0.62",{"v":1.609272,"d":"1.6093"}]
[348,"PTL-223","平台梁-223","HM244*175*7*11                 ","件",20,{"$nulls":5},313.7,6274,null,"7.21*0.18*0.25",{"v":6.489,"d":"6.4890"}]
[349,"PTL-224","平台梁-224","HM244*175*7*11                 ","件",4,{"$nulls":5},322.1,1288.4,null,"7.31*0.18*0.29",{"v":1.526328,"d":"1.5263"}]
[350,"PTL-225","平台梁-225","HM244*175*7*11                 ","件",4,{"$nulls":5},322.1,1288.4,null,"7.31*0.18*0.29",{"v":1.526328,"d":"1.5263"}]
[351,"PTL-226","平台梁-226","HM244*175*7*11                 ","件",6,{"$nulls":5},322.1,1932.6000000000001,null,"7.31*0.18*0.29",{"v":2.289492,"d":"2.2895"}]
[352,"PTL-227","平台梁-227","HM244*175*7*11                 ","件",6,{"$nulls":5},322.1,1932.6000000000001,null,"7.31*0.18*0.29",{"v":2.289492,"d":"2.2895"}]
[353,"PTL-228","平台梁-228","HM244*175*7*11                 ","件",6,{"$nulls":5},322.1,1932.6000000000001,null,"7.31*0.18*0.29",{"v":2.289492,"d":"2.2895"}]
[354,"PTL-229","平台梁-229","HM244*175*7*11                 ","件",6,{"$nulls":5},322.1,1932.6000000000001,null,"7.31*0.18*0.29",{"v":2.289492,"d":"2.2895"}]
[355,"PTL-230","平台梁-230","HM244*175*7*11                 ","件",2,{"$nulls":5},322.1,644.2,null,"7.31*0.18*0.29",{"v":0.763164,"d":"0.7632"}]
[356,"PTL-231","平台梁-231","HM244*175*7*11                 ","件",2,{"$nulls":5},322.1,644.2,null,"7.31*0.18*0.29",{"v":0.763164,"d":"0.7632"}]
[357,"PTL-232","平台梁-232","HM244*175*7*11                 ","件",4,{"$nulls":5},332,1328,null,"7.31*0.18*0.29",{"v":1.526328,"d":"1.5263"}]
[358,"PTL-233","平台梁-233","HM244*175*7*11                 ","件",4,{"$nulls":5},332,1328,null,"7.31*0.18*0.29",{"v":1.526328,"d":"1.5263"}]
[359,"PTL-234","平台梁-234","HM244*175*7*11                 ","件",2,{"$nulls":5},328.4,656.8,null,"7.46*0.18*0.29",{"v":0.778824,"d":"0.7788"}]
[360,"PTL-235","平台梁-235","HM244*175*7*11                 ","件",2,{"$nulls":5},328.4,656.8,null,"7.46*0.18*0.29",{"v":0.778824,"d":"0.7788"}]
[361,"PTL-236","平台梁-236","HM244*175*7*11                 ","件",2,{"$nulls":5},320,640,null,"7.36*0.18*0.29",{"v":0.768384,"d":"0.7684"}]
[362,"PTL-237","平台梁-237","HM244*175*7*11                 ","件",2,{"$nulls":5},315.7,631.4,null,"7.16*0.18*0.29",{"v":0.747504,"d":"0.7475"}]
[363,"PTL-238","平台梁-238","HM244*175*7*11                 ","件",2,{"$nulls":5},315.7,631.4,null,"7.16*0.18*0.29",{"v":0.747504,"d":"0.7475"}]
[364,"PTL-239","平台梁-239","HM244*175*7*11                 ","件",2,{"$nulls":5},324.6,649.2,null,"7.06*0.18*0.64",{"v":1.626624,"d":"1.6266"}]
[365,"PTL-240","平台梁-240","HM244*175*7*11                 ","件",4,{"$nulls":5},241,964,null,"5.68*0.18*0.25",1.0224]
[366,"PTL-241","平台梁-241","HM244*175*7*11                 ","件",1,{"$nulls":5},239.6,239.6,null,"5.58*0.18*0.25",0.2511]
[367,"PTL-242","平台梁-242","HM244*175*7*11                 ","件",1,{"$nulls":5},242.5,242.5,null,"5.58*0.18*0.25",0.2511]
[368,"PTL-243","平台梁-243","HM244*175*7*11                 ","件",2,{"$nulls":5},183.1,366.2,null,"4.18*0.18*0.25",0.3762]
[369,"PTL-244","平台梁-244","HM244*175*7*11                 ","件",4,{"$nulls":5},117.9,471.6,null,"2.78*0.18*0.25",0.5004]
[370,"PTL-245","平台梁-245","HM244*175*7*11                 ","件",2,{"$nulls":5},119.5,239,null,"2.68*0.18*0.25",0.2412]
[371,"PTL-246","平台梁-246","HM244*175*7*11                 ","件",4,{"$nulls":5},58.5,234,null,"1.38*0.18*0.25",0.2484]
[372,"PTL-247","平台梁-247","HM244*175*7*11                 ","件",1,{"$nulls":5},308.2,308.2,null,"7.13*0.18*0.25",{"v":0.32085,"d":"0.3209"}]
[373,"PTL-248","平台梁-248","HM244*175*7*11                 ","件",1,{"$nulls":5},326.8,326.8,null,"7.03*0.18*0.55",{"v":0.69597,"d":"0.6960"}]
[374,"PTL-249","平台梁-249","HM244*175*7*11                 ","件",1,{"$nulls":5},326.8,326.8,null,"7.03*0.18*0.55",{"v":0.69597,"d":"0.6960"}]
[375,"PTL-250","平台梁-250","HM244*175*7*11                 ","件",1,{"$nulls":5},320.9,320.9,null,"7.33*0.27*0.25",{"v":0.494775,"d":"0.4948"}]
[376,"PTL-251","平台梁-251","HM244*175*7*11                 ","件",1,{"$nulls":5},320.9,320.9,null,"7.33*0.27*0.25",{"v":0.494775,"d":"0.4948"}]
[377,"PTL-252","平台梁-252","HM244*175*7*11                 ","件",8,{"$nulls":5},103.2,825.6,null,"2.44*0.18*0.25",0.8784]
[378,"PTL-253","平台梁-253","HM244*175*7*11                 ","件",7,{"$nulls":5},115.7,809.9,null,"2.44*0.27*0.25",1.1529]
[379,"PTL-254","平台梁-254","HM244*175*7*11                 ","件",7,{"$nulls":5},115.7,809.9,null,"2.44*0.28*0.25",1.1956]
[380,"PTL-255","平台梁-255","HM244*175*7*11                 ","件",8,{"$nulls":5},111.5,892,null,"2.44*0.28*0.25",1.3664]
[381,"PTL-256","平台梁-256","HM244*175*7*11                 ","件",8,{"$nulls":5},111.5,892,null,"2.44*0.28*0.25",1.3664]
[382,"PTL-257","平台梁-257","HM244*175*7*11                 ","件",2,{"$nulls":5},107.4,214.8,null,"2.44*0.28*0.25",0.3416]
[383,"PTL-258","平台梁-258","HM244*175*7*11                 ","件",2,{"$nulls":5},107.4,214.8,null,"2.44*0.28*0.25",0.3416]
[384,"PTL-259","平台梁-259","HM244*175*7*11                 ","件",2,{"$nulls":5},136,272,null,"3.21*0.18*0.25",0.2889]
[385,"PTL-260","平台梁-260","HM244*175*7*11                 ","件",2,{"$nulls":5},169.9,339.8,null,"4.01*0.18*0.25",0.3609]
[386,"PTL-261","平台梁-261","HM244*175*7*11                 ","件",4,{"$nulls":5},62.8,251.2,null,"1.48*0.18*0.25",0.2664]
[387,"PTL-262","平台梁-262","HM244*175*7*11                 ","件",1,{"$nulls":5},308.2,308.2,null,"7.13*0.18*0.25",{"v":0.32085,"d":"0.3209"}]
[388,"PTL-263","平台梁-263","HM244*175*7*11                 ","件",1,{"$nulls":5},305.4,305.4,null,"7.13*0.18*0.25",{"v":0.32085,"d":"0.3209"}]
[389,"PTL-264","平台梁-264","HM244*175*7*11                 ","件",1,{"$nulls":5},305.4,305.4,null,"7.13*0.18*0.25",{"v":0.32085,"d":"0.3209"}]
[390,"PTL-265","平台梁-265","HM244*175*7*11                 ","件",4,{"$nulls":5},296.6,1186.4,null,"7*0.18*0.25",{"v":1.26,"d":"1.2600"}]
[391,"PTL-266","平台梁-266","HM244*175*7*11                 ","件",9,{"$nulls":5},40.1,360.90000000000003,null,"0.84*0.29*0.25",0.5481]
[392,"PTL-267","平台梁-267","HM244*175*7*11                 ","件",2,{"$nulls":5},36.7,73.4,null,"0.81*0.18*0.25",0.0729]
[393,"PTL-268","平台梁-268","HM294*200*8*12                 ","件",1,{"$nulls":5},22.4,22.4,null,"0.35*0.3*0.3",0.0315]
[394,"PTL-269","平台梁-269","HM244*175*7*11                 ","件",2,{"$nulls":5},36.7,73.4,null,"0.81*0.18*0.25",0.0729]
[395,"PTL-270","平台梁-270","HM294*200*8*12                 ","件",1,{"$nulls":5},22.4,22.4,null,"0.35*0.3*0.3",0.0315]
[396,"PTL-271","平台梁-271","HM244*175*7*11                 ","件",2,{"$nulls":5},37.5,75,null,"0.76*0.18*0.25",0.0684]
[397,"PTL-272","平台梁-272","HM244*175*7*11                 ","件",2,{"$nulls":5},15.6,31.2,null,"0.24*0.28*0.25",0.0336]
[398,"PTL-273","平台梁-273","HM244*175*7*11                 ","件",2,{"$nulls":5},28.3,56.6,null,"0.54*0.28*0.25",0.0756]
[399,"PTL-274","平台梁-274","HM244*175*7*11                 ","件",1,{"$nulls":5},48.8,48.8,null,"0.95*0.28*0.25",0.0665]
[400,"PTL-275","平台梁-275","HM244*175*7*11                 ","件",1,{"$nulls":5},48.8,48.8,null,"0.95*0.28*0.25",0.0665]
[401,"PTL-276","平台梁-276","HM244*175*7*11                 ","件",1,{"$nulls":5},48.8,48.8,null,"0.95*0.28*0.25",0.0665]
[402,"PTL-277","平台梁-277","HM244*175*7*11                 ","件",1,{"$nulls":5},48.8,48.8,null,"0.95*0.28*0.25",0.0665]
[403,"PTL-278","平台梁-278","HM294*200*8*12                 ","件",2,{"$nulls":5},44.4,88.8,null,"0.65*0.2*0.3",{"v":0.078,"d":"0.0780"}]
[404,"PTL-279","平台梁-279","HM294*200*8*12                 ","件",2,{"$nulls":5},44.4,88.8,null,"0.65*0.2*0.3",{"v":0.078,"d":"0.0780"}]
[405,"PTL-280","平台梁-280","HM294*200*8*12                 ","件",4,{"$nulls":5},400.5,1602,null,"7.48*0.2*0.3",1.7952]
[406,"PTL-281","平台梁-281","HM294*200*8*12                 ","件",2,{"$nulls":5},208.1,416.2,null,"3.53*0.42*0.3",{"v":0.88956,"d":"0.8896"}]
[407,"PTL-282","平台梁-282","HM294*200*8*12                 ","件",2,{"$nulls":5},78.1,{"$f":"L409*F409","v":156.2},null,"1.43*0.2*0.3",0.1716]
[408,"PTL-283","平台梁-283","HM294*200*8*12                 ","件",1,{"$nulls":5},83.3,83.3,null,"1.43*0.3*0.3",0.1287]
[409,"PTL-284","平台梁-284","HM294*200*8*12                 ","件",1,{"$nulls":5},83.3,83.3,null,"1.43*0.3*0.3",0.1287]
[410,"PTL-285","平台梁-285","HM294*200*8*12                 ","件",6,{"$nulls":5},73.2,439.20000000000005,null,"1.25*0.3*0.3",{"v":0.675,"d":"0.6750"}]
[411,"PTL-286","平台梁-286","HM294*200*8*12                 ","件",6,{"$nulls":5},73.2,439.20000000000005,null,"1.25*0.3*0.3",{"v":0.675,"d":"0.6750"}]
[412,"PTL-287","平台梁-287","HM294*200*8*12                 ","件",1,{"$nulls":5},38.8,38.8,null,"0.65*0.3*0.3",0.0585]
[413,"PTL-288","平台梁-288","HM294*200*8*12                 ","件",1,{"$nulls":5},38.8,38.8,null,"0.65*0.3*0.3",0.0585]
[414,"PTL-289","平台梁-289","HM294*200*8*12                 ","件",13,{"$nulls":5},93.8,1219.3999999999999,null,"1.68*0.4*0.3",2.6208]
[415,"PTL-290","平台梁-290","HM294*200*8*12                 ","件",13,{"$nulls":5},93.8,1219.3999999999999,null,"1.68*0.4*0.3",2.6208]
[416,"PTL-291","平台梁-291","HM294*200*8*12                 ","件",3,{"$nulls":5},53.7,161.10000000000002,null,"0.95*0.31*0.3",{"v":0.26505,"d":"0.2651"}]
[417,"PTL-292","平台梁-292","HM294*200*8*12                 ","件",3,{"$nulls":5},53.7,161.10000000000002,null,"0.95*0.31*0.3",{"v":0.26505,"d":"0.2651"}]
[418,"PTL-293","平台梁-293","HM294*200*8*12                 ","件",2,{"$nulls":5},53.7,107.4,null,"0.95*0.31*0.3",0.1767]
[419,"PTL-294","平台梁-294","HM294*200*8*12                 ","件",1,{"$nulls":5},53.7,53.7,null,"0.95*0.31*0.3",{"v":0.08835,"d":"0.0884"}]
[420,"PTL-295","平台梁-295","HM294*200*8*12                 ","件",13,{"$nulls":5},43.9,570.6999999999999,null,"0.69*0.4*0.3",1.0764]
[421,"PTL-296","平台梁-296","HM294*200*8*12                 ","件",13,{"$nulls":5},43.9,570.6999999999999,null,"0.69*0.4*0.3",1.0764]
[422,"PTL-297","平台梁-297","HM294*200*8*12                 ","件",2,{"$nulls":5},404.4,808.8,null,"7.18*0.2*0.3",0.8616]
[423,"PTL-298","平台梁-298","HM294*200*8*12                 ","件",2,{"$nulls":5},404.4,808.8,null,"7.18*0.2*0.3",0.8616]
[424,"PTL-299","平台梁-299","HM294*200*8*12                 ","件",1,{"$nulls":5},42.6,42.6,null,"0.69*0.3*0.3",0.0621]
[425,"PTL-300","平台梁-300","HM294*200*8*12                 ","件",1,{"$nulls":5},42.6,42.6,null,"0.69*0.3*0.3",0.0621]
[426,"PTL-301","平台梁-301","HM294*200*8*12                 ","件",16,{"$nulls":5},44,704,null,"0.69*0.4*0.3",1.3248]
[427,"PTL-302","平台梁-302","HM294*200*8*12                 ","件",8,{"$nulls":5},42.7,341.6,null,"0.69*0.3*0.3",0.4968]
[428,"PTL-303","平台梁-303","HM294*200*8*12                 ","件",8,{"$nulls":5},42.7,341.6,null,"0.69*0.3*0.3",0.4968]
[429,"PTL-304","平台梁-304","HM294*200*8*12                 ","件",2,{"$nulls":5},245.4,490.8,null,"4.38*0.31*0.3",{"v":0.81468,"d":"0.8147"}]
[430,"PTL-305","平台梁-305","HM294*200*8*12                 ","件",1,{"$nulls":5},244.9,244.9,null,"4.38*0.31*0.3",{"v":0.40734,"d":"0.4073"}]
[431,"PTL-306","平台梁-306","HM294*200*8*12                 ","件",16,{"$nulls":5},38.6,617.6,null,"0.59*0.4*0.3",1.1328]
[432,"PTL-307","平台梁-307","HM294*200*8*12                 ","件",1,{"$nulls":5},244.9,244.9,null,"4.38*0.31*0.3",{"v":0.40734,"d":"0.4073"}]
[433,"PTL-308","平台梁-308","HM294*200*8*12                 ","件",4,{"$nulls":5},37.3,149.2,null,"0.59*0.3*0.3",0.2124]
[434,"PTL-309","平台梁-309","HM294*200*8*12                 ","件",4,{"$nulls":5},37.3,149.2,null,"0.59*0.3*0.3",0.2124]
[435,"PTL-310","平台梁-310","HM294*200*8*12                 ","件",1,{"$nulls":5},302.6,302.6,null,"5.31*0.31*0.3",{"v":0.49383,"d":"0.4938"}]
[436,"PTL-311","平台梁-311","HM294*200*8*12                 ","件",1,{"$nulls":5},302.6,302.6,null,"5.31*0.31*0.3",{"v":0.49383,"d":"0.4938"}]
[437,"PTL-312","平台梁-312","HM294*200*8*12                 ","件",4,{"$nulls":5},52.2,208.8,null,"0.79*0.3*0.3",0.2844]
[438,"PTL-313","平台梁-313","HM294*200*8*12                 ","件",4,{"$nulls":5},52.2,208.8,null,"0.79*0.3*0.3",0.2844]
[439,"PTL-314","平台梁-314","HM294*200*8*12                 ","件",2,{"$nulls":5},221.4,442.8,null,"3.83*0.42*0.3",{"v":0.96516,"d":"0.9652"}]
[440,"PTL-315","平台梁-315","HM294*200*8*12                 ","件",1,{"$nulls":5},226.5,226.5,null,"3.83*0.42*0.3",{"v":0.48258,"d":"0.4826"}]
[441,"PTL-316","平台梁-316","HM294*200*8*12                 ","件",1,{"$nulls":5},226.5,226.5,null,"3.83*0.42*0.3",{"v":0.48258,"d":"0.4826"}]
[442,"PTL-317","平台梁-317","HM294*200*8*12                 ","件",1,{"$nulls":5},321.3,321.3,null,"5.28*0.31*0.3",{"v":0.49104,"d":"0.4910"}]
[443,"PTL-318","平台梁-318","HM294*200*8*12                 ","件",1,{"$nulls":5},321.3,321.3,null,"5.28*0.31*0.3",{"v":0.49104,"d":"0.4910"}]
[444,"PTL-319","平台梁-319","HM294*200*8*12                 ","件",1,{"$nulls":5},102.7,102.7,null,"1.96*0.2*0.3",0.1176]
[445,"PTL-320","平台梁-320","HM294*200*8*12                 ","件",1,{"$nulls":5},92.5,92.5,null,"1.68*0.3*0.3",0.1512]
[446,"PTL-321","平台梁-321","HM294*200*8*12                 ","件",1,{"$nulls":5},92.5,92.5,null,"1.68*0.3*0.3",0.1512]
[447,"PTL-322","平台梁-322","HM294*200*8*12                 ","件",2,{"$nulls":5},75.3,150.6,null,"1.46*0.2*0.3",0.1752]
[448,"PTL-323","平台梁-323","HM294*200*8*12                 ","件",1,{"$nulls":5},49.2,49.2,null,"0.79*0.31*0.3",{"v":0.07347,"d":"0.0735"}]
[449,"PTL-324","平台梁-324","HM294*200*8*12                 ","件",1,{"$nulls":5},48.8,48.8,null,"0.79*0.31*0.3",{"v":0.07347,"d":"0.0735"}]
[450,"PTL-325","平台梁-325","HM294*200*8*12                 ","件",1,{"$nulls":5},81.7,81.7,null,"1.29*0.31*0.3",{"v":0.11997,"d":"0.1200"}]
[451,"PTL-326","平台梁-326","HM294*200*8*12                 ","件",1,{"$nulls":5},82.1,82.1,null,"1.29*0.31*0.3",{"v":0.11997,"d":"0.1200"}]
[452,"PTL-327","平台梁-327","HM294*200*8*12                 ","件",2,{"$nulls":5},101.7,203.4,null,"1.64*0.31*0.3",{"v":0.30504,"d":"0.3050"}]
[453,"PTL-328","平台梁-328","HM294*200*8*12                 ","件",2,{"$nulls":5},31.3,62.6,null,"0.58*0.2*0.3",0.0696]
[454,"PTL-329","平台梁-329","HM294*200*8*12                 ","件",2,{"$nulls":5},25.8,51.6,null,"0.48*0.2*0.3",0.0576]
[455,"PTL-330","平台梁-330","HM294*200*8*12                 ","件",2,{"$nulls":5},26.4,52.8,null,"0.49*0.2*0.3",0.0588]
[456,"PTL-331","平台梁-331","HM294*200*8*12                 ","件",2,{"$nulls":5},80.6,161.2,null,"1.41*0.2*0.3",0.1692]
[457,"PTL-332","平台梁-332","HM294*200*8*12                 ","件",2,{"$nulls":5},410.3,820.6,null,"7*0.2*0.3",{"v":0.84,"d":"0.8400"}]
[458,"PTL-333","平台梁-333","HM294*200*8*12                 ","件",2,{"$nulls":5},410.3,820.6,null,"7*0.2*0.3",{"v":0.84,"d":"0.8400"}]
[459,"PTL-334","平台梁-334","HM294*200*8*12                 ","件",1,{"$nulls":5},408.6,408.6,null,"7*0.3*0.3",{"v":0.63,"d":"0.6300"}]
[460,"PTL-335","平台梁-335","HM294*200*8*12                 ","件",1,{"$nulls":5},408.6,408.6,null,"7*0.3*0.3",{"v":0.63,"d":"0.6300"}]
[461,"PTL-336","平台梁-336","HM294*200*8*12                 ","件",1,{"$nulls":5},407.4,407.4,null,"7*0.31*0.3",{"v":0.651,"d":"0.6510"}]
[462,"PTL-337","平台梁-337","HM294*200*8*12                 ","件",1,{"$nulls":5},407.4,407.4,null,"7*0.31*0.3",{"v":0.651,"d":"0.6510"}]
[463,"PTL-338","平台梁-338","HM294*200*8*12                 ","件",24,{"$nulls":5},396.3,9511.2,null,"7.18*0.2*0.3",10.3392]
[464,"PTL-339","平台梁-339","HM294*200*8*12                 ","件",2,{"$nulls":5},412.5,825,null,"7.18*0.2*0.3",0.8616]
[465,"PTL-340","平台梁-340","HM294*200*8*12                 ","件",2,{"$nulls":5},412.5,825,null,"7.18*0.2*0.3",0.8616]
[466,"PTL-341","平台梁-341","HM294*200*8*12                 ","件",2,{"$nulls":5},404.4,808.8,null,"7.18*0.2*0.3",0.8616]
[467,"PTL-342","平台梁-342","HM294*200*8*12                 ","件",2,{"$nulls":5},404.4,808.8,null,"7.18*0.2*0.3",0.8616]
[468,"PTL-343","平台梁-343","HM294*200*8*12                 ","件",12,{"$nulls":5},330.2,3962.3999999999996,null,"5.81*0.28*0.3",{"v":5.85648,"d":"5.8565"}]
[469,"PTL-344","平台梁-344","HM294*200*8*12                 ","件",12,{"$nulls":5},293.1,3517.2000000000003,null,"5.13*0.28*0.3",{"v":5.17104,"d":"5.1710"}]
[470,"PTL-345","平台梁-345","HM294*200*8*12                 ","件",12,{"$nulls":5},336.8,4041.6000000000004,null,"5.93*0.28*0.3",{"v":5.97744,"d":"5.9774"}]
[471,"PTL-346","平台梁-346","HM294*200*8*12                 ","件",6,{"$nulls":5},340.4,{"$f":"L473*F473","v":2042.3999999999999},null,"6.23*0.2*0.3",2.2428]
[472,"PTL-347","平台梁-347","HM294*200*8*12                 ","件",2,{"$nulls":5},371.2,742.4,null,"6.46*0.42*0.3",{"v":1.62792,"d":"1.6279"}]
[473,"PTL-348","平台梁-348","HM294*200*8*12                 ","件",2,{"$nulls":5},154.4,308.8,null,"2.7*0.28*0.3",0.4536]
[474,"PTL-349","平台梁-349","HM294*200*8*12                 ","件",2,{"$nulls":5},180.4,360.8,null,"2.58*0.2*0.34",{"v":0.35088,"d":"0.3509"}]
[475,"PTL-350","平台梁-350","HM294*200*8*12                 ","件",1,{"$nulls":5},225.4,225.4,null,"3.83*0.42*0.3",{"v":0.48258,"d":"0.4826"}]
[476,"PTL-351","平台梁-351","HM294*200*8*12                 ","件",1,{"$nulls":5},225.4,225.4,null,"3.83*0.42*0.3",{"v":0.48258,"d":"0.4826"}]
[477,"PTL-352","平台梁-352","HM294*200*8*12                 ","件",2,{"$nulls":5},69.7,139.4,null,"1.28*0.2*0.3",0.1536]
[478,"PTL-353","平台梁-353","HM244*175*7*11                 ","件",1,{"$nulls":5},314.6,314.6,null,"7.28*0.18*0.25",0.3276]
[479,"PTL-354","平台梁-354","HM244*175*7*11                 ","件",1,{"$nulls":5},314.6,314.6,null,"7.28*0.18*0.25",0.3276]
[480,"PTL-355","平台梁-355","HM244*175*7*11                 ","件",1,{"$nulls":5},314.6,314.6,null,"7.28*0.18*0.25",0.3276]
[481,"PTL-356","平台梁-356","HM244*175*7*11                 ","件",1,{"$nulls":5},314.6,314.6,null,"7.28*0.18*0.25",0.3276]
[482,"PTL-357","平台梁-357","HM244*175*7*11                 ","件",1,{"$nulls":5},314.6,314.6,null,"7.28*0.18*0.25",0.3276]
[483,"PTL-358","平台梁-358","HM244*175*7*11                 ","件",1,{"$nulls":5},314.6,314.6,null,"7.28*0.18*0.25",0.3276]
[484,"PTL-359","平台梁-359","HM244*175*7*11                 ","件",1,{"$nulls":5},311.7,311.7,null,"7.28*0.18*0.25",0.3276]
[485,"PTL-360","平台梁-360","HM244*175*7*11                 ","件",1,{"$nulls":5},311.7,311.7,null,"7.28*0.18*0.25",0.3276]
[486,"PTL-361","平台梁-361","HM244*175*7*11                 ","件",1,{"$nulls":5},311.7,311.7,null,"7.28*0.18*0.25",0.3276]
[487,"PTL-362","平台梁-362","HM244*175*7*11                 ","件",1,{"$nulls":5},311.7,311.7,null,"7.28*0.18*0.25",0.3276]
[488,"PTL-363","平台梁-363","HM244*175*7*11                 ","件",1,{"$nulls":5},311.7,311.7,null,"7.28*0.18*0.25",0.3276]
[489,"PTL-364","平台梁-364","HM244*175*7*11                 ","件",1,{"$nulls":5},311.7,311.7,null,"7.28*0.18*0.25",0.3276]
[490,"PTL-365","平台梁-365","HM244*175*7*11                 ","件",1,{"$nulls":5},334.9,334.9,null,"7.18*0.18*0.58",{"v":0.749592,"d":"0.7496"}]
[491,"PTL-366","平台梁-366","HM244*175*7*11                 ","件",1,{"$nulls":5},334.9,334.9,null,"7.18*0.18*0.58",{"v":0.749592,"d":"0.7496"}]
[492,"PTL-367","平台梁-367","HM244*175*7*11                 ","件",1,{"$nulls":5},316.2,316.2,null,"7.28*0.18*0.25",0.3276]
[493,"PTL-368","平台梁-368","HM244*175*7*11                 ","件",1,{"$nulls":5},316.2,316.2,null,"7.28*0.18*0.25",0.3276]
[494,"PTL-369","平台梁-369","HM244*175*7*11                 ","件",1,{"$nulls":5},316.2,316.2,null,"7.28*0.18*0.25",0.3276]
[495,"PTL-370","平台梁-370","HM244*175*7*11                 ","件",1,{"$nulls":5},316.2,316.2,null,"7.28*0.18*0.25",0.3276]
[496,"PTL-371","平台梁-371","HM294*200*8*12                 ","件",1,{"$nulls":5},114.3,114.3,null,"1.51*0.42*0.34",{"v":0.215628,"d":"0.2156"}]
[497,"PTL-372","平台梁-372","HM294*200*8*12                 ","件",1,{"$nulls":5},114.3,114.3,null,"1.51*0.42*0.34",{"v":0.215628,"d":"0.2156"}]
[498,"PTL-373","平台梁-373","HM294*200*8*12                 ","件",1,{"$nulls":5},108.2,108.2,null,"1.51*0.31*0.34",{"v":0.159154,"d":"0.1592"}]
[499,"PTL-374","平台梁-374","HM294*200*8*12                 ","件",1,{"$nulls":5},108.2,108.2,null,"1.51*0.31*0.34",{"v":0.159154,"d":"0.1592"}]
[500,"PTL-375","平台梁-375","HM294*200*8*12                 ","件",2,{"$nulls":5},139.9,279.8,null,"2.42*0.42*0.3",{"v":0.60984,"d":"0.6098"}]
[501,"PTL-376","平台梁-376","HM294*200*8*12                 ","件",2,{"$nulls":5},34.7,69.4,null,"0.64*0.2*0.3",0.0768]
[502,"PTL-377","平台梁-377","HM294*200*8*12                 ","件",2,{"$nulls":5},76.6,153.2,null,"1.41*0.2*0.3",0.1692]
[503,"PTL-378","平台梁-378","HM294*200*8*12                 ","件",4,{"$nulls":5},35.8,143.2,null,"0.66*0.2*0.3",0.1584]
[504,"PTL-379","平台梁-379","HM294*200*8*12                 ","件",4,{"$nulls":5},54.9,219.6,null,"1.01*0.2*0.3",0.2424]
[505,"PTL-380","平台梁-380","HM294*200*8*12                 ","件",2,{"$nulls":5},36.1,72.2,null,"0.66*0.2*0.3",0.0792]
[506,"PTL-381","平台梁-381","HM294*200*8*12                 ","件",1,{"$nulls":5},101.3,101.3,null,"1.86*0.2*0.3",0.1116]
[507,"PTL-382","平台梁-382","HM294*200*8*12                 ","件",6,{"$nulls":5},381.8,2290.8,null,"7*0.2*0.3",{"v":2.52,"d":"2.5200"}]
[508,"PTL-383","平台梁-383","HM294*200*8*12                 ","件",2,{"$nulls":5},386.6,773.2,null,"7.02*0.2*0.3",0.8424]
[509,"PTL-384","平台梁-384","HM294*200*8*12                 ","件",1,{"$nulls":5},398.7,398.7,null,"7.02*0.2*0.3",0.4212]
[510,"PTL-385","平台梁-385","HM294*200*8*12                 ","件",1,{"$nulls":5},398.7,398.7,null,"7.02*0.2*0.3",0.4212]
[511,"PTL-386","平台梁-386","HM294*200*8*12                 ","件",1,{"$nulls":5},406.3,406.3,null,"7.02*0.3*0.3",0.6318]
[512,"PTL-387","平台梁-387","HM294*200*8*12                 ","件",1,{"$nulls":5},406.3,406.3,null,"7.02*0.3*0.3",0.6318]
[513,"PTL-388","平台梁-388","HM294*200*8*12                 ","件",1,{"$nulls":5},401.1,401.1,null,"7.02*0.3*0.3",0.6318]
[514,"PTL-389","平台梁-389","HM294*200*8*12                 ","件",1,{"$nulls":5},401.1,401.1,null,"7.02*0.3*0.3",0.6318]
[515,"PTL-390","平台梁-390","HM294*200*8*12                 ","件",1,{"$nulls":5},401.1,401.1,null,"7.02*0.3*0.3",0.6318]
[516,"PTL-391","平台梁-391","HM294*200*8*12                 ","件",1,{"$nulls":5},401.1,401.1,null,"7.02*0.3*0.3",0.6318]
[517,"PTL-392","平台梁-392","HM294*200*8*12                 ","件",1,{"$nulls":5},395.8,395.8,null,"7.02*0.3*0.3",0.6318]
[518,"PTL-393","平台梁-393","HM294*200*8*12                 ","件",1,{"$nulls":5},395.8,395.8,null,"7.02*0.3*0.3",0.6318]
[519,"PTL-394","平台梁-394","HM294*200*8*12                 ","件",3,{"$nulls":5},393.7,1181.1,null,"7.02*0.42*0.3",{"v":2.65356,"d":"2.6536"}]
[520,"PTL-395","平台梁-395","HM294*200*8*12                 ","件",3,{"$nulls":5},393.7,1181.1,null,"7.02*0.42*0.3",{"v":2.65356,"d":"2.6536"}]
[521,"PTL-396","平台梁-396","HM294*200*8*12                 ","件",2,{"$nulls":5},393.7,787.4,null,"7.02*0.42*0.3",{"v":1.76904,"d":"1.7690"}]
[522,"PTL-397","平台梁-397","HM294*200*8*12                 ","件",1,{"$nulls":5},393.7,393.7,null,"7.02*0.42*0.3",{"v":0.88452,"d":"0.8845"}]
[523,"PTL-398","平台梁-398","HM294*200*8*12                 ","件",4,{"$nulls":5},392.1,1568.4,null,"7.02*0.31*0.3",{"v":2.61144,"d":"2.6114"}]
[524,"PTL-399","平台梁-399","HM294*200*8*12                 ","件",3,{"$nulls":5},392.1,1176.3000000000002,null,"7.02*0.31*0.3",{"v":1.95858,"d":"1.9586"}]
[525,"PTL-400","平台梁-400","HM294*200*8*12                 ","件",2,{"$nulls":5},392.1,784.2,null,"7.02*0.31*0.3",{"v":1.30572,"d":"1.3057"}]
[526,"PTL-401","平台梁-401","HM294*200*8*12                 ","件",1,{"$nulls":5},392.1,392.1,null,"7.02*0.31*0.3",{"v":0.65286,"d":"0.6529"}]
[527,"PTL-402","平台梁-402","HM294*200*8*12                 ","件",1,{"$nulls":5},406.8,406.8,null,"7*0.3*0.3",{"v":0.63,"d":"0.6300"}]
[528,"PTL-403","平台梁-403","HM294*200*8*12                 ","件",1,{"$nulls":5},406.8,406.8,null,"7*0.3*0.3",{"v":0.63,"d":"0.6300"}]
[529,"PTL-404","平台梁-404","HM294*200*8*12                 ","件",2,{"$nulls":5},392.3,784.6,null,"7*0.3*0.3",{"v":1.26,"d":"1.2600"}]
[530,"PTL-405","平台梁-405","HM294*200*8*12                 ","件",2,{"$nulls":5},392.3,784.6,null,"7*0.3*0.3",{"v":1.26,"d":"1.2600"}]
[531,"PTL-406","平台梁-406","HM294*200*8*12                 ","件",1,{"$nulls":5},404.4,404.4,null,"7*0.3*0.3",{"v":0.63,"d":"0.6300"}]
[532,"PTL-407","平台梁-407","HM294*200*8*12                 ","件",1,{"$nulls":5},404.4,404.4,null,"7*0.3*0.3",{"v":0.63,"d":"0.6300"}]
[533,"PTL-408","平台梁-408","HM294*200*8*12                 ","件",1,{"$nulls":5},387,387,null,"7*0.3*0.3",{"v":0.63,"d":"0.6300"}]
[534,"PTL-409","平台梁-409","HM294*200*8*12                 ","件",1,{"$nulls":5},387,387,null,"7*0.3*0.3",{"v":0.63,"d":"0.6300"}]
[535,"PTL-410","平台梁-410","HM294*200*8*12                 ","件",1,{"$nulls":5},387,{"$f":"L537*F537","v":387},null,"7*0.3*0.3",{"v":0.63,"d":"0.6300"}]
[536,"PTL-411","平台梁-411","HM294*200*8*12                 ","件",1,{"$nulls":5},387,387,null,"7*0.3*0.3",{"v":0.63,"d":"0.6300"}]
[537,"PTL-412","平台梁-412","HM294*200*8*12                 ","件",1,{"$nulls":5},410.6,410.6,null,"7*0.4*0.3",{"v":0.84,"d":"0.8400"}]
[538,"PTL-413","平台梁-413","HM294*200*8*12                 ","件",1,{"$nulls":5},410.6,410.6,null,"7*0.4*0.3",{"v":0.84,"d":"0.8400"}]
[539,"PTL-414","平台梁-414","HM294*200*8*12                 ","件",1,{"$nulls":5},408.7,408.7,null,"7*0.3*0.3",{"v":0.63,"d":"0.6300"}]
[540,"PTL-415","平台梁-415","HM294*200*8*12                 ","件",1,{"$nulls":5},408.7,408.7,null,"7*0.3*0.3",{"v":0.63,"d":"0.6300"}]
[541,"PTL-416","平台梁-416","HM294*200*8*12                 ","件",1,{"$nulls":5},406.6,406.6,null,"7*0.4*0.3",{"v":0.84,"d":"0.8400"}]
[542,"PTL-417","平台梁-417","HM294*200*8*12                 ","件",1,{"$nulls":5},406.6,406.6,null,"7*0.4*0.3",{"v":0.84,"d":"0.8400"}]
[543,"PTL-418","平台梁-418","HM294*200*8*12                 ","件",1,{"$nulls":5},404.7,404.7,null,"7*0.3*0.3",{"v":0.63,"d":"0.6300"}]
[544,"PTL-419","平台梁-419","HM294*200*8*12                 ","件",1,{"$nulls":5},404.7,404.7,null,"7*0.3*0.3",{"v":0.63,"d":"0.6300"}]
[545,"PTL-420","平台梁-420","HW300*300*10*15                ","件",2,{"$nulls":5},189.6,379.2,null,"1.51*0.5*0.31",0.4681]
[546,"PTL-421","平台梁-421","HW300*300*10*15                ","件",2,{"$nulls":5},144.3,288.6,null,"1.51*0.3*0.3",0.2718]
[547,"PTL-422","平台梁-422","HW300*300*10*15                ","件",1,{"$nulls":5},221.3,221.3,null,"2.12*0.52*0.3",{"v":0.33072,"d":"0.3307"}]
[548,"PTL-423","平台梁-423","HW300*300*10*15                ","件",1,{"$nulls":5},221.3,221.3,null,"2.12*0.52*0.3",{"v":0.33072,"d":"0.3307"}]
[549,"PTL-424","平台梁-424","HW300*300*10*15                ","件",1,{"$nulls":5},210.5,210.5,null,"2.12*0.52*0.3",{"v":0.33072,"d":"0.3307"}]
[550,"PTL-425","平台梁-425","HW300*300*10*15                ","件",1,{"$nulls":5},210.5,210.5,null,"2.12*0.52*0.3",{"v":0.33072,"d":"0.3307"}]
[551,"PTL-426","平台梁-426","HW300*300*10*15                ","件",1,{"$nulls":5},180.4,180.4,null,"1.68*0.52*0.3",{"v":0.26208,"d":"0.2621"}]
[552,"PTL-427","平台梁-427","HW300*300*10*15                ","件",1,{"$nulls":5},180.4,180.4,null,"1.68*0.52*0.3",{"v":0.26208,"d":"0.2621"}]
[553,"PTL-428","平台梁-428","HW300*300*10*15                ","件",2,{"$nulls":5},98.3,196.6,null,"1.09*0.3*0.3",0.1962]
[554,"PTL-429","平台梁-429","HW300*300*10*15                ","件",1,{"$nulls":5},132.9,132.9,null,"1.37*0.35*0.32",{"v":0.15344,"d":"0.1534"}]
[555,"PTL-430","平台梁-430","HW300*300*10*15                ","件",1,{"$nulls":5},132.9,132.9,null,"1.37*0.35*0.32",{"v":0.15344,"d":"0.1534"}]
[556,"PTL-431","平台梁-431","HW300*300*10*15                ","件",2,{"$nulls":5},132.5,265,null,"1.49*0.35*0.32",{"v":0.33376,"d":"0.3338"}]
[557,"PTL-432","平台梁-432","HW300*300*10*15                ","件",2,{"$nulls":5},132.5,265,null,"1.49*0.35*0.32",{"v":0.33376,"d":"0.3338"}]
[558,"PTL-433","平台梁-433","HW300*300*10*15                ","件",1,{"$nulls":5},144.3,144.3,null,"1.37*0.46*0.32",{"v":0.201664,"d":"0.2017"}]
[559,"PTL-434","平台梁-434","HW300*300*10*15                ","件",1,{"$nulls":5},144.3,144.3,null,"1.37*0.46*0.32",{"v":0.201664,"d":"0.2017"}]
[560,"PTL-435","平台梁-435","HM340*250*9*14                 ","件",2,{"$nulls":5},552.8,1105.6,null,"7.15*0.25*0.55",{"v":1.96625,"d":"1.9663"}]
[561,"PTL-436","平台梁-436","HM340*250*9*14                 ","件",1,{"$nulls":5},304.4,304.4,null,"3.79*0.36*0.34",{"v":0.463896,"d":"0.4639"}]
[562,"PTL-437","平台梁-437","HM340*250*9*14                 ","件",1,{"$nulls":5},308,308,null,"3.79*0.47*0.34",{"v":0.605642,"d":"0.6056"}]
[563,"PTL-438","平台梁-438","HM340*250*9*14                 ","件",1,{"$nulls":5},296.5,296.5,null,"3.79*0.25*0.34",{"v":0.32215,"d":"0.3222"}]
[564,"PTL-439","平台梁-439","HM340*250*9*14                 ","件",1,{"$nulls":5},306.6,306.6,null,"3.79*0.36*0.34",{"v":0.463896,"d":"0.4639"}]
[565,"PTL-440","平台梁-440","HM340*250*9*14                 ","件",2,{"$nulls":5},165.9,331.8,null,"1.78*0.36*0.38",{"v":0.487008,"d":"0.4870"}]
[566,"PTL-441","平台梁-441","HM340*250*9*14                 ","件",4,{"$nulls":5},537.6,2150.4,null,"7.01*0.25*0.34",2.3834]
[567,"PTL-442","平台梁-442","HM340*250*9*14                 ","件",2,{"$nulls":5},520.6,1041.2,null,"6.69*0.25*0.34",1.1373]
[568,"PTL-443","平台梁-443","HM340*250*9*14                 ","件",2,{"$nulls":5},520.6,1041.2,null,"6.69*0.25*0.34",1.1373]
[569,"PTL-444","平台梁-444","HM340*250*9*14                 ","件",2,{"$nulls":5},279,558,null,"3.49*0.25*0.34",0.5933]
[570,"PTL-445","平台梁-445","HM340*250*9*14                 ","件",1,{"$nulls":5},363.8,363.8,null,"4.29*0.47*0.34",{"v":0.685542,"d":"0.6855"}]
[571,"PTL-446","平台梁-446","HM340*250*9*14                 ","件",1,{"$nulls":5},363.8,363.8,null,"4.29*0.47*0.34",{"v":0.685542,"d":"0.6855"}]
[572,"PTL-447","平台梁-447","HM340*250*9*14                 ","件",1,{"$nulls":5},356.3,356.3,null,"4.29*0.36*0.34",{"v":0.525096,"d":"0.5251"}]
[573,"PTL-448","平台梁-448","HM340*250*9*14                 ","件",1,{"$nulls":5},356.3,356.3,null,"4.29*0.36*0.34",{"v":0.525096,"d":"0.5251"}]
[574,"PTL-449","平台梁-449","HM294*200*8*12                 ","件",1,{"$nulls":5},417.9,417.9,null,"7.49*0.31*0.3",{"v":0.69657,"d":"0.6966"}]
[575,"PTL-450","平台梁-450","HM340*250*9*14                 ","件",2,{"$nulls":5},521.3,1042.6,null,"6.79*0.25*0.34",1.1543]
[576,"PTL-451","平台梁-451","HM340*250*9*14                 ","件",2,{"$nulls":5},533.7,1067.4,null,"6.79*0.25*0.64",2.1728]
[577,"PTL-452","平台梁-452","HM340*250*9*14                 ","件",1,{"$nulls":5},312.3,312.3,null,"3.9*0.36*0.34",{"v":0.47736,"d":"0.4774"}]
[578,"PTL-453","平台梁-453","HM340*250*9*14                 ","件",1,{"$nulls":5},312.3,312.3,null,"3.9*0.36*0.34",{"v":0.47736,"d":"0.4774"}]
[579,"PTL-454","平台梁-454","HM340*250*9*14                 ","件",2,{"$nulls":5},60.4,120.8,null,"0.69*0.36*0.34",{"v":0.168912,"d":"0.1689"}]
[580,"PTL-455","平台梁-455","HM340*250*9*14                 ","件",1,{"$nulls":5},272.8,272.8,null,"3.43*0.47*0.34",{"v":0.548114,"d":"0.5481"}]
[581,"PTL-456","平台梁-456","HM340*250*9*14                 ","件",1,{"$nulls":5},337.7,337.7,null,"3.79*0.47*0.34",{"v":0.605642,"d":"0.6056"}]
[582,"PTL-457","平台梁-457","HM340*250*9*14                 ","件",1,{"$nulls":5},337.7,337.7,null,"3.79*0.47*0.34",{"v":0.605642,"d":"0.6056"}]
[583,"PTL-458","平台梁-458","HM340*250*9*14                 ","件",1,{"$nulls":5},316.1,316.1,null,"3.79*0.36*0.34",{"v":0.463896,"d":"0.4639"}]
[584,"PTL-459","平台梁-459","HM340*250*9*14                 ","件",1,{"$nulls":5},316.1,316.1,null,"3.79*0.36*0.34",{"v":0.463896,"d":"0.4639"}]
[585,"PTL-460","平台梁-460","HM340*250*9*14                 ","件",1,{"$nulls":5},245.8,245.8,null,"3.08*0.47*0.34",{"v":0.492184,"d":"0.4922"}]
[586,"PTL-461","平台梁-461","HM340*250*9*14                 ","件",1,{"$nulls":5},365.7,365.7,null,"4.29*0.47*0.34",{"v":0.685542,"d":"0.6855"}]
[587,"PTL-462","平台梁-462","HM340*250*9*14                 ","件",1,{"$nulls":5},371.6,371.6,null,"4.29*0.36*0.34",{"v":0.525096,"d":"0.5251"}]
[588,"PTL-463","平台梁-463","HM340*250*9*14                 ","件",2,{"$nulls":5},278,556,null,"3.49*0.25*0.34",0.5933]
[589,"PTL-464","平台梁-464","HM340*250*9*14                 ","件",2,{"$nulls":5},348.5,697,null,"4.29*0.47*0.34",{"v":1.371084,"d":"1.3711"}]
[590,"PTL-465","平台梁-465","HM340*250*9*14                 ","件",1,{"$nulls":5},312.9,312.9,null,"3.9*0.36*0.34",{"v":0.47736,"d":"0.4774"}]
[591,"PTL-466","平台梁-466","HM340*250*9*14                 ","件",1,{"$nulls":5},312.9,312.9,null,"3.9*0.36*0.34",{"v":0.47736,"d":"0.4774"}]
[592,"PTL-467","平台梁-467","HM340*250*9*14                 ","件",2,{"$nulls":5},304.8,609.6,null,"3.83*0.47*0.34",{"v":1.224068,"d":"1.2241"}]
[593,"PTL-468","平台梁-468","HM340*250*9*14                 ","件",1,{"$nulls":5},86.3,86.3,null,"0.87*0.36*0.34",{"v":0.106488,"d":"0.1065"}]
[594,"PTL-469","平台梁-469","HM340*250*9*14                 ","件",1,{"$nulls":5},95.7,95.7,null,"1.14*0.36*0.34",{"v":0.139536,"d":"0.1395"}]
[595,"PTL-470","平台梁-470","HM340*250*9*14                 ","件",1,{"$nulls":5},95.7,95.7,null,"1.14*0.36*0.34",{"v":0.139536,"d":"0.1395"}]
[596,"PTL-471","平台梁-471","HM340*250*9*14                 ","件",1,{"$nulls":5},113.3,113.3,null,"1.22*0.47*0.34",{"v":0.194956,"d":"0.1950"}]
[597,"PTL-472","平台梁-472","HM340*250*9*14                 ","件",1,{"$nulls":5},338.2,338.2,null,"4.01*0.36*0.38",{"v":0.548568,"d":"0.5486"}]
[598,"PTL-473","平台梁-473","HM340*250*9*14                 ","件",2,{"$nulls":5},37,74,null,"0.48*0.25*0.34",0.0816]
[599,"PTL-474","平台梁-474","HM340*250*9*14                 ","件",2,{"$nulls":5},683.7,{"$f":"L601*F601","v":1367.4},null,"8.18*0.36*0.34",{"v":2.002464,"d":"2.0025"}]
[600,"PTL-475","平台梁-475","HM340*250*9*14                 ","件",2,{"$nulls":5},683.7,1367.4,null,"8.18*0.36*0.34",{"v":2.002464,"d":"2.0025"}]
[601,"PTL-476","平台梁-476","HW200*200*8*12                 ","件",12,{"$nulls":5},32.8,393.59999999999997,null,"0.62*0.2*0.2",0.2976]
[602,"PTL-477","平台梁-477","HW200*200*8*12                 ","件",8,{"$nulls":5},27,216,null,"0.5*0.2*0.2",{"v":0.16,"d":"0.1600"}]
[603,"PTL-478","平台梁-478","HW200*200*8*12                 ","件",6,{"$nulls":5},22.1,132.60000000000002,null,"0.4*0.2*0.2",{"v":0.096,"d":"0.0960"}]
[604,"PTL-479","平台梁-479","HW200*200*8*12                 ","件",2,{"$nulls":5},36.7,73.4,null,"0.7*0.2*0.2",{"v":0.056,"d":"0.0560"}]
[605,"PTL-480","平台梁-480","HM340*250*9*14                 ","件",1,{"$nulls":5},609.4,609.4,null,"7.38*0.46*0.34",{"v":1.154232,"d":"1.1542"}]
[606,"PTL-481","平台梁-481","HM340*250*9*14                 ","件",1,{"$nulls":5},609.4,609.4,null,"7.38*0.46*0.34",{"v":1.154232,"d":"1.1542"}]
[607,"PTL-482","平台梁-482","C16A                           ","件",2,{"$nulls":5},7.4,14.8,null,"0.44*0.07*0.16",{"v":0.009856,"d":"0.0099"}]
[608,"PTL-483","平台梁-483","C16A                           ","件",8,{"$nulls":5},3.8,30.4,null,"0.28*0.07*0.16",{"v":0.025088,"d":"0.0251"}]
[609,"PTL-484","平台梁-484","C16A                           ","件",8,{"$nulls":5},9,72,null,"0.65*0.07*0.16",{"v":0.05824,"d":"0.0582"}]
[610,"PTL-485","平台梁-485","C16A                           ","件",8,{"$nulls":5},10.5,84,null,"0.73*0.07*0.16",{"v":0.065408,"d":"0.0654"}]
[611,"PTL-486","平台梁-486","C16A                           ","件",22,{"$nulls":5},16.3,358.6,null,"1.08*0.07*0.16",{"v":0.266112,"d":"0.2661"}]
[612,"PTL-487","平台梁-487","C16A                           ","件",6,{"$nulls":5},16.7,100.19999999999999,null,"1.09*0.07*0.16",{"v":0.073248,"d":"0.0732"}]
[613,"PTL-489","平台梁-489","C16A                           ","件",4,{"$nulls":5},12.2,48.8,null,"0.84*0.07*0.16",{"v":0.037632,"d":"0.0376"}]
[614,"PTL-490","平台梁-490","HM340*250*9*14                 ","件",1,{"$nulls":5},584.4,584.4,null,"7.38*0.46*0.34",{"v":1.154232,"d":"1.1542"}]
[615,"PTL-491","平台梁-491","HM340*250*9*14                 ","件",1,{"$nulls":5},584.4,584.4,null,"7.38*0.46*0.34",{"v":1.154232,"d":"1.1542"}]
[616,"PTL-492","平台梁-492","C16A                           ","件",4,{"$nulls":5},76.7,306.8,null,"4.58*0.07*0.16",{"v":0.205184,"d":"0.2052"}]
[617,"PTL-493","平台梁-493","C16A                           ","件",24,{"$nulls":5},49.9,1197.6,null,"2.98*0.07*0.16",{"v":0.801024,"d":"0.8010"}]
[618,"PTL-494","平台梁-494","C16A                           ","件",4,{"$nulls":5},105.2,420.8,null,"6.28*0.07*0.16",{"v":0.281344,"d":"0.2813"}]
[619,"PTL-495","平台梁-495","C16A                           ","件",4,{"$nulls":5},13.3,53.2,null,"0.86*0.1*0.16",{"v":0.05504,"d":"0.0550"}]
[620,"PTL-496","平台梁-496","C16A                           ","件",4,{"$nulls":5},14,56,null,"0.9*0.1*0.16",0.0576]
[621,"PTL-497","平台梁-497","C16A                           ","件",4,{"$nulls":5},18.2,72.8,null,"1.21*0.07*0.16",{"v":0.054208,"d":"0.0542"}]
[622,"PTL-498","平台梁-498","C16A                           ","件",2,{"$nulls":5},26.1,52.2,null,"1.68*0.07*0.16",{"v":0.037632,"d":"0.0376"}]
[623,"PTL-499","平台梁-499","C16A                           ","件",2,{"$nulls":5},27.5,55,null,"1.68*0.17*0.16",{"v":0.091392,"d":"0.0914"}]
[624,"PTL-500","平台梁-500","C16A                           ","件",2,{"$nulls":5},27.5,55,null,"1.68*0.17*0.16",{"v":0.091392,"d":"0.0914"}]
[625,"PTL-501","平台梁-501","C16A                           ","件",2,{"$nulls":5},27.5,55,null,"1.68*0.17*0.16",{"v":0.091392,"d":"0.0914"}]
[626,"PTL-502","平台梁-502","C16A                           ","件",2,{"$nulls":5},27.5,55,null,"1.68*0.17*0.16",{"v":0.091392,"d":"0.0914"}]
[627,"PTL-503","平台梁-503","C16A                           ","件",1,{"$nulls":5},28.5,28.5,null,"1.68*0.2*0.16",{"v":0.05376,"d":"0.0538"}]
[628,"PTL-504","平台梁-504","C16A                           ","件",1,{"$nulls":5},28.5,28.5,null,"1.68*0.2*0.16",{"v":0.05376,"d":"0.0538"}]
[629,"PTL-505","平台梁-505","C16A                           ","件",2,{"$nulls":5},27.8,55.6,null,"1.68*0.2*0.16",{"v":0.10752,"d":"0.1075"}]
[630,"PTL-506","平台梁-506","C16A                           ","件",2,{"$nulls":5},27.8,55.6,null,"1.68*0.2*0.16",{"v":0.10752,"d":"0.1075"}]
[631,"PTL-507","平台梁-507","C16A                           ","件",1,{"$nulls":5},27.2,27.2,null,"1.68*0.1*0.16",{"v":0.02688,"d":"0.0269"}]
[632,"PTL-508","平台梁-508","C16A                           ","件",1,{"$nulls":5},27.2,27.2,null,"1.68*0.1*0.16",{"v":0.02688,"d":"0.0269"}]
[633,"PTL-509","平台梁-509","C16A                           ","件",2,{"$nulls":5},18.3,36.6,null,"1.33*0.07*0.16",{"v":0.029792,"d":"0.0298"}]
[634,"PTL-510","平台梁-510","C16A                           ","件",4,{"$nulls":5},36.5,146,null,"2.36*0.07*0.16",{"v":0.105728,"d":"0.1057"}]
[635,"PTL-511","平台梁-511","C16A                           ","件",8,{"$nulls":5},16.4,131.2,null,"1.16*0.07*0.16",{"v":0.103936,"d":"0.1039"}]
[636,"PTL-512","平台梁-512","C16A                           ","件",4,{"$nulls":5},25.2,100.8,null,"1.51*0.07*0.16",{"v":0.067648,"d":"0.0676"}]
[637,"PTL-513","平台梁-513","C12.6                          ","件",4,{"$nulls":5},9.7,38.8,null,"0.82*0.16*0.13",{"v":0.068224,"d":"0.0682"}]
[638,"PTL-514","平台梁-514","C12.6                          ","件",2,{"$nulls":5},9.1,18.2,null,"0.83*0.06*0.13",{"v":0.012948,"d":"0.0129"}]
[639,"PTL-515","平台梁-515","C12.6                          ","件",2,{"$nulls":5},6.3,12.6,null,"0.63*0.06*0.13",{"v":0.009828,"d":"0.0098"}]
[640,"PTL-516","平台梁-516","C12.6                          ","件",4,{"$nulls":5},8.1,32.4,null,"0.68*0.06*0.13",{"v":0.021216,"d":"0.0212"}]
[641,"PTL-517","平台梁-517","C12.6                          ","件",4,{"$nulls":5},6.3,25.2,null,"0.53*0.06*0.13",{"v":0.016536,"d":"0.0165"}]
[642,"PTL-518","平台梁-518","C12.6                          ","件",2,{"$nulls":5},7.4,14.8,null,"0.62*0.06*0.13",{"v":9.672E-3,"d":"0.0097"}]
[643,"PTL-519","平台梁-519","C12.6                          ","件",2,{"$nulls":5},12.9,25.8,null,"1.08*0.06*0.13",{"v":0.016848,"d":"0.0168"}]
[644,"PTL-520","平台梁-520","C12.6                          ","件",4,{"$nulls":5},10.4,41.6,null,"0.95*0.06*0.13",{"v":0.02964,"d":"0.0296"}]
[645,"PTL-521","平台梁-521","C12.6                          ","件",3,{"$nulls":5},10.7,32.099999999999994,null,"0.99*0.06*0.13",{"v":0.023166,"d":"0.0232"}]
[646,"PTL-522","平台梁-522","C12.6                          ","件",3,{"$nulls":5},10.7,32.099999999999994,null,"0.99*0.06*0.13",{"v":0.023166,"d":"0.0232"}]
[647,"PTL-523","平台梁-523","C12.6                          ","件",1,{"$nulls":5},22.7,22.7,null,"1.99*0.06*0.13",{"v":0.015522,"d":"0.0155"}]
[648,"PTL-524","平台梁-524","C12.6                          ","件",1,{"$nulls":5},22.7,22.7,null,"1.99*0.06*0.13",{"v":0.015522,"d":"0.0155"}]
[649,"PTL-525","平台梁-525","C12.6                          ","件",4,{"$nulls":5},5.2,20.8,null,"0.49*0.06*0.13",{"v":0.015288,"d":"0.0153"}]
[650,"PTL-526","平台梁-526","C12.6                          ","件",2,{"$nulls":5},7.3,14.6,null,"0.75*0.06*0.13",0.0117]
[651,"PTL-527","平台梁-527","C12.6                          ","件",2,{"$nulls":5},9.1,18.2,null,"0.9*0.06*0.13",{"v":0.01404,"d":"0.0140"}]
[652,"PTL-528","平台梁-528","C12.6                          ","件",28,{"$nulls":5},7.5,210,null,"0.75*0.06*0.13",0.1638]
[653,"PTL-529","平台梁-529","C12.6                          ","件",40,{"$nulls":5},6.3,252,null,"0.65*0.06*0.13",0.2028]
[654,"PTL-530","平台梁-530","C12.6                          ","件",28,{"$nulls":5},7.4,207.20000000000002,null,"0.73*0.06*0.13",{"v":0.159432,"d":"0.1594"}]
[655,"PTL-531","平台梁-531","C12.6                          ","件",54,{"$nulls":5},17.8,961.2,null,"1.63*0.06*0.13",{"v":0.686556,"d":"0.6866"}]
[656,"PTL-532","平台梁-532","C12.6                          ","件",6,{"$nulls":5},10.7,64.19999999999999,null,"1.04*0.06*0.13",{"v":0.048672,"d":"0.0487"}]
[657,"PTL-533","平台梁-533","C12.6                          ","件",10,{"$nulls":5},12.5,125,null,"1.18*0.06*0.13",{"v":0.09204,"d":"0.0920"}]
[658,"PTL-534","平台梁-534","C12.6                          ","件",14,{"$nulls":5},12.2,170.79999999999998,null,"1.16*0.06*0.13",{"v":0.126672,"d":"0.1267"}]
[659,"PTL-535","平台梁-535","C12.6                          ","件",6,{"$nulls":5},14.2,85.19999999999999,null,"1.33*0.06*0.13",{"v":0.062244,"d":"0.0622"}]
[660,"PTL-536","平台梁-536","C12.6                          ","件",6,{"$nulls":5},14.5,87,null,"1.35*0.06*0.13",{"v":0.06318,"d":"0.0632"}]
[661,"PTL-537","平台梁-537","C12.6                          ","件",6,{"$nulls":5},13.8,82.80000000000001,null,"1.3*0.06*0.13",{"v":0.06084,"d":"0.0608"}]
[662,"PTL-538","平台梁-538","C12.6                          ","件",12,{"$nulls":5},21.1,253.20000000000002,null,"1.91*0.06*0.13",{"v":0.178776,"d":"0.1788"}]
[663,"PTL-539","平台梁-539","C12.6                          ","件",8,{"$nulls":5},13.3,{"$f":"L665*F665","v":106.4},null,"1.26*0.06*0.13",{"v":0.078624,"d":"0.0786"}]
[664,"PTL-540","平台梁-540","C12.6                          ","件",2,{"$nulls":5},21.7,43.4,null,"1.96*0.06*0.13",{"v":0.030576,"d":"0.0306"}]
[665,"PTL-541","平台梁-541","C12.6                          ","件",2,{"$nulls":5},22.8,45.6,null,"1.96*0.16*0.13",{"v":0.081536,"d":"0.0815"}]
[666,"PTL-542","平台梁-542","C12.6                          ","件",10,{"$nulls":5},9.2,92,null,"0.91*0.06*0.13",{"v":0.07098,"d":"0.0710"}]
[667,"PTL-543","平台梁-543","C12.6                          ","件",4,{"$nulls":5},13,52,null,"1.23*0.06*0.13",{"v":0.038376,"d":"0.0384"}]
[668,"PTL-544","平台梁-544","C12.6                          ","件",2,{"$nulls":5},15.1,30.2,null,"1.41*0.06*0.13",{"v":0.021996,"d":"0.0220"}]
[669,"PTL-545","平台梁-545","C12.6                          ","件",2,{"$nulls":5},15.7,31.4,null,"1.45*0.06*0.13",{"v":0.02262,"d":"0.0226"}]
[670,"PTL-546","平台梁-546","C12.6                          ","件",4,{"$nulls":5},12.6,50.4,null,"1.2*0.06*0.13",{"v":0.03744,"d":"0.0374"}]
[671,"PTL-547","平台梁-547","C12.6                          ","件",4,{"$nulls":5},8.5,34,null,"0.85*0.06*0.13",{"v":0.02652,"d":"0.0265"}]
[672,"PTL-548","平台梁-548","C12.6                          ","件",4,{"$nulls":5},8.4,33.6,null,"0.84*0.06*0.13",{"v":0.026208,"d":"0.0262"}]
[673,"PTL-549","平台梁-549","C12.6                          ","件",4,{"$nulls":5},12.6,50.4,null,"1.19*0.06*0.13",{"v":0.037128,"d":"0.0371"}]
[674,"PTL-550","平台梁-550","HM390*300*10*16                ","件",1,{"$nulls":5},902.8,902.8,null,"8.18*0.41*0.39",{"v":1.307982,"d":"1.3080"}]
[675,"PTL-551","平台梁-551","HM390*300*10*16                ","件",1,{"$nulls":5},902.8,902.8,null,"8.18*0.41*0.39",{"v":1.307982,"d":"1.3080"}]
[676,"PTL-552","平台梁-552","HM390*300*10*16                ","件",1,{"$nulls":5},904.4,904.4,null,"8.18*0.52*0.39",{"v":1.658904,"d":"1.6589"}]
[677,"PTL-553","平台梁-553","HM390*300*10*16                ","件",1,{"$nulls":5},904.4,904.4,null,"8.18*0.52*0.39",{"v":1.658904,"d":"1.6589"}]
[678,"PTL-554","平台梁-554","HM340*250*9*14                 ","件",1,{"$nulls":5},326.3,326.3,null,"3.86*0.36*0.38",{"v":0.528048,"d":"0.5280"}]
[679,"PTL-555","平台梁-555","HM340*250*9*14                 ","件",1,{"$nulls":5},362.9,362.9,null,"4.38*0.47*0.34",{"v":0.699924,"d":"0.6999"}]
[680,"PTL-556","平台梁-556","HM340*250*9*14                 ","件",1,{"$nulls":5},362.9,362.9,null,"4.38*0.47*0.34",{"v":0.699924,"d":"0.6999"}]
[681,"PTL-557","平台梁-557","HM194*150*6*9                  ","件",2,{"$nulls":5},45.2,90.4,null,"1.43*0.25*0.2",{"v":0.143,"d":"0.1430"}]
[682,"PTL-558","平台梁-558","HM194*150*6*9                  ","件",2,{"$nulls":5},28.9,57.8,null,"0.98*0.15*0.2",0.0588]
[683,"PTL-559","平台梁-559","HM194*150*6*9                  ","件",2,{"$nulls":5},31.5,63,null,"1.07*0.15*0.2",0.0642]
[684,"PTL-560","平台梁-560","HN200*100*5.5*8                ","件",14,{"$nulls":5},17.5,245,null,"0.55*0.24*0.2",0.3696]
[685,"PTL-561","平台梁-561","HN200*100*5.5*8                ","件",2,{"$nulls":5},16.4,32.8,null,"0.55*0.17*0.2",0.0374]
[686,"PTL-562","平台梁-562","HN200*100*5.5*8                ","件",2,{"$nulls":5},16.4,32.8,null,"0.55*0.17*0.2",0.0374]
[687,"PTL-563","平台梁-563","HN200*100*5.5*8                ","件",8,{"$nulls":5},123,984,null,"6*0.1*0.2",{"v":0.96,"d":"0.9600"}]
[688,"PTL-564","平台梁-564","HN200*100*5.5*8                ","件",8,{"$nulls":5},15,120,null,"0.8*0.1*0.2",{"v":0.128,"d":"0.1280"}]
[689,"PTL-565","平台梁-565","HN200*100*5.5*8                ","件",4,{"$nulls":5},13.6,54.4,null,"0.67*0.1*0.2",0.0536]
[690,"PTL-566","平台梁-566","HN200*100*5.5*8                ","件",2,{"$nulls":5},49.3,98.6,null,"2.21*0.15*0.2",0.1326]
[691,"PTL-567","平台梁-567","HN200*100*5.5*8                ","件",2,{"$nulls":5},49.3,98.6,null,"2.21*0.15*0.2",0.1326]
[692,"PTL-568","平台梁-568","C10                            ","件",4,{"$nulls":5},7.4,29.6,null,"0.9*0.05*0.1",{"v":0.018,"d":"0.0180"}]
[693,"PTL-569","平台梁-569","C10                            ","件",8,{"$nulls":5},8.7,69.6,null,"1.04*0.05*0.1",0.0416]
[694,"PTL-570","平台梁-570","C10                            ","件",4,{"$nulls":5},10.1,40.4,null,"1.19*0.05*0.1",0.0238]
[695,"PTL-571","平台梁-571","C10                            ","件",4,{"$nulls":5},7,28,null,"0.78*0.05*0.1",0.0156]
[696,"PTL-572","平台梁-572","HM588*300*12*20                ","件",1,{"$nulls":5},1152,1152,null,"6.84*0.45*0.61",{"v":1.87758,"d":"1.8776"}]
[697,"PTL-573","平台梁-573","HM588*300*12*20                ","件",1,{"$nulls":5},1152,1152,null,"6.84*0.45*0.61",{"v":1.87758,"d":"1.8776"}]
[698,"PTL-574","平台梁-574","HM550*300*11*18                ","件",1,{"$nulls":5},1051.8,1051.8,null,"7.18*0.52*0.55",{"v":2.05348,"d":"2.0535"}]
[699,"PTL-575","平台梁-575","HM550*300*11*18                ","件",1,{"$nulls":5},1051.8,1051.8,null,"7.18*0.52*0.55",{"v":2.05348,"d":"2.0535"}]
[700,"PTL-576","平台梁-576","HM550*300*11*18                ","件",1,{"$nulls":5},1241.4,1241.4,null,"8.18*0.52*0.55",{"v":2.33948,"d":"2.3395"}]
[701,"PTL-577","平台梁-577","HM550*300*11*18                ","件",1,{"$nulls":5},1241.4,1241.4,null,"8.18*0.52*0.55",{"v":2.33948,"d":"2.3395"}]
[702,"PTL-578","平台梁-578","HM550*300*11*18                ","件",1,{"$nulls":5},1229.8,1229.8,null,"8.18*0.52*0.55",{"v":2.33948,"d":"2.3395"}]
[703,"PTL-579","平台梁-579","HM550*300*11*18                ","件",1,{"$nulls":5},1229.8,1229.8,null,"8.18*0.52*0.55",{"v":2.33948,"d":"2.3395"}]
[704,"PTL-580","平台梁-580","HM194*150*6*9                  ","件",1,{"$nulls":5},51.4,51.4,null,"1.63*0.28*0.2",{"v":0.09128,"d":"0.0913"}]
[705,"PTL-581","平台梁-581","HM194*150*6*9                  ","件",36,{"$nulls":5},30.4,1094.3999999999999,null,"1.03*0.15*0.2",1.1124]
[706,"PTL-582","平台梁-582","HM194*150*6*9                  ","件",8,{"$nulls":5},20.1,160.8,null,"0.68*0.15*0.2",0.1632]
[707,"PTL-583","平台梁-583","HM194*150*6*9                  ","件",8,{"$nulls":5},17.4,139.2,null,"0.59*0.15*0.2",0.1416]
[708,"PTL-584","平台梁-584","HM194*150*6*9                  ","件",2,{"$nulls":5},52.8,105.6,null,"1.41*0.25*0.24",0.1692]
[709,"PTL-585","平台梁-585","HM194*150*6*9                  ","件",2,{"$nulls":5},52.8,105.6,null,"1.41*0.25*0.24",0.1692]
[710,"PTL-586","平台梁-586","HM194*150*6*9                  ","件",1,{"$nulls":5},52.8,52.8,null,"1.41*0.25*0.24",0.0846]
[711,"PTL-587","平台梁-587","HM194*150*6*9                  ","件",1,{"$nulls":5},52.8,52.8,null,"1.41*0.25*0.24",0.0846]
[712,"PTL-588","平台梁-588","HM194*150*6*9                  ","件",16,{"$nulls":5},29.8,476.8,null,"0.73*0.15*0.24",{"v":0.42048,"d":"0.4205"}]
[713,"PTL-589","平台梁-589","HM194*150*6*9                  ","件",6,{"$nulls":5},51.2,307.20000000000005,null,"1.35*0.25*0.24",{"v":0.486,"d":"0.4860"}]
[714,"PTL-590","平台梁-590","HM194*150*6*9                  ","件",6,{"$nulls":5},51.2,307.20000000000005,null,"1.35*0.25*0.24",{"v":0.486,"d":"0.4860"}]
[715,"PTL-591","平台梁-591","HM194*150*6*9                  ","件",3,{"$nulls":5},51.2,153.60000000000002,null,"1.35*0.25*0.24",{"v":0.243,"d":"0.2430"}]
[716,"PTL-592","平台梁-592","HM194*150*6*9                  ","件",3,{"$nulls":5},51.2,153.60000000000002,null,"1.35*0.25*0.24",{"v":0.243,"d":"0.2430"}]
[717,"PTL-593","平台梁-593","HM194*150*6*9                  ","件",2,{"$nulls":5},21.7,43.4,null,"0.74*0.15*0.2",0.0444]
[718,"PTL-594","平台梁-594","HM194*150*6*9                  ","件",2,{"$nulls":5},22,44,null,"0.75*0.15*0.2",{"v":0.045,"d":"0.0450"}]
[719,"PTL-595","平台梁-595","HM194*150*6*9                  ","件",24,{"$nulls":5},53.9,1293.6,null,"1.98*0.15*0.2",1.4256]
[720,"PTL-596","平台梁-596","HM194*150*6*9                  ","件",1,{"$nulls":5},51.4,51.4,null,"1.63*0.27*0.2",{"v":0.08802,"d":"0.0880"}]
[721,"PTL-597","平台梁-597","HM194*150*6*9                  ","件",1,{"$nulls":5},48.2,48.2,null,"1.63*0.18*0.2",{"v":0.05868,"d":"0.0587"}]
[722,"PTL-598","平台梁-598","HM194*150*6*9                  ","件",1,{"$nulls":5},48.2,48.2,null,"1.63*0.18*0.2",{"v":0.05868,"d":"0.0587"}]
[723,"PTL-599","平台梁-599","HM194*150*6*9                  ","件",4,{"$nulls":5},49.9,199.6,null,"1.63*0.18*0.2",{"v":0.23472,"d":"0.2347"}]
[724,"PTL-600","平台梁-600","HM194*150*6*9                  ","件",4,{"$nulls":5},23.9,95.6,null,"0.53*0.15*0.24",{"v":0.07632,"d":"0.0763"}]
[725,"PTL-601","平台梁-601","HM194*150*6*9                  ","件",1,{"$nulls":5},27.1,27.1,null,"0.64*0.15*0.24",{"v":0.02304,"d":"0.0230"}]
[726,"PTL-602","平台梁-602","HM194*150*6*9                  ","件",1,{"$nulls":5},27.1,27.1,null,"0.64*0.15*0.24",{"v":0.02304,"d":"0.0230"}]
[727,"PTL-603","平台梁-603","HM194*150*6*9                  ","件",4,{"$nulls":5},25.3,{"$f":"L729*F729","v":101.2},null,"0.58*0.15*0.24",{"v":0.08352,"d":"0.0835"}]
[728,"PTL-604","平台梁-604","HM194*150*6*9                  ","件",34,{"$nulls":5},42.2,1434.8000000000002,null,"1.43*0.15*0.2",1.4586]
[729,"PTL-605","平台梁-605","HM194*150*6*9                  ","件",4,{"$nulls":5},46.5,186,null,"1.43*0.35*0.2",0.4004]
[730,"PTL-606","平台梁-606","HM194*150*6*9                  ","件",8,{"$nulls":5},45.3,362.4,null,"1.43*0.25*0.2",{"v":0.572,"d":"0.5720"}]
[731,"PTL-607","平台梁-607","HM194*150*6*9                  ","件",2,{"$nulls":5},45.3,90.6,null,"1.43*0.25*0.2",{"v":0.143,"d":"0.1430"}]
[732,"PTL-608","平台梁-608","HM194*150*6*9                  ","件",4,{"$nulls":5},45.3,181.2,null,"1.43*0.25*0.2",{"v":0.286,"d":"0.2860"}]
[733,"PTL-609","平台梁-609","HM194*150*6*9                  ","件",4,{"$nulls":5},45.2,180.8,null,"1.43*0.25*0.2",{"v":0.286,"d":"0.2860"}]
[734,"PTL-610","平台梁-610","HM194*150*6*9                  ","件",4,{"$nulls":5},87.9,351.6,null,"2.98*0.15*0.2",0.3576]
[735,"PTL-611","平台梁-611","HM194*150*6*9                  ","件",48,{"$nulls":5},62.2,2985.6000000000004,null,"2.27*0.15*0.2",3.2688]
[736,"PTL-612","平台梁-612","HM194*150*6*9                  ","件",16,{"$nulls":5},60.1,961.6,null,"2.19*0.15*0.2",1.0512]
[737,"PTL-613","平台梁-613","HM194*150*6*9                  ","件",8,{"$nulls":5},59.9,479.2,null,"2.04*0.15*0.2",0.4896]
[738,"PTL-614","平台梁-614","HM194*150*6*9                  ","件",2,{"$nulls":5},40.7,81.4,null,"1.38*0.15*0.2",0.0828]
[739,"PTL-615","平台梁-615","HM194*150*6*9                  ","件",2,{"$nulls":5},40,80,null,"1.34*0.15*0.2",0.0804]
[740,"PTL-616","平台梁-616","HM194*150*6*9                  ","件",2,{"$nulls":5},64.3,128.6,null,"2.18*0.15*0.2",0.1308]
[741,"PTL-617","平台梁-617","HM194*150*6*9                  ","件",8,{"$nulls":5},61.7,493.6,null,"2.1*0.15*0.2",{"v":0.504,"d":"0.5040"}]
[742,"PTL-618","平台梁-618","HM194*150*6*9                  ","件",8,{"$nulls":5},64.3,514.4,null,"2.34*0.15*0.2",0.5616]
[743,"PTL-619","平台梁-619","HM194*150*6*9                  ","件",2,{"$nulls":5},86.1,172.2,null,"2.92*0.15*0.2",0.1752]
[744,"PTL-620","平台梁-620","HM194*150*6*9                  ","件",2,{"$nulls":5},84.3,168.6,null,"2.86*0.15*0.2",0.1716]
[745,"PTL-621","平台梁-621","HN350*175*7*11                 ","件",1,{"$nulls":5},431.1,431.1,null,"7.18*0.39*0.39",{"v":1.092078,"d":"1.0921"}]
[746,"PTL-622","平台梁-622","HN350*175*7*11                 ","件",1,{"$nulls":5},431.1,431.1,null,"7.18*0.39*0.39",{"v":1.092078,"d":"1.0921"}]
[747,"PTL-623","平台梁-623","HN350*175*7*11                 ","件",1,{"$nulls":5},424.1,424.1,null,"7.18*0.39*0.39",{"v":1.092078,"d":"1.0921"}]
[748,"PTL-624","平台梁-624","HN350*175*7*11                 ","件",1,{"$nulls":5},424.1,424.1,null,"7.18*0.39*0.39",{"v":1.092078,"d":"1.0921"}]
[749,"PTL-625","平台梁-625","HN350*175*7*11                 ","件",1,{"$nulls":5},378.1,378.1,null,"7.18*0.39*0.39",{"v":1.092078,"d":"1.0921"}]
[750,"PTL-626","平台梁-626","HN350*175*7*11                 ","件",1,{"$nulls":5},378.1,378.1,null,"7.18*0.39*0.39",{"v":1.092078,"d":"1.0921"}]
[751,"PTL-627","平台梁-627","HN350*175*7*11                 ","件",1,{"$nulls":5},378.1,378.1,null,"7.18*0.39*0.35",{"v":0.98007,"d":"0.9801"}]
[752,"PTL-628","平台梁-628","HN350*175*7*11                 ","件",1,{"$nulls":5},378.1,378.1,null,"7.18*0.39*0.35",{"v":0.98007,"d":"0.9801"}]
[753,"PTL-629","平台梁-629","HN350*175*7*11                 ","件",1,{"$nulls":5},378.1,378.1,null,"7.18*0.39*0.35",{"v":0.98007,"d":"0.9801"}]
[754,"PTL-630","平台梁-630","HN350*175*7*11                 ","件",1,{"$nulls":5},378.1,378.1,null,"7.18*0.39*0.35",{"v":0.98007,"d":"0.9801"}]
[755,"PTL-631","平台梁-631","HN350*175*7*11                 ","件",1,{"$nulls":5},378.1,378.1,null,"7.18*0.39*0.35",{"v":0.98007,"d":"0.9801"}]
[756,"PTL-632","平台梁-632","HN350*175*7*11                 ","件",1,{"$nulls":5},378.1,378.1,null,"7.18*0.39*0.35",{"v":0.98007,"d":"0.9801"}]
[757,"PTL-633","平台梁-633","HN350*175*7*11                 ","件",1,{"$nulls":5},424.8,424.8,null,"7.18*0.39*0.39",{"v":1.092078,"d":"1.0921"}]
[758,"PTL-634","平台梁-634","HN350*175*7*11                 ","件",1,{"$nulls":5},424.8,424.8,null,"7.18*0.39*0.39",{"v":1.092078,"d":"1.0921"}]
[759,"PTL-635","平台梁-635","HN350*175*7*11                 ","件",1,{"$nulls":5},410.7,410.7,null,"7.18*0.39*0.39",{"v":1.092078,"d":"1.0921"}]
[760,"PTL-636","平台梁-636","HN350*175*7*11                 ","件",1,{"$nulls":5},410.7,410.7,null,"7.18*0.39*0.39",{"v":1.092078,"d":"1.0921"}]
[761,"PTL-637","平台梁-637","HN350*175*7*11                 ","件",1,{"$nulls":5},371.8,371.8,null,"7.18*0.39*0.35",{"v":0.98007,"d":"0.9801"}]
[762,"PTL-638","平台梁-638","HN350*175*7*11                 ","件",1,{"$nulls":5},371.8,371.8,null,"7.18*0.39*0.35",{"v":0.98007,"d":"0.9801"}]
[763,"PTL-639","平台梁-639","HN350*175*7*11                 ","件",1,{"$nulls":5},371.8,371.8,null,"7.18*0.39*0.35",{"v":0.98007,"d":"0.9801"}]
[764,"PTL-640","平台梁-640","HN350*175*7*11                 ","件",1,{"$nulls":5},371.8,371.8,null,"7.18*0.39*0.35",{"v":0.98007,"d":"0.9801"}]
[765,"PTL-641","平台梁-641","HN350*175*7*11                 ","件",1,{"$nulls":5},371.8,371.8,null,"7.18*0.39*0.35",{"v":0.98007,"d":"0.9801"}]
[766,"PTL-642","平台梁-642","HN350*175*7*11                 ","件",1,{"$nulls":5},371.8,371.8,null,"7.18*0.39*0.35",{"v":0.98007,"d":"0.9801"}]
[767,"PTL-643","平台梁-643","HN350*175*7*11                 ","件",1,{"$nulls":5},371.8,371.8,null,"7.18*0.39*0.35",{"v":0.98007,"d":"0.9801"}]
[768,"PTL-644","平台梁-644","HN350*175*7*11                 ","件",1,{"$nulls":5},371.8,371.8,null,"7.18*0.39*0.35",{"v":0.98007,"d":"0.9801"}]
[769,"PTL-645","平台梁-645","HN350*175*7*11                 ","件",1,{"$nulls":5},372.6,372.6,null,"7.18*0.29*0.35",{"v":0.72877,"d":"0.7288"}]
[770,"PTL-646","平台梁-646","HN350*175*7*11                 ","件",1,{"$nulls":5},372.6,372.6,null,"7.18*0.29*0.35",{"v":0.72877,"d":"0.7288"}]
[771,"PTL-647","平台梁-647","HN350*175*7*11                 ","件",1,{"$nulls":5},372.6,372.6,null,"7.18*0.29*0.35",{"v":0.72877,"d":"0.7288"}]
[772,"PTL-648","平台梁-648","HN350*175*7*11                 ","件",1,{"$nulls":5},372.6,372.6,null,"7.18*0.29*0.35",{"v":0.72877,"d":"0.7288"}]
[773,"PTL-649","平台梁-649","HN350*175*7*11                 ","件",1,{"$nulls":5},372.6,372.6,null,"7.18*0.29*0.35",{"v":0.72877,"d":"0.7288"}]
[774,"PTL-650","平台梁-650","HN350*175*7*11                 ","件",1,{"$nulls":5},372.6,372.6,null,"7.18*0.29*0.35",{"v":0.72877,"d":"0.7288"}]
[775,"PTL-651","平台梁-651","HN350*175*7*11                 ","件",1,{"$nulls":5},372.6,372.6,null,"7.18*0.29*0.35",{"v":0.72877,"d":"0.7288"}]
[776,"PTL-652","平台梁-652","HN350*175*7*11                 ","件",1,{"$nulls":5},372.6,372.6,null,"7.18*0.29*0.35",{"v":0.72877,"d":"0.7288"}]
[777,"PTL-653","平台梁-653","HN350*175*7*11                 ","件",1,{"$nulls":5},372.6,372.6,null,"7.18*0.29*0.35",{"v":0.72877,"d":"0.7288"}]
[778,"PTL-654","平台梁-654","HN350*175*7*11                 ","件",1,{"$nulls":5},372.6,372.6,null,"7.18*0.29*0.35",{"v":0.72877,"d":"0.7288"}]
[779,"PTL-655","平台梁-655","HN350*175*7*11                 ","件",1,{"$nulls":5},372.6,372.6,null,"7.18*0.29*0.35",{"v":0.72877,"d":"0.7288"}]
[780,"PTL-656","平台梁-656","HN350*175*7*11                 ","件",1,{"$nulls":5},372.6,372.6,null,"7.18*0.29*0.35",{"v":0.72877,"d":"0.7288"}]
[781,"PTL-657","平台梁-657","HN350*175*7*11                 ","件",1,{"$nulls":5},366.3,366.3,null,"7.18*0.29*0.35",{"v":0.72877,"d":"0.7288"}]
[782,"PTL-658","平台梁-658","HN350*175*7*11                 ","件",1,{"$nulls":5},366.3,366.3,null,"7.18*0.29*0.35",{"v":0.72877,"d":"0.7288"}]
[783,"PTL-659","平台梁-659","HN350*175*7*11                 ","件",1,{"$nulls":5},366.3,366.3,null,"7.18*0.29*0.35",{"v":0.72877,"d":"0.7288"}]
[784,"PTL-660","平台梁-660","HN350*175*7*11                 ","件",1,{"$nulls":5},366.3,366.3,null,"7.18*0.29*0.35",{"v":0.72877,"d":"0.7288"}]
[785,"PTL-661","平台梁-661","HN350*175*7*11                 ","件",1,{"$nulls":5},366.3,366.3,null,"7.18*0.29*0.35",{"v":0.72877,"d":"0.7288"}]
[786,"PTL-662","平台梁-662","HN350*175*7*11                 ","件",1,{"$nulls":5},366.3,366.3,null,"7.18*0.29*0.35",{"v":0.72877,"d":"0.7288"}]
[787,"PTL-663","平台梁-663","HN350*175*7*11                 ","件",1,{"$nulls":5},366.3,366.3,null,"7.18*0.29*0.35",{"v":0.72877,"d":"0.7288"}]
[788,"PTL-664","平台梁-664","HN350*175*7*11                 ","件",1,{"$nulls":5},366.3,366.3,null,"7.18*0.29*0.35",{"v":0.72877,"d":"0.7288"}]
[789,"PTL-665","平台梁-665","HN350*175*7*11                 ","件",1,{"$nulls":5},366.3,366.3,null,"7.18*0.29*0.35",{"v":0.72877,"d":"0.7288"}]
[790,"PTL-666","平台梁-666","HN350*175*7*11                 ","件",1,{"$nulls":5},366.3,366.3,null,"7.18*0.29*0.35",{"v":0.72877,"d":"0.7288"}]
[791,"PTL-667","平台梁-667","HN350*175*7*11                 ","件",1,{"$nulls":5},366.3,{"$f":"L793*F793","v":366.3},null,"7.18*0.29*0.35",{"v":0.72877,"d":"0.7288"}]
[792,"PTL-668","平台梁-668","HN350*175*7*11                 ","件",1,{"$nulls":5},366.3,366.3,null,"7.18*0.29*0.35",{"v":0.72877,"d":"0.7288"}]
[793,"PTZ-1","平台柱-1","HM244*175*7*11                 ","件",1,{"$nulls":5},140.7,140.7,null,"2.4*0.46*0.45",0.4968]
[794,"PTZ-2","平台柱-2","HM244*175*7*11                 ","件",1,{"$nulls":5},140.7,140.7,null,"2.4*0.46*0.45",0.4968]
[795,"PTZ-3","平台柱-3","HM244*175*7*11                 ","件",1,{"$nulls":5},140.7,140.7,null,"2.4*0.46*0.45",0.4968]
[796,"PTZ-4","平台柱-4","HM244*175*7*11                 ","件",1,{"$nulls":5},140.7,140.7,null,"2.4*0.46*0.45",0.4968]
[797,"PTZ-5","平台柱-5","HM244*175*7*11                 ","件",1,{"$nulls":5},140.7,140.7,null,"2.4*0.46*0.45",0.4968]
[798,"PTZ-6","平台柱-6","HM244*175*7*11                 ","件",1,{"$nulls":5},140.7,140.7,null,"2.4*0.46*0.45",0.4968]
[799,"PTZ-7","平台柱-7","HM244*175*7*11                 ","件",1,{"$nulls":5},140.7,140.7,null,"2.4*0.46*0.45",0.4968]
[800,"PTZ-8","平台柱-8","HM244*175*7*11                 ","件",1,{"$nulls":5},140.7,140.7,null,"2.4*0.46*0.45",0.4968]
[801,"PTZ-9","平台柱-9","HW300*300*10*15                ","件",1,{"$nulls":5},694.9,694.9,null,"6.73*0.65*0.55",{"v":2.405975,"d":"2.4060"}]
[802,"PTZ-10","平台柱-10","HW300*300*10*15                ","件",1,{"$nulls":5},694.9,694.9,null,"6.73*0.65*0.55",{"v":2.405975,"d":"2.4060"}]
[803,"PTZ-11","平台柱-11","HW300*300*10*15                ","件",1,{"$nulls":5},693.1,693.1,null,"6.71*0.65*0.55",{"v":2.398825,"d":"2.3988"}]
[804,"PTZ-12","平台柱-12","HW300*300*10*15                ","件",1,{"$nulls":5},693.1,693.1,null,"6.71*0.65*0.55",{"v":2.398825,"d":"2.3988"}]
[805,"PTZ-13","平台柱-13","HW300*300*10*15                ","件",2,{"$nulls":5},699,1398,null,"7.07*0.64*0.55",{"v":4.97728,"d":"4.9773"}]
[806,"PTZ-14","平台柱-14","HW300*300*10*15                ","件",2,{"$nulls":5},699,1398,null,"7.07*0.64*0.55",{"v":4.97728,"d":"4.9773"}]
[807,"PTZ-15","平台柱-15","HW300*300*10*15                ","件",4,{"$nulls":5},527.7,2110.8,null,"5.35*0.34*0.34",{"v":2.47384,"d":"2.4738"}]
[808,"PTZ-16","平台柱-16","HW300*300*10*15                ","件",2,{"$nulls":5},259.5,519,null,"2.43*0.34*0.34",{"v":0.561816,"d":"0.5618"}]
[809,"PTZ-17","平台柱-17","HW300*300*10*15                ","件",2,{"$nulls":5},490.9,981.8,null,"4.95*0.34*0.34",{"v":1.14444,"d":"1.1444"}]
[810,"PTZ-18","平台柱-18","HW300*300*10*15                ","件",2,{"$nulls":5},495.5,991,null,"5*0.34*0.34",{"v":1.156,"d":"1.1560"}]
[811,"PTZ-19","平台柱-19","HW300*300*10*15                ","件",1,{"$nulls":5},528.6,528.6,null,"5.36*0.34*0.34",{"v":0.619616,"d":"0.6196"}]
[812,"PTZ-20","平台柱-20","HW300*300*10*15                ","件",1,{"$nulls":5},690.2,690.2,null,"7.12*0.34*0.34",{"v":0.823072,"d":"0.8231"}]
[813,"PTZ-21","平台柱-21","HW300*300*10*15                ","件",1,{"$nulls":5},536.9,536.9,null,"5.45*0.34*0.34",{"v":0.63002,"d":"0.6300"}]
[814,"PTZ-22","平台柱-22","HW300*300*10*15                ","件",3,{"$nulls":5},550.6,1651.8000000000002,null,"5.6*0.34*0.34",{"v":1.94208,"d":"1.9421"}]
[815,"PTZ-23","平台柱-23","HW300*300*10*15                ","件",1,{"$nulls":5},1107.3,1107.3,null,"10.41*0.55*0.5",{"v":2.86275,"d":"2.8628"}]
[816,"PTZ-24","平台柱-24","HW300*300*10*15                ","件",1,{"$nulls":5},1107.3,1107.3,null,"10.41*0.55*0.5",{"v":2.86275,"d":"2.8628"}]
[817,"PTZ-25","平台柱-25","HW300*300*10*15                ","件",1,{"$nulls":5},1103.4,1103.4,null,"10.41*0.55*0.42",{"v":2.40471,"d":"2.4047"}]
[818,"PTZ-26","平台柱-26","HW300*300*10*15                ","件",1,{"$nulls":5},1103.4,1103.4,null,"10.41*0.55*0.42",{"v":2.40471,"d":"2.4047"}]
[819,"PTZ-27","平台柱-27","HW300*300*10*15                ","件",1,{"$nulls":5},490,490,null,"4.65*0.55*0.42",{"v":1.07415,"d":"1.0742"}]
[820,"PTZ-28","平台柱-28","HW300*300*10*15                ","件",1,{"$nulls":5},490,490,null,"4.65*0.55*0.42",{"v":1.07415,"d":"1.0742"}]
[821,"PTZ-29","平台柱-29","HW300*300*10*15                ","件",1,{"$nulls":5},490,490,null,"4.65*0.55*0.42",{"v":1.07415,"d":"1.0742"}]
[822,"PTZ-30","平台柱-30","HW300*300*10*15                ","件",1,{"$nulls":5},490,490,null,"4.65*0.55*0.42",{"v":1.07415,"d":"1.0742"}]
[823,"PTZ-31","平台柱-31","HW300*300*10*15                ","件",1,{"$nulls":5},507.4,507.4,null,"4.63*0.55*0.42",{"v":1.06953,"d":"1.0695"}]
[824,"PTZ-32","平台柱-32","HW300*300*10*15                ","件",1,{"$nulls":5},507.4,507.4,null,"4.63*0.55*0.42",{"v":1.06953,"d":"1.0695"}]
[825,"PTZ-33","平台柱-33","HW300*300*10*15                ","件",1,{"$nulls":5},507.4,507.4,null,"4.63*0.55*0.42",{"v":1.06953,"d":"1.0695"}]
[826,"PTZ-34","平台柱-34","HW300*300*10*15                ","件",1,{"$nulls":5},507.4,507.4,null,"4.63*0.55*0.42",{"v":1.06953,"d":"1.0695"}]
[827,"PTZ-35","平台柱-35","HW300*300*10*15                ","件",1,{"$nulls":5},503.1,503.1,null,"4.58*0.55*0.42",{"v":1.05798,"d":"1.0580"}]
[828,"PTZ-36","平台柱-36","HW300*300*10*15                ","件",1,{"$nulls":5},503.1,503.1,null,"4.58*0.55*0.42",{"v":1.05798,"d":"1.0580"}]
[829,"PTZ-37","平台柱-37","HW300*300*10*15                ","件",1,{"$nulls":5},503.1,503.1,null,"4.58*0.55*0.42",{"v":1.05798,"d":"1.0580"}]
[830,"PTZ-38","平台柱-38","HW300*300*10*15                ","件",1,{"$nulls":5},503.1,503.1,null,"4.58*0.55*0.42",{"v":1.05798,"d":"1.0580"}]
[831,"PTZ-39","平台柱-39","HW300*300*10*15                ","件",1,{"$nulls":5},481.1,481.1,null,"4.52*0.55*0.42",{"v":1.04412,"d":"1.0441"}]
[832,"PTZ-40","平台柱-40","HW300*300*10*15                ","件",1,{"$nulls":5},481.1,481.1,null,"4.52*0.55*0.42",{"v":1.04412,"d":"1.0441"}]
[833,"PTZ-41","平台柱-41","HW300*300*10*15                ","件",1,{"$nulls":5},481.1,481.1,null,"4.52*0.55*0.42",{"v":1.04412,"d":"1.0441"}]
[834,"PTZ-42","平台柱-42","HW300*300*10*15                ","件",1,{"$nulls":5},481.1,481.1,null,"4.52*0.55*0.42",{"v":1.04412,"d":"1.0441"}]
[835,"PTZ-43","平台柱-43","HW300*300*10*15                ","件",1,{"$nulls":5},511.8,511.8,null,"4.52*0.55*0.51",{"v":1.26786,"d":"1.2679"}]
[836,"PTZ-44","平台柱-44","HW300*300*10*15                ","件",1,{"$nulls":5},511.8,511.8,null,"4.52*0.55*0.51",{"v":1.26786,"d":"1.2679"}]
[837,"PTZ-45","平台柱-45","HW300*300*10*15                ","件",1,{"$nulls":5},503.3,503.3,null,"4.52*0.55*0.42",{"v":1.04412,"d":"1.0441"}]
[838,"PTZ-46","平台柱-46","HW300*300*10*15                ","件",1,{"$nulls":5},503.3,503.3,null,"4.52*0.55*0.42",{"v":1.04412,"d":"1.0441"}]
[839,"PTZ-47","平台柱-47","HW300*300*10*15                ","件",1,{"$nulls":5},514.2,514.2,null,"4.55*0.55*0.51",{"v":1.276275,"d":"1.2763"}]
[840,"PTZ-48","平台柱-48","HW300*300*10*15                ","件",1,{"$nulls":5},514.2,514.2,null,"4.55*0.55*0.51",{"v":1.276275,"d":"1.2763"}]
[841,"PTZ-49","平台柱-49","HW300*300*10*15                ","件",1,{"$nulls":5},505.8,505.8,null,"4.55*0.55*0.42",{"v":1.05105,"d":"1.0511"}]
[842,"PTZ-50","平台柱-50","HW300*300*10*15                ","件",1,{"$nulls":5},505.8,505.8,null,"4.55*0.55*0.42",{"v":1.05105,"d":"1.0511"}]
[843,"PTZ-51","平台柱-51","HW300*300*10*15                ","件",1,{"$nulls":5},470.1,470.1,null,"4.42*0.55*0.42",{"v":1.02102,"d":"1.0210"}]
[844,"PTZ-52","平台柱-52","HW300*300*10*15                ","件",1,{"$nulls":5},470.1,470.1,null,"4.42*0.55*0.42",{"v":1.02102,"d":"1.0210"}]
[845,"PTZ-53","平台柱-53","HW300*300*10*15                ","件",1,{"$nulls":5},470.1,470.1,null,"4.42*0.55*0.42",{"v":1.02102,"d":"1.0210"}]
[846,"PTZ-54","平台柱-54","HW300*300*10*15                ","件",1,{"$nulls":5},470.1,470.1,null,"4.42*0.55*0.42",{"v":1.02102,"d":"1.0210"}]
[847,"PTZ-55","平台柱-55","HW300*300*10*15                ","件",1,{"$nulls":5},463.2,463.2,null,"4.36*0.55*0.42",{"v":1.00716,"d":"1.0072"}]
[848,"PTZ-56","平台柱-56","HW300*300*10*15                ","件",1,{"$nulls":5},463.2,463.2,null,"4.36*0.55*0.42",{"v":1.00716,"d":"1.0072"}]
[849,"PTZ-57","平台柱-57","HW300*300*10*15                ","件",1,{"$nulls":5},463.2,463.2,null,"4.36*0.55*0.42",{"v":1.00716,"d":"1.0072"}]
[850,"PTZ-58","平台柱-58","HW300*300*10*15                ","件",1,{"$nulls":5},463.2,463.2,null,"4.36*0.55*0.42",{"v":1.00716,"d":"1.0072"}]
[851,"PTZ-59","平台柱-59","HW300*300*10*15                ","件",1,{"$nulls":5},649,649,null,"6.35*0.55*0.5",{"v":1.74625,"d":"1.7463"}]
[852,"PTZ-60","平台柱-60","HW300*300*10*15                ","件",1,{"$nulls":5},649,649,null,"6.35*0.55*0.5",{"v":1.74625,"d":"1.7463"}]
[853,"PTZ-61","平台柱-61","HW300*300*10*15                ","件",1,{"$nulls":5},614.2,614.2,null,"5.97*0.55*0.5",{"v":1.64175,"d":"1.6418"}]
[854,"PTZ-62","平台柱-62","HW300*300*10*15                ","件",1,{"$nulls":5},614.2,614.2,null,"5.97*0.55*0.5",{"v":1.64175,"d":"1.6418"}]
[855,"PTZ-63","平台柱-63","HW300*300*10*15                ","件",1,{"$nulls":5},672.7,{"$f":"L857*F857","v":672.7},null,"6.17*0.55*0.52",{"v":1.76462,"d":"1.7646"}]
[856,"PTZ-64","平台柱-64","HW300*300*10*15                ","件",1,{"$nulls":5},672.7,672.7,null,"6.17*0.55*0.52",{"v":1.76462,"d":"1.7646"}]
[857,"PTZ-65","平台柱-65","HW300*300*10*15                ","件",1,{"$nulls":5},698.9,698.9,null,"6.22*0.55*0.52",{"v":1.77892,"d":"1.7789"}]
[858,"PTZ-66","平台柱-66","HW300*300*10*15                ","件",1,{"$nulls":5},698.9,698.9,null,"6.22*0.55*0.52",{"v":1.77892,"d":"1.7789"}]
[859,"PTZ-67","平台柱-67","HW300*300*10*15                ","件",1,{"$nulls":5},702.9,702.9,null,"6.26*0.55*0.7",2.4101]
[860,"PTZ-68","平台柱-68","HW300*300*10*15                ","件",1,{"$nulls":5},702.9,702.9,null,"6.26*0.55*0.7",2.4101]
[861,"PTZ-69","平台柱-69","HW300*300*10*15                ","件",1,{"$nulls":5},680.3,680.3,null,"6.31*0.55*0.51",{"v":1.769955,"d":"1.7700"}]
[862,"PTZ-70","平台柱-70","HW300*300*10*15                ","件",1,{"$nulls":5},680.3,680.3,null,"6.31*0.55*0.51",{"v":1.769955,"d":"1.7700"}]
[863,"PTZ-71","平台柱-71","HW300*300*10*15                ","件",1,{"$nulls":5},682,682,null,"6.03*0.55*0.72",{"v":2.38788,"d":"2.3879"}]
[864,"PTZ-72","平台柱-72","HW300*300*10*15                ","件",1,{"$nulls":5},682,682,null,"6.03*0.55*0.72",{"v":2.38788,"d":"2.3879"}]
[865,"PTZ-73","平台柱-73","HW300*300*10*15                ","件",1,{"$nulls":5},647.2,647.2,null,"5.9*0.55*0.52",1.6874]
[866,"PTZ-74","平台柱-74","HW300*300*10*15                ","件",1,{"$nulls":5},647.2,647.2,null,"5.9*0.55*0.52",1.6874]
[867,"PTZ-75","平台柱-75","HW300*300*10*15                ","件",1,{"$nulls":5},651.9,651.9,null,"5.95*0.55*0.52",1.7017]
[868,"PTZ-76","平台柱-76","HW300*300*10*15                ","件",1,{"$nulls":5},651.9,651.9,null,"5.95*0.55*0.52",1.7017]
[869,"PTZ-77","平台柱-77","HW300*300*10*15                ","件",1,{"$nulls":5},677.6,677.6,null,"5.99*0.55*0.73",{"v":2.404985,"d":"2.4050"}]
[870,"PTZ-78","平台柱-78","HW300*300*10*15                ","件",1,{"$nulls":5},677.6,677.6,null,"5.99*0.55*0.73",{"v":2.404985,"d":"2.4050"}]
[871,"PTZ-79","平台柱-79","HW300*300*10*15                ","件",1,{"$nulls":5},688.6,688.6,null,"6.08*0.55*0.52",{"v":1.73888,"d":"1.7389"}]
[872,"PTZ-80","平台柱-80","HW300*300*10*15                ","件",1,{"$nulls":5},688.6,688.6,null,"6.08*0.55*0.52",{"v":1.73888,"d":"1.7389"}]
[873,"PTZ-81","平台柱-81","HW300*300*10*15                ","件",1,{"$nulls":5},668,668,null,"6.12*0.55*0.52",{"v":1.75032,"d":"1.7503"}]
[874,"PTZ-82","平台柱-82","HW300*300*10*15                ","件",1,{"$nulls":5},668,668,null,"6.12*0.55*0.52",{"v":1.75032,"d":"1.7503"}]
[875,"PTZ-83","平台柱-83","HW300*300*10*15                ","件",1,{"$nulls":5},639.7,639.7,null,"5.87*0.55*0.52",{"v":1.67882,"d":"1.6788"}]
[876,"PTZ-84","平台柱-84","HW300*300*10*15                ","件",1,{"$nulls":5},639.7,639.7,null,"5.87*0.55*0.52",{"v":1.67882,"d":"1.6788"}]
[877,"PTZ-85","平台柱-85","HW300*300*10*15                ","件",1,{"$nulls":5},335.7,335.7,null,"2.59*0.55*0.52",{"v":0.74074,"d":"0.7407"}]
[878,"PTZ-86","平台柱-86","HW300*300*10*15                ","件",1,{"$nulls":5},335.7,335.7,null,"2.59*0.55*0.52",{"v":0.74074,"d":"0.7407"}]
[879,"PTZ-87","平台柱-87","HW300*300*10*15                ","件",1,{"$nulls":5},398.2,398.2,null,"3.27*0.55*0.52",{"v":0.93522,"d":"0.9352"}]
[880,"PTZ-88","平台柱-88","HW300*300*10*15                ","件",1,{"$nulls":5},398.2,398.2,null,"3.27*0.55*0.52",{"v":0.93522,"d":"0.9352"}]
[881,"PTZ-89","平台柱-89","HW300*300*10*15                ","件",1,{"$nulls":5},578.2,578.2,null,"5.59*0.55*0.42",{"v":1.29129,"d":"1.2913"}]
[882,"PTZ-90","平台柱-90","HW300*300*10*15                ","件",1,{"$nulls":5},578.2,578.2,null,"5.59*0.55*0.42",{"v":1.29129,"d":"1.2913"}]
[883,"PTZ-91","平台柱-91","BH700*400*20*25                ","件",1,{"$nulls":5},5516.6,5516.6,null,"8.95*1*1.15",10.2925]
[884,"PTZ-92","平台柱-92","BH700*400*20*25                ","件",1,{"$nulls":5},5516.6,5516.6,null,"8.95*1*1.15",10.2925]
[885,"PTZ-93","平台柱-93","BH700*400*20*25                ","件",1,{"$nulls":5},5516.6,5516.6,null,"8.95*1*1.15",10.2925]
[886,"PTZ-94","平台柱-94","BH700*400*20*25                ","件",1,{"$nulls":5},5516.6,5516.6,null,"8.95*1*1.15",10.2925]
[887,"PTZ-95","平台柱-95","BH700*400*20*25                ","件",1,{"$nulls":5},5227.5,5227.5,null,"8.79*1*0.82",7.2078]
[888,"PTZ-96","平台柱-96","BH700*400*20*25                ","件",1,{"$nulls":5},5227.5,5227.5,null,"8.79*1*0.82",7.2078]
[889,"PTZ-97","平台柱-97","BH700*400*20*25                ","件",1,{"$nulls":5},5241.8,5241.8,null,"8.79*1*0.82",7.2078]
[890,"PTZ-98","平台柱-98","BH700*400*20*25                ","件",1,{"$nulls":5},5241.8,5241.8,null,"8.79*1*0.82",7.2078]
[891,"PTZ-99","平台柱-99","HW250*255*14*14                ","件",2,{"$nulls":5},265.2,530.4,null,"2.96*0.29*0.31",{"v":0.532208,"d":"0.5322"}]
[892,"PTZ-100","平台柱-100","HW250*255*14*14                ","件",2,{"$nulls":5},268.4,536.8,null,"3*0.29*0.31",0.5394]
[893,"PTZ-101","平台柱-101","HW250*255*14*14                ","件",2,{"$nulls":5},272.4,544.8,null,"3.05*0.29*0.31",{"v":0.54839,"d":"0.5484"}]
[894,"PTZ-102","平台柱-102","HW250*255*14*14                ","件",2,{"$nulls":5},278,556,null,"3.12*0.29*0.31",{"v":0.560976,"d":"0.5610"}]
[895,"PTZ-103","平台柱-103","HW250*255*14*14                ","件",2,{"$nulls":5},282.1,564.2,null,"3.17*0.29*0.31",{"v":0.569966,"d":"0.5700"}]
[896,"PTZ-104","平台柱-104","HW250*255*14*14                ","件",2,{"$nulls":5},287.7,575.4,null,"3.24*0.29*0.31",{"v":0.582552,"d":"0.5826"}]
[897,"PTZ-105","平台柱-105","HW400*400*13*21                ","件",1,{"$nulls":5},2142.2,2142.2,null,"10.66*0.76*0.7",{"v":5.67112,"d":"5.6711"}]
[898,"PTZ-106","平台柱-106","HW400*400*13*21                ","件",1,{"$nulls":5},2142.2,2142.2,null,"10.66*0.76*0.7",{"v":5.67112,"d":"5.6711"}]
[899,"PTZ-107","平台柱-107","HW400*400*13*21                ","件",1,{"$nulls":5},2116.3,2116.3,null,"10.66*0.62*0.7",{"v":4.62644,"d":"4.6264"}]
[900,"PTZ-108","平台柱-108","HW400*400*13*21                ","件",1,{"$nulls":5},2116.3,2116.3,null,"10.66*0.62*0.7",{"v":4.62644,"d":"4.6264"}]
[901,"PTZ-109","平台柱-109","HW400*400*13*21                ","件",1,{"$nulls":5},1667.8,1667.8,null,"8.79*0.77*0.7",{"v":4.73781,"d":"4.7378"}]
[902,"PTZ-110","平台柱-110","HW400*400*13*21                ","件",1,{"$nulls":5},1667.8,1667.8,null,"8.79*0.77*0.7",{"v":4.73781,"d":"4.7378"}]
[903,"PTZ-111","平台柱-111","HW400*400*13*21                ","件",1,{"$nulls":5},1594.8,1594.8,null,"8.59*0.55*0.7",{"v":3.30715,"d":"3.3072"}]
[904,"PTZ-112","平台柱-112","HW400*400*13*21                ","件",1,{"$nulls":5},1594.8,1594.8,null,"8.59*0.55*0.7",{"v":3.30715,"d":"3.3072"}]
[905,"PTZ-113","平台柱-113","HW400*400*13*21                ","件",1,{"$nulls":5},1923.3,1923.3,null,"10.01*0.62*0.7",{"v":4.34434,"d":"4.3443"}]
[906,"PTZ-114","平台柱-114","HW400*400*13*21                ","件",1,{"$nulls":5},1920.6,1920.6,null,"10.01*0.61*0.7",{"v":4.27427,"d":"4.2743"}]
[907,"PTZ-115","平台柱-115","HW400*400*13*21                ","件",1,{"$nulls":5},1922.2,1922.2,null,"10.01*0.61*0.7",{"v":4.27427,"d":"4.2743"}]
[908,"PTZ-116","平台柱-116","HW400*400*13*21                ","件",1,{"$nulls":5},1924.8,1924.8,null,"10.01*0.62*0.7",{"v":4.34434,"d":"4.3443"}]
[909,"PTZ-117","平台柱-117","HW400*400*13*21                ","件",1,{"$nulls":5},1885.8,1885.8,null,"10.01*0.48*0.7",{"v":3.36336,"d":"3.3634"}]
[910,"PTZ-118","平台柱-118","HW400*400*13*21                ","件",1,{"$nulls":5},1885.8,1885.8,null,"10.01*0.48*0.7",{"v":3.36336,"d":"3.3634"}]
[911,"PTZ-119","平台柱-119","HW400*400*13*21                ","件",1,{"$nulls":5},1417.4,1417.4,null,"7.41*0.62*0.7",{"v":3.21594,"d":"3.2159"}]
[912,"PTZ-120","平台柱-120","HW400*400*13*21                ","件",1,{"$nulls":5},1417.4,1417.4,null,"7.41*0.62*0.7",{"v":3.21594,"d":"3.2159"}]
[913,"PTZ-121","平台柱-121","HW502*470*20*25                ","件",1,{"$nulls":5},2016.4,2016.4,null,"7.24*0.69*0.78",{"v":3.896568,"d":"3.8966"}]
[914,"PTZ-122","平台柱-122","HW502*470*20*25                ","件",1,{"$nulls":5},2016.4,2016.4,null,"7.24*0.69*0.78",{"v":3.896568,"d":"3.8966"}]
[915,"PTZ-123","平台柱-123","HW502*470*20*25                ","件",1,{"$nulls":5},2091.8,2091.8,null,"7.44*0.84*0.78",{"v":4.874688,"d":"4.8747"}]
[916,"PTZ-124","平台柱-124","HW502*470*20*25                ","件",1,{"$nulls":5},2091.8,2091.8,null,"7.44*0.84*0.78",{"v":4.874688,"d":"4.8747"}]
[917,"PTZ-125","平台柱-125","HW502*470*20*25                ","件",1,{"$nulls":5},2155.7,2155.7,null,"7.69*0.83*0.78",{"v":4.978506,"d":"4.9785"}]
[918,"PTZ-126","平台柱-126","HW502*470*20*25                ","件",1,{"$nulls":5},2155.7,2155.7,null,"7.69*0.83*0.78",{"v":4.978506,"d":"4.9785"}]
[919,"PTZ-127","平台柱-127","HW502*470*20*25                ","件",1,{"$nulls":5},2174.5,{"$f":"L921*F921","v":2174.5},null,"7.89*0.69*0.78",{"v":4.246398,"d":"4.2464"}]
[920,"PTZ-128","平台柱-128","HW502*470*20*25                ","件",1,{"$nulls":5},2174.5,2174.5,null,"7.89*0.69*0.78",{"v":4.246398,"d":"4.2464"}]
[921,"PTZ-129","平台柱-129","HW502*470*20*25                ","件",1,{"$nulls":5},2246.3,2246.3,null,"8.14*0.69*0.78",{"v":4.380948,"d":"4.3809"}]
[922,"PTZ-130","平台柱-130","HW502*470*20*25                ","件",1,{"$nulls":5},2246.3,2246.3,null,"8.14*0.69*0.78",{"v":4.380948,"d":"4.3809"}]
[923,"PTZ-131","平台柱-131","BH700*400*20*25                ","件",1,{"$nulls":5},4485,4485,null,"7.8*1*0.82",{"v":6.396,"d":"6.3960"}]
[924,"PTZ-132","平台柱-132","BH700*400*20*25                ","件",1,{"$nulls":5},4485,4485,null,"7.8*1*0.82",{"v":6.396,"d":"6.3960"}]
[925,"PTZ-133","平台柱-133","BH700*400*20*25                ","件",1,{"$nulls":5},4485,4485,null,"7.8*1*0.82",{"v":6.396,"d":"6.3960"}]
[926,"PTZ-134","平台柱-134","BH700*400*20*25                ","件",1,{"$nulls":5},4485,4485,null,"7.8*1*0.82",{"v":6.396,"d":"6.3960"}]
[927,"PTZ-135","平台柱-135","HW400*400*13*21                ","件",1,{"$nulls":5},1178.9,1178.9,null,"6.42*0.54*0.54",{"v":1.872072,"d":"1.8721"}]
[928,"PTZ-136","平台柱-136","HW400*400*13*21                ","件",1,{"$nulls":5},1178.9,1178.9,null,"6.42*0.54*0.54",{"v":1.872072,"d":"1.8721"}]
[929,"PTZ-137","平台柱-137","HW400*400*13*21                ","件",1,{"$nulls":5},1155.3,1155.3,null,"6.22*0.62*0.54",{"v":2.082456,"d":"2.0825"}]
[930,"PTZ-138","平台柱-138","HW400*400*13*21                ","件",1,{"$nulls":5},1155.3,1155.3,null,"6.22*0.62*0.54",{"v":2.082456,"d":"2.0825"}]
[931,"PTZ-139","平台柱-139","HW502*470*20*25                ","件",1,{"$nulls":5},2321,2321,null,"8.47*0.83*0.64",{"v":4.499264,"d":"4.4993"}]
[932,"PTZ-140","平台柱-140","HW502*470*20*25                ","件",1,{"$nulls":5},2321,2321,null,"8.47*0.83*0.64",{"v":4.499264,"d":"4.4993"}]
[933,"PTZ-141","平台柱-141","HW502*470*20*25                ","件",1,{"$nulls":5},2321,2321,null,"8.47*0.83*0.64",{"v":4.499264,"d":"4.4993"}]
[934,"PTZ-142","平台柱-142","HW502*470*20*25                ","件",1,{"$nulls":5},2321,2321,null,"8.47*0.83*0.64",{"v":4.499264,"d":"4.4993"}]
[935,"PTZ-143","平台柱-143","HW502*470*20*25                ","件",1,{"$nulls":5},2304,2304,null,"8.47*0.69*0.64",{"v":3.740352,"d":"3.7404"}]
[936,"PTZ-144","平台柱-144","HW502*470*20*25                ","件",1,{"$nulls":5},2304,2304,null,"8.47*0.69*0.64",{"v":3.740352,"d":"3.7404"}]
[937,"PTZ-145","平台柱-145","HW502*470*20*25                ","件",1,{"$nulls":5},2304,2304,null,"8.47*0.69*0.64",{"v":3.740352,"d":"3.7404"}]
[938,"PTZ-146","平台柱-146","HW502*470*20*25                ","件",1,{"$nulls":5},2304,2304,null,"8.47*0.69*0.64",{"v":3.740352,"d":"3.7404"}]
[939,"PTZ-147","平台柱-147","HW502*470*20*25                ","件",1,{"$nulls":5},2288.1,2288.1,null,"8.47*0.69*0.64",{"v":3.740352,"d":"3.7404"}]
[940,"PTZ-148","平台柱-148","HW502*470*20*25                ","件",1,{"$nulls":5},2288.1,2288.1,null,"8.47*0.69*0.64",{"v":3.740352,"d":"3.7404"}]
[941,"    PXC-1","平台斜撑-1","L75*6                          ","件",18,{"$nulls":5},3.1,55.800000000000004,null,"0.57*0.08*0.08",{"v":0.065664,"d":"0.0657"}]
[942,"    PZC-1","平台柱间支撑-1","L75*6                          ","件",4,{"$nulls":5},45.1,180.4,null,"3.2*0.1*0.16",0.2048]
[943,"    PZC-2","平台柱间支撑-2","L75*6                          ","件",8,{"$nulls":5},11.6,92.8,null,"1.72*0.08*0.08",{"v":0.088064,"d":"0.0881"}]
[944,"    PZC-3","平台柱间支撑-3","L75*6                          ","件",8,{"$nulls":5},18.4,147.2,null,"2.72*0.08*0.08",{"v":0.139264,"d":"0.1393"}]
[945,"    PZC-4","平台柱间支撑-4","L110*10                        ","件",2,{"$nulls":5},122,244,null,"3.61*0.13*0.23",{"v":0.215878,"d":"0.2159"}]
[946,"    PZC-5","平台柱间支撑-5","L110*10                        ","件",2,{"$nulls":5},117.2,234.4,null,"3.47*0.13*0.23",{"v":0.207506,"d":"0.2075"}]
[947,"    PZC-6","平台柱间支撑-6","L110*10                        ","件",4,{"$nulls":5},144.3,577.2,null,"4.27*0.13*0.23",{"v":0.510692,"d":"0.5107"}]
[948,"    PZC-7","平台柱间支撑-7","L110*10                        ","件",2,{"$nulls":5},134.6,269.2,null,"3.98*0.13*0.23",{"v":0.238004,"d":"0.2380"}]
[949,"    PZC-8","平台柱间支撑-8","L110*10                        ","件",2,{"$nulls":5},126.6,253.2,null,"3.75*0.13*0.23",{"v":0.22425,"d":"0.2243"}]
[950,"    PZC-9","平台柱间支撑-9","L110*10                        ","件",4,{"$nulls":5},140,560,null,"4.14*0.13*0.23",{"v":0.495144,"d":"0.4951"}]
[951,"    PZC-10","平台柱间支撑-10","L100*8                         ","件",4,{"$nulls":5},117.9,471.6,null,"3.85*0.48*0.21",{"v":1.55232,"d":"1.5523"}]
[952,"    PZC-11","平台柱间支撑-11","L100*8                         ","件",2,{"$nulls":5},88.7,177.4,null,"3.56*0.12*0.21",{"v":0.179424,"d":"0.1794"}]
[953,"    PZC-12","平台柱间支撑-12","C16A                           ","件",2,{"$nulls":5},321.4,642.8,null,"6.7*0.91*0.14",{"v":1.70716,"d":"1.7072"}]
[954,"    PZC-13","平台柱间支撑-13","L100*8                         ","件",4,{"$nulls":5},57.8,231.2,null,"2.33*0.12*0.21",{"v":0.234864,"d":"0.2349"}]
[955,"    PZC-14","平台柱间支撑-14","L100*8                         ","件",4,{"$nulls":5},52.6,210.4,null,"2.12*0.12*0.21",{"v":0.213696,"d":"0.2137"}]
[956,"    PZC-15","平台柱间支撑-15","L100*8                         ","件",4,{"$nulls":5},34.7,138.8,null,"1.42*0.12*0.21",{"v":0.143136,"d":"0.1431"}]
[957,"    PZC-16","平台柱间支撑-16","L100*8                         ","件",4,{"$nulls":5},19.3,77.2,null,"0.78*0.12*0.21",{"v":0.078624,"d":"0.0786"}]
[958,"    PZC-17","平台柱间支撑-17","L100*8                         ","件",2,{"$nulls":5},197.1,394.2,null,"7.38*0.61*0.21",{"v":1.890756,"d":"1.8908"}]
[959,"    PZC-18","平台柱间支撑-18","L100*8                         ","件",4,{"$nulls":5},88.4,353.6,null,"3.55*0.12*0.21",{"v":0.35784,"d":"0.3578"}]
[960,"    PZC-19","平台柱间支撑-19","L100*8                         ","件",2,{"$nulls":5},197.7,395.4,null,"7.4*0.61*0.21",{"v":1.89588,"d":"1.8959"}]
[961,"    PZC-20","平台柱间支撑-20","L100*8                         ","件",2,{"$nulls":5},88.7,177.4,null,"3.56*0.12*0.21",{"v":0.179424,"d":"0.1794"}]
[962,"    PZC-21","平台柱间支撑-21","L100*8                         ","件",2,{"$nulls":5},198.1,396.2,null,"7.42*0.62*0.21",{"v":1.932168,"d":"1.9322"}]
[963,"    PZC-22","平台柱间支撑-22","L100*8                         ","件",4,{"$nulls":5},88.9,355.6,null,"3.57*0.12*0.21",{"v":0.359856,"d":"0.3599"}]
[964,"    PZC-23","平台柱间支撑-23","L100*8                         ","件",2,{"$nulls":5},190.8,381.6,null,"7.05*0.56*0.21",{"v":1.65816,"d":"1.6582"}]
[965,"    PZC-24","平台柱间支撑-24","L100*8                         ","件",4,{"$nulls":5},83.5,334,null,"3.35*0.12*0.21",{"v":0.33768,"d":"0.3377"}]
[966,"    PZC-25","平台柱间支撑-25","L100*8                         ","件",2,{"$nulls":5},189.4,378.8,null,"6.99*0.53*0.21",{"v":1.555974,"d":"1.5560"}]
[967,"    PZC-26","平台柱间支撑-26","L100*8                         ","件",4,{"$nulls":5},82.8,331.2,null,"3.32*0.12*0.21",{"v":0.334656,"d":"0.3347"}]
[968,"    PZC-27","平台柱间支撑-27","L140*10                        ","件",2,{"$nulls":5},390.9,781.8,null,"8.64*0.7*0.29",{"v":3.50784,"d":"3.5078"}]
[969,"    PZC-28","平台柱间支撑-28","L140*10                        ","件",4,{"$nulls":5},172.8,691.2,null,"3.97*0.16*0.29",{"v":0.736832,"d":"0.7368"}]
[970,"    PZC-29","平台柱间支撑-29","L140*10                        ","件",4,{"$nulls":5},181.6,726.4,null,"4.18*0.16*0.29",{"v":0.775808,"d":"0.7758"}]
[971,"    PZC-30","平台柱间支撑-30","L140*10                        ","件",2,{"$nulls":5},419.5,839,null,"9.28*0.71*0.29",{"v":3.821504,"d":"3.8215"}]
[972,"    PZC-31","平台柱间支撑-31","L140*10                        ","件",2,{"$nulls":5},149.1,298.2,null,"3.43*0.16*0.29",{"v":0.318304,"d":"0.3183"}]
[973,"    PZC-32","平台柱间支撑-32","L140*10                        ","件",2,{"$nulls":5},373.2,746.4,null,"8.22*0.71*0.29",{"v":3.384996,"d":"3.3850"}]
[974,"    PZC-33","平台柱间支撑-33","L140*10                        ","件",4,{"$nulls":5},180.1,720.4,null,"4.15*0.16*0.29",{"v":0.77024,"d":"0.7702"}]
[975,"    PZC-34","平台柱间支撑-34","L140*10                        ","件",2,{"$nulls":5},387.7,775.4,null,"8.57*0.68*0.29",{"v":3.380008,"d":"3.3800"}]
[976,"    PZC-35","平台柱间支撑-35","L140*10                        ","件",2,{"$nulls":5},163.1,326.2,null,"3.76*0.16*0.29",{"v":0.348928,"d":"0.3489"}]
[977,"    PZC-36","平台柱间支撑-36","L140*10                        ","件",2,{"$nulls":5},349.9,699.8,null,"7.65*0.66*0.29",{"v":2.92842,"d":"2.9284"}]
[978,"    PZC-37","平台柱间支撑-37","L140*10                        ","件",4,{"$nulls":5},163.5,654,null,"3.77*0.16*0.29",{"v":0.699712,"d":"0.6997"}]
[979,"    PZC-38","平台柱间支撑-38","L140*10                        ","件",2,{"$nulls":5},359.8,719.6,null,"7.9*0.72*0.29",{"v":3.29904,"d":"3.2990"}]
[980,"    PZC-39","平台柱间支撑-39","L140*10                        ","件",4,{"$nulls":5},195.9,783.6,null,"4.5*0.16*0.29",0.8352]
[981," T1B06a-18-1","钢斜体-1","C16A                           ","件",2,{"$nulls":5},331.3,662.6,null,"2.62*0.74*2.9",{"v":11.24504,"d":"11.2450"}]
[982," T1B08a-06-1","钢斜体-2","C16A                           ","件",2,{"$nulls":5},101.2,202.4,null,"0.94*0.74*1.7",{"v":2.36504,"d":"2.3650"}]
[983,"T2B06a-08-1","钢斜体-3","C16A                           ","件",10,{"$nulls":5},93.3,{"$f":"L985*F985","v":933},null,"0.9*0.74*1.9",{"v":12.654,"d":"12.6540"}]
[984,"T2B06a-14-1","钢斜体-4","C16A                           ","件",2,{"$nulls":5},165.7,331.4,null,"1.5*0.74*2.5",{"v":5.55,"d":"5.5500"}]
[985,"T2B06a-18-1","钢斜体-5","C16A                           ","件",2,{"$nulls":5},213.9,427.8,null,"1.9*0.74*2.9",8.1548]
[986,"T2B06a-22-1","钢斜体-6","C16A                           ","件",2,{"$nulls":5},262.2,524.4,null,"2.3*0.74*3.3",11.2332]
[987,"T2B06a-24-1","钢斜体-7","C16A                           ","件",2,{"$nulls":5},286.4,572.8,null,"2.5*0.74*3.5",{"v":12.95,"d":"12.9500"}]
[988,"T2B06a-30-1","钢斜体-8","C16A                           ","件",4,{"$nulls":5},358.8,1435.2,null,"3.1*0.74*4.1",37.6216]
[989,"T2B06a-32-1","钢斜体-9","C16A                           ","件",1,{"$nulls":5},382.9,382.9,null,"3.3*0.74*4.3",10.5006]
[990,"T2B06a-48-1","钢斜体-10","C16A                           ","件",2,{"$nulls":5},575.9,1151.8,null,"4.9*0.74*5.9",42.7868]
[991,"T2B08a-10-1","钢斜体-11","C16A                           ","件",2,{"$nulls":5},128.5,257,null,"1.1*0.94*2.1",4.3428]
[992,"T2B08a-18-1","钢斜体-12","C16A                           ","件",2,{"$nulls":5},234.6,469.2,null,"1.9*0.94*2.9",10.3588]
[993,"T2B08a-22-1","钢斜体-13","C16A                           ","件",3,{"$nulls":5},287.7,863.0999999999999,null,"2.3*0.94*3.3",21.4038]
[994,"T2B08a-24-1","钢斜体-14","C16A                           ","件",12,{"$nulls":5},314.2,3770.3999999999996,null,"2.5*0.94*3.5",{"v":98.7,"d":"98.7000"}]
[995,"T2B08a-25-1","钢斜体-15","C16A                           ","件",2,{"$nulls":5},319.7,639.4,null,"2.6*0.94*3.6",17.5968]
[996,"T2B08a-26-1","钢斜体-16","C16A                           ","件",2,{"$nulls":5},340.8,681.6,null,"2.7*0.94*3.7",18.7812]
[997,"T2B08a-28-1","钢斜体-17","C16A                           ","件",1,{"$nulls":5},367.3,367.3,null,"2.9*0.94*3.9",10.6314]
[998,"T2B08a-30-1","钢斜体-18","C16A                           ","件",4,{"$nulls":5},393.8,1575.2,null,"3.1*0.94*4.1",47.7896]
[999,"T2B08a-32-1","钢斜体-19","C16A                           ","件",2,{"$nulls":5},420.4,840.8,null,"3.3*0.94*4.3",26.6772]
[1000,"T2B08a-38-1","钢斜体-20","C16A                           ","件",1,{"$nulls":5},500,500,null,"3.9*0.94*4.9",17.9634]
[1001,"T2B08a-45-1","钢斜体-21","C16A                           ","件",1,{"$nulls":5},600.6,600.6,null,"4.6*0.94*5.6",24.2144]
[1002,"T2B08a-46-1","钢斜体-22","C16A                           ","件",2,{"$nulls":5},606.1,1212.2,null,"4.7*0.94*5.7",50.3652]
[1003,"T2B10a-10-1","钢斜体-23","C16A                           ","件",2,{"$nulls":5},143.2,286.4,null,"1.1*1.14*2.1",5.2668]
[1004,"T2B10a-21-1","钢斜体-24","C16A                           ","件",2,{"$nulls":5},297,594,null,"2.2*1.14*3.2",16.0512]
[1005,"T2D06a-16-1","钢斜体-25","C16A                           ","件",2,{"$nulls":5},253,506,null,"2.3*0.74*2.7",9.1908]
[1006,"T2D06a-38-1","钢斜体-26","C16A                           ","件",2,{"$nulls":5},559.1,1118.2,null,"4.9*0.74*4.9",35.5348]
[1007,"T2D06a-45-1","钢斜体-27","C16A                           ","件",4,{"$nulls":5},605.7,2422.8,null,"5.15*0.74*5.6",85.3664]
[1008,"T2D06a-45-2","钢斜体-28","C16A                           ","件",3,{"$nulls":5},605.7,1817.1000000000001,null,"5.15*0.74*5.6",64.0248]
[1009,"T2D08a-26-1","钢斜体-29","C16A                           ","件",1,{"$nulls":5},424.6,424.6,null,"3.43*0.94*3.7",{"v":11.92954,"d":"11.9295"}]
[1010,"T3B06a-46-1","钢斜体-30","C16A                           ","件",2,{"$nulls":5},347.3,694.6,null,"2.86*0.74*5.7",{"v":24.12696,"d":"24.1270"}]
[1011,"T506-1","钢直梯-1","C14A                           ","件",1,{"$nulls":5},120,120,null,"4.2*0.72*0.53",{"v":1.60272,"d":"1.6027"}]
[1012,"T506-2","钢直梯-2","C14A                           ","件",2,{"$nulls":5},214.2,428.4,null,"6.9*0.72*0.53",{"v":5.26608,"d":"5.2661"}]
[1013,"T506-3","钢直梯-3","C14A                           ","件",2,{"$nulls":5},212.8,425.6,null,"7.1*0.72*0.38",{"v":3.88512,"d":"3.8851"}]
[1014,"THB-1","托焊板-1","PL6*30                         ","件",8,{"$nulls":5},0.2,1.6,null,"0.18*0.03*0.006",{"v":0.0002592,"d":"0.0003"}]
[1015,"THB-2","托焊板-2","PL6*30                         ","件",8,{"$nulls":5},0.3,2.4,null,"0.2*0.03*0.006",{"v":0.000288,"d":"0.0003"}]
[1016,"THB-3","托焊板-3","PL6*30                         ","件",240,{"$nulls":5},0.3,72,null,"0.2*0.03*0.006",{"v":0.00864,"d":"0.0086"}]
[1017,"THB-4","托焊板-4","PL6*30                         ","件",152,{"$nulls":5},0.4,60.800000000000004,null,"0.3*0.03*0.006",{"v":8.208E-3,"d":"0.0082"}]
[1018,"THB-5","托焊板-5","PL6*30                         ","件",124,{"$nulls":5},0.4,49.6,null,"0.25*0.03*0.006",{"v":0.00558,"d":"0.0056"}]
[1019,"WL-1","屋檩-1","C220*75*20*2.5                 ","件",14,{"$nulls":5},66.7,933.8000000000001,null,"8.5*0.22*0.08",2.0944]
[1020,"XC-1","斜撑-1","L63*5                          ","件",10,{"$nulls":5},2.6,{"v":26,"d":"26.0"},null,"0.56*0.07*0.07",{"v":0.02744,"d":"0.0274"}]
["合计",{"$nulls":4},{"$f":"SUM(F3:F1022)","v":5791},{"$nulls":6},{"$f":"SUM(M3:M1022)","v":{"v":737308.6999999983,"d":"737309"}},null,null,{"$f":"SUM(P3:P1022)","v":{"v":2051.5952116500025,"d":"2051.60"}}]

{"sheet":"浮选钢格栅","index":5,"n_rows":1023,"n_cols":17,"rows_kept":1023,"merged":[[0,3,0,15],[1022,6,1022,10]]}
[{"$nulls":3},"出口厄瓜多尔浮选厂房物资清单"]
["序号","英文名称","中文名称","规格型号","单位","数量","单价","总金额","箱号","件数","发货状态","单重（kg)","净重（kg）","毛重\n（kg）","长×宽×高（m）","体积（m3)","HS编码"]
[1,"600踏步-1","600踏步","PL4.5*600                      ","件",100,{"$nulls":5},7.2,{"$f":"L3*F3","v":720},null,"0.6*0.23*0.11",{"v":1.518,"d":"1.5180"}]
[2,"800踏步-1","800踏步","PL4.5*800                      ","件",100,{"$nulls":5},9.6,960,null,"0.8*0.23*0.11",{"v":2.024,"d":"2.0240"}]
[3,"1000踏步-1","1000踏步","PL4.5*1000                     ","件",20,{"$nulls":5},12.7,254,null,"1.0*0.23*0.13",{"v":0.598,"d":"0.5980"}]
[4,"    B-1                     ","板-1","PL8*60                         ","件",8,{"$nulls":5},0.2,1.6,null,"0.06*0.06*0.008",{"v":0.0002304,"d":"0.0002"}]
[5,"    CC-1                    ","竖支撑-1","L75*6                          ","件",272,{"$nulls":5},12.3,3345.6000000000004,null,"0.85*0.16*0.15",5.5488]
[6,"    CC-2                    ","竖支撑-2","L75*6                          ","件",24,{"$nulls":5},12.3,295.20000000000005,null,"0.85*0.16*0.15",0.4896]
[7,"    CC-3                    ","竖支撑-3","L75*6                          ","件",22,{"$nulls":5},12.3,270.6,null,"0.85*0.16*0.15",0.4488]
[8,"    CC-4                    ","竖支撑-4","L75*6                          ","件",28,{"$nulls":5},12.3,344.40000000000003,null,"0.85*0.16*0.15",0.5712]
[9,"    CC-5                    ","竖支撑-5","L75*6                          ","件",28,{"$nulls":5},12.3,344.40000000000003,null,"0.85*0.16*0.15",0.5712]
[10,"    CG-1                    ","撑杆-1","PIP32*2.5                      ","件",16,{"$nulls":5},2.1,33.6,null,"1.2*0.035*0.035",{"v":0.02352,"d":"0.0235"}]
[11,"    DB-1                    ","垫板-1","PL28*250                       ","件",4,{"$nulls":5},20.9,83.6,null,"0.38*0.25*0.03",0.0114]
[12,"    DB-2                    ","垫板-2","PL40*150                       ","件",8,{"$nulls":5},7.1,56.8,null,"0.15*0.15*0.04",0.0072]
[13,"    DGD-1                   ","单轨吊-1","I45A                           ","件",2,{"$nulls":5},748.9,1497.8,null,"9.42*0.22*0.6",{"v":2.48688,"d":"2.4869"}]
[14,"    DP-1                    ","垫片-1","PL20*80                        ","件",64,{"$nulls":5},1,64,null,"0.08*0.08*0.02",{"v":0.008192,"d":"0.0082"}]
[15,"    DP-2                    ","垫片-2","PL22*75                        ","件",10,{"$nulls":5},1,10,null,"0.08*0.08*0.022",{"v":1.408E-3,"d":"0.0014"}]
[16,"    DP-3                    ","垫片-3","PL16*70                        ","件",408,{"$nulls":5},0.6,244.79999999999998,null,"0.07*0.07*0.016",{"v":0.0319872,"d":"0.0320"}]
[17,"    DP-4                    ","垫片-4","PL28*70                        ","件",48,{"$nulls":5},1.1,52.800000000000004,null,"0.07*0.07*0.028",{"v":0.0065856,"d":"0.0066"}]
[18,"    DP-5                    ","垫片-5","PL20*100                       ","件",112,{"$nulls":5},1.6,179.20000000000002,null,"0.1*0.1*0.02",0.0224]
[19,"    DP-6                    ","垫片-6","PL18*70                        ","件",160,{"$nulls":5},0.7,112,null,"0.07*0.07*0.018",{"v":0.014112,"d":"0.0141"}]
[20,"    DP-7                    ","垫片-7","PL22*75                        ","件",90,{"$nulls":5},1,90,null,"0.08*0.08*0.022",{"v":0.012672,"d":"0.0127"}]
[21,"    DWJG-1                  ","打瓦角钢-1","L50*5                          ","件",25,{"$nulls":5},275.9,551.8,null,"0.05*0.05*6",{"v":0.375,"d":"0.3750"}]
[22,"    DWJG-2                  ","打瓦角钢-2","L50*5                          ","件",5,{"$nulls":5},29.1,116.4,null,"0.05*0.05*6",{"v":0.075,"d":"0.0750"}]
[23,"    GT-1                    ","钢梯-1","C18A                           ","件",2,{"$nulls":5},644.8,{"$f":"L25*F25","v":1289.6},null,"6.6*0.9*0.18",2.1384]
[24,"    GT-2                    ","钢梯-2","HM294*200*8*12                 ","件",2,{"$nulls":5},1472.7,2945.4,null,"8.3*1.1*0.3",{"v":5.478,"d":"5.4780"}]
[25,"    GT-3                    ","钢梯-3","HM294*200*8*12                 ","件",2,{"$nulls":5},1423.2,2846.4,null,"8.1*1.1*0.3",{"v":5.346,"d":"5.3460"}]
[26,"    HW-1                    ","花纹板-1","PL10*1400                      ","件",1,{"$nulls":5},424.2,424.2,null,"3.84*1.4*0.1",0.5376]
[27,"    HW-2                    ","花纹板-2","PL10*1400                      ","件",1,{"$nulls":5},424.2,424.2,null,"3.84*1.4*0.1",0.5376]
[28,"    HW-3                    ","花纹板-3","PL10*2430                      ","件",2,{"$nulls":5},688.4,1376.8,null,"3.84*2.43*0.01",{"v":0.186624,"d":"0.1866"}]
[29,"    HW-4                    ","花纹板-4","PL10*1785                      ","件",2,{"$nulls":5},177.6,355.2,null,"3.2*1.8*0.01",0.1152]
[30,"    HW-5                    ","花纹板-5","PL10*1035                      ","件",2,{"$nulls":5},190.9,381.8,null,"2.16*1.04*0.1",{"v":0.44928,"d":"0.4493"}]
[31,"    HW-6                    ","花纹板-6","PL10*1035                      ","件",2,{"$nulls":5},190.9,381.8,null,"2.16*1.04*0.1",{"v":0.44928,"d":"0.4493"}]
[32,"    HW-7                    ","花纹板-7","PL10*915                       ","件",1,{"$nulls":5},166.8,166.8,null,"2.16*0.92*0.1",{"v":0.19872,"d":"0.1987"}]
[33,"    HW-8                    ","花纹板-8","PL10*915                       ","件",1,{"$nulls":5},166.8,166.8,null,"2.16*0.92*0.1",{"v":0.19872,"d":"0.1987"}]
[34,"    HW-9                    ","花纹板-9","PL10*915                       ","件",3,{"$nulls":5},170.4,511.20000000000005,null,"2.16*0.92*0.1",{"v":0.59616,"d":"0.5962"}]
[35,"    HW-10                   ","花纹板-10","PL10*915                       ","件",3,{"$nulls":5},170.4,511.20000000000005,null,"2.16*0.92*0.1",{"v":0.59616,"d":"0.5962"}]
[36,"    HW-11                   ","花纹板-11","PL10*990                       ","件",2,{"$nulls":5},185.5,371,null,"2.16*0.99*0.1",{"v":0.42768,"d":"0.4277"}]
[37,"    HW-12                   ","花纹板-12","PL10*990                       ","件",2,{"$nulls":5},185.5,371,null,"2.16*0.99*0.1",{"v":0.42768,"d":"0.4277"}]
[38,"    HW-13                   ","花纹板-13","PL10*1035                      ","件",4,{"$nulls":5},170.4,681.6,null,"1.92*1.04*0.1",{"v":0.79872,"d":"0.7987"}]
[39,"    HW-14                   ","花纹板-14","PL10*1035                      ","件",2,{"$nulls":5},170.4,340.8,null,"1.92*1.04*0.1",{"v":0.39936,"d":"0.3994"}]
[40,"    HW-15                   ","花纹板-15","PL10*1035                      ","件",2,{"$nulls":5},170.4,340.8,null,"1.92*1.04*0.1",{"v":0.39936,"d":"0.3994"}]
[41,"    HW-16                   ","花纹板-16","PL10*915                       ","件",4,{"$nulls":5},152.3,609.2,null,"1.92*0.92*0.1",{"v":0.70656,"d":"0.7066"}]
[42,"    HW-17                   ","花纹板-17","PL10*915                       ","件",2,{"$nulls":5},152.3,304.6,null,"1.92*0.92*0.1",{"v":0.35328,"d":"0.3533"}]
[43,"    HW-18                   ","花纹板-18","PL10*915                       ","件",2,{"$nulls":5},152.3,304.6,null,"1.92*0.92*0.1",{"v":0.35328,"d":"0.3533"}]
[44,"    HW-19                   ","花纹板-19","PL10*1035                      ","件",2,{"$nulls":5},113.4,226.8,null,"1.32*1.04*0.1",{"v":0.27456,"d":"0.2746"}]
[45,"    HW-20                   ","花纹板-20","PL10*1035                      ","件",2,{"$nulls":5},112.5,225,null,"1.32*1.04*0.1",{"v":0.27456,"d":"0.2746"}]
[46,"    HW-21                   ","花纹板-21","PL10*915                       ","件",8,{"$nulls":5},100.8,806.4,null,"1.32*0.92*0.1",{"v":0.97152,"d":"0.9715"}]
[47,"    HW-22                   ","花纹板-22","PL10*990                       ","件",4,{"$nulls":5},109.4,437.6,null,"1.32*0.99*0.1",{"v":0.52272,"d":"0.5227"}]
[48,"    HW-23                   ","花纹板-23","PL10*1035                      ","件",2,{"$nulls":5},111.3,222.6,null,"1.29*1.04*0.1",{"v":0.26832,"d":"0.2683"}]
[49,"    HW-24                   ","花纹板-24","PL10*1035                      ","件",2,{"$nulls":5},110.4,220.8,null,"1.29*1.04*0.1",{"v":0.26832,"d":"0.2683"}]
[50,"    HW-25                   ","花纹板-25","PL10*915                       ","件",8,{"$nulls":5},98.9,791.2,null,"1.29*0.92*0.1",{"v":0.94944,"d":"0.9494"}]
[51,"    HW-26                   ","花纹板-26","PL10*990                       ","件",4,{"$nulls":5},107.4,429.6,null,"1.29*0.99*0.1",{"v":0.51084,"d":"0.5108"}]
[52,"    HW-27                   ","花纹板-27","PL10*1035                      ","件",2,{"$nulls":5},156.1,312.2,null,"1.8*1.04*0.1",0.3744]
[53,"    HW-28                   ","花纹板-28","PL10*1035                      ","件",2,{"$nulls":5},156.1,312.2,null,"1.8*1.04*0.1",0.3744]
[54,"    HW-29                   ","花纹板-29","PL10*915                       ","件",2,{"$nulls":5},139.6,279.2,null,"1.8*0.92*0.1",0.3312]
[55,"    HW-30                   ","花纹板-30","PL10*915                       ","件",2,{"$nulls":5},139.6,279.2,null,"1.8*0.92*0.1",0.3312]
[56,"    HW-31                   ","花纹板-31","PL10*725                       ","件",1,{"$nulls":5},109.8,109.8,null,"1.8*0.73*0.1",0.1314]
[57,"    HW-32                   ","花纹板-32","PL10*725                       ","件",1,{"$nulls":5},109.8,109.8,null,"1.8*0.73*0.1",0.1314]
[58,"    HW-33                   ","花纹板-33","PL10*1695                      ","件",2,{"$nulls":5},424.6,849.2,null,"3.1*1.7*0.01",0.1054]
[59,"    HW-34                   ","花纹板-34","PL10*2010                      ","件",2,{"$nulls":5},532,1064,null,"3.3*2.01*0.01",{"v":0.13266,"d":"0.1327"}]
[60,"    HW-35                   ","花纹板-35","PL8*1355                       ","件",6,{"$nulls":5},368.7,2212.2,null,"3.9*1.36*0.1",3.1824]
[61,"    HW-36                   ","花纹板-36","PL8*1355                       ","件",6,{"$nulls":5},368.7,2212.2,null,"3.9*1.36*0.1",3.1824]
[62,"    HW-37                   ","花纹板-37","PL8*1170                       ","件",8,{"$nulls":5},318.6,2548.8,null,"3.9*1.17*0.1",3.6504]
[63,"    HW-38                   ","花纹板-38","PL8*1170                       ","件",2,{"$nulls":5},296.5,593,null,"3.9*1.17*0.1",0.9126]
[64,"    HW-39                   ","花纹板-39","PL8*1170                       ","件",2,{"$nulls":5},296.5,593,null,"3.9*1.17*0.1",0.9126]
[65,"    HW-40                   ","花纹板-40","PL8*920                        ","件",4,{"$nulls":5},249.3,997.2,null,"3.9*0.92*0.1",1.4352]
[66,"    HW-41                   ","花纹板-41","PL8*920                        ","件",8,{"$nulls":5},236,1888,null,"3.9*0.92*0.1",2.8704]
[67,"    HW-42                   ","花纹板-42","PL8*1340                       ","件",12,{"$nulls":5},365.8,4389.6,null,"3.9*1.34*0.1",6.2712]
[68,"    HW-43                   ","花纹板-43","PL8*1360                       ","件",12,{"$nulls":5},371.3,4455.6,null,"3.9*1.36*0.1",6.3648]
[69,"    HW-44                   ","花纹板-44","PL8*1240                       ","件",6,{"$nulls":5},333.1,1998.6000000000001,null,"3.9*1.24*0.1",2.9016]
[70,"    HW-45                   ","花纹板-45","PL8*1240                       ","件",6,{"$nulls":5},333.1,1998.6000000000001,null,"3.9*1.24*0.1",2.9016]
[71,"    HW-46                   ","花纹板-46","PL8*1190                       ","件",12,{"$nulls":5},324.2,3890.3999999999996,null,"3.9*1.19*0.1",5.5692]
[72,"    HW-47                   ","花纹板-47","PL8*1795                       ","件",4,{"$nulls":5},875.3,3501.2,null,"7*1.8*0.1",{"v":5.04,"d":"5.0400"}]
[73,"    HW-48                   ","花纹板-48","PL8*1795                       ","件",1,{"$nulls":5},633.1,633.1,null,"7*1.8*0.1",{"v":1.26,"d":"1.2600"}]
[74,"    HW-49                   ","花纹板-49","PL8*1795                       ","件",1,{"$nulls":5},633.1,633.1,null,"7*1.8*0.1",{"v":1.26,"d":"1.2600"}]
[75,"    HW-50                   ","花纹板-50","PL6*540                        ","件",6,{"$nulls":5},89.9,539.4000000000001,null,"3.09*0.54*0.1",{"v":1.00116,"d":"1.0012"}]
[76,"    HW-51                   ","花纹板-51","PL6*540                        ","件",6,{"$nulls":5},89.9,539.4000000000001,null,"3.09*0.54*0.1",{"v":1.00116,"d":"1.0012"}]
[77,"    HW-52                   ","花纹板-52","PL6*540                        ","件",1,{"$nulls":5},92.5,92.5,null,"3.19*0.54*0.1",{"v":0.17226,"d":"0.1723"}]
[78,"    HW-53                   ","花纹板-53","PL6*540                        ","件",1,{"$nulls":5},92.5,92.5,null,"3.19*0.54*0.1",{"v":0.17226,"d":"0.1723"}]
[79,"    HW-54                   ","花纹板-54","PL6*540                        ","件",1,{"$nulls":5},93.8,93.8,null,"3.24*0.54*0.1",{"v":0.17496,"d":"0.1750"}]
[80,"    HW-55                   ","花纹板-55","PL6*540                        ","件",1,{"$nulls":5},93.8,93.8,null,"3.24*0.54*0.1",{"v":0.17496,"d":"0.1750"}]
[81,"    HW-56                   ","花纹板-56","PL6*540                        ","件",1,{"$nulls":5},67.9,67.9,null,"2.4*0.54*0.1",0.1296]
[82,"    HW-57                   ","花纹板-57","PL6*540                        ","件",1,{"$nulls":5},67.9,67.9,null,"2.4*0.54*0.1",0.1296]
[83,"    HW-58                   ","花纹板-58","PL6*540                        ","件",1,{"$nulls":5},66.7,66.7,null,"2.34*0.54*0.1",{"v":0.12636,"d":"0.1264"}]
[84,"    HW-59                   ","花纹板-59","PL6*540                        ","件",1,{"$nulls":5},66.7,66.7,null,"2.34*0.54*0.1",{"v":0.12636,"d":"0.1264"}]
[85,"    HW-60                   ","花纹板-60","PL6*1380                       ","件",3,{"$nulls":5},150.1,450.29999999999995,null,"2.53*1.38*0.1",{"v":1.04742,"d":"1.0474"}]
[86,"    HW-61                   ","花纹板-61","PL6*1380                       ","件",3,{"$nulls":5},150.1,450.29999999999995,null,"2.53*1.38*0.1",{"v":1.04742,"d":"1.0474"}]
[87,"    HW-62                   ","花纹板-62","PL6*1380                       ","件",1,{"$nulls":5},160.2,{"$f":"L89*F89","v":160.2},null,"2.73*1.38*0.1",{"v":0.37674,"d":"0.3767"}]
[88,"    HW-63                   ","花纹板-63","PL6*1380                       ","件",2,{"$nulls":5},160.2,320.4,null,"2.73*1.38*0.1",{"v":0.75348,"d":"0.7535"}]
[89,"    HW-64                   ","花纹板-64","PL6*1230                       ","件",1,{"$nulls":5},80.4,80.4,null,"1.27*1.23*0.1",{"v":0.15621,"d":"0.1562"}]
[90,"    HW-65                   ","花纹板-65","PL8*630                        ","件",2,{"$nulls":5},314,628,null,"7.68*0.63*0.01",{"v":0.096768,"d":"0.0968"}]
[91,"    JB-1                    ","夹板-1","PL12*145                       ","件",280,{"$nulls":5},6.1,1708,null,"0.46*0.15*0.012",{"v":0.23184,"d":"0.2318"}]
[92,"    LCC-1                   ","单轨吊斜撑-1","L75*6                          ","件",2,{"$nulls":5},18.1,36.2,null,"2.75*0.1*0.1",{"v":0.055,"d":"0.0550"}]
[93,"    LCC-2                   ","单轨吊斜撑-2","L75*6                          ","件",2,{"$nulls":5},18.1,36.2,null,"2.75*0.1*0.1",{"v":0.055,"d":"0.0550"}]
[94,"    LG-1                    ","栏杆-1","PIP50*3                        ","件",300,{"$nulls":5},76.8,23040,null,"6*1.1*0.05",{"v":99,"d":"99.0000"}]
[95,"    LG-2                    ","栏杆-2","PIP50*3                        ","件",233,{"$nulls":5},75.8,17661.399999999998,null,"6*1.05*0.05",{"v":73.395,"d":"73.3950"}]
[96,"    LG-3                    ","栏杆-3","PIP50*3                        ","件",30,{"$nulls":5},78.9,2367,null,"6*1.2*0.05",{"v":10.8,"d":"10.8000"}]
[97,"    LJB-1                   ","连接板-1","PL12*145                       ","件",6,{"$nulls":5},5.6,33.599999999999994,null,"0.42*0.15*0.012",{"v":0.004536,"d":"0.0045"}]
[98,"    LJB-2                   ","连接板-2","PL12*115                       ","件",4,{"$nulls":5},3.2,12.8,null,"0.3*0.12*0.012",{"v":0.001728,"d":"0.0017"}]
[99,"    LJB-3                   ","连接板-3","PL12*115                       ","件",8,{"$nulls":5},2.5,20,null,"0.23*0.12*0.012",{"v":0.0026496,"d":"0.0026"}]
[100,"    LJB-4                   ","连接板-4","PL12*115                       ","件",4,{"$nulls":5},4.9,19.6,null,"0.45*0.12*0.012",{"v":0.002592,"d":"0.0026"}]
[101,"    LJB-5                   ","连接板-5","PL12*145                       ","件",4,{"$nulls":5},4.3,17.2,null,"0.32*0.15*0.012",{"v":0.002304,"d":"0.0023"}]
[102,"    LJB-6                   ","连接板-6","PL12*145                       ","件",31,{"$nulls":5},3.7,114.7,null,"0.27*0.15*0.012",{"v":0.015066,"d":"0.0151"}]
[103,"    LJB-7                   ","连接板-7","PL12*145                       ","件",2,{"$nulls":5},3,6,null,"0.22*0.15*0.012",{"v":0.000792,"d":"0.0008"}]
[104,"    LT-1                    ","拉条-1","D12                            ","件",16,{"$nulls":5},2.1,33.6,null,"2.6*0.1*0.1",{"v":0.416,"d":"0.4160"}]
[105,"    LT-2                    ","拉条-2","D12                            ","件",32,{"$nulls":5},1,32,null,"1.35*0.012*0.012",{"v":0.0062208,"d":"0.0062"}]
[106,"    LT-3                    ","拉条-3","D14                            ","件",16,{"$nulls":5},1.4,22.4,null,"1.35*0.014*0.014",{"v":0.0042336,"d":"0.0042"}]
[107,"    PCC-1                   ","平台竖撑-1","HW125*125*6.5*9                ","件",24,{"$nulls":5},38.2,916.8000000000001,null,"1.8*0.125*0.125",{"v":0.675,"d":"0.6750"}]
[108,"    PCC-2                   ","平台竖撑-2","HW125*125*6.5*9                ","件",12,{"$nulls":5},45.8,549.5999999999999,null,"2.15*0.125*0.125",{"v":0.403125,"d":"0.4031"}]
[109,"    PCC-3                   ","平台竖撑-3","HW125*125*6.5*9                ","件",4,{"$nulls":5},18.4,73.6,null,"0.92*0.125*0.125",0.0575]
[110,"    PCC-4                   ","平台竖撑-4","HW125*125*6.5*9                ","件",26,{"$nulls":5},16.8,436.8,null,"0.85*0.125*0.125",{"v":0.3453125,"d":"0.3453"}]
[111,"    PCC-5                   ","平台竖撑-5","HW125*125*6.5*9                ","件",26,{"$nulls":5},19.6,509.6,null,"0.98*0.125*0.125",{"v":0.398125,"d":"0.3981"}]
[112,"    PCC-6                   ","平台竖撑-6","HW125*125*6.5*9                ","件",2,{"$nulls":5},14.9,29.8,null,"0.78*0.125*0.125",{"v":0.024375,"d":"0.0244"}]
[113,"    PCC-7                   ","平台竖撑-7","HW125*125*6.5*9                ","件",6,{"$nulls":5},16.5,99,null,"0.85*0.125*0.125",{"v":0.0796875,"d":"0.0797"}]
[114,"    PCC-8                   ","平台竖撑-8","HW125*125*6.5*9                ","件",2,{"$nulls":5},15.1,30.2,null,"0.79*0.125*0.125",{"v":0.0246875,"d":"0.0247"}]
[115,"    PCC-9                   ","平台竖撑-9","HW125*125*6.5*9                ","件",2,{"$nulls":5},14.9,29.8,null,"0.78*0.125*0.125",{"v":0.024375,"d":"0.0244"}]
[116,"    PCC-10                  ","平台竖撑-10","HW125*125*6.5*9                ","件",28,{"$nulls":5},19.8,554.4,null,"0.99*0.125*0.125",{"v":0.433125,"d":"0.4331"}]
[117,"    PCC-11                  ","平台竖撑-11","HW125*125*6.5*9                ","件",2,{"$nulls":5},40.7,81.4,null,"1.89*0.125*0.125",{"v":0.0590625,"d":"0.0591"}]
[118,"    PCC-12                  ","平台竖撑-12","HW125*125*6.5*9                ","件",2,{"$nulls":5},46,92,null,"2.12*0.125*0.125",{"v":0.06625,"d":"0.0663"}]
[119,"    PCC-13                  ","平台竖撑-13","HW125*125*6.5*9                ","件",2,{"$nulls":5},57,114,null,"2.6*0.125*0.125",{"v":0.08125,"d":"0.0813"}]
[120,"    PCC-14","平台竖撑-14","HW125*125*6.5*9                ","件",1,{"$nulls":5},31,31,null,"1.47*0.125*0.125",{"v":0.02296875,"d":"0.0230"}]
[121,"    PCC-15","平台竖撑-15","HW125*125*6.5*9                ","件",9,{"$nulls":5},28,252,null,"1.34*0.125*0.125",{"v":0.1884375,"d":"0.1884"}]
[122,"    PCC-16","平台竖撑-16","HW125*125*6.5*9                ","件",2,{"$nulls":5},18.2,36.4,null,"0.92*0.125*0.125",{"v":0.02875,"d":"0.0288"}]
[123,"    PCC-17","平台竖撑-17","HW125*125*6.5*9                ","件",4,{"$nulls":5},15.1,60.4,null,"0.78*0.125*0.125",{"v":0.04875,"d":"0.0488"}]
[124,"    PCC-18","平台竖撑-18","HW125*125*6.5*9                ","件",2,{"$nulls":5},25.9,51.8,null,"1.25*0.125*0.125",{"v":0.0390625,"d":"0.0391"}]
[125,"    PCC-19","平台竖撑-19","HW125*125*6.5*9                ","件",2,{"$nulls":5},29.2,58.4,null,"1.39*0.125*0.125",{"v":0.0434375,"d":"0.0434"}]
[126,"PTL-1","平台梁-1","HM244*175*7*11                 ","件",2,{"$nulls":5},215.8,431.6,null,"4.39*0.28*0.29",{"v":0.712936,"d":"0.7129"}]
[127,"PTL-2","平台梁-2","HM244*175*7*11                 ","件",2,{"$nulls":5},215.8,431.6,null,"4.39*0.28*0.29",{"v":0.712936,"d":"0.7129"}]
[128,"PTL-3","平台梁-3","HM244*175*7*11                 ","件",2,{"$nulls":5},208.4,416.8,null,"4.45*0.28*0.29",{"v":0.72268,"d":"0.7227"}]
[129,"PTL-4","平台梁-4","HM244*175*7*11                 ","件",2,{"$nulls":5},208.4,416.8,null,"4.45*0.28*0.29",{"v":0.72268,"d":"0.7227"}]
[130,"PTL-5","平台梁-5","HM244*175*7*11                 ","件",2,{"$nulls":5},263.1,526.2,null,"5.74*0.28*0.29",{"v":0.932176,"d":"0.9322"}]
[131,"PTL-6","平台梁-6","HM244*175*7*11                 ","件",2,{"$nulls":5},263.1,526.2,null,"5.74*0.28*0.29",{"v":0.932176,"d":"0.9322"}]
[132,"PTL-7","平台梁-7","HM244*175*7*11                 ","件",4,{"$nulls":5},170.1,680.4,null,"3.65*0.18*0.29",{"v":0.76212,"d":"0.7621"}]
[133,"PTL-8","平台梁-8","HM244*175*7*11                 ","件",4,{"$nulls":5},116.4,465.6,null,"2.39*0.18*0.29",{"v":0.499032,"d":"0.4990"}]
[134,"PTL-9","平台梁-9","HM244*175*7*11                 ","件",4,{"$nulls":5},114.2,456.8,null,"2.34*0.18*0.29",{"v":0.488592,"d":"0.4886"}]
[135,"PTL-10","平台梁-10","HM550*300*11*18                ","件",1,{"$nulls":5},1257.3,1257.3,null,"8.66*0.45*0.57",{"v":2.22129,"d":"2.2213"}]
[136,"PTL-11","平台梁-11","HM244*175*7*11                 ","件",2,{"$nulls":5},313,626,null,"7.28*0.27*0.25",0.9828]
[137,"PTL-12","平台梁-12","HM244*175*7*11                 ","件",1,{"$nulls":5},315.9,315.9,null,"7.28*0.27*0.25",0.4914]
[138,"PTL-13","平台梁-13","HM244*175*7*11                 ","件",1,{"$nulls":5},315.9,315.9,null,"7.28*0.27*0.25",0.4914]
[139,"PTL-14","平台梁-14","HM244*175*7*11                 ","件",1,{"$nulls":5},315.9,315.9,null,"7.28*0.27*0.25",0.4914]
[140,"PTL-15","平台梁-15","HM244*175*7*11                 ","件",1,{"$nulls":5},315.9,315.9,null,"7.28*0.27*0.25",0.4914]
[141,"PTL-16","平台梁-16","HM244*175*7*11                 ","件",1,{"$nulls":5},320.4,320.4,null,"7.18*0.27*0.25",{"v":0.48465,"d":"0.4847"}]
[142,"PTL-17","平台梁-17","HM244*175*7*11                 ","件",1,{"$nulls":5},320.4,320.4,null,"7.18*0.27*0.25",{"v":0.48465,"d":"0.4847"}]
[143,"PTL-18","平台梁-18","HM244*175*7*11                 ","件",1,{"$nulls":5},320.4,320.4,null,"7.18*0.27*0.25",{"v":0.48465,"d":"0.4847"}]
[144,"PTL-19","平台梁-19","HM244*175*7*11                 ","件",1,{"$nulls":5},320.4,320.4,null,"7.18*0.27*0.25",{"v":0.48465,"d":"0.4847"}]
[145,"PTL-20","平台梁-20","HM244*175*7*11                 ","件",1,{"$nulls":5},317.5,317.5,null,"7.18*0.27*0.25",{"v":0.48465,"d":"0.4847"}]
[146,"PTL-21","平台梁-21","HM244*175*7*11                 ","件",1,{"$nulls":5},317.5,317.5,null,"7.18*0.27*0.25",{"v":0.48465,"d":"0.4847"}]
[147,"PTL-22","平台梁-22","HM244*175*7*11                 ","件",1,{"$nulls":5},318.2,318.2,null,"7.28*0.22*0.25",0.4004]
[148,"PTL-23","平台梁-23","HM244*175*7*11                 ","件",1,{"$nulls":5},318.2,318.2,null,"7.28*0.22*0.25",0.4004]
[149,"PTL-24","平台梁-24","HM244*175*7*11                 ","件",1,{"$nulls":5},318.2,318.2,null,"7.28*0.22*0.25",0.4004]
[150,"PTL-25","平台梁-25","HM244*175*7*11                 ","件",1,{"$nulls":5},318.2,318.2,null,"7.28*0.22*0.25",0.4004]
[151,"PTL-26","平台梁-26","HM244*175*7*11                 ","件",1,{"$nulls":5},315.3,{"$f":"L153*F153","v":315.3},null,"7.28*0.22*0.25",0.4004]
[152,"PTL-27","平台梁-27","HM244*175*7*11                 ","件",1,{"$nulls":5},315.3,315.3,null,"7.28*0.22*0.25",0.4004]
[153,"PTL-28","平台梁-28","HM244*175*7*11                 ","件",1,{"$nulls":5},321.6,321.6,null,"7.43*0.22*0.25",{"v":0.40865,"d":"0.4087"}]
[154,"PTL-29","平台梁-29","HM244*175*7*11                 ","件",1,{"$nulls":5},321.6,321.6,null,"7.43*0.22*0.25",{"v":0.40865,"d":"0.4087"}]
[155,"PTL-30","平台梁-30","HM244*175*7*11                 ","件",2,{"$nulls":5},198.4,396.8,null,"4.45*0.28*0.25",{"v":0.623,"d":"0.6230"}]
[156,"PTL-31","平台梁-31","HM244*175*7*11                 ","件",2,{"$nulls":5},198.4,396.8,null,"4.45*0.28*0.25",{"v":0.623,"d":"0.6230"}]
[157,"PTL-32","平台梁-32","HM390*300*10*16                ","件",8,{"$nulls":5},878.4,7027.2,null,"8.14*0.43*0.34",{"v":9.520544,"d":"9.5205"}]
[158,"PTL-33","平台梁-33","HM550*300*11*18                ","件",1,{"$nulls":5},1257.3,1257.3,null,"8.66*0.45*0.57",{"v":2.22129,"d":"2.2213"}]
[159,"PTL-34","平台梁-34","HM390*300*10*16                ","件",1,{"$nulls":5},460.6,460.6,null,"3.53*0.52*0.41",{"v":0.752596,"d":"0.7526"}]
[160,"PTL-35","平台梁-35","HM390*300*10*16                ","件",1,{"$nulls":5},460.6,460.6,null,"3.53*0.52*0.41",{"v":0.752596,"d":"0.7526"}]
[161,"PTL-36","平台梁-36","HM390*300*10*16                ","件",1,{"$nulls":5},452.9,452.9,null,"3.53*0.52*0.41",{"v":0.752596,"d":"0.7526"}]
[162,"PTL-37","平台梁-37","HM390*300*10*16                ","件",1,{"$nulls":5},452.9,452.9,null,"3.53*0.52*0.41",{"v":0.752596,"d":"0.7526"}]
[163,"PTL-38","平台梁-38","HM390*300*10*16                ","件",1,{"$nulls":5},425.3,425.3,null,"3.53*0.52*0.39",{"v":0.715884,"d":"0.7159"}]
[164,"PTL-39","平台梁-39","HM390*300*10*16                ","件",1,{"$nulls":5},425.3,425.3,null,"3.53*0.52*0.39",{"v":0.715884,"d":"0.7159"}]
[165,"PTL-40","平台梁-40","HM390*300*10*16                ","件",3,{"$nulls":5},708.8,2126.3999999999996,null,"6.79*0.3*0.39",{"v":2.38329,"d":"2.3833"}]
[166,"PTL-41","平台梁-41","HM390*300*10*16                ","件",3,{"$nulls":5},708.8,2126.3999999999996,null,"6.79*0.3*0.39",{"v":2.38329,"d":"2.3833"}]
[167,"PTL-42","平台梁-42","HM390*300*10*16                ","件",2,{"$nulls":5},779.5,1559,null,"7.01*0.3*0.39",{"v":1.64034,"d":"1.6403"}]
[168,"PTL-43","平台梁-43","HM390*300*10*16                ","件",2,{"$nulls":5},779.5,1559,null,"7.01*0.3*0.39",{"v":1.64034,"d":"1.6403"}]
[169,"PTL-44","平台梁-44","HM390*300*10*16                ","件",1,{"$nulls":5},781.9,781.9,null,"7.01*0.4*0.39",{"v":1.09356,"d":"1.0936"}]
[170,"PTL-45","平台梁-45","HM390*300*10*16                ","件",1,{"$nulls":5},781.9,781.9,null,"7.01*0.4*0.39",{"v":1.09356,"d":"1.0936"}]
[171,"PTL-46","平台梁-46","HM390*300*10*16                ","件",1,{"$nulls":5},772.1,772.1,null,"6.65*0.3*1.07",{"v":2.13465,"d":"2.1347"}]
[172,"PTL-47","平台梁-47","HM390*300*10*16                ","件",1,{"$nulls":5},772.1,772.1,null,"6.65*0.3*1.07",{"v":2.13465,"d":"2.1347"}]
[173,"PTL-48","平台梁-48","HM390*300*10*16                ","件",1,{"$nulls":5},752.6,752.6,null,"6.65*0.3*1.07",{"v":2.13465,"d":"2.1347"}]
[174,"PTL-49","平台梁-49","HM390*300*10*16                ","件",1,{"$nulls":5},752.6,752.6,null,"6.65*0.3*1.07",{"v":2.13465,"d":"2.1347"}]
[175,"PTL-50","平台梁-50","HM550*300*11*18                ","件",1,{"$nulls":5},1207.2,1207.2,null,"8.66*0.41*0.55",{"v":1.95283,"d":"1.9528"}]
[176,"PTL-51","平台梁-51","HM550*300*11*18                ","件",1,{"$nulls":5},1207.2,1207.2,null,"8.66*0.41*0.55",{"v":1.95283,"d":"1.9528"}]
[177,"PTL-52","平台梁-52","HM390*300*10*16                ","件",6,{"$nulls":5},148.7,892.1999999999999,null,"1.25*0.51*0.39",{"v":1.49175,"d":"1.4918"}]
[178,"PTL-53","平台梁-53","HM390*300*10*16                ","件",6,{"$nulls":5},148.7,892.1999999999999,null,"1.25*0.51*0.39",{"v":1.49175,"d":"1.4918"}]
[179,"PTL-54","平台梁-54","HM390*300*10*16                ","件",8,{"$nulls":5},140.6,1124.8,null,"1.26*0.41*0.39",{"v":1.611792,"d":"1.6118"}]
[180,"PTL-55","平台梁-55","HM390*300*10*16                ","件",2,{"$nulls":5},139.8,279.6,null,"1.26*0.41*0.39",{"v":0.402948,"d":"0.4029"}]
[181,"PTL-56","平台梁-56","HM390*300*10*16                ","件",2,{"$nulls":5},139.8,279.6,null,"1.26*0.41*0.39",{"v":0.402948,"d":"0.4029"}]
[182,"PTL-57","平台梁-57","HM390*300*10*16                ","件",1,{"$nulls":5},749.3,749.3,null,"7.01*0.4*0.39",{"v":1.09356,"d":"1.0936"}]
[183,"PTL-58","平台梁-58","HM390*300*10*16                ","件",1,{"$nulls":5},749.3,749.3,null,"7.01*0.4*0.39",{"v":1.09356,"d":"1.0936"}]
[184,"PTL-59","平台梁-59","HM390*300*10*16                ","件",1,{"$nulls":5},749.3,749.3,null,"7.01*0.4*0.39",{"v":1.09356,"d":"1.0936"}]
[185,"PTL-60","平台梁-60","HM390*300*10*16                ","件",1,{"$nulls":5},749.3,749.3,null,"7.01*0.4*0.39",{"v":1.09356,"d":"1.0936"}]
[186,"PTL-61","平台梁-61","HM390*300*10*16                ","件",1,{"$nulls":5},749.3,749.3,null,"7.01*0.4*0.39",{"v":1.09356,"d":"1.0936"}]
[187,"PTL-62","平台梁-62","HM390*300*10*16                ","件",1,{"$nulls":5},749.3,749.3,null,"7.01*0.4*0.39",{"v":1.09356,"d":"1.0936"}]
[188,"PTL-63","平台梁-63","HM390*300*10*16                ","件",1,{"$nulls":5},749.3,749.3,null,"7.01*0.4*0.39",{"v":1.09356,"d":"1.0936"}]
[189,"PTL-64","平台梁-64","HM390*300*10*16                ","件",1,{"$nulls":5},749.3,749.3,null,"7.01*0.4*0.39",{"v":1.09356,"d":"1.0936"}]
[190,"PTL-65","平台梁-65","HM390*300*10*16                ","件",1,{"$nulls":5},750.8,750.8,null,"7.01*0.4*0.39",{"v":1.09356,"d":"1.0936"}]
[191,"PTL-66","平台梁-66","HM390*300*10*16                ","件",1,{"$nulls":5},750.8,750.8,null,"7.01*0.4*0.39",{"v":1.09356,"d":"1.0936"}]
[192,"PTL-67","平台梁-67","HM390*300*10*16                ","件",1,{"$nulls":5},750.8,750.8,null,"7.01*0.4*0.39",{"v":1.09356,"d":"1.0936"}]
[193,"PTL-68","平台梁-68","HM390*300*10*16                ","件",1,{"$nulls":5},750.8,750.8,null,"7.01*0.4*0.39",{"v":1.09356,"d":"1.0936"}]
[194,"PTL-69","平台梁-69","HM390*300*10*16                ","件",1,{"$nulls":5},750.8,750.8,null,"7.01*0.4*0.39",{"v":1.09356,"d":"1.0936"}]
[195,"PTL-70","平台梁-70","HM390*300*10*16                ","件",1,{"$nulls":5},750.8,750.8,null,"7.01*0.4*0.39",{"v":1.09356,"d":"1.0936"}]
[196,"PTL-71","平台梁-71","HM390*300*10*16                ","件",1,{"$nulls":5},750.8,750.8,null,"7.01*0.4*0.39",{"v":1.09356,"d":"1.0936"}]
[197,"PTL-72","平台梁-72","HM390*300*10*16                ","件",1,{"$nulls":5},750.8,750.8,null,"7.01*0.4*0.39",{"v":1.09356,"d":"1.0936"}]
[198,"PTL-73","平台梁-73","HM390*300*10*16                ","件",1,{"$nulls":5},811.5,811.5,null,"7.01*0.4*0.39",{"v":1.09356,"d":"1.0936"}]
[199,"PTL-74","平台梁-74","HM390*300*10*16                ","件",1,{"$nulls":5},811.5,811.5,null,"7.01*0.4*0.39",{"v":1.09356,"d":"1.0936"}]
[200,"PTL-75","平台梁-75","HM390*300*10*16                ","件",1,{"$nulls":5},811.5,811.5,null,"7.01*0.4*0.39",{"v":1.09356,"d":"1.0936"}]
[201,"PTL-76","平台梁-76","HM390*300*10*16                ","件",1,{"$nulls":5},811.5,811.5,null,"7.01*0.4*0.39",{"v":1.09356,"d":"1.0936"}]
[202,"PTL-77","平台梁-77","HM390*300*10*16                ","件",1,{"$nulls":5},799.8,799.8,null,"7.01*0.4*0.39",{"v":1.09356,"d":"1.0936"}]
[203,"PTL-78","平台梁-78","HM390*300*10*16                ","件",1,{"$nulls":5},799.8,799.8,null,"7.01*0.4*0.39",{"v":1.09356,"d":"1.0936"}]
[204,"PTL-79","平台梁-79","HM390*300*10*16                ","件",1,{"$nulls":5},788.1,788.1,null,"7.01*0.4*0.39",{"v":1.09356,"d":"1.0936"}]
[205,"PTL-80","平台梁-80","HM390*300*10*16                ","件",1,{"$nulls":5},788.1,788.1,null,"7.01*0.4*0.39",{"v":1.09356,"d":"1.0936"}]
[206,"PTL-81","平台梁-81","HM390*300*10*16                ","件",6,{"$nulls":5},742.9,4457.4,null,"7.18*0.3*0.39",{"v":5.04036,"d":"5.0404"}]
[207,"PTL-82","平台梁-82","HM390*300*10*16                ","件",4,{"$nulls":5},629.1,2516.4,null,"6.08*0.3*0.39",{"v":2.84544,"d":"2.8454"}]
[208,"PTL-83","平台梁-83","HM390*300*10*16                ","件",1,{"$nulls":5},688.7,688.7,null,"6.08*0.41*0.69",{"v":1.720032,"d":"1.7200"}]
[209,"PTL-84","平台梁-84","HM390*300*10*16                ","件",1,{"$nulls":5},688.7,688.7,null,"6.08*0.41*0.69",{"v":1.720032,"d":"1.7200"}]
[210,"PTL-85","平台梁-85","HM390*300*10*16                ","件",1,{"$nulls":5},679.7,679.7,null,"6.08*0.52*0.39",{"v":1.233024,"d":"1.2330"}]
[211,"PTL-86","平台梁-86","HM390*300*10*16                ","件",1,{"$nulls":5},679.7,679.7,null,"6.08*0.52*0.39",{"v":1.233024,"d":"1.2330"}]
[212,"PTL-87","平台梁-87","HM390*300*10*16                ","件",1,{"$nulls":5},802.7,802.7,null,"7.02*0.51*0.39",{"v":1.396278,"d":"1.3963"}]
[213,"PTL-88","平台梁-88","HM390*300*10*16                ","件",1,{"$nulls":5},802.7,802.7,null,"7.02*0.51*0.39",{"v":1.396278,"d":"1.3963"}]
[214,"PTL-89","平台梁-89","HM390*300*10*16                ","件",6,{"$nulls":5},722.8,4336.799999999999,null,"7*0.3*0.39",{"v":4.914,"d":"4.9140"}]
[215,"PTL-90","平台梁-90","HM390*300*10*16                ","件",1,{"$nulls":5},753.4,{"$f":"L217*F217","v":753.4},null,"7.02*0.3*0.39",{"v":0.82134,"d":"0.8213"}]
[216,"PTL-91","平台梁-91","HM390*300*10*16                ","件",1,{"$nulls":5},753.4,753.4,null,"7.02*0.3*0.39",{"v":0.82134,"d":"0.8213"}]
[217,"PTL-92","平台梁-92","HM390*300*10*16                ","件",1,{"$nulls":5},774.7,774.7,null,"7.02*0.51*0.39",{"v":1.396278,"d":"1.3963"}]
[218,"PTL-93","平台梁-93","HM390*300*10*16                ","件",1,{"$nulls":5},760.8,760.8,null,"7.02*0.51*0.39",{"v":1.396278,"d":"1.3963"}]
[219,"PTL-94","平台梁-94","HM390*300*10*16                ","件",1,{"$nulls":5},760.8,760.8,null,"7.02*0.51*0.39",{"v":1.396278,"d":"1.3963"}]
[220,"PTL-95","平台梁-95","HM390*300*10*16                ","件",1,{"$nulls":5},776.5,776.5,null,"7.02*0.51*0.39",{"v":1.396278,"d":"1.3963"}]
[221,"PTL-96","平台梁-96","HM390*300*10*16                ","件",1,{"$nulls":5},750.3,750.3,null,"7.02*0.51*0.39",{"v":1.396278,"d":"1.3963"}]
[222,"PTL-97","平台梁-97","HM390*300*10*16                ","件",1,{"$nulls":5},750.3,750.3,null,"7.02*0.51*0.39",{"v":1.396278,"d":"1.3963"}]
[223,"PTL-98","平台梁-98","HM390*300*10*16                ","件",1,{"$nulls":5},765.8,765.8,null,"7.02*0.4*0.39",{"v":1.09512,"d":"1.0951"}]
[224,"PTL-99","平台梁-99","HM390*300*10*16                ","件",1,{"$nulls":5},765.8,765.8,null,"7.02*0.4*0.39",{"v":1.09512,"d":"1.0951"}]
[225,"PTL-100","平台梁-100","HM390*300*10*16                ","件",1,{"$nulls":5},811.4,811.4,null,"7.02*0.4*0.43",{"v":1.20744,"d":"1.2074"}]
[226,"PTL-101","平台梁-101","HM390*300*10*16                ","件",1,{"$nulls":5},811.4,811.4,null,"7.02*0.4*0.43",{"v":1.20744,"d":"1.2074"}]
[227,"PTL-102","平台梁-102","HM390*300*10*16                ","件",2,{"$nulls":5},741.5,1483,null,"7.02*0.4*0.39",{"v":2.19024,"d":"2.1902"}]
[228,"PTL-103","平台梁-103","HM390*300*10*16                ","件",2,{"$nulls":5},741.5,1483,null,"7.02*0.4*0.39",{"v":2.19024,"d":"2.1902"}]
[229,"PTL-104","平台梁-104","HM390*300*10*16                ","件",1,{"$nulls":5},732.1,732.1,null,"7.02*0.4*0.39",{"v":1.09512,"d":"1.0951"}]
[230,"PTL-105","平台梁-105","HM390*300*10*16                ","件",1,{"$nulls":5},732.1,732.1,null,"7.02*0.4*0.39",{"v":1.09512,"d":"1.0951"}]
[231,"PTL-106","平台梁-106","HM390*300*10*16                ","件",1,{"$nulls":5},732.1,732.1,null,"7.02*0.4*0.39",{"v":1.09512,"d":"1.0951"}]
[232,"PTL-107","平台梁-107","HM390*300*10*16                ","件",1,{"$nulls":5},732.1,732.1,null,"7.02*0.4*0.39",{"v":1.09512,"d":"1.0951"}]
[233,"PTL-108","平台梁-108","HM390*300*10*16                ","件",1,{"$nulls":5},1043.9,1043.9,null,"9.63*0.51*0.39",{"v":1.915407,"d":"1.9154"}]
[234,"PTL-109","平台梁-109","HM390*300*10*16                ","件",1,{"$nulls":5},1043.9,1043.9,null,"9.63*0.51*0.39",{"v":1.915407,"d":"1.9154"}]
[235,"PTL-110","平台梁-110","HM390*300*10*16                ","件",1,{"$nulls":5},1040.7,1040.7,null,"9.63*0.4*0.39",{"v":1.50228,"d":"1.5023"}]
[236,"PTL-111","平台梁-111","HM390*300*10*16                ","件",1,{"$nulls":5},1040.7,1040.7,null,"9.63*0.4*0.39",{"v":1.50228,"d":"1.5023"}]
[237,"PTL-112","平台梁-112","HM390*300*10*16                ","件",1,{"$nulls":5},1024.5,1024.5,null,"9.63*0.4*0.39",{"v":1.50228,"d":"1.5023"}]
[238,"PTL-113","平台梁-113","HM294*200*8*12                 ","件",2,{"$nulls":5},176.9,353.8,null,"2.38*0.6*0.31",{"v":0.88536,"d":"0.8854"}]
[239,"PTL-114","平台梁-114","HM294*200*8*12                 ","件",1,{"$nulls":5},160.1,160.1,null,"2.38*0.4*0.31",{"v":0.29512,"d":"0.2951"}]
[240,"PTL-115","平台梁-115","HM294*200*8*12                 ","件",1,{"$nulls":5},160.1,160.1,null,"2.38*0.4*0.31",{"v":0.29512,"d":"0.2951"}]
[241,"PTL-116","平台梁-116","HM244*175*7*11                 ","件",2,{"$nulls":5},319.4,638.8,null,"7.43*0.27*0.25",{"v":1.00305,"d":"1.0031"}]
[242,"PTL-117","平台梁-117","HM390*300*10*16                ","件",1,{"$nulls":5},1024.5,1024.5,null,"9.63*0.4*0.39",{"v":1.50228,"d":"1.5023"}]
[243,"PTL-118","平台梁-118","HM390*300*10*16                ","件",2,{"$nulls":5},1024.5,2049,null,"9.63*0.4*0.39",{"v":3.00456,"d":"3.0046"}]
[244,"PTL-119","平台梁-119","HM390*300*10*16                ","件",2,{"$nulls":5},1024.5,2049,null,"9.63*0.4*0.39",{"v":3.00456,"d":"3.0046"}]
[245,"PTL-120","平台梁-120","HM390*300*10*16                ","件",1,{"$nulls":5},1024.5,1024.5,null,"9.63*0.4*0.39",{"v":1.50228,"d":"1.5023"}]
[246,"PTL-121","平台梁-121","HM390*300*10*16                ","件",1,{"$nulls":5},1024.5,1024.5,null,"9.63*0.4*0.39",{"v":1.50228,"d":"1.5023"}]
[247,"PTL-122","平台梁-122","HM440*300*11*18                ","件",2,{"$nulls":5},1067.8,2135.6,null,"8.14*0.43*0.48",{"v":3.360192,"d":"3.3602"}]
[248,"PTL-123","平台梁-123","HM440*300*11*18                ","件",2,{"$nulls":5},1067.8,2135.6,null,"8.14*0.43*0.48",{"v":3.360192,"d":"3.3602"}]
[249,"PTL-124","平台梁-124","HM440*300*11*18                ","件",2,{"$nulls":5},1090.6,2181.2,null,"8.14*0.43*0.48",{"v":3.360192,"d":"3.3602"}]
[250,"PTL-125","平台梁-125","HM440*300*11*18                ","件",2,{"$nulls":5},1090.6,2181.2,null,"8.14*0.43*0.48",{"v":3.360192,"d":"3.3602"}]
[251,"PTL-126","平台梁-126","HM440*300*11*18                ","件",2,{"$nulls":5},1081.5,2163,null,"8.14*0.43*0.48",{"v":3.360192,"d":"3.3602"}]
[252,"PTL-127","平台梁-127","HM440*300*11*18                ","件",2,{"$nulls":5},1081.5,2163,null,"8.14*0.43*0.48",{"v":3.360192,"d":"3.3602"}]
[253,"PTL-128","平台梁-128","HM440*300*11*18                ","件",1,{"$nulls":5},1246.7,1246.7,null,"9.64*0.51*0.44",{"v":2.163216,"d":"2.1632"}]
[254,"PTL-129","平台梁-129","HM440*300*11*18                ","件",1,{"$nulls":5},1246.7,1246.7,null,"9.64*0.51*0.44",{"v":2.163216,"d":"2.1632"}]
[255,"PTL-130","平台梁-130","HM440*300*11*18                ","件",2,{"$nulls":5},1224.7,2449.4,null,"9.64*0.51*0.44",{"v":4.326432,"d":"4.3264"}]
[256,"PTL-131","平台梁-131","HM440*300*11*18                ","件",2,{"$nulls":5},1224.7,2449.4,null,"9.64*0.51*0.44",{"v":4.326432,"d":"4.3264"}]
[257,"PTL-132","平台梁-132","HM440*300*11*18                ","件",1,{"$nulls":5},1224.7,1224.7,null,"9.64*0.51*0.44",{"v":2.163216,"d":"2.1632"}]
[258,"PTL-133","平台梁-133","HM440*300*11*18                ","件",1,{"$nulls":5},1224.7,1224.7,null,"9.64*0.51*0.44",{"v":2.163216,"d":"2.1632"}]
[259,"PTL-134","平台梁-134","HM440*300*11*18                ","件",2,{"$nulls":5},1213.9,2427.8,null,"9.64*0.52*0.44",{"v":4.411264,"d":"4.4113"}]
[260,"PTL-135","平台梁-135","HM440*300*11*18                ","件",2,{"$nulls":5},1213.9,2427.8,null,"9.64*0.52*0.44",{"v":4.411264,"d":"4.4113"}]
[261,"PTL-136","平台梁-136","HM440*300*11*18                ","件",2,{"$nulls":5},1189.5,2379,null,"9.64*0.52*0.44",{"v":4.411264,"d":"4.4113"}]
[262,"PTL-137","平台梁-137","HM440*300*11*18                ","件",2,{"$nulls":5},1189.5,2379,null,"9.64*0.52*0.44",{"v":4.411264,"d":"4.4113"}]
[263,"PTL-138","平台梁-138","HM440*300*11*18                ","件",2,{"$nulls":5},1203.6,2407.2,null,"9.64*0.52*0.44",{"v":4.411264,"d":"4.4113"}]
[264,"PTL-139","平台梁-139","HM440*300*11*18                ","件",2,{"$nulls":5},1203.6,2407.2,null,"9.64*0.52*0.44",{"v":4.411264,"d":"4.4113"}]
[265,"PTL-140","平台梁-140","HM440*300*11*18                ","件",1,{"$nulls":5},1050.8,1050.8,null,"8.6*0.41*0.44",{"v":1.55144,"d":"1.5514"}]
[266,"PTL-141","平台梁-141","HM440*300*11*18                ","件",1,{"$nulls":5},1050.8,1050.8,null,"8.6*0.41*0.44",{"v":1.55144,"d":"1.5514"}]
[267,"PTL-142","平台梁-142","HM440*300*11*18                ","件",1,{"$nulls":5},1071.9,1071.9,null,"8.6*0.41*0.44",{"v":1.55144,"d":"1.5514"}]
[268,"PTL-143","平台梁-143","HM440*300*11*18                ","件",1,{"$nulls":5},1071.9,1071.9,null,"8.6*0.41*0.44",{"v":1.55144,"d":"1.5514"}]
[269,"PTL-144","平台梁-144","HM440*300*11*18                ","件",1,{"$nulls":5},854.8,854.8,null,"7.02*0.41*0.44",{"v":1.266408,"d":"1.2664"}]
[270,"PTL-145","平台梁-145","HM440*300*11*18                ","件",1,{"$nulls":5},854.8,854.8,null,"7.02*0.41*0.44",{"v":1.266408,"d":"1.2664"}]
[271,"PTL-146","平台梁-146","HM440*300*11*18                ","件",1,{"$nulls":5},1099.3,1099.3,null,"8.6*0.41*0.44",{"v":1.55144,"d":"1.5514"}]
[272,"PTL-147","平台梁-147","HM440*300*11*18                ","件",1,{"$nulls":5},1099.3,1099.3,null,"8.6*0.41*0.44",{"v":1.55144,"d":"1.5514"}]
[273,"PTL-148","平台梁-148","HM440*300*11*18                ","件",1,{"$nulls":5},992,992,null,"8.09*0.3*0.44",{"v":1.06788,"d":"1.0679"}]
[274,"PTL-149","平台梁-149","HM440*300*11*18                ","件",1,{"$nulls":5},992,992,null,"8.09*0.3*0.44",{"v":1.06788,"d":"1.0679"}]
[275,"PTL-150","平台梁-150","HM440*300*11*18                ","件",2,{"$nulls":5},1223.8,2447.6,null,"9.64*0.51*0.44",{"v":4.326432,"d":"4.3264"}]
[276,"PTL-151","平台梁-151","HM440*300*11*18                ","件",2,{"$nulls":5},1223.8,2447.6,null,"9.64*0.51*0.44",{"v":4.326432,"d":"4.3264"}]
[277,"PTL-152","平台梁-152","HM440*300*11*18                ","件",2,{"$nulls":5},1188.6,2377.2,null,"9.64*0.52*0.44",{"v":4.411264,"d":"4.4113"}]
[278,"PTL-153","平台梁-153","HM440*300*11*18                ","件",2,{"$nulls":5},1202.7,2405.4,null,"9.64*0.52*0.44",{"v":4.411264,"d":"4.4113"}]
[279,"PTL-154","平台梁-154","HM440*300*11*18                ","件",2,{"$nulls":5},1202.7,{"$f":"L281*F281","v":2405.4},null,"9.64*0.52*0.44",{"v":4.411264,"d":"4.4113"}]
[280,"PTL-155","平台梁-155","HM440*300*11*18                ","件",1,{"$nulls":5},1074.1,1074.1,null,"8.49*0.41*0.44",{"v":1.531596,"d":"1.5316"}]
[281,"PTL-156","平台梁-156","HM440*300*11*18                ","件",1,{"$nulls":5},1074.1,1074.1,null,"8.49*0.41*0.44",{"v":1.531596,"d":"1.5316"}]
[282,"PTL-157","平台梁-157","HM244*175*7*11                 ","件",2,{"$nulls":5},71.5,143,null,"1.71*0.18*0.25",0.1539]
[283,"PTL-158","平台梁-158","HM244*175*7*11                 ","件",2,{"$nulls":5},24.9,49.8,null,"0.61*0.18*0.25",0.0549]
[284,"PTL-159","平台梁-159","HM244*175*7*11                 ","件",2,{"$nulls":5},44,88,null,"1.06*0.18*0.25",0.0954]
[285,"PTL-160","平台梁-160","HM244*175*7*11                 ","件",6,{"$nulls":5},67.2,403.20000000000005,null,"1.51*0.2*0.25",{"v":0.453,"d":"0.4530"}]
[286,"PTL-161","平台梁-161","HM244*175*7*11                 ","件",4,{"$nulls":5},67.2,268.8,null,"1.51*0.2*0.25",{"v":0.302,"d":"0.3020"}]
[287,"PTL-162","平台梁-162","HM244*175*7*11                 ","件",1,{"$nulls":5},71.3,71.3,null,"1.51*0.29*0.25",{"v":0.109475,"d":"0.1095"}]
[288,"PTL-163","平台梁-163","HM244*175*7*11                 ","件",1,{"$nulls":5},71.3,71.3,null,"1.51*0.29*0.25",{"v":0.109475,"d":"0.1095"}]
[289,"PTL-164","平台梁-164","HM244*175*7*11                 ","件",4,{"$nulls":5},25.7,102.8,null,"0.61*0.18*0.25",0.1098]
[290,"PTL-165","平台梁-165","HM244*175*7*11                 ","件",2,{"$nulls":5},46.2,92.4,null,"1.09*0.18*0.25",0.0981]
[291,"PTL-166","平台梁-166","HM244*175*7*11                 ","件",1,{"$nulls":5},49.3,49.3,null,"1.09*0.19*0.25",{"v":0.051775,"d":"0.0518"}]
[292,"PTL-167","平台梁-167","HM244*175*7*11                 ","件",1,{"$nulls":5},49.3,49.3,null,"1.09*0.19*0.25",{"v":0.051775,"d":"0.0518"}]
[293,"PTL-168","平台梁-168","HM244*175*7*11                 ","件",1,{"$nulls":5},56.6,56.6,null,"1.2*0.26*0.25",{"v":0.078,"d":"0.0780"}]
[294,"PTL-169","平台梁-169","HM244*175*7*11                 ","件",1,{"$nulls":5},56.6,56.6,null,"1.2*0.26*0.25",{"v":0.078,"d":"0.0780"}]
[295,"PTL-170","平台梁-170","HM244*175*7*11                 ","件",2,{"$nulls":5},43.7,87.4,null,"1.03*0.18*0.25",0.0927]
[296,"PTL-171","平台梁-171","HM244*175*7*11                 ","件",2,{"$nulls":5},16.4,32.8,null,"0.35*0.26*0.25",0.0455]
[297,"PTL-172","平台梁-172","HM244*175*7*11                 ","件",2,{"$nulls":5},16.4,32.8,null,"0.35*0.26*0.25",0.0455]
[298,"PTL-173","平台梁-173","HM244*175*7*11                 ","件",4,{"$nulls":5},38.6,154.4,null,"1.08*0.18*0.25",0.1944]
[299,"PTL-174","平台梁-174","HM244*175*7*11                 ","件",1,{"$nulls":5},63,63,null,"1.14*0.4*0.25",{"v":0.114,"d":"0.1140"}]
[300,"PTL-175","平台梁-175","HM244*175*7*11                 ","件",1,{"$nulls":5},63,63,null,"1.14*0.4*0.25",{"v":0.114,"d":"0.1140"}]
[301,"PTL-176","平台梁-176","HM244*175*7*11                 ","件",1,{"$nulls":5},63,63,null,"1.14*0.4*0.25",{"v":0.114,"d":"0.1140"}]
[302,"PTL-177","平台梁-177","HM244*175*7*11                 ","件",1,{"$nulls":5},63,63,null,"1.14*0.4*0.25",{"v":0.114,"d":"0.1140"}]
[303,"PTL-178","平台梁-178","HM244*175*7*11                 ","件",8,{"$nulls":5},34.6,276.8,null,"0.98*0.18*0.25",0.3528]
[304,"PTL-179","平台梁-179","HM244*175*7*11                 ","件",2,{"$nulls":5},98.3,196.6,null,"2.17*0.19*0.25",{"v":0.20615,"d":"0.2062"}]
[305,"PTL-180","平台梁-180","HM244*175*7*11                 ","件",2,{"$nulls":5},85.5,171,null,"2.03*0.18*0.25",0.1827]
[306,"PTL-181","平台梁-181","HM244*175*7*11                 ","件",1,{"$nulls":5},91.8,91.8,null,"2.03*0.18*0.25",{"v":0.09135,"d":"0.0914"}]
[307,"PTL-182","平台梁-182","HM244*175*7*11                 ","件",1,{"$nulls":5},91.8,91.8,null,"2.03*0.18*0.25",{"v":0.09135,"d":"0.0914"}]
[308,"PTL-183","平台梁-183","HM244*175*7*11                 ","件",1,{"$nulls":5},195.4,195.4,null,"4.38*0.29*0.25",{"v":0.31755,"d":"0.3176"}]
[309,"PTL-184","平台梁-184","HM244*175*7*11                 ","件",1,{"$nulls":5},195.4,195.4,null,"4.38*0.29*0.25",{"v":0.31755,"d":"0.3176"}]
[310,"PTL-185","平台梁-185","HM244*175*7*11                 ","件",2,{"$nulls":5},39.1,78.2,null,"0.93*0.18*0.25",0.0837]
[311,"PTL-186","平台梁-186","HM244*175*7*11                 ","件",2,{"$nulls":5},42.3,84.6,null,"1.08*0.18*0.25",0.0972]
[312,"PTL-187","平台梁-187","HM244*175*7*11                 ","件",6,{"$nulls":5},55.5,333,null,"1.31*0.18*0.25",0.3537]
[313,"PTL-188","平台梁-188","HM244*175*7*11                 ","件",2,{"$nulls":5},43.1,86.2,null,"1.02*0.18*0.25",0.0918]
[314,"PTL-189","平台梁-189","HM244*175*7*11                 ","件",10,{"$nulls":5},67.5,675,null,"1.59*0.18*0.25",0.7155]
[315,"PTL-190","平台梁-190","HM244*175*7*11                 ","件",4,{"$nulls":5},98.8,395.2,null,"2.33*0.18*0.25",0.4194]
[316,"PTL-191","平台梁-191","HM244*175*7*11                 ","件",4,{"$nulls":5},108.8,435.2,null,"2.33*0.18*0.25",0.4194]
[317,"PTL-192","平台梁-192","HM244*175*7*11                 ","件",2,{"$nulls":5},99.8,199.6,null,"2.21*0.19*0.25",{"v":0.20995,"d":"0.2100"}]
[318,"PTL-193","平台梁-193","HM244*175*7*11                 ","件",2,{"$nulls":5},99.8,199.6,null,"2.21*0.19*0.25",{"v":0.20995,"d":"0.2100"}]
[319,"PTL-194","平台梁-194","HM244*175*7*11                 ","件",4,{"$nulls":5},181.6,726.4,null,"4.28*0.18*0.25",0.7704]
[320,"PTL-195","平台梁-195","HM244*175*7*11                 ","件",2,{"$nulls":5},98.3,196.6,null,"2.17*0.19*0.25",{"v":0.20615,"d":"0.2062"}]
[321,"PTL-196","平台梁-196","HM244*175*7*11                 ","件",2,{"$nulls":5},191.8,383.6,null,"4.28*0.29*0.25",0.6206]
[322,"PTL-197","平台梁-197","HM244*175*7*11                 ","件",2,{"$nulls":5},191.8,383.6,null,"4.28*0.29*0.25",0.6206]
[323,"PTL-198","平台梁-198","HM244*175*7*11                 ","件",6,{"$nulls":5},86.1,516.5999999999999,null,"2.03*0.18*0.25",0.5481]
[324,"PTL-199","平台梁-199","HM244*175*7*11                 ","件",2,{"$nulls":5},92.4,184.8,null,"2.03*0.19*0.25",{"v":0.19285,"d":"0.1929"}]
[325,"PTL-200","平台梁-200","HM244*175*7*11                 ","件",2,{"$nulls":5},92.4,184.8,null,"2.03*0.19*0.25",{"v":0.19285,"d":"0.1929"}]
[326,"PTL-201","平台梁-201","HM244*175*7*11                 ","件",1,{"$nulls":5},92.4,92.4,null,"2.03*0.19*0.25",{"v":0.096425,"d":"0.0964"}]
[327,"PTL-202","平台梁-202","HM244*175*7*11                 ","件",1,{"$nulls":5},92.4,92.4,null,"2.03*0.19*0.25",{"v":0.096425,"d":"0.0964"}]
[328,"PTL-203","平台梁-203","HM244*175*7*11                 ","件",2,{"$nulls":5},203.2,406.4,null,"4.38*0.28*0.25",0.6132]
[329,"PTL-204","平台梁-204","HM244*175*7*11                 ","件",2,{"$nulls":5},203.2,406.4,null,"4.38*0.28*0.25",0.6132]
[330,"PTL-205","平台梁-205","HM244*175*7*11                 ","件",2,{"$nulls":5},197.6,395.2,null,"4.38*0.4*0.25",{"v":0.876,"d":"0.8760"}]
[331,"PTL-206","平台梁-206","HM244*175*7*11                 ","件",4,{"$nulls":5},196,784,null,"4.38*0.29*0.25",1.2702]
[332,"PTL-207","平台梁-207","HM244*175*7*11                 ","件",2,{"$nulls":5},96.8,193.6,null,"2.46*0.18*0.25",0.2214]
[333,"PTL-208","平台梁-208","HM244*175*7*11                 ","件",1,{"$nulls":5},24.6,24.6,null,"0.58*0.18*0.25",0.0261]
[334,"PTL-209","平台梁-209","HM244*175*7*11                 ","件",2,{"$nulls":5},20.4,40.8,null,"0.48*0.18*0.25",0.0432]
[335,"PTL-210","平台梁-210","HM244*175*7*11                 ","件",2,{"$nulls":5},197.4,394.8,null,"4.46*0.18*0.25",0.4014]
[336,"PTL-211","平台梁-211","HM244*175*7*11                 ","件",1,{"$nulls":5},154.5,154.5,null,"3.5*0.19*0.25",{"v":0.16625,"d":"0.1663"}]
[337,"PTL-212","平台梁-212","HM244*175*7*11                 ","件",1,{"$nulls":5},154.5,154.5,null,"3.5*0.19*0.25",{"v":0.16625,"d":"0.1663"}]
[338,"PTL-213","平台梁-213","HM244*175*7*11                 ","件",1,{"$nulls":5},151.8,151.8,null,"3.43*0.19*0.25",{"v":0.162925,"d":"0.1629"}]
[339,"PTL-214","平台梁-214","HM244*175*7*11                 ","件",1,{"$nulls":5},151.8,151.8,null,"3.43*0.19*0.25",{"v":0.162925,"d":"0.1629"}]
[340,"PTL-215","平台梁-215","HM244*175*7*11                 ","件",1,{"$nulls":5},9.8,9.8,null,"0.23*0.18*0.25",{"v":0.01035,"d":"0.0104"}]
[341,"PTL-216","平台梁-216","HM244*175*7*11                 ","件",9,{"$nulls":5},42.6,383.40000000000003,null,"1.01*0.18*0.25",{"v":0.40905,"d":"0.4091"}]
[342,"PTL-217","平台梁-217","HM244*175*7*11                 ","件",6,{"$nulls":5},54.3,325.79999999999995,null,"1.28*0.18*0.25",0.3456]
[343,"PTL-218","平台梁-218","HM244*175*7*11                 ","件",2,{"$nulls":5},60.1,{"$f":"L345*F345","v":120.2},null,"1.28*0.18*0.25",0.1152]
[344,"PTL-219","平台梁-219","HM244*175*7*11                 ","件",1,{"$nulls":5},35.2,35.2,null,"0.83*0.18*0.25",{"v":0.03735,"d":"0.0374"}]
[345,"PTL-220","平台梁-220","HM244*175*7*11                 ","件",3,{"$nulls":5},62.8,188.39999999999998,null,"1.48*0.18*0.25",0.1998]
[346,"PTL-221","平台梁-221","HM244*175*7*11                 ","件",16,{"$nulls":5},33.1,529.6,null,"0.78*0.18*0.25",0.5616]
[347,"PTL-222","平台梁-222","HM244*175*7*11                 ","件",2,{"$nulls":5},330.6,661.2,null,"7.21*0.18*0.62",{"v":1.609272,"d":"1.6093"}]
[348,"PTL-223","平台梁-223","HM244*175*7*11                 ","件",20,{"$nulls":5},313.7,6274,null,"7.21*0.18*0.25",{"v":6.489,"d":"6.4890"}]
[349,"PTL-224","平台梁-224","HM244*175*7*11                 ","件",4,{"$nulls":5},322.1,1288.4,null,"7.31*0.18*0.29",{"v":1.526328,"d":"1.5263"}]
[350,"PTL-225","平台梁-225","HM244*175*7*11                 ","件",4,{"$nulls":5},322.1,1288.4,null,"7.31*0.18*0.29",{"v":1.526328,"d":"1.5263"}]
[351,"PTL-226","平台梁-226","HM244*175*7*11                 ","件",6,{"$nulls":5},322.1,1932.6000000000001,null,"7.31*0.18*0.29",{"v":2.289492,"d":"2.2895"}]
[352,"PTL-227","平台梁-227","HM244*175*7*11                 ","件",6,{"$nulls":5},322.1,1932.6000000000001,null,"7.31*0.18*0.29",{"v":2.289492,"d":"2.2895"}]
[353,"PTL-228","平台梁-228","HM244*175*7*11                 ","件",6,{"$nulls":5},322.1,1932.6000000000001,null,"7.31*0.18*0.29",{"v":2.289492,"d":"2.2895"}]
[354,"PTL-229","平台梁-229","HM244*175*7*11                 ","件",6,{"$nulls":5},322.1,1932.6000000000001,null,"7.31*0.18*0.29",{"v":2.289492,"d":"2.2895"}]
[355,"PTL-230","平台梁-230","HM244*175*7*11                 ","件",2,{"$nulls":5},322.1,644.2,null,"7.31*0.18*0.29",{"v":0.763164,"d":"0.7632"}]
[356,"PTL-231","平台梁-231","HM244*175*7*11                 ","件",2,{"$nulls":5},322.1,644.2,null,"7.31*0.18*0.29",{"v":0.763164,"d":"0.7632"}]
[357,"PTL-232","平台梁-232","HM244*175*7*11                 ","件",4,{"$nulls":5},332,1328,null,"7.31*0.18*0.29",{"v":1.526328,"d":"1.5263"}]
[358,"PTL-233","平台梁-233","HM244*175*7*11                 ","件",4,{"$nulls":5},332,1328,null,"7.31*0.18*0.29",{"v":1.526328,"d":"1.5263"}]
[359,"PTL-234","平台梁-234","HM244*175*7*11                 ","件",2,{"$nulls":5},328.4,656.8,null,"7.46*0.18*0.29",{"v":0.778824,"d":"0.7788"}]
[360,"PTL-235","平台梁-235","HM244*175*7*11                 ","件",2,{"$nulls":5},328.4,656.8,null,"7.46*0.18*0.29",{"v":0.778824,"d":"0.7788"}]
[361,"PTL-236","平台梁-236","HM244*175*7*11                 ","件",2,{"$nulls":5},320,640,null,"7.36*0.18*0.29",{"v":0.768384,"d":"0.7684"}]
[362,"PTL-237","平台梁-237","HM244*175*7*11                 ","件",2,{"$nulls":5},315.7,631.4,null,"7.16*0.18*0.29",{"v":0.747504,"d":"0.7475"}]
[363,"PTL-238","平台梁-238","HM244*175*7*11                 ","件",2,{"$nulls":5},315.7,631.4,null,"7.16*0.18*0.29",{"v":0.747504,"d":"0.7475"}]
[364,"PTL-239","平台梁-239","HM244*175*7*11                 ","件",2,{"$nulls":5},324.6,649.2,null,"7.06*0.18*0.64",{"v":1.626624,"d":"1.6266"}]
[365,"PTL-240","平台梁-240","HM244*175*7*11                 ","件",4,{"$nulls":5},241,964,null,"5.68*0.18*0.25",1.0224]
[366,"PTL-241","平台梁-241","HM244*175*7*11                 ","件",1,{"$nulls":5},239.6,239.6,null,"5.58*0.18*0.25",0.2511]
[367,"PTL-242","平台梁-242","HM244*175*7*11                 ","件",1,{"$nulls":5},242.5,242.5,null,"5.58*0.18*0.25",0.2511]
[368,"PTL-243","平台梁-243","HM244*175*7*11                 ","件",2,{"$nulls":5},183.1,366.2,null,"4.18*0.18*0.25",0.3762]
[369,"PTL-244","平台梁-244","HM244*175*7*11                 ","件",4,{"$nulls":5},117.9,471.6,null,"2.78*0.18*0.25",0.5004]
[370,"PTL-245","平台梁-245","HM244*175*7*11                 ","件",2,{"$nulls":5},119.5,239,null,"2.68*0.18*0.25",0.2412]
[371,"PTL-246","平台梁-246","HM244*175*7*11                 ","件",4,{"$nulls":5},58.5,234,null,"1.38*0.18*0.25",0.2484]
[372,"PTL-247","平台梁-247","HM244*175*7*11                 ","件",1,{"$nulls":5},308.2,308.2,null,"7.13*0.18*0.25",{"v":0.32085,"d":"0.3209"}]
[373,"PTL-248","平台梁-248","HM244*175*7*11                 ","件",1,{"$nulls":5},326.8,326.8,null,"7.03*0.18*0.55",{"v":0.69597,"d":"0.6960"}]
[374,"PTL-249","平台梁-249","HM244*175*7*11                 ","件",1,{"$nulls":5},326.8,326.8,null,"7.03*0.18*0.55",{"v":0.69597,"d":"0.6960"}]
[375,"PTL-250","平台梁-250","HM244*175*7*11                 ","件",1,{"$nulls":5},320.9,320.9,null,"7.33*0.27*0.25",{"v":0.494775,"d":"0.4948"}]
[376,"PTL-251","平台梁-251","HM244*175*7*11                 ","件",1,{"$nulls":5},320.9,320.9,null,"7.33*0.27*0.25",{"v":0.494775,"d":"0.4948"}]
[377,"PTL-252","平台梁-252","HM244*175*7*11                 ","件",8,{"$nulls":5},103.2,825.6,null,"2.44*0.18*0.25",0.8784]
[378,"PTL-253","平台梁-253","HM244*175*7*11                 ","件",7,{"$nulls":5},115.7,809.9,null,"2.44*0.27*0.25",1.1529]
[379,"PTL-254","平台梁-254","HM244*175*7*11                 ","件",7,{"$nulls":5},115.7,809.9,null,"2.44*0.28*0.25",1.1956]
[380,"PTL-255","平台梁-255","HM244*175*7*11                 ","件",8,{"$nulls":5},111.5,892,null,"2.44*0.28*0.25",1.3664]
[381,"PTL-256","平台梁-256","HM244*175*7*11                 ","件",8,{"$nulls":5},111.5,892,null,"2.44*0.28*0.25",1.3664]
[382,"PTL-257","平台梁-257","HM244*175*7*11                 ","件",2,{"$nulls":5},107.4,214.8,null,"2.44*0.28*0.25",0.3416]
[383,"PTL-258","平台梁-258","HM244*175*7*11                 ","件",2,{"$nulls":5},107.4,214.8,null,"2.44*0.28*0.25",0.3416]
[384,"PTL-259","平台梁-259","HM244*175*7*11                 ","件",2,{"$nulls":5},136,272,null,"3.21*0.18*0.25",0.2889]
[385,"PTL-260","平台梁-260","HM244*175*7*11                 ","件",2,{"$nulls":5},169.9,339.8,null,"4.01*0.18*0.25",0.3609]
[386,"PTL-261","平台梁-261","HM244*175*7*11                 ","件",4,{"$nulls":5},62.8,251.2,null,"1.48*0.18*0.25",0.2664]
[387,"PTL-262","平台梁-262","HM244*175*7*11                 ","件",1,{"$nulls":5},308.2,308.2,null,"7.13*0.18*0.25",{"v":0.32085,"d":"0.3209"}]
[388,"PTL-263","平台梁-263","HM244*175*7*11                 ","件",1,{"$nulls":5},305.4,305.4,null,"7.13*0.18*0.25",{"v":0.32085,"d":"0.3209"}]
[389,"PTL-264","平台梁-264","HM244*175*7*11                 ","件",1,{"$nulls":5},305.4,305.4,null,"7.13*0.18*0.25",{"v":0.32085,"d":"0.3209"}]
[390,"PTL-265","平台梁-265","HM244*175*7*11                 ","件",4,{"$nulls":5},296.6,1186.4,null,"7*0.18*0.25",{"v":1.26,"d":"1.2600"}]
[391,"PTL-266","平台梁-266","HM244*175*7*11                 ","件",9,{"$nulls":5},40.1,360.90000000000003,null,"0.84*0.29*0.25",0.5481]
[392,"PTL-267","平台梁-267","HM244*175*7*11                 ","件",2,{"$nulls":5},36.7,73.4,null,"0.81*0.18*0.25",0.0729]
[393,"PTL-268","平台梁-268","HM294*200*8*12                 ","件",1,{"$nulls":5},22.4,22.4,null,"0.35*0.3*0.3",0.0315]
[394,"PTL-269","平台梁-269","HM244*175*7*11                 ","件",2,{"$nulls":5},36.7,73.4,null,"0.81*0.18*0.25",0.0729]
[395,"PTL-270","平台梁-270","HM294*200*8*12                 ","件",1,{"$nulls":5},22.4,22.4,null,"0.35*0.3*0.3",0.0315]
[396,"PTL-271","平台梁-271","HM244*175*7*11                 ","件",2,{"$nulls":5},37.5,75,null,"0.76*0.18*0.25",0.0684]
[397,"PTL-272","平台梁-272","HM244*175*7*11                 ","件",2,{"$nulls":5},15.6,31.2,null,"0.24*0.28*0.25",0.0336]
[398,"PTL-273","平台梁-273","HM244*175*7*11                 ","件",2,{"$nulls":5},28.3,56.6,null,"0.54*0.28*0.25",0.0756]
[399,"PTL-274","平台梁-274","HM244*175*7*11                 ","件",1,{"$nulls":5},48.8,48.8,null,"0.95*0.28*0.25",0.0665]
[400,"PTL-275","平台梁-275","HM244*175*7*11                 ","件",1,{"$nulls":5},48.8,48.8,null,"0.95*0.28*0.25",0.0665]
[401,"PTL-276","平台梁-276","HM244*175*7*11                 ","件",1,{"$nulls":5},48.8,48.8,null,"0.95*0.28*0.25",0.0665]
[402,"PTL-277","平台梁-277","HM244*175*7*11                 ","件",1,{"$nulls":5},48.8,48.8,null,"0.95*0.28*0.25",0.0665]
[403,"PTL-278","平台梁-278","HM294*200*8*12                 ","件",2,{"$nulls":5},44.4,88.8,null,"0.65*0.2*0.3",{"v":0.078,"d":"0.0780"}]
[404,"PTL-279","平台梁-279","HM294*200*8*12                 ","件",2,{"$nulls":5},44.4,88.8,null,"0.65*0.2*0.3",{"v":0.078,"d":"0.0780"}]
[405,"PTL-280","平台梁-280","HM294*200*8*12                 ","件",4,{"$nulls":5},400.5,1602,null,"7.48*0.2*0.3",1.7952]
[406,"PTL-281","平台梁-281","HM294*200*8*12                 ","件",2,{"$nulls":5},208.1,416.2,null,"3.53*0.42*0.3",{"v":0.88956,"d":"0.8896"}]
[407,"PTL-282","平台梁-282","HM294*200*8*12                 ","件",2,{"$nulls":5},78.1,{"$f":"L409*F409","v":156.2},null,"1.43*0.2*0.3",0.1716]
[408,"PTL-283","平台梁-283","HM294*200*8*12                 ","件",1,{"$nulls":5},83.3,83.3,null,"1.43*0.3*0.3",0.1287]
[409,"PTL-284","平台梁-284","HM294*200*8*12                 ","件",1,{"$nulls":5},83.3,83.3,null,"1.43*0.3*0.3",0.1287]
[410,"PTL-285","平台梁-285","HM294*200*8*12                 ","件",6,{"$nulls":5},73.2,439.20000000000005,null,"1.25*0.3*0.3",{"v":0.675,"d":"0.6750"}]
[411,"PTL-286","平台梁-286","HM294*200*8*12                 ","件",6,{"$nulls":5},73.2,439.20000000000005,null,"1.25*0.3*0.3",{"v":0.675,"d":"0.6750"}]
[412,"PTL-287","平台梁-287","HM294*200*8*12                 ","件",1,{"$nulls":5},38.8,38.8,null,"0.65*0.3*0.3",0.0585]
[413,"PTL-288","平台梁-288","HM294*200*8*12                 ","件",1,{"$nulls":5},38.8,38.8,null,"0.65*0.3*0.3",0.0585]
[414,"PTL-289","平台梁-289","HM294*200*8*12                 ","件",13,{"$nulls":5},93.8,1219.3999999999999,null,"1.68*0.4*0.3",2.6208]
[415,"PTL-290","平台梁-290","HM294*200*8*12                 ","件",13,{"$nulls":5},93.8,1219.3999999999999,null,"1.68*0.4*0.3",2.6208]
[416,"PTL-291","平台梁-291","HM294*200*8*12                 ","件",3,{"$nulls":5},53.7,161.10000000000002,null,"0.95*0.31*0.3",{"v":0.26505,"d":"0.2651"}]
[417,"PTL-292","平台梁-292","HM294*200*8*12                 ","件",3,{"$nulls":5},53.7,161.10000000000002,null,"0.95*0.31*0.3",{"v":0.26505,"d":"0.2651"}]
[418,"PTL-293","平台梁-293","HM294*200*8*12                 ","件",2,{"$nulls":5},53.7,107.4,null,"0.95*0.31*0.3",0.1767]
[419,"PTL-294","平台梁-294","HM294*200*8*12                 ","件",1,{"$nulls":5},53.7,53.7,null,"0.95*0.31*0.3",{"v":0.08835,"d":"0.0884"}]
[420,"PTL-295","平台梁-295","HM294*200*8*12                 ","件",13,{"$nulls":5},43.9,570.6999999999999,null,"0.69*0.4*0.3",1.0764]
[421,"PTL-296","平台梁-296","HM294*200*8*12                 ","件",13,{"$nulls":5},43.9,570.6999999999999,null,"0.69*0.4*0.3",1.0764]
[422,"PTL-297","平台梁-297","HM294*200*8*12                 ","件",2,{"$nulls":5},404.4,808.8,null,"7.18*0.2*0.3",0.8616]
[423,"PTL-298","平台梁-298","HM294*200*8*12                 ","件",2,{"$nulls":5},404.4,808.8,null,"7.18*0.2*0.3",0.8616]
[424,"PTL-299","平台梁-299","HM294*200*8*12                 ","件",1,{"$nulls":5},42.6,42.6,null,"0.69*0.3*0.3",0.0621]
[425,"PTL-300","平台梁-300","HM294*200*8*12                 ","件",1,{"$nulls":5},42.6,42.6,null,"0.69*0.3*0.3",0.0621]
[426,"PTL-301","平台梁-301","HM294*200*8*12                 ","件",16,{"$nulls":5},44,704,null,"0.69*0.4*0.3",1.3248]
[427,"PTL-302","平台梁-302","HM294*200*8*12                 ","件",8,{"$nulls":5},42.7,341.6,null,"0.69*0.3*0.3",0.4968]
[428,"PTL-303","平台梁-303","HM294*200*8*12                 ","件",8,{"$nulls":5},42.7,341.6,null,"0.69*0.3*0.3",0.4968]
[429,"PTL-304","平台梁-304","HM294*200*8*12                 ","件",2,{"$nulls":5},245.4,490.8,null,"4.38*0.31*0.3",{"v":0.81468,"d":"0.8147"}]
[430,"PTL-305","平台梁-305","HM294*200*8*12                 ","件",1,{"$nulls":5},244.9,244.9,null,"4.38*0.31*0.3",{"v":0.40734,"d":"0.4073"}]
[431,"PTL-306","平台梁-306","HM294*200*8*12                 ","件",16,{"$nulls":5},38.6,617.6,null,"0.59*0.4*0.3",1.1328]
[432,"PTL-307","平台梁-307","HM294*200*8*12                 ","件",1,{"$nulls":5},244.9,244.9,null,"4.38*0.31*0.3",{"v":0.40734,"d":"0.4073"}]
[433,"PTL-308","平台梁-308","HM294*200*8*12                 ","件",4,{"$nulls":5},37.3,149.2,null,"0.59*0.3*0.3",0.2124]
[434,"PTL-309","平台梁-309","HM294*200*8*12                 ","件",4,{"$nulls":5},37.3,149.2,null,"0.59*0.3*0.3",0.2124]
[435,"PTL-310","平台梁-310","HM294*200*8*12                 ","件",1,{"$nulls":5},302.6,302.6,null,"5.31*0.31*0.3",{"v":0.49383,"d":"0.4938"}]
[436,"PTL-311","平台梁-311","HM294*200*8*12                 ","件",1,{"$nulls":5},302.6,302.6,null,"5.31*0.31*0.3",{"v":0.49383,"d":"0.4938"}]
[437,"PTL-312","平台梁-312","HM294*200*8*12                 ","件",4,{"$nulls":5},52.2,208.8,null,"0.79*0.3*0.3",0.2844]
[438,"PTL-313","平台梁-313","HM294*200*8*12                 ","件",4,{"$nulls":5},52.2,208.8,null,"0.79*0.3*0.3",0.2844]
[439,"PTL-314","平台梁-314","HM294*200*8*12                 ","件",2,{"$nulls":5},221.4,442.8,null,"3.83*0.42*0.3",{"v":0.96516,"d":"0.9652"}]
[440,"PTL-315","平台梁-315","HM294*200*8*12                 ","件",1,{"$nulls":5},226.5,226.5,null,"3.83*0.42*0.3",{"v":0.48258,"d":"0.4826"}]
[441,"PTL-316","平台梁-316","HM294*200*8*12                 ","件",1,{"$nulls":5},226.5,226.5,null,"3.83*0.42*0.3",{"v":0.48258,"d":"0.4826"}]
[442,"PTL-317","平台梁-317","HM294*200*8*12                 ","件",1,{"$nulls":5},321.3,321.3,null,"5.28*0.31*0.3",{"v":0.49104,"d":"0.4910"}]
[443,"PTL-318","平台梁-318","HM294*200*8*12                 ","件",1,{"$nulls":5},321.3,321.3,null,"5.28*0.31*0.3",{"v":0.49104,"d":"0.4910"}]
[444,"PTL-319","平台梁-319","HM294*200*8*12                 ","件",1,{"$nulls":5},102.7,102.7,null,"1.96*0.2*0.3",0.1176]
[445,"PTL-320","平台梁-320","HM294*200*8*12                 ","件",1,{"$nulls":5},92.5,92.5,null,"1.68*0.3*0.3",0.1512]
[446,"PTL-321","平台梁-321","HM294*200*8*12                 ","件",1,{"$nulls":5},92.5,92.5,null,"1.68*0.3*0.3",0.1512]
[447,"PTL-322","平台梁-322","HM294*200*8*12                 ","件",2,{"$nulls":5},75.3,150.6,null,"1.46*0.2*0.3",0.1752]
[448,"PTL-323","平台梁-323","HM294*200*8*12                 ","件",1,{"$nulls":5},49.2,49.2,null,"0.79*0.31*0.3",{"v":0.07347,"d":"0.0735"}]
[449,"PTL-324","平台梁-324","HM294*200*8*12                 ","件",1,{"$nulls":5},48.8,48.8,null,"0.79*0.31*0.3",{"v":0.07347,"d":"0.0735"}]
[450,"PTL-325","平台梁-325","HM294*200*8*12                 ","件",1,{"$nulls":5},81.7,81.7,null,"1.29*0.31*0.3",{"v":0.11997,"d":"0.1200"}]
[451,"PTL-326","平台梁-326","HM294*200*8*12                 ","件",1,{"$nulls":5},82.1,82.1,null,"1.29*0.31*0.3",{"v":0.11997,"d":"0.1200"}]
[452,"PTL-327","平台梁-327","HM294*200*8*12                 ","件",2,{"$nulls":5},101.7,203.4,null,"1.64*0.31*0.3",{"v":0.30504,"d":"0.3050"}]
[453,"PTL-328","平台梁-328","HM294*200*8*12                 ","件",2,{"$nulls":5},31.3,62.6,null,"0.58*0.2*0.3",0.0696]
[454,"PTL-329","平台梁-329","HM294*200*8*12                 ","件",2,{"$nulls":5},25.8,51.6,null,"0.48*0.2*0.3",0.0576]
[455,"PTL-330","平台梁-330","HM294*200*8*12                 ","件",2,{"$nulls":5},26.4,52.8,null,"0.49*0.2*0.3",0.0588]
[456,"PTL-331","平台梁-331","HM294*200*8*12                 ","件",2,{"$nulls":5},80.6,161.2,null,"1.41*0.2*0.3",0.1692]
[457,"PTL-332","平台梁-332","HM294*200*8*12                 ","件",2,{"$nulls":5},410.3,820.6,null,"7*0.2*0.3",{"v":0.84,"d":"0.8400"}]
[458,"PTL-333","平台梁-333","HM294*200*8*12                 ","件",2,{"$nulls":5},410.3,820.6,null,"7*0.2*0.3",{"v":0.84,"d":"0.8400"}]
[459,"PTL-334","平台梁-334","HM294*200*8*12                 ","件",1,{"$nulls":5},408.6,408.6,null,"7*0.3*0.3",{"v":0.63,"d":"0.6300"}]
[460,"PTL-335","平台梁-335","HM294*200*8*12                 ","件",1,{"$nulls":5},408.6,408.6,null,"7*0.3*0.3",{"v":0.63,"d":"0.6300"}]
[461,"PTL-336","平台梁-336","HM294*200*8*12                 ","件",1,{"$nulls":5},407.4,407.4,null,"7*0.31*0.3",{"v":0.651,"d":"0.6510"}]
[462,"PTL-337","平台梁-337","HM294*200*8*12                 ","件",1,{"$nulls":5},407.4,407.4,null,"7*0.31*0.3",{"v":0.651,"d":"0.6510"}]
[463,"PTL-338","平台梁-338","HM294*200*8*12                 ","件",24,{"$nulls":5},396.3,9511.2,null,"7.18*0.2*0.3",10.3392]
[464,"PTL-339","平台梁-339","HM294*200*8*12                 ","件",2,{"$nulls":5},412.5,825,null,"7.18*0.2*0.3",0.8616]
[465,"PTL-340","平台梁-340","HM294*200*8*12                 ","件",2,{"$nulls":5},412.5,825,null,"7.18*0.2*0.3",0.8616]
[466,"PTL-341","平台梁-341","HM294*200*8*12                 ","件",2,{"$nulls":5},404.4,808.8,null,"7.18*0.2*0.3",0.8616]
[467,"PTL-342","平台梁-342","HM294*200*8*12                 ","件",2,{"$nulls":5},404.4,808.8,null,"7.18*0.2*0.3",0.8616]
[468,"PTL-343","平台梁-343","HM294*200*8*12                 ","件",12,{"$nulls":5},330.2,3962.3999999999996,null,"5.81*0.28*0.3",{"v":5.85648,"d":"5.8565"}]
[469,"PTL-344","平台梁-344","HM294*200*8*12                 ","件",12,{"$nulls":5},293.1,3517.2000000000003,null,"5.13*0.28*0.3",{"v":5.17104,"d":"5.1710"}]
[470,"PTL-345","平台梁-345","HM294*200*8*12                 ","件",12,{"$nulls":5},336.8,4041.6000000000004,null,"5.93*0.28*0.3",{"v":5.97744,"d":"5.9774"}]
[471,"PTL-346","平台梁-346","HM294*200*8*12                 ","件",6,{"$nulls":5},340.4,{"$f":"L473*F473","v":2042.3999999999999},null,"6.23*0.2*0.3",2.2428]
[472,"PTL-347","平台梁-347","HM294*200*8*12                 ","件",2,{"$nulls":5},371.2,742.4,null,"6.46*0.42*0.3",{"v":1.62792,"d":"1.6279"}]
[473,"PTL-348","平台梁-348","HM294*200*8*12                 ","件",2,{"$nulls":5},154.4,308.8,null,"2.7*0.28*0.3",0.4536]
[474,"PTL-349","平台梁-349","HM294*200*8*12                 ","件",2,{"$nulls":5},180.4,360.8,null,"2.58*0.2*0.34",{"v":0.35088,"d":"0.3509"}]
[475,"PTL-350","平台梁-350","HM294*200*8*12                 ","件",1,{"$nulls":5},225.4,225.4,null,"3.83*0.42*0.3",{"v":0.48258,"d":"0.4826"}]
[476,"PTL-351","平台梁-351","HM294*200*8*12                 ","件",1,{"$nulls":5},225.4,225.4,null,"3.83*0.42*0.3",{"v":0.48258,"d":"0.4826"}]
[477,"PTL-352","平台梁-352","HM294*200*8*12                 ","件",2,{"$nulls":5},69.7,139.4,null,"1.28*0.2*0.3",0.1536]
[478,"PTL-353","平台梁-353","HM244*175*7*11                 ","件",1,{"$nulls":5},314.6,314.6,null,"7.28*0.18*0.25",0.3276]
[479,"PTL-354","平台梁-354","HM244*175*7*11                 ","件",1,{"$nulls":5},314.6,314.6,null,"7.28*0.18*0.25",0.3276]
[480,"PTL-355","平台梁-355","HM244*175*7*11                 ","件",1,{"$nulls":5},314.6,314.6,null,"7.28*0.18*0.25",0.3276]
[481,"PTL-356","平台梁-356","HM244*175*7*11                 ","件",1,{"$nulls":5},314.6,314.6,null,"7.28*0.18*0.25",0.3276]
[482,"PTL-357","平台梁-357","HM244*175*7*11                 ","件",1,{"$nulls":5},314.6,314.6,null,"7.28*0.18*0.25",0.3276]
[483,"PTL-358","平台梁-358","HM244*175*7*11                 ","件",1,{"$nulls":5},314.6,314.6,null,"7.28*0.18*0.25",0.3276]
[484,"PTL-359","平台梁-359","HM244*175*7*11                 ","件",1,{"$nulls":5},311.7,311.7,null,"7.28*0.18*0.25",0.3276]
[485,"PTL-360","平台梁-360","HM244*175*7*11                 ","件",1,{"$nulls":5},311.7,311.7,null,"7.28*0.18*0.25",0.3276]
[486,"PTL-361","平台梁-361","HM244*175*7*11                 ","件",1,{"$nulls":5},311.7,311.7,null,"7.28*0.18*0.25",0.3276]
[487,"PTL-362","平台梁-362","HM244*175*7*11                 ","件",1,{"$nulls":5},311.7,311.7,null,"7.28*0.18*0.25",0.3276]
[488,"PTL-363","平台梁-363","HM244*175*7*11                 ","件",1,{"$nulls":5},311.7,311.7,null,"7.28*0.18*0.25",0.3276]
[489,"PTL-364","平台梁-364","HM244*175*7*11                 ","件",1,{"$nulls":5},311.7,311.7,null,"7.28*0.18*0.25",0.3276]
[490,"PTL-365","平台梁-365","HM244*175*7*11                 ","件",1,{"$nulls":5},334.9,334.9,null,"7.18*0.18*0.58",{"v":0.749592,"d":"0.7496"}]
[491,"PTL-366","平台梁-366","HM244*175*7*11                 ","件",1,{"$nulls":5},334.9,334.9,null,"7.18*0.18*0.58",{"v":0.749592,"d":"0.7496"}]
[492,"PTL-367","平台梁-367","HM244*175*7*11                 ","件",1,{"$nulls":5},316.2,316.2,null,"7.28*0.18*0.25",0.3276]
[493,"PTL-368","平台梁-368","HM244*175*7*11                 ","件",1,{"$nulls":5},316.2,316.2,null,"7.28*0.18*0.25",0.3276]
[494,"PTL-369","平台梁-369","HM244*175*7*11                 ","件",1,{"$nulls":5},316.2,316.2,null,"7.28*0.18*0.25",0.3276]
[495,"PTL-370","平台梁-370","HM244*175*7*11                 ","件",1,{"$nulls":5},316.2,316.2,null,"7.28*0.18*0.25",0.3276]
[496,"PTL-371","平台梁-371","HM294*200*8*12                 ","件",1,{"$nulls":5},114.3,114.3,null,"1.51*0.42*0.34",{"v":0.215628,"d":"0.2156"}]
[497,"PTL-372","平台梁-372","HM294*200*8*12                 ","件",1,{"$nulls":5},114.3,114.3,null,"1.51*0.42*0.34",{"v":0.215628,"d":"0.2156"}]
[498,"PTL-373","平台梁-373","HM294*200*8*12                 ","件",1,{"$nulls":5},108.2,108.2,null,"1.51*0.31*0.34",{"v":0.159154,"d":"0.1592"}]
[499,"PTL-374","平台梁-374","HM294*200*8*12                 ","件",1,{"$nulls":5},108.2,108.2,null,"1.51*0.31*0.34",{"v":0.159154,"d":"0.1592"}]
[500,"PTL-375","平台梁-375","HM294*200*8*12                 ","件",2,{"$nulls":5},139.9,279.8,null,"2.42*0.42*0.3",{"v":0.60984,"d":"0.6098"}]
[501,"PTL-376","平台梁-376","HM294*200*8*12                 ","件",2,{"$nulls":5},34.7,69.4,null,"0.64*0.2*0.3",0.0768]
[502,"PTL-377","平台梁-377","HM294*200*8*12                 ","件",2,{"$nulls":5},76.6,153.2,null,"1.41*0.2*0.3",0.1692]
[503,"PTL-378","平台梁-378","HM294*200*8*12                 ","件",4,{"$nulls":5},35.8,143.2,null,"0.66*0.2*0.3",0.1584]
[504,"PTL-379","平台梁-379","HM294*200*8*12                 ","件",4,{"$nulls":5},54.9,219.6,null,"1.01*0.2*0.3",0.2424]
[505,"PTL-380","平台梁-380","HM294*200*8*12                 ","件",2,{"$nulls":5},36.1,72.2,null,"0.66*0.2*0.3",0.0792]
[506,"PTL-381","平台梁-381","HM294*200*8*12                 ","件",1,{"$nulls":5},101.3,101.3,null,"1.86*0.2*0.3",0.1116]
[507,"PTL-382","平台梁-382","HM294*200*8*12                 ","件",6,{"$nulls":5},381.8,2290.8,null,"7*0.2*0.3",{"v":2.52,"d":"2.5200"}]
[508,"PTL-383","平台梁-383","HM294*200*8*12                 ","件",2,{"$nulls":5},386.6,773.2,null,"7.02*0.2*0.3",0.8424]
[509,"PTL-384","平台梁-384","HM294*200*8*12                 ","件",1,{"$nulls":5},398.7,398.7,null,"7.02*0.2*0.3",0.4212]
[510,"PTL-385","平台梁-385","HM294*200*8*12                 ","件",1,{"$nulls":5},398.7,398.7,null,"7.02*0.2*0.3",0.4212]
[511,"PTL-386","平台梁-386","HM294*200*8*12                 ","件",1,{"$nulls":5},406.3,406.3,null,"7.02*0.3*0.3",0.6318]
[512,"PTL-387","平台梁-387","HM294*200*8*12                 ","件",1,{"$nulls":5},406.3,406.3,null,"7.02*0.3*0.3",0.6318]
[513,"PTL-388","平台梁-388","HM294*200*8*12                 ","件",1,{"$nulls":5},401.1,401.1,null,"7.02*0.3*0.3",0.6318]
[514,"PTL-389","平台梁-389","HM294*200*8*12                 ","件",1,{"$nulls":5},401.1,401.1,null,"7.02*0.3*0.3",0.6318]
[515,"PTL-390","平台梁-390","HM294*200*8*12                 ","件",1,{"$nulls":5},401.1,401.1,null,"7.02*0.3*0.3",0.6318]
[516,"PTL-391","平台梁-391","HM294*200*8*12                 ","件",1,{"$nulls":5},401.1,401.1,null,"7.02*0.3*0.3",0.6318]
[517,"PTL-392","平台梁-392","HM294*200*8*12                 ","件",1,{"$nulls":5},395.8,395.8,null,"7.02*0.3*0.3",0.6318]
[518,"PTL-393","平台梁-393","HM294*200*8*12                 ","件",1,{"$nulls":5},395.8,395.8,null,"7.02*0.3*0.3",0.6318]
[519,"PTL-394","平台梁-394","HM294*200*8*12                 ","件",3,{"$nulls":5},393.7,1181.1,null,"7.02*0.42*0.3",{"v":2.65356,"d":"2.6536"}]
[520,"PTL-395","平台梁-395","HM294*200*8*12                 ","件",3,{"$nulls":5},393.7,1181.1,null,"7.02*0.42*0.3",{"v":2.65356,"d":"2.6536"}]
[521,"PTL-396","平台梁-396","HM294*200*8*12                 ","件",2,{"$nulls":5},393.7,787.4,null,"7.02*0.42*0.3",{"v":1.76904,"d":"1.7690"}]
[522,"PTL-397","平台梁-397","HM294*200*8*12                 ","件",1,{"$nulls":5},393.7,393.7,null,"7.02*0.42*0.3",{"v":0.88452,"d":"0.8845"}]
[523,"PTL-398","平台梁-398","HM294*200*8*12                 ","件",4,{"$nulls":5},392.1,1568.4,null,"7.02*0.31*0.3",{"v":2.61144,"d":"2.6114"}]
[524,"PTL-399","平台梁-399","HM294*200*8*12                 ","件",3,{"$nulls":5},392.1,1176.3000000000002,null,"7.02*0.31*0.3",{"v":1.95858,"d":"1.9586"}]
[525,"PTL-400","平台梁-400","HM294*200*8*12                 ","件",2,{"$nulls":5},392.1,784.2,null,"7.02*0.31*0.3",{"v":1.30572,"d":"1.3057"}]
[526,"PTL-401","平台梁-401","HM294*200*8*12                 ","件",1,{"$nulls":5},392.1,392.1,null,"7.02*0.31*0.3",{"v":0.65286,"d":"0.6529"}]
[527,"PTL-402","平台梁-402","HM294*200*8*12                 ","件",1,{"$nulls":5},406.8,406.8,null,"7*0.3*0.3",{"v":0.63,"d":"0.6300"}]
[528,"PTL-403","平台梁-403","HM294*200*8*12                 ","件",1,{"$nulls":5},406.8,406.8,null,"7*0.3*0.3",{"v":0.63,"d":"0.6300"}]
[529,"PTL-404","平台梁-404","HM294*200*8*12                 ","件",2,{"$nulls":5},392.3,784.6,null,"7*0.3*0.3",{"v":1.26,"d":"1.2600"}]
[530,"PTL-405","平台梁-405","HM294*200*8*12                 ","件",2,{"$nulls":5},392.3,784.6,null,"7*0.3*0.3",{"v":1.26,"d":"1.2600"}]
[531,"PTL-406","平台梁-406","HM294*200*8*12                 ","件",1,{"$nulls":5},404.4,404.4,null,"7*0.3*0.3",{"v":0.63,"d":"0.6300"}]
[532,"PTL-407","平台梁-407","HM294*200*8*12                 ","件",1,{"$nulls":5},404.4,404.4,null,"7*0.3*0.3",{"v":0.63,"d":"0.6300"}]
[533,"PTL-408","平台梁-408","HM294*200*8*12                 ","件",1,{"$nulls":5},387,387,null,"7*0.3*0.3",{"v":0.63,"d":"0.6300"}]
[534,"PTL-409","平台梁-409","HM294*200*8*12                 ","件",1,{"$nulls":5},387,387,null,"7*0.3*0.3",{"v":0.63,"d":"0.6300"}]
[535,"PTL-410","平台梁-410","HM294*200*8*12                 ","件",1,{"$nulls":5},387,{"$f":"L537*F537","v":387},null,"7*0.3*0.3",{"v":0.63,"d":"0.6300"}]
[536,"PTL-411","平台梁-411","HM294*200*8*12                 ","件",1,{"$nulls":5},387,387,null,"7*0.3*0.3",{"v":0.63,"d":"0.6300"}]
[537,"PTL-412","平台梁-412","HM294*200*8*12                 ","件",1,{"$nulls":5},410.6,410.6,null,"7*0.4*0.3",{"v":0.84,"d":"0.8400"}]
[538,"PTL-413","平台梁-413","HM294*200*8*12                 ","件",1,{"$nulls":5},410.6,410.6,null,"7*0.4*0.3",{"v":0.84,"d":"0.8400"}]
[539,"PTL-414","平台梁-414","HM294*200*8*12                 ","件",1,{"$nulls":5},408.7,408.7,null,"7*0.3*0.3",{"v":0.63,"d":"0.6300"}]
[540,"PTL-415","平台梁-415","HM294*200*8*12                 ","件",1,{"$nulls":5},408.7,408.7,null,"7*0.3*0.3",{"v":0.63,"d":"0.6300"}]
[541,"PTL-416","平台梁-416","HM294*200*8*12                 ","件",1,{"$nulls":5},406.6,406.6,null,"7*0.4*0.3",{"v":0.84,"d":"0.8400"}]
[542,"PTL-417","平台梁-417","HM294*200*8*12                 ","件",1,{"$nulls":5},406.6,406.6,null,"7*0.4*0.3",{"v":0.84,"d":"0.8400"}]
[543,"PTL-418","平台梁-418","HM294*200*8*12                 ","件",1,{"$nulls":5},404.7,404.7,null,"7*0.3*0.3",{"v":0.63,"d":"0.6300"}]
[544,"PTL-419","平台梁-419","HM294*200*8*12                 ","件",1,{"$nulls":5},404.7,404.7,null,"7*0.3*0.3",{"v":0.63,"d":"0.6300"}]
[545,"PTL-420","平台梁-420","HW300*300*10*15                ","件",2,{"$nulls":5},189.6,379.2,null,"1.51*0.5*0.31",0.4681]
[546,"PTL-421","平台梁-421","HW300*300*10*15                ","件",2,{"$nulls":5},144.3,288.6,null,"1.51*0.3*0.3",0.2718]
[547,"PTL-422","平台梁-422","HW300*300*10*15                ","件",1,{"$nulls":5},221.3,221.3,null,"2.12*0.52*0.3",{"v":0.33072,"d":"0.3307"}]
[548,"PTL-423","平台梁-423","HW300*300*10*15                ","件",1,{"$nulls":5},221.3,221.3,null,"2.12*0.52*0.3",{"v":0.33072,"d":"0.3307"}]
[549,"PTL-424","平台梁-424","HW300*300*10*15                ","件",1,{"$nulls":5},210.5,210.5,null,"2.12*0.52*0.3",{"v":0.33072,"d":"0.3307"}]
[550,"PTL-425","平台梁-425","HW300*300*10*15                ","件",1,{"$nulls":5},210.5,210.5,null,"2.12*0.52*0.3",{"v":0.33072,"d":"0.3307"}]
[551,"PTL-426","平台梁-426","HW300*300*10*15                ","件",1,{"$nulls":5},180.4,180.4,null,"1.68*0.52*0.3",{"v":0.26208,"d":"0.2621"}]
[552,"PTL-427","平台梁-427","HW300*300*10*15                ","件",1,{"$nulls":5},180.4,180.4,null,"1.68*0.52*0.3",{"v":0.26208,"d":"0.2621"}]
[553,"PTL-428","平台梁-428","HW300*300*10*15                ","件",2,{"$nulls":5},98.3,196.6,null,"1.09*0.3*0.3",0.1962]
[554,"PTL-429","平台梁-429","HW300*300*10*15                ","件",1,{"$nulls":5},132.9,132.9,null,"1.37*0.35*0.32",{"v":0.15344,"d":"0.1534"}]
[555,"PTL-430","平台梁-430","HW300*300*10*15                ","件",1,{"$nulls":5},132.9,132.9,null,"1.37*0.35*0.32",{"v":0.15344,"d":"0.1534"}]
[556,"PTL-431","平台梁-431","HW300*300*10*15                ","件",2,{"$nulls":5},132.5,265,null,"1.49*0.35*0.32",{"v":0.33376,"d":"0.3338"}]
[557,"PTL-432","平台梁-432","HW300*300*10*15                ","件",2,{"$nulls":5},132.5,265,null,"1.49*0.35*0.32",{"v":0.33376,"d":"0.3338"}]
[558,"PTL-433","平台梁-433","HW300*300*10*15                ","件",1,{"$nulls":5},144.3,144.3,null,"1.37*0.46*0.32",{"v":0.201664,"d":"0.2017"}]
[559,"PTL-434","平台梁-434","HW300*300*10*15                ","件",1,{"$nulls":5},144.3,144.3,null,"1.37*0.46*0.32",{"v":0.201664,"d":"0.2017"}]
[560,"PTL-435","平台梁-435","HM340*250*9*14                 ","件",2,{"$nulls":5},552.8,1105.6,null,"7.15*0.25*0.55",{"v":1.96625,"d":"1.9663"}]
[561,"PTL-436","平台梁-436","HM340*250*9*14                 ","件",1,{"$nulls":5},304.4,304.4,null,"3.79*0.36*0.34",{"v":0.463896,"d":"0.4639"}]
[562,"PTL-437","平台梁-437","HM340*250*9*14                 ","件",1,{"$nulls":5},308,308,null,"3.79*0.47*0.34",{"v":0.605642,"d":"0.6056"}]
[563,"PTL-438","平台梁-438","HM340*250*9*14                 ","件",1,{"$nulls":5},296.5,296.5,null,"3.79*0.25*0.34",{"v":0.32215,"d":"0.3222"}]
[564,"PTL-439","平台梁-439","HM340*250*9*14                 ","件",1,{"$nulls":5},306.6,306.6,null,"3.79*0.36*0.34",{"v":0.463896,"d":"0.4639"}]
[565,"PTL-440","平台梁-440","HM340*250*9*14                 ","件",2,{"$nulls":5},165.9,331.8,null,"1.78*0.36*0.38",{"v":0.487008,"d":"0.4870"}]
[566,"PTL-441","平台梁-441","HM340*250*9*14                 ","件",4,{"$nulls":5},537.6,2150.4,null,"7.01*0.25*0.34",2.3834]
[567,"PTL-442","平台梁-442","HM340*250*9*14                 ","件",2,{"$nulls":5},520.6,1041.2,null,"6.69*0.25*0.34",1.1373]
[568,"PTL-443","平台梁-443","HM340*250*9*14                 ","件",2,{"$nulls":5},520.6,1041.2,null,"6.69*0.25*0.34",1.1373]
[569,"PTL-444","平台梁-444","HM340*250*9*14                 ","件",2,{"$nulls":5},279,558,null,"3.49*0.25*0.34",0.5933]
[570,"PTL-445","平台梁-445","HM340*250*9*14                 ","件",1,{"$nulls":5},363.8,363.8,null,"4.29*0.47*0.34",{"v":0.685542,"d":"0.6855"}]
[571,"PTL-446","平台梁-446","HM340*250*9*14                 ","件",1,{"$nulls":5},363.8,363.8,null,"4.29*0.47*0.34",{"v":0.685542,"d":"0.6855"}]
[572,"PTL-447","平台梁-447","HM340*250*9*14                 ","件",1,{"$nulls":5},356.3,356.3,null,"4.29*0.36*0.34",{"v":0.525096,"d":"0.5251"}]
[573,"PTL-448","平台梁-448","HM340*250*9*14                 ","件",1,{"$nulls":5},356.3,356.3,null,"4.29*0.36*0.34",{"v":0.525096,"d":"0.5251"}]
[574,"PTL-449","平台梁-449","HM294*200*8*12                 ","件",1,{"$nulls":5},417.9,417.9,null,"7.49*0.31*0.3",{"v":0.69657,"d":"0.6966"}]
[575,"PTL-450","平台梁-450","HM340*250*9*14                 ","件",2,{"$nulls":5},521.3,1042.6,null,"6.79*0.25*0.34",1.1543]
[576,"PTL-451","平台梁-451","HM340*250*9*14                 ","件",2,{"$nulls":5},533.7,1067.4,null,"6.79*0.25*0.64",2.1728]
[577,"PTL-452","平台梁-452","HM340*250*9*14                 ","件",1,{"$nulls":5},312.3,312.3,null,"3.9*0.36*0.34",{"v":0.47736,"d":"0.4774"}]
[578,"PTL-453","平台梁-453","HM340*250*9*14                 ","件",1,{"$nulls":5},312.3,312.3,null,"3.9*0.36*0.34",{"v":0.47736,"d":"0.4774"}]
[579,"PTL-454","平台梁-454","HM340*250*9*14                 ","件",2,{"$nulls":5},60.4,120.8,null,"0.69*0.36*0.34",{"v":0.168912,"d":"0.1689"}]
[580,"PTL-455","平台梁-455","HM340*250*9*14                 ","件",1,{"$nulls":5},272.8,272.8,null,"3.43*0.47*0.34",{"v":0.548114,"d":"0.5481"}]
[581,"PTL-456","平台梁-456","HM340*250*9*14                 ","件",1,{"$nulls":5},337.7,337.7,null,"3.79*0.47*0.34",{"v":0.605642,"d":"0.6056"}]
[582,"PTL-457","平台梁-457","HM340*250*9*14                 ","件",1,{"$nulls":5},337.7,337.7,null,"3.79*0.47*0.34",{"v":0.605642,"d":"0.6056"}]
[583,"PTL-458","平台梁-458","HM340*250*9*14                 ","件",1,{"$nulls":5},316.1,316.1,null,"3.79*0.36*0.34",{"v":0.463896,"d":"0.4639"}]
[584,"PTL-459","平台梁-459","HM340*250*9*14                 ","件",1,{"$nulls":5},316.1,316.1,null,"3.79*0.36*0.34",{"v":0.463896,"d":"0.4639"}]
[585,"PTL-460","平台梁-460","HM340*250*9*14                 ","件",1,{"$nulls":5},245.8,245.8,null,"3.08*0.47*0.34",{"v":0.492184,"d":"0.4922"}]
[586,"PTL-461","平台梁-461","HM340*250*9*14                 ","件",1,{"$nulls":5},365.7,365.7,null,"4.29*0.47*0.34",{"v":0.685542,"d":"0.6855"}]
[587,"PTL-462","平台梁-462","HM340*250*9*14                 ","件",1,{"$nulls":5},371.6,371.6,null,"4.29*0.36*0.34",{"v":0.525096,"d":"0.5251"}]
[588,"PTL-463","平台梁-463","HM340*250*9*14                 ","件",2,{"$nulls":5},278,556,null,"3.49*0.25*0.34",0.5933]
[589,"PTL-464","平台梁-464","HM340*250*9*14                 ","件",2,{"$nulls":5},348.5,697,null,"4.29*0.47*0.34",{"v":1.371084,"d":"1.3711"}]
[590,"PTL-465","平台梁-465","HM340*250*9*14                 ","件",1,{"$nulls":5},312.9,312.9,null,"3.9*0.36*0.34",{"v":0.47736,"d":"0.4774"}]
[591,"PTL-466","平台梁-466","HM340*250*9*14                 ","件",1,{"$nulls":5},312.9,312.9,null,"3.9*0.36*0.34",{"v":0.47736,"d":"0.4774"}]
[592,"PTL-467","平台梁-467","HM340*250*9*14                 ","件",2,{"$nulls":5},304.8,609.6,null,"3.83*0.47*0.34",{"v":1.224068,"d":"1.2241"}]
[593,"PTL-468","平台梁-468","HM340*250*9*14                 ","件",1,{"$nulls":5},86.3,86.3,null,"0.87*0.36*0.34",{"v":0.106488,"d":"0.1065"}]
[594,"PTL-469","平台梁-469","HM340*250*9*14                 ","件",1,{"$nulls":5},95.7,95.7,null,"1.14*0.36*0.34",{"v":0.139536,"d":"0.1395"}]
[595,"PTL-470","平台梁-470","HM340*250*9*14                 ","件",1,{"$nulls":5},95.7,95.7,null,"1.14*0.36*0.34",{"v":0.139536,"d":"0.1395"}]
[596,"PTL-471","平台梁-471","HM340*250*9*14                 ","件",1,{"$nulls":5},113.3,113.3,null,"1.22*0.47*0.34",{"v":0.194956,"d":"0.1950"}]
[597,"PTL-472","平台梁-472","HM340*250*9*14                 ","件",1,{"$nulls":5},338.2,338.2,null,"4.01*0.36*0.38",{"v":0.548568,"d":"0.5486"}]
[598,"PTL-473","平台梁-473","HM340*250*9*14                 ","件",2,{"$nulls":5},37,74,null,"0.48*0.25*0.34",0.0816]
[599,"PTL-474","平台梁-474","HM340*250*9*14                 ","件",2,{"$nulls":5},683.7,{"$f":"L601*F601","v":1367.4},null,"8.18*0.36*0.34",{"v":2.002464,"d":"2.0025"}]
[600,"PTL-475","平台梁-475","HM340*250*9*14                 ","件",2,{"$nulls":5},683.7,1367.4,null,"8.18*0.36*0.34",{"v":2.002464,"d":"2.0025"}]
[601,"PTL-476","平台梁-476","HW200*200*8*12                 ","件",12,{"$nulls":5},32.8,393.59999999999997,null,"0.62*0.2*0.2",0.2976]
[602,"PTL-477","平台梁-477","HW200*200*8*12                 ","件",8,{"$nulls":5},27,216,null,"0.5*0.2*0.2",{"v":0.16,"d":"0.1600"}]
[603,"PTL-478","平台梁-478","HW200*200*8*12                 ","件",6,{"$nulls":5},22.1,132.60000000000002,null,"0.4*0.2*0.2",{"v":0.096,"d":"0.0960"}]
[604,"PTL-479","平台梁-479","HW200*200*8*12                 ","件",2,{"$nulls":5},36.7,73.4,null,"0.7*0.2*0.2",{"v":0.056,"d":"0.0560"}]
[605,"PTL-480","平台梁-480","HM340*250*9*14                 ","件",1,{"$nulls":5},609.4,609.4,null,"7.38*0.46*0.34",{"v":1.154232,"d":"1.1542"}]
[606,"PTL-481","平台梁-481","HM340*250*9*14                 ","件",1,{"$nulls":5},609.4,609.4,null,"7.38*0.46*0.34",{"v":1.154232,"d":"1.1542"}]
[607,"PTL-482","平台梁-482","C16A                           ","件",2,{"$nulls":5},7.4,14.8,null,"0.44*0.07*0.16",{"v":0.009856,"d":"0.0099"}]
[608,"PTL-483","平台梁-483","C16A                           ","件",8,{"$nulls":5},3.8,30.4,null,"0.28*0.07*0.16",{"v":0.025088,"d":"0.0251"}]
[609,"PTL-484","平台梁-484","C16A                           ","件",8,{"$nulls":5},9,72,null,"0.65*0.07*0.16",{"v":0.05824,"d":"0.0582"}]
[610,"PTL-485","平台梁-485","C16A                           ","件",8,{"$nulls":5},10.5,84,null,"0.73*0.07*0.16",{"v":0.065408,"d":"0.0654"}]
[611,"PTL-486","平台梁-486","C16A                           ","件",22,{"$nulls":5},16.3,358.6,null,"1.08*0.07*0.16",{"v":0.266112,"d":"0.2661"}]
[612,"PTL-487","平台梁-487","C16A                           ","件",6,{"$nulls":5},16.7,100.19999999999999,null,"1.09*0.07*0.16",{"v":0.073248,"d":"0.0732"}]
[613,"PTL-489","平台梁-489","C16A                           ","件",4,{"$nulls":5},12.2,48.8,null,"0.84*0.07*0.16",{"v":0.037632,"d":"0.0376"}]
[614,"PTL-490","平台梁-490","HM340*250*9*14                 ","件",1,{"$nulls":5},584.4,584.4,null,"7.38*0.46*0.34",{"v":1.154232,"d":"1.1542"}]
[615,"PTL-491","平台梁-491","HM340*250*9*14                 ","件",1,{"$nulls":5},584.4,584.4,null,"7.38*0.46*0.34",{"v":1.154232,"d":"1.1542"}]
[616,"PTL-492","平台梁-492","C16A                           ","件",4,{"$nulls":5},76.7,306.8,null,"4.58*0.07*0.16",{"v":0.205184,"d":"0.2052"}]
[617,"PTL-493","平台梁-493","C16A                           ","件",24,{"$nulls":5},49.9,1197.6,null,"2.98*0.07*0.16",{"v":0.801024,"d":"0.8010"}]
[618,"PTL-494","平台梁-494","C16A                           ","件",4,{"$nulls":5},105.2,420.8,null,"6.28*0.07*0.16",{"v":0.281344,"d":"0.2813"}]
[619,"PTL-495","平台梁-495","C16A                           ","件",4,{"$nulls":5},13.3,53.2,null,"0.86*0.1*0.16",{"v":0.05504,"d":"0.0550"}]
[620,"PTL-496","平台梁-496","C16A                           ","件",4,{"$nulls":5},14,56,null,"0.9*0.1*0.16",0.0576]
[621,"PTL-497","平台梁-497","C16A                           ","件",4,{"$nulls":5},18.2,72.8,null,"1.21*0.07*0.16",{"v":0.054208,"d":"0.0542"}]
[622,"PTL-498","平台梁-498","C16A                           ","件",2,{"$nulls":5},26.1,52.2,null,"1.68*0.07*0.16",{"v":0.037632,"d":"0.0376"}]
[623,"PTL-499","平台梁-499","C16A                           ","件",2,{"$nulls":5},27.5,55,null,"1.68*0.17*0.16",{"v":0.091392,"d":"0.0914"}]
[624,"PTL-500","平台梁-500","C16A                           ","件",2,{"$nulls":5},27.5,55,null,"1.68*0.17*0.16",{"v":0.091392,"d":"0.0914"}]
[625,"PTL-501","平台梁-501","C16A                           ","件",2,{"$nulls":5},27.5,55,null,"1.68*0.17*0.16",{"v":0.091392,"d":"0.0914"}]
[626,"PTL-502","平台梁-502","C16A                           ","件",2,{"$nulls":5},27.5,55,null,"1.68*0.17*0.16",{"v":0.091392,"d":"0.0914"}]
[627,"PTL-503","平台梁-503","C16A                           ","件",1,{"$nulls":5},28.5,28.5,null,"1.68*0.2*0.16",{"v":0.05376,"d":"0.0538"}]
[628,"PTL-504","平台梁-504","C16A                           ","件",1,{"$nulls":5},28.5,28.5,null,"1.68*0.2*0.16",{"v":0.05376,"d":"0.0538"}]
[629,"PTL-505","平台梁-505","C16A                           ","件",2,{"$nulls":5},27.8,55.6,null,"1.68*0.2*0.16",{"v":0.10752,"d":"0.1075"}]
[630,"PTL-506","平台梁-506","C16A                           ","件",2,{"$nulls":5},27.8,55.6,null,"1.68*0.2*0.16",{"v":0.10752,"d":"0.1075"}]
[631,"PTL-507","平台梁-507","C16A                           ","件",1,{"$nulls":5},27.2,27.2,null,"1.68*0.1*0.16",{"v":0.02688,"d":"0.0269"}]
[632,"PTL-508","平台梁-508","C16A                           ","件",1,{"$nulls":5},27.2,27.2,null,"1.68*0.1*0.16",{"v":0.02688,"d":"0.0269"}]
[633,"PTL-509","平台梁-509","C16A                           ","件",2,{"$nulls":5},18.3,36.6,null,"1.33*0.07*0.16",{"v":0.029792,"d":"0.0298"}]
[634,"PTL-510","平台梁-510","C16A                           ","件",4,{"$nulls":5},36.5,146,null,"2.36*0.07*0.16",{"v":0.105728,"d":"0.1057"}]
[635,"PTL-511","平台梁-511","C16A                           ","件",8,{"$nulls":5},16.4,131.2,null,"1.16*0.07*0.16",{"v":0.103936,"d":"0.1039"}]
[636,"PTL-512","平台梁-512","C16A                           ","件",4,{"$nulls":5},25.2,100.8,null,"1.51*0.07*0.16",{"v":0.067648,"d":"0.0676"}]
[637,"PTL-513","平台梁-513","C12.6                          ","件",4,{"$nulls":5},9.7,38.8,null,"0.82*0.16*0.13",{"v":0.068224,"d":"0.0682"}]
[638,"PTL-514","平台梁-514","C12.6                          ","件",2,{"$nulls":5},9.1,18.2,null,"0.83*0.06*0.13",{"v":0.012948,"d":"0.0129"}]
[639,"PTL-515","平台梁-515","C12.6                          ","件",2,{"$nulls":5},6.3,12.6,null,"0.63*0.06*0.13",{"v":0.009828,"d":"0.0098"}]
[640,"PTL-516","平台梁-516","C12.6                          ","件",4,{"$nulls":5},8.1,32.4,null,"0.68*0.06*0.13",{"v":0.021216,"d":"0.0212"}]
[641,"PTL-517","平台梁-517","C12.6                          ","件",4,{"$nulls":5},6.3,25.2,null,"0.53*0.06*0.13",{"v":0.016536,"d":"0.0165"}]
[642,"PTL-518","平台梁-518","C12.6                          ","件",2,{"$nulls":5},7.4,14.8,null,"0.62*0.06*0.13",{"v":9.672E-3,"d":"0.0097"}]
[643,"PTL-519","平台梁-519","C12.6                          ","件",2,{"$nulls":5},12.9,25.8,null,"1.08*0.06*0.13",{"v":0.016848,"d":"0.0168"}]
[644,"PTL-520","平台梁-520","C12.6                          ","件",4,{"$nulls":5},10.4,41.6,null,"0.95*0.06*0.13",{"v":0.02964,"d":"0.0296"}]
[645,"PTL-521","平台梁-521","C12.6                          ","件",3,{"$nulls":5},10.7,32.099999999999994,null,"0.99*0.06*0.13",{"v":0.023166,"d":"0.0232"}]
[646,"PTL-522","平台梁-522","C12.6                          ","件",3,{"$nulls":5},10.7,32.099999999999994,null,"0.99*0.06*0.13",{"v":0.023166,"d":"0.0232"}]
[647,"PTL-523","平台梁-523","C12.6                          ","件",1,{"$nulls":5},22.7,22.7,null,"1.99*0.06*0.13",{"v":0.015522,"d":"0.0155"}]
[648,"PTL-524","平台梁-524","C12.6                          ","件",1,{"$nulls":5},22.7,22.7,null,"1.99*0.06*0.13",{"v":0.015522,"d":"0.0155"}]
[649,"PTL-525","平台梁-525","C12.6                          ","件",4,{"$nulls":5},5.2,20.8,null,"0.49*0.06*0.13",{"v":0.015288,"d":"0.0153"}]
[650,"PTL-526","平台梁-526","C12.6                          ","件",2,{"$nulls":5},7.3,14.6,null,"0.75*0.06*0.13",0.0117]
[651,"PTL-527","平台梁-527","C12.6                          ","件",2,{"$nulls":5},9.1,18.2,null,"0.9*0.06*0.13",{"v":0.01404,"d":"0.0140"}]
[652,"PTL-528","平台梁-528","C12.6                          ","件",28,{"$nulls":5},7.5,210,null,"0.75*0.06*0.13",0.1638]
[653,"PTL-529","平台梁-529","C12.6                          ","件",40,{"$nulls":5},6.3,252,null,"0.65*0.06*0.13",0.2028]
[654,"PTL-530","平台梁-530","C12.6                          ","件",28,{"$nulls":5},7.4,207.20000000000002,null,"0.73*0.06*0.13",{"v":0.159432,"d":"0.1594"}]
[655,"PTL-531","平台梁-531","C12.6                          ","件",54,{"$nulls":5},17.8,961.2,null,"1.63*0.06*0.13",{"v":0.686556,"d":"0.6866"}]
[656,"PTL-532","平台梁-532","C12.6                          ","件",6,{"$nulls":5},10.7,64.19999999999999,null,"1.04*0.06*0.13",{"v":0.048672,"d":"0.0487"}]
[657,"PTL-533","平台梁-533","C12.6                          ","件",10,{"$nulls":5},12.5,125,null,"1.18*0.06*0.13",{"v":0.09204,"d":"0.0920"}]
[658,"PTL-534","平台梁-534","C12.6                          ","件",14,{"$nulls":5},12.2,170.79999999999998,null,"1.16*0.06*0.13",{"v":0.126672,"d":"0.1267"}]
[659,"PTL-535","平台梁-535","C12.6                          ","件",6,{"$nulls":5},14.2,85.19999999999999,null,"1.33*0.06*0.13",{"v":0.062244,"d":"0.0622"}]
[660,"PTL-536","平台梁-536","C12.6                          ","件",6,{"$nulls":5},14.5,87,null,"1.35*0.06*0.13",{"v":0.06318,"d":"0.0632"}]
[661,"PTL-537","平台梁-537","C12.6                          ","件",6,{"$nulls":5},13.8,82.80000000000001,null,"1.3*0.06*0.13",{"v":0.06084,"d":"0.0608"}]
[662,"PTL-538","平台梁-538","C12.6                          ","件",12,{"$nulls":5},21.1,253.20000000000002,null,"1.91*0.06*0.13",{"v":0.178776,"d":"0.1788"}]
[663,"PTL-539","平台梁-539","C12.6                          ","件",8,{"$nulls":5},13.3,{"$f":"L665*F665","v":106.4},null,"1.26*0.06*0.13",{"v":0.078624,"d":"0.0786"}]
[664,"PTL-540","平台梁-540","C12.6                          ","件",2,{"$nulls":5},21.7,43.4,null,"1.96*0.06*0.13",{"v":0.030576,"d":"0.0306"}]
[665,"PTL-541","平台梁-541","C12.6                          ","件",2,{"$nulls":5},22.8,45.6,null,"1.96*0.16*0.13",{"v":0.081536,"d":"0.0815"}]
[666,"PTL-542","平台梁-542","C12.6                          ","件",10,{"$nulls":5},9.2,92,null,"0.91*0.06*0.13",{"v":0.07098,"d":"0.0710"}]
[667,"PTL-543","平台梁-543","C12.6                          ","件",4,{"$nulls":5},13,52,null,"1.23*0.06*0.13",{"v":0.038376,"d":"0.0384"}]
[668,"PTL-544","平台梁-544","C12.6                          ","件",2,{"$nulls":5},15.1,30.2,null,"1.41*0.06*0.13",{"v":0.021996,"d":"0.0220"}]
[669,"PTL-545","平台梁-545","C12.6                          ","件",2,{"$nulls":5},15.7,31.4,null,"1.45*0.06*0.13",{"v":0.02262,"d":"0.0226"}]
[670,"PTL-546","平台梁-546","C12.6                          ","件",4,{"$nulls":5},12.6,50.4,null,"1.2*0.06*0.13",{"v":0.03744,"d":"0.0374"}]
[671,"PTL-547","平台梁-547","C12.6                          ","件",4,{"$nulls":5},8.5,34,null,"0.85*0.06*0.13",{"v":0.02652,"d":"0.0265"}]
[672,"PTL-548","平台梁-548","C12.6                          ","件",4,{"$nulls":5},8.4,33.6,null,"0.84*0.06*0.13",{"v":0.026208,"d":"0.0262"}]
[673,"PTL-549","平台梁-549","C12.6                          ","件",4,{"$nulls":5},12.6,50.4,null,"1.19*0.06*0.13",{"v":0.037128,"d":"0.0371"}]
[674,"PTL-550","平台梁-550","HM390*300*10*16                ","件",1,{"$nulls":5},902.8,902.8,null,"8.18*0.41*0.39",{"v":1.307982,"d":"1.3080"}]
[675,"PTL-551","平台梁-551","HM390*300*10*16                ","件",1,{"$nulls":5},902.8,902.8,null,"8.18*0.41*0.39",{"v":1.307982,"d":"1.3080"}]
[676,"PTL-552","平台梁-552","HM390*300*10*16                ","件",1,{"$nulls":5},904.4,904.4,null,"8.18*0.52*0.39",{"v":1.658904,"d":"1.6589"}]
[677,"PTL-553","平台梁-553","HM390*300*10*16                ","件",1,{"$nulls":5},904.4,904.4,null,"8.18*0.52*0.39",{"v":1.658904,"d":"1.6589"}]
[678,"PTL-554","平台梁-554","HM340*250*9*14                 ","件",1,{"$nulls":5},326.3,326.3,null,"3.86*0.36*0.38",{"v":0.528048,"d":"0.5280"}]
[679,"PTL-555","平台梁-555","HM340*250*9*14                 ","件",1,{"$nulls":5},362.9,362.9,null,"4.38*0.47*0.34",{"v":0.699924,"d":"0.6999"}]
[680,"PTL-556","平台梁-556","HM340*250*9*14                 ","件",1,{"$nulls":5},362.9,362.9,null,"4.38*0.47*0.34",{"v":0.699924,"d":"0.6999"}]
[681,"PTL-557","平台梁-557","HM194*150*6*9                  ","件",2,{"$nulls":5},45.2,90.4,null,"1.43*0.25*0.2",{"v":0.143,"d":"0.1430"}]
[682,"PTL-558","平台梁-558","HM194*150*6*9                  ","件",2,{"$nulls":5},28.9,57.8,null,"0.98*0.15*0.2",0.0588]
[683,"PTL-559","平台梁-559","HM194*150*6*9                  ","件",2,{"$nulls":5},31.5,63,null,"1.07*0.15*0.2",0.0642]
[684,"PTL-560","平台梁-560","HN200*100*5.5*8                ","件",14,{"$nulls":5},17.5,245,null,"0.55*0.24*0.2",0.3696]
[685,"PTL-561","平台梁-561","HN200*100*5.5*8                ","件",2,{"$nulls":5},16.4,32.8,null,"0.55*0.17*0.2",0.0374]
[686,"PTL-562","平台梁-562","HN200*100*5.5*8                ","件",2,{"$nulls":5},16.4,32.8,null,"0.55*0.17*0.2",0.0374]
[687,"PTL-563","平台梁-563","HN200*100*5.5*8                ","件",8,{"$nulls":5},123,984,null,"6*0.1*0.2",{"v":0.96,"d":"0.9600"}]
[688,"PTL-564","平台梁-564","HN200*100*5.5*8                ","件",8,{"$nulls":5},15,120,null,"0.8*0.1*0.2",{"v":0.128,"d":"0.1280"}]
[689,"PTL-565","平台梁-565","HN200*100*5.5*8                ","件",4,{"$nulls":5},13.6,54.4,null,"0.67*0.1*0.2",0.0536]
[690,"PTL-566","平台梁-566","HN200*100*5.5*8                ","件",2,{"$nulls":5},49.3,98.6,null,"2.21*0.15*0.2",0.1326]
[691,"PTL-567","平台梁-567","HN200*100*5.5*8                ","件",2,{"$nulls":5},49.3,98.6,null,"2.21*0.15*0.2",0.1326]
[692,"PTL-568","平台梁-568","C10                            ","件",4,{"$nulls":5},7.4,29.6,null,"0.9*0.05*0.1",{"v":0.018,"d":"0.0180"}]
[693,"PTL-569","平台梁-569","C10                            ","件",8,{"$nulls":5},8.7,69.6,null,"1.04*0.05*0.1",0.0416]
[694,"PTL-570","平台梁-570","C10                            ","件",4,{"$nulls":5},10.1,40.4,null,"1.19*0.05*0.1",0.0238]
[695,"PTL-571","平台梁-571","C10                            ","件",4,{"$nulls":5},7,28,null,"0.78*0.05*0.1",0.0156]
[696,"PTL-572","平台梁-572","HM588*300*12*20                ","件",1,{"$nulls":5},1152,1152,null,"6.84*0.45*0.61",{"v":1.87758,"d":"1.8776"}]
[697,"PTL-573","平台梁-573","HM588*300*12*20                ","件",1,{"$nulls":5},1152,1152,null,"6.84*0.45*0.61",{"v":1.87758,"d":"1.8776"}]
[698,"PTL-574","平台梁-574","HM550*300*11*18                ","件",1,{"$nulls":5},1051.8,1051.8,null,"7.18*0.52*0.55",{"v":2.05348,"d":"2.0535"}]
[699,"PTL-575","平台梁-575","HM550*300*11*18                ","件",1,{"$nulls":5},1051.8,1051.8,null,"7.18*0.52*0.55",{"v":2.05348,"d":"2.0535"}]
[700,"PTL-576","平台梁-576","HM550*300*11*18                ","件",1,{"$nulls":5},1241.4,1241.4,null,"8.18*0.52*0.55",{"v":2.33948,"d":"2.3395"}]
[701,"PTL-577","平台梁-577","HM550*300*11*18                ","件",1,{"$nulls":5},1241.4,1241.4,null,"8.18*0.52*0.55",{"v":2.33948,"d":"2.3395"}]
[702,"PTL-578","平台梁-578","HM550*300*11*18                ","件",1,{"$nulls":5},1229.8,1229.8,null,"8.18*0.52*0.55",{"v":2.33948,"d":"2.3395"}]
[703,"PTL-579","平台梁-579","HM550*300*11*18                ","件",1,{"$nulls":5},1229.8,1229.8,null,"8.18*0.52*0.55",{"v":2.33948,"d":"2.3395"}]
[704,"PTL-580","平台梁-580","HM194*150*6*9                  ","件",1,{"$nulls":5},51.4,51.4,null,"1.63*0.28*0.2",{"v":0.09128,"d":"0.0913"}]
[705,"PTL-581","平台梁-581","HM194*150*6*9                  ","件",36,{"$nulls":5},30.4,1094.3999999999999,null,"1.03*0.15*0.2",1.1124]
[706,"PTL-582","平台梁-582","HM194*150*6*9                  ","件",8,{"$nulls":5},20.1,160.8,null,"0.68*0.15*0.2",0.1632]
[707,"PTL-583","平台梁-583","HM194*150*6*9                  ","件",8,{"$nulls":5},17.4,139.2,null,"0.59*0.15*0.2",0.1416]
[708,"PTL-584","平台梁-584","HM194*150*6*9                  ","件",2,{"$nulls":5},52.8,105.6,null,"1.41*0.25*0.24",0.1692]
[709,"PTL-585","平台梁-585","HM194*150*6*9                  ","件",2,{"$nulls":5},52.8,105.6,null,"1.41*0.25*0.24",0.1692]
[710,"PTL-586","平台梁-586","HM194*150*6*9                  ","件",1,{"$nulls":5},52.8,52.8,null,"1.41*0.25*0.24",0.0846]
[711,"PTL-587","平台梁-587","HM194*150*6*9                  ","件",1,{"$nulls":5},52.8,52.8,null,"1.41*0.25*0.24",0.0846]
[712,"PTL-588","平台梁-588","HM194*150*6*9                  ","件",16,{"$nulls":5},29.8,476.8,null,"0.73*0.15*0.24",{"v":0.42048,"d":"0.4205"}]
[713,"PTL-589","平台梁-589","HM194*150*6*9                  ","件",6,{"$nulls":5},51.2,307.20000000000005,null,"1.35*0.25*0.24",{"v":0.486,"d":"0.4860"}]
[714,"PTL-590","平台梁-590","HM194*150*6*9                  ","件",6,{"$nulls":5},51.2,307.20000000000005,null,"1.35*0.25*0.24",{"v":0.486,"d":"0.4860"}]
[715,"PTL-591","平台梁-591","HM194*150*6*9                  ","件",3,{"$nulls":5},51.2,153.60000000000002,null,"1.35*0.25*0.24",{"v":0.243,"d":"0.2430"}]
[716,"PTL-592","平台梁-592","HM194*150*6*9                  ","件",3,{"$nulls":5},51.2,153.60000000000002,null,"1.35*0.25*0.24",{"v":0.243,"d":"0.2430"}]
[717,"PTL-593","平台梁-593","HM194*150*6*9                  ","件",2,{"$nulls":5},21.7,43.4,null,"0.74*0.15*0.2",0.0444]
[718,"PTL-594","平台梁-594","HM194*150*6*9                  ","件",2,{"$nulls":5},22,44,null,"0.75*0.15*0.2",{"v":0.045,"d":"0.0450"}]
[719,"PTL-595","平台梁-595","HM194*150*6*9                  ","件",24,{"$nulls":5},53.9,1293.6,null,"1.98*0.15*0.2",1.4256]
[720,"PTL-596","平台梁-596","HM194*150*6*9                  ","件",1,{"$nulls":5},51.4,51.4,null,"1.63*0.27*0.2",{"v":0.08802,"d":"0.0880"}]
[721,"PTL-597","平台梁-597","HM194*150*6*9                  ","件",1,{"$nulls":5},48.2,48.2,null,"1.63*0.18*0.2",{"v":0.05868,"d":"0.0587"}]
[722,"PTL-598","平台梁-598","HM194*150*6*9                  ","件",1,{"$nulls":5},48.2,48.2,null,"1.63*0.18*0.2",{"v":0.05868,"d":"0.0587"}]
[723,"PTL-599","平台梁-599","HM194*150*6*9                  ","件",4,{"$nulls":5},49.9,199.6,null,"1.63*0.18*0.2",{"v":0.23472,"d":"0.2347"}]
[724,"PTL-600","平台梁-600","HM194*150*6*9                  ","件",4,{"$nulls":5},23.9,95.6,null,"0.53*0.15*0.24",{"v":0.07632,"d":"0.0763"}]
[725,"PTL-601","平台梁-601","HM194*150*6*9                  ","件",1,{"$nulls":5},27.1,27.1,null,"0.64*0.15*0.24",{"v":0.02304,"d":"0.0230"}]
[726,"PTL-602","平台梁-602","HM194*150*6*9                  ","件",1,{"$nulls":5},27.1,27.1,null,"0.64*0.15*0.24",{"v":0.02304,"d":"0.0230"}]
[727,"PTL-603","平台梁-603","HM194*150*6*9                  ","件",4,{"$nulls":5},25.3,{"$f":"L729*F729","v":101.2},null,"0.58*0.15*0.24",{"v":0.08352,"d":"0.0835"}]
[728,"PTL-604","平台梁-604","HM194*150*6*9                  ","件",34,{"$nulls":5},42.2,1434.8000000000002,null,"1.43*0.15*0.2",1.4586]
[729,"PTL-605","平台梁-605","HM194*150*6*9                  ","件",4,{"$nulls":5},46.5,186,null,"1.43*0.35*0.2",0.4004]
[730,"PTL-606","平台梁-606","HM194*150*6*9                  ","件",8,{"$nulls":5},45.3,362.4,null,"1.43*0.25*0.2",{"v":0.572,"d":"0.5720"}]
[731,"PTL-607","平台梁-607","HM194*150*6*9                  ","件",2,{"$nulls":5},45.3,90.6,null,"1.43*0.25*0.2",{"v":0.143,"d":"0.1430"}]
[732,"PTL-608","平台梁-608","HM194*150*6*9                  ","件",4,{"$nulls":5},45.3,181.2,null,"1.43*0.25*0.2",{"v":0.286,"d":"0.2860"}]
[733,"PTL-609","平台梁-609","HM194*150*6*9                  ","件",4,{"$nulls":5},45.2,180.8,null,"1.43*0.25*0.2",{"v":0.286,"d":"0.2860"}]
[734,"PTL-610","平台梁-610","HM194*150*6*9                  ","件",4,{"$nulls":5},87.9,351.6,null,"2.98*0.15*0.2",0.3576]
[735,"PTL-611","平台梁-611","HM194*150*6*9                  ","件",48,{"$nulls":5},62.2,2985.6000000000004,null,"2.27*0.15*0.2",3.2688]
[736,"PTL-612","平台梁-612","HM194*150*6*9                  ","件",16,{"$nulls":5},60.1,961.6,null,"2.19*0.15*0.2",1.0512]
[737,"PTL-613","平台梁-613","HM194*150*6*9                  ","件",8,{"$nulls":5},59.9,479.2,null,"2.04*0.15*0.2",0.4896]
[738,"PTL-614","平台梁-614","HM194*150*6*9                  ","件",2,{"$nulls":5},40.7,81.4,null,"1.38*0.15*0.2",0.0828]
[739,"PTL-615","平台梁-615","HM194*150*6*9                  ","件",2,{"$nulls":5},40,80,null,"1.34*0.15*0.2",0.0804]
[740,"PTL-616","平台梁-616","HM194*150*6*9                  ","件",2,{"$nulls":5},64.3,128.6,null,"2.18*0.15*0.2",0.1308]
[741,"PTL-617","平台梁-617","HM194*150*6*9                  ","件",8,{"$nulls":5},61.7,493.6,null,"2.1*0.15*0.2",{"v":0.504,"d":"0.5040"}]
[742,"PTL-618","平台梁-618","HM194*150*6*9                  ","件",8,{"$nulls":5},64.3,514.4,null,"2.34*0.15*0.2",0.5616]
[743,"PTL-619","平台梁-619","HM194*150*6*9                  ","件",2,{"$nulls":5},86.1,172.2,null,"2.92*0.15*0.2",0.1752]
[744,"PTL-620","平台梁-620","HM194*150*6*9                  ","件",2,{"$nulls":5},84.3,168.6,null,"2.86*0.15*0.2",0.1716]
[745,"PTL-621","平台梁-621","HN350*175*7*11                 ","件",1,{"$nulls":5},431.1,431.1,null,"7.18*0.39*0.39",{"v":1.092078,"d":"1.0921"}]
[746,"PTL-622","平台梁-622","HN350*175*7*11                 ","件",1,{"$nulls":5},431.1,431.1,null,"7.18*0.39*0.39",{"v":1.092078,"d":"1.0921"}]
[747,"PTL-623","平台梁-623","HN350*175*7*11                 ","件",1,{"$nulls":5},424.1,424.1,null,"7.18*0.39*0.39",{"v":1.092078,"d":"1.0921"}]
[748,"PTL-624","平台梁-624","HN350*175*7*11                 ","件",1,{"$nulls":5},424.1,424.1,null,"7.18*0.39*0.39",{"v":1.092078,"d":"1.0921"}]
[749,"PTL-625","平台梁-625","HN350*175*7*11                 ","件",1,{"$nulls":5},378.1,378.1,null,"7.18*0.39*0.39",{"v":1.092078,"d":"1.0921"}]
[750,"PTL-626","平台梁-626","HN350*175*7*11                 ","件",1,{"$nulls":5},378.1,378.1,null,"7.18*0.39*0.39",{"v":1.092078,"d":"1.0921"}]
[751,"PTL-627","平台梁-627","HN350*175*7*11                 ","件",1,{"$nulls":5},378.1,378.1,null,"7.18*0.39*0.35",{"v":0.98007,"d":"0.9801"}]
[752,"PTL-628","平台梁-628","HN350*175*7*11                 ","件",1,{"$nulls":5},378.1,378.1,null,"7.18*0.39*0.35",{"v":0.98007,"d":"0.9801"}]
[753,"PTL-629","平台梁-629","HN350*175*7*11                 ","件",1,{"$nulls":5},378.1,378.1,null,"7.18*0.39*0.35",{"v":0.98007,"d":"0.9801"}]
[754,"PTL-630","平台梁-630","HN350*175*7*11                 ","件",1,{"$nulls":5},378.1,378.1,null,"7.18*0.39*0.35",{"v":0.98007,"d":"0.9801"}]
[755,"PTL-631","平台梁-631","HN350*175*7*11                 ","件",1,{"$nulls":5},378.1,378.1,null,"7.18*0.39*0.35",{"v":0.98007,"d":"0.9801"}]
[756,"PTL-632","平台梁-632","HN350*175*7*11                 ","件",1,{"$nulls":5},378.1,378.1,null,"7.18*0.39*0.35",{"v":0.98007,"d":"0.9801"}]
[757,"PTL-633","平台梁-633","HN350*175*7*11                 ","件",1,{"$nulls":5},424.8,424.8,null,"7.18*0.39*0.39",{"v":1.092078,"d":"1.0921"}]
[758,"PTL-634","平台梁-634","HN350*175*7*11                 ","件",1,{"$nulls":5},424.8,424.8,null,"7.18*0.39*0.39",{"v":1.092078,"d":"1.0921"}]
[759,"PTL-635","平台梁-635","HN350*175*7*11                 ","件",1,{"$nulls":5},410.7,410.7,null,"7.18*0.39*0.39",{"v":1.092078,"d":"1.0921"}]
[760,"PTL-636","平台梁-636","HN350*175*7*11                 ","件",1,{"$nulls":5},410.7,410.7,null,"7.18*0.39*0.39",{"v":1.092078,"d":"1.0921"}]
[761,"PTL-637","平台梁-637","HN350*175*7*11                 ","件",1,{"$nulls":5},371.8,371.8,null,"7.18*0.39*0.35",{"v":0.98007,"d":"0.9801"}]
[762,"PTL-638","平台梁-638","HN350*175*7*11                 ","件",1,{"$nulls":5},371.8,371.8,null,"7.18*0.39*0.35",{"v":0.98007,"d":"0.9801"}]
[763,"PTL-639","平台梁-639","HN350*175*7*11                 ","件",1,{"$nulls":5},371.8,371.8,null,"7.18*0.39*0.35",{"v":0.98007,"d":"0.9801"}]
[764,"PTL-640","平台梁-640","HN350*175*7*11                 ","件",1,{"$nulls":5},371.8,371.8,null,"7.18*0.39*0.35",{"v":0.98007,"d":"0.9801"}]
[765,"PTL-641","平台梁-641","HN350*175*7*11                 ","件",1,{"$nulls":5},371.8,371.8,null,"7.18*0.39*0.35",{"v":0.98007,"d":"0.9801"}]
[766,"PTL-642","平台梁-642","HN350*175*7*11                 ","件",1,{"$nulls":5},371.8,371.8,null,"7.18*0.39*0.35",{"v":0.98007,"d":"0.9801"}]
[767,"PTL-643","平台梁-643","HN350*175*7*11                 ","件",1,{"$nulls":5},371.8,371.8,null,"7.18*0.39*0.35",{"v":0.98007,"d":"0.9801"}]
[768,"PTL-644","平台梁-644","HN350*175*7*11                 ","件",1,{"$nulls":5},371.8,371.8,null,"7.18*0.39*0.35",{"v":0.98007,"d":"0.9801"}]
[769,"PTL-645","平台梁-645","HN350*175*7*11                 ","件",1,{"$nulls":5},372.6,372.6,null,"7.18*0.29*0.35",{"v":0.72877,"d":"0.7288"}]
[770,"PTL-646","平台梁-646","HN350*175*7*11                 ","件",1,{"$nulls":5},372.6,372.6,null,"7.18*0.29*0.35",{"v":0.72877,"d":"0.7288"}]
[771,"PTL-647","平台梁-647","HN350*175*7*11                 ","件",1,{"$nulls":5},372.6,372.6,null,"7.18*0.29*0.35",{"v":0.72877,"d":"0.7288"}]
[772,"PTL-648","平台梁-648","HN350*175*7*11                 ","件",1,{"$nulls":5},372.6,372.6,null,"7.18*0.29*0.35",{"v":0.72877,"d":"0.7288"}]
[773,"PTL-649","平台梁-649","HN350*175*7*11                 ","件",1,{"$nulls":5},372.6,372.6,null,"7.18*0.29*0.35",{"v":0.72877,"d":"0.7288"}]
[774,"PTL-650","平台梁-650","HN350*175*7*11                 ","件",1,{"$nulls":5},372.6,372.6,null,"7.18*0.29*0.35",{"v":0.72877,"d":"0.7288"}]
[775,"PTL-651","平台梁-651","HN350*175*7*11                 ","件",1,{"$nulls":5},372.6,372.6,null,"7.18*0.29*0.35",{"v":0.72877,"d":"0.7288"}]
[776,"PTL-652","平台梁-652","HN350*175*7*11                 ","件",1,{"$nulls":5},372.6,372.6,null,"7.18*0.29*0.35",{"v":0.72877,"d":"0.7288"}]
[777,"PTL-653","平台梁-653","HN350*175*7*11                 ","件",1,{"$nulls":5},372.6,372.6,null,"7.18*0.29*0.35",{"v":0.72877,"d":"0.7288"}]
[778,"PTL-654","平台梁-654","HN350*175*7*11                 ","件",1,{"$nulls":5},372.6,372.6,null,"7.18*0.29*0.35",{"v":0.72877,"d":"0.7288"}]
[779,"PTL-655","平台梁-655","HN350*175*7*11                 ","件",1,{"$nulls":5},372.6,372.6,null,"7.18*0.29*0.35",{"v":0.72877,"d":"0.7288"}]
[780,"PTL-656","平台梁-656","HN350*175*7*11                 ","件",1,{"$nulls":5},372.6,372.6,null,"7.18*0.29*0.35",{"v":0.72877,"d":"0.7288"}]
[781,"PTL-657","平台梁-657","HN350*175*7*11                 ","件",1,{"$nulls":5},366.3,366.3,null,"7.18*0.29*0.35",{"v":0.72877,"d":"0.7288"}]
[782,"PTL-658","平台梁-658","HN350*175*7*11                 ","件",1,{"$nulls":5},366.3,366.3,null,"7.18*0.29*0.35",{"v":0.72877,"d":"0.7288"}]
[783,"PTL-659","平台梁-659","HN350*175*7*11                 ","件",1,{"$nulls":5},366.3,366.3,null,"7.18*0.29*0.35",{"v":0.72877,"d":"0.7288"}]
[784,"PTL-660","平台梁-660","HN350*175*7*11                 ","件",1,{"$nulls":5},366.3,366.3,null,"7.18*0.29*0.35",{"v":0.72877,"d":"0.7288"}]
[785,"PTL-661","平台梁-661","HN350*175*7*11                 ","件",1,{"$nulls":5},366.3,366.3,null,"7.18*0.29*0.35",{"v":0.72877,"d":"0.7288"}]
[786,"PTL-662","平台梁-662","HN350*175*7*11                 ","件",1,{"$nulls":5},366.3,366.3,null,"7.18*0.29*0.35",{"v":0.72877,"d":"0.7288"}]
[787,"PTL-663","平台梁-663","HN350*175*7*11                 ","件",1,{"$nulls":5},366.3,366.3,null,"7.18*0.29*0.35",{"v":0.72877,"d":"0.7288"}]
[788,"PTL-664","平台梁-664","HN350*175*7*11                 ","件",1,{"$nulls":5},366.3,366.3,null,"7.18*0.29*0.35",{"v":0.72877,"d":"0.7288"}]
[789,"PTL-665","平台梁-665","HN350*175*7*11                 ","件",1,{"$nulls":5},366.3,366.3,null,"7.18*0.29*0.35",{"v":0.72877,"d":"0.7288"}]
[790,"PTL-666","平台梁-666","HN350*175*7*11                 ","件",1,{"$nulls":5},366.3,366.3,null,"7.18*0.29*0.35",{"v":0.72877,"d":"0.7288"}]
[791,"PTL-667","平台梁-667","HN350*175*7*11                 ","件",1,{"$nulls":5},366.3,{"$f":"L793*F793","v":366.3},null,"7.18*0.29*0.35",{"v":0.72877,"d":"0.7288"}]
[792,"PTL-668","平台梁-668","HN350*175*7*11                 ","件",1,{"$nulls":5},366.3,366.3,null,"7.18*0.29*0.35",{"v":0.72877,"d":"0.7288"}]
[793,"PTZ-1","平台柱-1","HM244*175*7*11                 ","件",1,{"$nulls":5},140.7,140.7,null,"2.4*0.46*0.45",0.4968]
[794,"PTZ-2","平台柱-2","HM244*175*7*11                 ","件",1,{"$nulls":5},140.7,140.7,null,"2.4*0.46*0.45",0.4968]
[795,"PTZ-3","平台柱-3","HM244*175*7*11                 ","件",1,{"$nulls":5},140.7,140.7,null,"2.4*0.46*0.45",0.4968]
[796,"PTZ-4","平台柱-4","HM244*175*7*11                 ","件",1,{"$nulls":5},140.7,140.7,null,"2.4*0.46*0.45",0.4968]
[797,"PTZ-5","平台柱-5","HM244*175*7*11                 ","件",1,{"$nulls":5},140.7,140.7,null,"2.4*0.46*0.45",0.4968]
[798,"PTZ-6","平台柱-6","HM244*175*7*11                 ","件",1,{"$nulls":5},140.7,140.7,null,"2.4*0.46*0.45",0.4968]
[799,"PTZ-7","平台柱-7","HM244*175*7*11                 ","件",1,{"$nulls":5},140.7,140.7,null,"2.4*0.46*0.45",0.4968]
[800,"PTZ-8","平台柱-8","HM244*175*7*11                 ","件",1,{"$nulls":5},140.7,140.7,null,"2.4*0.46*0.45",0.4968]
[801,"PTZ-9","平台柱-9","HW300*300*10*15                ","件",1,{"$nulls":5},694.9,694.9,null,"6.73*0.65*0.55",{"v":2.405975,"d":"2.4060"}]
[802,"PTZ-10","平台柱-10","HW300*300*10*15                ","件",1,{"$nulls":5},694.9,694.9,null,"6.73*0.65*0.55",{"v":2.405975,"d":"2.4060"}]
[803,"PTZ-11","平台柱-11","HW300*300*10*15                ","件",1,{"$nulls":5},693.1,693.1,null,"6.71*0.65*0.55",{"v":2.398825,"d":"2.3988"}]
[804,"PTZ-12","平台柱-12","HW300*300*10*15                ","件",1,{"$nulls":5},693.1,693.1,null,"6.71*0.65*0.55",{"v":2.398825,"d":"2.3988"}]
[805,"PTZ-13","平台柱-13","HW300*300*10*15                ","件",2,{"$nulls":5},699,1398,null,"7.07*0.64*0.55",{"v":4.97728,"d":"4.9773"}]
[806,"PTZ-14","平台柱-14","HW300*300*10*15                ","件",2,{"$nulls":5},699,1398,null,"7.07*0.64*0.55",{"v":4.97728,"d":"4.9773"}]
[807,"PTZ-15","平台柱-15","HW300*300*10*15                ","件",4,{"$nulls":5},527.7,2110.8,null,"5.35*0.34*0.34",{"v":2.47384,"d":"2.4738"}]
[808,"PTZ-16","平台柱-16","HW300*300*10*15                ","件",2,{"$nulls":5},259.5,519,null,"2.43*0.34*0.34",{"v":0.561816,"d":"0.5618"}]
[809,"PTZ-17","平台柱-17","HW300*300*10*15                ","件",2,{"$nulls":5},490.9,981.8,null,"4.95*0.34*0.34",{"v":1.14444,"d":"1.1444"}]
[810,"PTZ-18","平台柱-18","HW300*300*10*15                ","件",2,{"$nulls":5},495.5,991,null,"5*0.34*0.34",{"v":1.156,"d":"1.1560"}]
[811,"PTZ-19","平台柱-19","HW300*300*10*15                ","件",1,{"$nulls":5},528.6,528.6,null,"5.36*0.34*0.34",{"v":0.619616,"d":"0.6196"}]
[812,"PTZ-20","平台柱-20","HW300*300*10*15                ","件",1,{"$nulls":5},690.2,690.2,null,"7.12*0.34*0.34",{"v":0.823072,"d":"0.8231"}]
[813,"PTZ-21","平台柱-21","HW300*300*10*15                ","件",1,{"$nulls":5},536.9,536.9,null,"5.45*0.34*0.34",{"v":0.63002,"d":"0.6300"}]
[814,"PTZ-22","平台柱-22","HW300*300*10*15                ","件",3,{"$nulls":5},550.6,1651.8000000000002,null,"5.6*0.34*0.34",{"v":1.94208,"d":"1.9421"}]
[815,"PTZ-23","平台柱-23","HW300*300*10*15                ","件",1,{"$nulls":5},1107.3,1107.3,null,"10.41*0.55*0.5",{"v":2.86275,"d":"2.8628"}]
[816,"PTZ-24","平台柱-24","HW300*300*10*15                ","件",1,{"$nulls":5},1107.3,1107.3,null,"10.41*0.55*0.5",{"v":2.86275,"d":"2.8628"}]
[817,"PTZ-25","平台柱-25","HW300*300*10*15                ","件",1,{"$nulls":5},1103.4,1103.4,null,"10.41*0.55*0.42",{"v":2.40471,"d":"2.4047"}]
[818,"PTZ-26","平台柱-26","HW300*300*10*15                ","件",1,{"$nulls":5},1103.4,1103.4,null,"10.41*0.55*0.42",{"v":2.40471,"d":"2.4047"}]
[819,"PTZ-27","平台柱-27","HW300*300*10*15                ","件",1,{"$nulls":5},490,490,null,"4.65*0.55*0.42",{"v":1.07415,"d":"1.0742"}]
[820,"PTZ-28","平台柱-28","HW300*300*10*15                ","件",1,{"$nulls":5},490,490,null,"4.65*0.55*0.42",{"v":1.07415,"d":"1.0742"}]
[821,"PTZ-29","平台柱-29","HW300*300*10*15                ","件",1,{"$nulls":5},490,490,null,"4.65*0.55*0.42",{"v":1.07415,"d":"1.0742"}]
[822,"PTZ-30","平台柱-30","HW300*300*10*15                ","件",1,{"$nulls":5},490,490,null,"4.65*0.55*0.42",{"v":1.07415,"d":"1.0742"}]
[823,"PTZ-31","平台柱-31","HW300*300*10*15                ","件",1,{"$nulls":5},507.4,507.4,null,"4.63*0.55*0.42",{"v":1.06953,"d":"1.0695"}]
[824,"PTZ-32","平台柱-32","HW300*300*10*15                ","件",1,{"$nulls":5},507.4,507.4,null,"4.63*0.55*0.42",{"v":1.06953,"d":"1.0695"}]
[825,"PTZ-33","平台柱-33","HW300*300*10*15                ","件",1,{"$nulls":5},507.4,507.4,null,"4.63*0.55*0.42",{"v":1.06953,"d":"1.0695"}]
[826,"PTZ-34","平台柱-34","HW300*300*10*15                ","件",1,{"$nulls":5},507.4,507.4,null,"4.63*0.55*0.42",{"v":1.06953,"d":"1.0695"}]
[827,"PTZ-35","平台柱-35","HW300*300*10*15                ","件",1,{"$nulls":5},503.1,503.1,null,"4.58*0.55*0.42",{"v":1.05798,"d":"1.0580"}]
[828,"PTZ-36","平台柱-36","HW300*300*10*15                ","件",1,{"$nulls":5},503.1,503.1,null,"4.58*0.55*0.42",{"v":1.05798,"d":"1.0580"}]
[829,"PTZ-37","平台柱-37","HW300*300*10*15                ","件",1,{"$nulls":5},503.1,503.1,null,"4.58*0.55*0.42",{"v":1.05798,"d":"1.0580"}]
[830,"PTZ-38","平台柱-38","HW300*300*10*15                ","件",1,{"$nulls":5},503.1,503.1,null,"4.58*0.55*0.42",{"v":1.05798,"d":"1.0580"}]
[831,"PTZ-39","平台柱-39","HW300*300*10*15                ","件",1,{"$nulls":5},481.1,481.1,null,"4.52*0.55*0.42",{"v":1.04412,"d":"1.0441"}]
[832,"PTZ-40","平台柱-40","HW300*300*10*15                ","件",1,{"$nulls":5},481.1,481.1,null,"4.52*0.55*0.42",{"v":1.04412,"d":"1.0441"}]
[833,"PTZ-41","平台柱-41","HW300*300*10*15                ","件",1,{"$nulls":5},481.1,481.1,null,"4.52*0.55*0.42",{"v":1.04412,"d":"1.0441"}]
[834,"PTZ-42","平台柱-42","HW300*300*10*15                ","件",1,{"$nulls":5},481.1,481.1,null,"4.52*0.55*0.42",{"v":1.04412,"d":"1.0441"}]
[835,"PTZ-43","平台柱-43","HW300*300*10*15                ","件",1,{"$nulls":5},511.8,511.8,null,"4.52*0.55*0.51",{"v":1.26786,"d":"1.2679"}]
[836,"PTZ-44","平台柱-44","HW300*300*10*15                ","件",1,{"$nulls":5},511.8,511.8,null,"4.52*0.55*0.51",{"v":1.26786,"d":"1.2679"}]
[837,"PTZ-45","平台柱-45","HW300*300*10*15                ","件",1,{"$nulls":5},503.3,503.3,null,"4.52*0.55*0.42",{"v":1.04412,"d":"1.0441"}]
[838,"PTZ-46","平台柱-46","HW300*300*10*15                ","件",1,{"$nulls":5},503.3,503.3,null,"4.52*0.55*0.42",{"v":1.04412,"d":"1.0441"}]
[839,"PTZ-47","平台柱-47","HW300*300*10*15                ","件",1,{"$nulls":5},514.2,514.2,null,"4.55*0.55*0.51",{"v":1.276275,"d":"1.2763"}]
[840,"PTZ-48","平台柱-48","HW300*300*10*15                ","件",1,{"$nulls":5},514.2,514.2,null,"4.55*0.55*0.51",{"v":1.276275,"d":"1.2763"}]
[841,"PTZ-49","平台柱-49","HW300*300*10*15                ","件",1,{"$nulls":5},505.8,505.8,null,"4.55*0.55*0.42",{"v":1.05105,"d":"1.0511"}]
[842,"PTZ-50","平台柱-50","HW300*300*10*15                ","件",1,{"$nulls":5},505.8,505.8,null,"4.55*0.55*0.42",{"v":1.05105,"d":"1.0511"}]
[843,"PTZ-51","平台柱-51","HW300*300*10*15                ","件",1,{"$nulls":5},470.1,470.1,null,"4.42*0.55*0.42",{"v":1.02102,"d":"1.0210"}]
[844,"PTZ-52","平台柱-52","HW300*300*10*15                ","件",1,{"$nulls":5},470.1,470.1,null,"4.42*0.55*0.42",{"v":1.02102,"d":"1.0210"}]
[845,"PTZ-53","平台柱-53","HW300*300*10*15                ","件",1,{"$nulls":5},470.1,470.1,null,"4.42*0.55*0.42",{"v":1.02102,"d":"1.0210"}]
[846,"PTZ-54","平台柱-54","HW300*300*10*15                ","件",1,{"$nulls":5},470.1,470.1,null,"4.42*0.55*0.42",{"v":1.02102,"d":"1.0210"}]
[847,"PTZ-55","平台柱-55","HW300*300*10*15                ","件",1,{"$nulls":5},463.2,463.2,null,"4.36*0.55*0.42",{"v":1.00716,"d":"1.0072"}]
[848,"PTZ-56","平台柱-56","HW300*300*10*15                ","件",1,{"$nulls":5},463.2,463.2,null,"4.36*0.55*0.42",{"v":1.00716,"d":"1.0072"}]
[849,"PTZ-57","平台柱-57","HW300*300*10*15                ","件",1,{"$nulls":5},463.2,463.2,null,"4.36*0.55*0.42",{"v":1.00716,"d":"1.0072"}]
[850,"PTZ-58","平台柱-58","HW300*300*10*15                ","件",1,{"$nulls":5},463.2,463.2,null,"4.36*0.55*0.42",{"v":1.00716,"d":"1.0072"}]
[851,"PTZ-59","平台柱-59","HW300*300*10*15                ","件",1,{"$nulls":5},649,649,null,"6.35*0.55*0.5",{"v":1.74625,"d":"1.7463"}]
[852,"PTZ-60","平台柱-60","HW300*300*10*15                ","件",1,{"$nulls":5},649,649,null,"6.35*0.55*0.5",{"v":1.74625,"d":"1.7463"}]
[853,"PTZ-61","平台柱-61","HW300*300*10*15                ","件",1,{"$nulls":5},614.2,614.2,null,"5.97*0.55*0.5",{"v":1.64175,"d":"1.6418"}]
[854,"PTZ-62","平台柱-62","HW300*300*10*15                ","件",1,{"$nulls":5},614.2,614.2,null,"5.97*0.55*0.5",{"v":1.64175,"d":"1.6418"}]
[855,"PTZ-63","平台柱-63","HW300*300*10*15                ","件",1,{"$nulls":5},672.7,{"$f":"L857*F857","v":672.7},null,"6.17*0.55*0.52",{"v":1.76462,"d":"1.7646"}]
[856,"PTZ-64","平台柱-64","HW300*300*10*15                ","件",1,{"$nulls":5},672.7,672.7,null,"6.17*0.55*0.52",{"v":1.76462,"d":"1.7646"}]
[857,"PTZ-65","平台柱-65","HW300*300*10*15                ","件",1,{"$nulls":5},698.9,698.9,null,"6.22*0.55*0.52",{"v":1.77892,"d":"1.7789"}]
[858,"PTZ-66","平台柱-66","HW300*300*10*15                ","件",1,{"$nulls":5},698.9,698.9,null,"6.22*0.55*0.52",{"v":1.77892,"d":"1.7789"}]
[859,"PTZ-67","平台柱-67","HW300*300*10*15                ","件",1,{"$nulls":5},702.9,702.9,null,"6.26*0.55*0.7",2.4101]
[860,"PTZ-68","平台柱-68","HW300*300*10*15                ","件",1,{"$nulls":5},702.9,702.9,null,"6.26*0.55*0.7",2.4101]
[861,"PTZ-69","平台柱-69","HW300*300*10*15                ","件",1,{"$nulls":5},680.3,680.3,null,"6.31*0.55*0.51",{"v":1.769955,"d":"1.7700"}]
[862,"PTZ-70","平台柱-70","HW300*300*10*15                ","件",1,{"$nulls":5},680.3,680.3,null,"6.31*0.55*0.51",{"v":1.769955,"d":"1.7700"}]
[863,"PTZ-71","平台柱-71","HW300*300*10*15                ","件",1,{"$nulls":5},682,682,null,"6.03*0.55*0.72",{"v":2.38788,"d":"2.3879"}]
[864,"PTZ-72","平台柱-72","HW300*300*10*15                ","件",1,{"$nulls":5},682,682,null,"6.03*0.55*0.72",{"v":2.38788,"d":"2.3879"}]
[865,"PTZ-73","平台柱-73","HW300*300*10*15                ","件",1,{"$nulls":5},647.2,647.2,null,"5.9*0.55*0.52",1.6874]
[866,"PTZ-74","平台柱-74","HW300*300*10*15                ","件",1,{"$nulls":5},647.2,647.2,null,"5.9*0.55*0.52",1.6874]
[867,"PTZ-75","平台柱-75","HW300*300*10*15                ","件",1,{"$nulls":5},651.9,651.9,null,"5.95*0.55*0.52",1.7017]
[868,"PTZ-76","平台柱-76","HW300*300*10*15                ","件",1,{"$nulls":5},651.9,651.9,null,"5.95*0.55*0.52",1.7017]
[869,"PTZ-77","平台柱-77","HW300*300*10*15                ","件",1,{"$nulls":5},677.6,677.6,null,"5.99*0.55*0.73",{"v":2.404985,"d":"2.4050"}]
[870,"PTZ-78","平台柱-78","HW300*300*10*15                ","件",1,{"$nulls":5},677.6,677.6,null,"5.99*0.55*0.73",{"v":2.404985,"d":"2.4050"}]
[871,"PTZ-79","平台柱-79","HW300*300*10*15                ","件",1,{"$nulls":5},688.6,688.6,null,"6.08*0.55*0.52",{"v":1.73888,"d":"1.7389"}]
[872,"PTZ-80","平台柱-80","HW300*300*10*15                ","件",1,{"$nulls":5},688.6,688.6,null,"6.08*0.55*0.52",{"v":1.73888,"d":"1.7389"}]
[873,"PTZ-81","平台柱-81","HW300*300*10*15                ","件",1,{"$nulls":5},668,668,null,"6.12*0.55*0.52",{"v":1.75032,"d":"1.7503"}]
[874,"PTZ-82","平台柱-82","HW300*300*10*15                ","件",1,{"$nulls":5},668,668,null,"6.12*0.55*0.52",{"v":1.75032,"d":"1.7503"}]
[875,"PTZ-83","平台柱-83","HW300*300*10*15                ","件",1,{"$nulls":5},639.7,639.7,null,"5.87*0.55*0.52",{"v":1.67882,"d":"1.6788"}]
[876,"PTZ-84","平台柱-84","HW300*300*10*15                ","件",1,{"$nulls":5},639.7,639.7,null,"5.87*0.55*0.52",{"v":1.67882,"d":"1.6788"}]
[877,"PTZ-85","平台柱-85","HW300*300*10*15                ","件",1,{"$nulls":5},335.7,335.7,null,"2.59*0.55*0.52",{"v":0.74074,"d":"0.7407"}]
[878,"PTZ-86","平台柱-86","HW300*300*10*15                ","件",1,{"$nulls":5},335.7,335.7,null,"2.59*0.55*0.52",{"v":0.74074,"d":"0.7407"}]
[879,"PTZ-87","平台柱-87","HW300*300*10*15                ","件",1,{"$nulls":5},398.2,398.2,null,"3.27*0.55*0.52",{"v":0.93522,"d":"0.9352"}]
[880,"PTZ-88","平台柱-88","HW300*300*10*15                ","件",1,{"$nulls":5},398.2,398.2,null,"3.27*0.55*0.52",{"v":0.93522,"d":"0.9352"}]
[881,"PTZ-89","平台柱-89","HW300*300*10*15                ","件",1,{"$nulls":5},578.2,578.2,null,"5.59*0.55*0.42",{"v":1.29129,"d":"1.2913"}]
[882,"PTZ-90","平台柱-90","HW300*300*10*15                ","件",1,{"$nulls":5},578.2,578.2,null,"5.59*0.55*0.42",{"v":1.29129,"d":"1.2913"}]
[883,"PTZ-91","平台柱-91","BH700*400*20*25                ","件",1,{"$nulls":5},5516.6,5516.6,null,"8.95*1*1.15",10.2925]
[884,"PTZ-92","平台柱-92","BH700*400*20*25                ","件",1,{"$nulls":5},5516.6,5516.6,null,"8.95*1*1.15",10.2925]
[885,"PTZ-93","平台柱-93","BH700*400*20*25                ","件",1,{"$nulls":5},5516.6,5516.6,null,"8.95*1*1.15",10.2925]
[886,"PTZ-94","平台柱-94","BH700*400*20*25                ","件",1,{"$nulls":5},5516.6,5516.6,null,"8.95*1*1.15",10.2925]
[887,"PTZ-95","平台柱-95","BH700*400*20*25                ","件",1,{"$nulls":5},5227.5,5227.5,null,"8.79*1*0.82",7.2078]
[888,"PTZ-96","平台柱-96","BH700*400*20*25                ","件",1,{"$nulls":5},5227.5,5227.5,null,"8.79*1*0.82",7.2078]
[889,"PTZ-97","平台柱-97","BH700*400*20*25                ","件",1,{"$nulls":5},5241.8,5241.8,null,"8.79*1*0.82",7.2078]
[890,"PTZ-98","平台柱-98","BH700*400*20*25                ","件",1,{"$nulls":5},5241.8,5241.8,null,"8.79*1*0.82",7.2078]
[891,"PTZ-99","平台柱-99","HW250*255*14*14                ","件",2,{"$nulls":5},265.2,530.4,null,"2.96*0.29*0.31",{"v":0.532208,"d":"0.5322"}]
[892,"PTZ-100","平台柱-100","HW250*255*14*14                ","件",2,{"$nulls":5},268.4,536.8,null,"3*0.29*0.31",0.5394]
[893,"PTZ-101","平台柱-101","HW250*255*14*14                ","件",2,{"$nulls":5},272.4,544.8,null,"3.05*0.29*0.31",{"v":0.54839,"d":"0.5484"}]
[894,"PTZ-102","平台柱-102","HW250*255*14*14                ","件",2,{"$nulls":5},278,556,null,"3.12*0.29*0.31",{"v":0.560976,"d":"0.5610"}]
[895,"PTZ-103","平台柱-103","HW250*255*14*14                ","件",2,{"$nulls":5},282.1,564.2,null,"3.17*0.29*0.31",{"v":0.569966,"d":"0.5700"}]
[896,"PTZ-104","平台柱-104","HW250*255*14*14                ","件",2,{"$nulls":5},287.7,575.4,null,"3.24*0.29*0.31",{"v":0.582552,"d":"0.5826"}]
[897,"PTZ-105","平台柱-105","HW400*400*13*21                ","件",1,{"$nulls":5},2142.2,2142.2,null,"10.66*0.76*0.7",{"v":5.67112,"d":"5.6711"}]
[898,"PTZ-106","平台柱-106","HW400*400*13*21                ","件",1,{"$nulls":5},2142.2,2142.2,null,"10.66*0.76*0.7",{"v":5.67112,"d":"5.6711"}]
[899,"PTZ-107","平台柱-107","HW400*400*13*21                ","件",1,{"$nulls":5},2116.3,2116.3,null,"10.66*0.62*0.7",{"v":4.62644,"d":"4.6264"}]
[900,"PTZ-108","平台柱-108","HW400*400*13*21                ","件",1,{"$nulls":5},2116.3,2116.3,null,"10.66*0.62*0.7",{"v":4.62644,"d":"4.6264"}]
[901,"PTZ-109","平台柱-109","HW400*400*13*21                ","件",1,{"$nulls":5},1667.8,1667.8,null,"8.79*0.77*0.7",{"v":4.73781,"d":"4.7378"}]
[902,"PTZ-110","平台柱-110","HW400*400*13*21                ","件",1,{"$nulls":5},1667.8,1667.8,null,"8.79*0.77*0.7",{"v":4.73781,"d":"4.7378"}]
[903,"PTZ-111","平台柱-111","HW400*400*13*21                ","件",1,{"$nulls":5},1594.8,1594.8,null,"8.59*0.55*0.7",{"v":3.30715,"d":"3.3072"}]
[904,"PTZ-112","平台柱-112","HW400*400*13*21                ","件",1,{"$nulls":5},1594.8,1594.8,null,"8.59*0.55*0.7",{"v":3.30715,"d":"3.3072"}]
[905,"PTZ-113","平台柱-113","HW400*400*13*21                ","件",1,{"$nulls":5},1923.3,1923.3,null,"10.01*0.62*0.7",{"v":4.34434,"d":"4.3443"}]
[906,"PTZ-114","平台柱-114","HW400*400*13*21                ","件",1,{"$nulls":5},1920.6,1920.6,null,"10.01*0.61*0.7",{"v":4.27427,"d":"4.2743"}]
[907,"PTZ-115","平台柱-115","HW400*400*13*21                ","件",1,{"$nulls":5},1922.2,1922.2,null,"10.01*0.61*0.7",{"v":4.27427,"d":"4.2743"}]
[908,"PTZ-116","平台柱-116","HW400*400*13*21                ","件",1,{"$nulls":5},1924.8,1924.8,null,"10.01*0.62*0.7",{"v":4.34434,"d":"4.3443"}]
[909,"PTZ-117","平台柱-117","HW400*400*13*21                ","件",1,{"$nulls":5},1885.8,1885.8,null,"10.01*0.48*0.7",{"v":3.36336,"d":"3.3634"}]
[910,"PTZ-118","平台柱-118","HW400*400*13*21                ","件",1,{"$nulls":5},1885.8,1885.8,null,"10.01*0.48*0.7",{"v":3.36336,"d":"3.3634"}]
[911,"PTZ-119","平台柱-119","HW400*400*13*21                ","件",1,{"$nulls":5},1417.4,1417.4,null,"7.41*0.62*0.7",{"v":3.21594,"d":"3.2159"}]
[912,"PTZ-120","平台柱-120","HW400*400*13*21                ","件",1,{"$nulls":5},1417.4,1417.4,null,"7.41*0.62*0.7",{"v":3.21594,"d":"3.2159"}]
[913,"PTZ-121","平台柱-121","HW502*470*20*25                ","件",1,{"$nulls":5},2016.4,2016.4,null,"7.24*0.69*0.78",{"v":3.896568,"d":"3.8966"}]
[914,"PTZ-122","平台柱-122","HW502*470*20*25                ","件",1,{"$nulls":5},2016.4,2016.4,null,"7.24*0.69*0.78",{"v":3.896568,"d":"3.8966"}]
[915,"PTZ-123","平台柱-123","HW502*470*20*25                ","件",1,{"$nulls":5},2091.8,2091.8,null,"7.44*0.84*0.78",{"v":4.874688,"d":"4.8747"}]
[916,"PTZ-124","平台柱-124","HW502*470*20*25                ","件",1,{"$nulls":5},2091.8,2091.8,null,"7.44*0.84*0.78",{"v":4.874688,"d":"4.8747"}]
[917,"PTZ-125","平台柱-125","HW502*470*20*25                ","件",1,{"$nulls":5},2155.7,2155.7,null,"7.69*0.83*0.78",{"v":4.978506,"d":"4.9785"}]
[918,"PTZ-126","平台柱-126","HW502*470*20*25                ","件",1,{"$nulls":5},2155.7,2155.7,null,"7.69*0.83*0.78",{"v":4.978506,"d":"4.9785"}]
[919,"PTZ-127","平台柱-127","HW502*470*20*25                ","件",1,{"$nulls":5},2174.5,{"$f":"L921*F921","v":2174.5},null,"7.89*0.69*0.78",{"v":4.246398,"d":"4.2464"}]
[920,"PTZ-128","平台柱-128","HW502*470*20*25                ","件",1,{"$nulls":5},2174.5,2174.5,null,"7.89*0.69*0.78",{"v":4.246398,"d":"4.2464"}]
[921,"PTZ-129","平台柱-129","HW502*470*20*25                ","件",1,{"$nulls":5},2246.3,2246.3,null,"8.14*0.69*0.78",{"v":4.380948,"d":"4.3809"}]
[922,"PTZ-130","平台柱-130","HW502*470*20*25                ","件",1,{"$nulls":5},2246.3,2246.3,null,"8.14*0.69*0.78",{"v":4.380948,"d":"4.3809"}]
[923,"PTZ-131","平台柱-131","BH700*400*20*25                ","件",1,{"$nulls":5},4485,4485,null,"7.8*1*0.82",{"v":6.396,"d":"6.3960"}]
[924,"PTZ-132","平台柱-132","BH700*400*20*25                ","件",1,{"$nulls":5},4485,4485,null,"7.8*1*0.82",{"v":6.396,"d":"6.3960"}]
[925,"PTZ-133","平台柱-133","BH700*400*20*25                ","件",1,{"$nulls":5},4485,4485,null,"7.8*1*0.82",{"v":6.396,"d":"6.3960"}]
[926,"PTZ-134","平台柱-134","BH700*400*20*25                ","件",1,{"$nulls":5},4485,4485,null,"7.8*1*0.82",{"v":6.396,"d":"6.3960"}]
[927,"PTZ-135","平台柱-135","HW400*400*13*21                ","件",1,{"$nulls":5},1178.9,1178.9,null,"6.42*0.54*0.54",{"v":1.872072,"d":"1.8721"}]
[928,"PTZ-136","平台柱-136","HW400*400*13*21                ","件",1,{"$nulls":5},1178.9,1178.9,null,"6.42*0.54*0.54",{"v":1.872072,"d":"1.8721"}]
[929,"PTZ-137","平台柱-137","HW400*400*13*21                ","件",1,{"$nulls":5},1155.3,1155.3,null,"6.22*0.62*0.54",{"v":2.082456,"d":"2.0825"}]
[930,"PTZ-138","平台柱-138","HW400*400*13*21                ","件",1,{"$nulls":5},1155.3,1155.3,null,"6.22*0.62*0.54",{"v":2.082456,"d":"2.0825"}]
[931,"PTZ-139","平台柱-139","HW502*470*20*25                ","件",1,{"$nulls":5},2321,2321,null,"8.47*0.83*0.64",{"v":4.499264,"d":"4.4993"}]
[932,"PTZ-140","平台柱-140","HW502*470*20*25                ","件",1,{"$nulls":5},2321,2321,null,"8.47*0.83*0.64",{"v":4.499264,"d":"4.4993"}]
[933,"PTZ-141","平台柱-141","HW502*470*20*25                ","件",1,{"$nulls":5},2321,2321,null,"8.47*0.83*0.64",{"v":4.499264,"d":"4.4993"}]
[934,"PTZ-142","平台柱-142","HW502*470*20*25                ","件",1,{"$nulls":5},2321,2321,null,"8.47*0.83*0.64",{"v":4.499264,"d":"4.4993"}]
[935,"PTZ-143","平台柱-143","HW502*470*20*25                ","件",1,{"$nulls":5},2304,2304,null,"8.47*0.69*0.64",{"v":3.740352,"d":"3.7404"}]
[936,"PTZ-144","平台柱-144","HW502*470*20*25                ","件",1,{"$nulls":5},2304,2304,null,"8.47*0.69*0.64",{"v":3.740352,"d":"3.7404"}]
[937,"PTZ-145","平台柱-145","HW502*470*20*25                ","件",1,{"$nulls":5},2304,2304,null,"8.47*0.69*0.64",{"v":3.740352,"d":"3.7404"}]
[938,"PTZ-146","平台柱-146","HW502*470*20*25                ","件",1,{"$nulls":5},2304,2304,null,"8.47*0.69*0.64",{"v":3.740352,"d":"3.7404"}]
[939,"PTZ-147","平台柱-147","HW502*470*20*25                ","件",1,{"$nulls":5},2288.1,2288.1,null,"8.47*0.69*0.64",{"v":3.740352,"d":"3.7404"}]
[940,"PTZ-148","平台柱-148","HW502*470*20*25                ","件",1,{"$nulls":5},2288.1,2288.1,null,"8.47*0.69*0.64",{"v":3.740352,"d":"3.7404"}]
[941,"    PXC-1","平台斜撑-1","L75*6                          ","件",18,{"$nulls":5},3.1,55.800000000000004,null,"0.57*0.08*0.08",{"v":0.065664,"d":"0.0657"}]
[942,"    PZC-1","平台柱间支撑-1","L75*6                          ","件",4,{"$nulls":5},45.1,180.4,null,"3.2*0.1*0.16",0.2048]
[943,"    PZC-2","平台柱间支撑-2","L75*6                          ","件",8,{"$nulls":5},11.6,92.8,null,"1.72*0.08*0.08",{"v":0.088064,"d":"0.0881"}]
[944,"    PZC-3","平台柱间支撑-3","L75*6                          ","件",8,{"$nulls":5},18.4,147.2,null,"2.72*0.08*0.08",{"v":0.139264,"d":"0.1393"}]
[945,"    PZC-4","平台柱间支撑-4","L110*10                        ","件",2,{"$nulls":5},122,244,null,"3.61*0.13*0.23",{"v":0.215878,"d":"0.2159"}]
[946,"    PZC-5","平台柱间支撑-5","L110*10                        ","件",2,{"$nulls":5},117.2,234.4,null,"3.47*0.13*0.23",{"v":0.207506,"d":"0.2075"}]
[947,"    PZC-6","平台柱间支撑-6","L110*10                        ","件",4,{"$nulls":5},144.3,577.2,null,"4.27*0.13*0.23",{"v":0.510692,"d":"0.5107"}]
[948,"    PZC-7","平台柱间支撑-7","L110*10                        ","件",2,{"$nulls":5},134.6,269.2,null,"3.98*0.13*0.23",{"v":0.238004,"d":"0.2380"}]
[949,"    PZC-8","平台柱间支撑-8","L110*10                        ","件",2,{"$nulls":5},126.6,253.2,null,"3.75*0.13*0.23",{"v":0.22425,"d":"0.2243"}]
[950,"    PZC-9","平台柱间支撑-9","L110*10                        ","件",4,{"$nulls":5},140,560,null,"4.14*0.13*0.23",{"v":0.495144,"d":"0.4951"}]
[951,"    PZC-10","平台柱间支撑-10","L100*8                         ","件",4,{"$nulls":5},117.9,471.6,null,"3.85*0.48*0.21",{"v":1.55232,"d":"1.5523"}]
[952,"    PZC-11","平台柱间支撑-11","L100*8                         ","件",2,{"$nulls":5},88.7,177.4,null,"3.56*0.12*0.21",{"v":0.179424,"d":"0.1794"}]
[953,"    PZC-12","平台柱间支撑-12","C16A                           ","件",2,{"$nulls":5},321.4,642.8,null,"6.7*0.91*0.14",{"v":1.70716,"d":"1.7072"}]
[954,"    PZC-13","平台柱间支撑-13","L100*8                         ","件",4,{"$nulls":5},57.8,231.2,null,"2.33*0.12*0.21",{"v":0.234864,"d":"0.2349"}]
[955,"    PZC-14","平台柱间支撑-14","L100*8                         ","件",4,{"$nulls":5},52.6,210.4,null,"2.12*0.12*0.21",{"v":0.213696,"d":"0.2137"}]
[956,"    PZC-15","平台柱间支撑-15","L100*8                         ","件",4,{"$nulls":5},34.7,138.8,null,"1.42*0.12*0.21",{"v":0.143136,"d":"0.1431"}]
[957,"    PZC-16","平台柱间支撑-16","L100*8                         ","件",4,{"$nulls":5},19.3,77.2,null,"0.78*0.12*0.21",{"v":0.078624,"d":"0.0786"}]
[958,"    PZC-17","平台柱间支撑-17","L100*8                         ","件",2,{"$nulls":5},197.1,394.2,null,"7.38*0.61*0.21",{"v":1.890756,"d":"1.8908"}]
[959,"    PZC-18","平台柱间支撑-18","L100*8                         ","件",4,{"$nulls":5},88.4,353.6,null,"3.55*0.12*0.21",{"v":0.35784,"d":"0.3578"}]
[960,"    PZC-19","平台柱间支撑-19","L100*8                         ","件",2,{"$nulls":5},197.7,395.4,null,"7.4*0.61*0.21",{"v":1.89588,"d":"1.8959"}]
[961,"    PZC-20","平台柱间支撑-20","L100*8                         ","件",2,{"$nulls":5},88.7,177.4,null,"3.56*0.12*0.21",{"v":0.179424,"d":"0.1794"}]
[962,"    PZC-21","平台柱间支撑-21","L100*8                         ","件",2,{"$nulls":5},198.1,396.2,null,"7.42*0.62*0.21",{"v":1.932168,"d":"1.9322"}]
[963,"    PZC-22","平台柱间支撑-22","L100*8                         ","件",4,{"$nulls":5},88.9,355.6,null,"3.57*0.12*0.21",{"v":0.359856,"d":"0.3599"}]
[964,"    PZC-23","平台柱间支撑-23","L100*8                         ","件",2,{"$nulls":5},190.8,381.6,null,"7.05*0.56*0.21",{"v":1.65816,"d":"1.6582"}]
[965,"    PZC-24","平台柱间支撑-24","L100*8                         ","件",4,{"$nulls":5},83.5,334,null,"3.35*0.12*0.21",{"v":0.33768,"d":"0.3377"}]
[966,"    PZC-25","平台柱间支撑-25","L100*8                         ","件",2,{"$nulls":5},189.4,378.8,null,"6.99*0.53*0.21",{"v":1.555974,"d":"1.5560"}]
[967,"    PZC-26","平台柱间支撑-26","L100*8                         ","件",4,{"$nulls":5},82.8,331.2,null,"3.32*0.12*0.21",{"v":0.334656,"d":"0.3347"}]
[968,"    PZC-27","平台柱间支撑-27","L140*10                        ","件",2,{"$nulls":5},390.9,781.8,null,"8.64*0.7*0.29",{"v":3.50784,"d":"3.5078"}]
[969,"    PZC-28","平台柱间支撑-28","L140*10                        ","件",4,{"$nulls":5},172.8,691.2,null,"3.97*0.16*0.29",{"v":0.736832,"d":"0.7368"}]
[970,"    PZC-29","平台柱间支撑-29","L140*10                        ","件",4,{"$nulls":5},181.6,726.4,null,"4.18*0.16*0.29",{"v":0.775808,"d":"0.7758"}]
[971,"    PZC-30","平台柱间支撑-30","L140*10                        ","件",2,{"$nulls":5},419.5,839,null,"9.28*0.71*0.29",{"v":3.821504,"d":"3.8215"}]
[972,"    PZC-31","平台柱间支撑-31","L140*10                        ","件",2,{"$nulls":5},149.1,298.2,null,"3.43*0.16*0.29",{"v":0.318304,"d":"0.3183"}]
[973,"    PZC-32","平台柱间支撑-32","L140*10                        ","件",2,{"$nulls":5},373.2,746.4,null,"8.22*0.71*0.29",{"v":3.384996,"d":"3.3850"}]
[974,"    PZC-33","平台柱间支撑-33","L140*10                        ","件",4,{"$nulls":5},180.1,720.4,null,"4.15*0.16*0.29",{"v":0.77024,"d":"0.7702"}]
[975,"    PZC-34","平台柱间支撑-34","L140*10                        ","件",2,{"$nulls":5},387.7,775.4,null,"8.57*0.68*0.29",{"v":3.380008,"d":"3.3800"}]
[976,"    PZC-35","平台柱间支撑-35","L140*10                        ","件",2,{"$nulls":5},163.1,326.2,null,"3.76*0.16*0.29",{"v":0.348928,"d":"0.3489"}]
[977,"    PZC-36","平台柱间支撑-36","L140*10                        ","件",2,{"$nulls":5},349.9,699.8,null,"7.65*0.66*0.29",{"v":2.92842,"d":"2.9284"}]
[978,"    PZC-37","平台柱间支撑-37","L140*10                        ","件",4,{"$nulls":5},163.5,654,null,"3.77*0.16*0.29",{"v":0.699712,"d":"0.6997"}]
[979,"    PZC-38","平台柱间支撑-38","L140*10                        ","件",2,{"$nulls":5},359.8,719.6,null,"7.9*0.72*0.29",{"v":3.29904,"d":"3.2990"}]
[980,"    PZC-39","平台柱间支撑-39","L140*10                        ","件",4,{"$nulls":5},195.9,783.6,null,"4.5*0.16*0.29",0.8352]
[981," T1B06a-18-1","钢斜体-1","C16A                           ","件",2,{"$nulls":5},331.3,662.6,null,"2.62*0.74*2.9",{"v":11.24504,"d":"11.2450"}]
[982," T1B08a-06-1","钢斜体-2","C16A                           ","件",2,{"$nulls":5},101.2,202.4,null,"0.94*0.74*1.7",{"v":2.36504,"d":"2.3650"}]
[983,"T2B06a-08-1","钢斜体-3","C16A                           ","件",10,{"$nulls":5},93.3,{"$f":"L985*F985","v":933},null,"0.9*0.74*1.9",{"v":12.654,"d":"12.6540"}]
[984,"T2B06a-14-1","钢斜体-4","C16A                           ","件",2,{"$nulls":5},165.7,331.4,null,"1.5*0.74*2.5",{"v":5.55,"d":"5.5500"}]
[985,"T2B06a-18-1","钢斜体-5","C16A                           ","件",2,{"$nulls":5},213.9,427.8,null,"1.9*0.74*2.9",8.1548]
[986,"T2B06a-22-1","钢斜体-6","C16A                           ","件",2,{"$nulls":5},262.2,524.4,null,"2.3*0.74*3.3",11.2332]
[987,"T2B06a-24-1","钢斜体-7","C16A                           ","件",2,{"$nulls":5},286.4,572.8,null,"2.5*0.74*3.5",{"v":12.95,"d":"12.9500"}]
[988,"T2B06a-30-1","钢斜体-8","C16A                           ","件",4,{"$nulls":5},358.8,1435.2,null,"3.1*0.74*4.1",37.6216]
[989,"T2B06a-32-1","钢斜体-9","C16A                           ","件",1,{"$nulls":5},382.9,382.9,null,"3.3*0.74*4.3",10.5006]
[990,"T2B06a-48-1","钢斜体-10","C16A                           ","件",2,{"$nulls":5},575.9,1151.8,null,"4.9*0.74*5.9",42.7868]
[991,"T2B08a-10-1","钢斜体-11","C16A                           ","件",2,{"$nulls":5},128.5,257,null,"1.1*0.94*2.1",4.3428]
[992,"T2B08a-18-1","钢斜体-12","C16A                           ","件",2,{"$nulls":5},234.6,469.2,null,"1.9*0.94*2.9",10.3588]
[993,"T2B08a-22-1","钢斜体-13","C16A                           ","件",3,{"$nulls":5},287.7,863.0999999999999,null,"2.3*0.94*3.3",21.4038]
[994,"T2B08a-24-1","钢斜体-14","C16A                           ","件",12,{"$nulls":5},314.2,3770.3999999999996,null,"2.5*0.94*3.5",{"v":98.7,"d":"98.7000"}]
[995,"T2B08a-25-1","钢斜体-15","C16A                           ","件",2,{"$nulls":5},319.7,639.4,null,"2.6*0.94*3.6",17.5968]
[996,"T2B08a-26-1","钢斜体-16","C16A                           ","件",2,{"$nulls":5},340.8,681.6,null,"2.7*0.94*3.7",18.7812]
[997,"T2B08a-28-1","钢斜体-17","C16A                           ","件",1,{"$nulls":5},367.3,367.3,null,"2.9*0.94*3.9",10.6314]
[998,"T2B08a-30-1","钢斜体-18","C16A                           ","件",4,{"$nulls":5},393.8,1575.2,null,"3.1*0.94*4.1",47.7896]
[999,"T2B08a-32-1","钢斜体-19","C16A                           ","件",2,{"$nulls":5},420.4,840.8,null,"3.3*0.94*4.3",26.6772]
[1000,"T2B08a-38-1","钢斜体-20","C16A                           ","件",1,{"$nulls":5},500,500,null,"3.9*0.94*4.9",17.9634]
[1001,"T2B08a-45-1","钢斜体-21","C16A                           ","件",1,{"$nulls":5},600.6,600.6,null,"4.6*0.94*5.6",24.2144]
[1002,"T2B08a-46-1","钢斜体-22","C16A                           ","件",2,{"$nulls":5},606.1,1212.2,null,"4.7*0.94*5.7",50.3652]
[1003,"T2B10a-10-1","钢斜体-23","C16A                           ","件",2,{"$nulls":5},143.2,286.4,null,"1.1*1.14*2.1",5.2668]
[1004,"T2B10a-21-1","钢斜体-24","C16A                           ","件",2,{"$nulls":5},297,594,null,"2.2*1.14*3.2",16.0512]
[1005,"T2D06a-16-1","钢斜体-25","C16A                           ","件",2,{"$nulls":5},253,506,null,"2.3*0.74*2.7",9.1908]
[1006,"T2D06a-38-1","钢斜体-26","C16A                           ","件",2,{"$nulls":5},559.1,1118.2,null,"4.9*0.74*4.9",35.5348]
[1007,"T2D06a-45-1","钢斜体-27","C16A                           ","件",4,{"$nulls":5},605.7,2422.8,null,"5.15*0.74*5.6",85.3664]
[1008,"T2D06a-45-2","钢斜体-28","C16A                           ","件",3,{"$nulls":5},605.7,1817.1000000000001,null,"5.15*0.74*5.6",64.0248]
[1009,"T2D08a-26-1","钢斜体-29","C16A                           ","件",1,{"$nulls":5},424.6,424.6,null,"3.43*0.94*3.7",{"v":11.92954,"d":"11.9295"}]
[1010,"T3B06a-46-1","钢斜体-30","C16A                           ","件",2,{"$nulls":5},347.3,694.6,null,"2.86*0.74*5.7",{"v":24.12696,"d":"24.1270"}]
[1011,"T506-1","钢直梯-1","C14A                           ","件",1,{"$nulls":5},120,120,null,"4.2*0.72*0.53",{"v":1.60272,"d":"1.6027"}]
[1012,"T506-2","钢直梯-2","C14A                           ","件",2,{"$nulls":5},214.2,428.4,null,"6.9*0.72*0.53",{"v":5.26608,"d":"5.2661"}]
[1013,"T506-3","钢直梯-3","C14A                           ","件",2,{"$nulls":5},212.8,425.6,null,"7.1*0.72*0.38",{"v":3.88512,"d":"3.8851"}]
[1014,"THB-1","托焊板-1","PL6*30                         ","件",8,{"$nulls":5},0.2,1.6,null,"0.18*0.03*0.006",{"v":0.0002592,"d":"0.0003"}]
[1015,"THB-2","托焊板-2","PL6*30                         ","件",8,{"$nulls":5},0.3,2.4,null,"0.2*0.03*0.006",{"v":0.000288,"d":"0.0003"}]
[1016,"THB-3","托焊板-3","PL6*30                         ","件",240,{"$nulls":5},0.3,72,null,"0.2*0.03*0.006",{"v":0.00864,"d":"0.0086"}]
[1017,"THB-4","托焊板-4","PL6*30                         ","件",152,{"$nulls":5},0.4,60.800000000000004,null,"0.3*0.03*0.006",{"v":8.208E-3,"d":"0.0082"}]
[1018,"THB-5","托焊板-5","PL6*30                         ","件",124,{"$nulls":5},0.4,49.6,null,"0.25*0.03*0.006",{"v":0.00558,"d":"0.0056"}]
[1019,"WL-1","屋檩-1","C220*75*20*2.5                 ","件",14,{"$nulls":5},66.7,933.8000000000001,null,"8.5*0.22*0.08",2.0944]
[1020,"XC-1","斜撑-1","L63*5                          ","件",10,{"$nulls":5},2.6,{"v":26,"d":"26.0"},null,"0.56*0.07*0.07",{"v":0.02744,"d":"0.0274"}]
["合计",{"$nulls":4},{"$f":"SUM(F3:F1022)","v":5791},{"$nulls":6},{"$f":"SUM(M3:M1022)","v":{"v":737308.6999999983,"d":"737309"}},null,null,{"$f":"SUM(P3:P1022)","v":{"v":2051.5952116500025,"d":"2051.60"}}]